{"text_format":"3","workbook":"xlsx","n_sheets":5,"sheets":["PTO","CANT","APU","AIU ","CRONOGRAMA"],"not_rendered":{"images":4,"external_links":48,"defined_names":610},"read":"whole","date_system":"1900"}

{"sheet":"PTO","index":0,"n_rows":44,"n_cols":11,"rows_kept":44,"merged":[[1,1,1,6],[33,3,33,4],[35,3,35,4]]}
[]
[null,"AMPLIACIÓN Y OPTIMIZACIÓN DEL SITIO DE DISPOSICIÓN FINAL DE RESIDUOS SOLIDOS DEL CORREGIMIENTO DE SAN MIGUEL EN EL MUNICIPIO DEL MEDIO SAN JUAN MEDIANTE LA EJECUCIÓN DE ACTIVIDADES DE CIERRE - CLAUSURA Y APERTURA DE CELDA DE CONTINGENCIA"]
[null,"Ítem","Descripción","Unidad","Cantidad","Valor Unitario","Valor Parcial",null,"Valor Total"]
[null,1,{"$f":"+LOOKUP(B4,[46]CANT!$A$8:$A$270,[46]CANT!$B$8:$B$270)","v":"OBRAS PRELIMINARES"},{"$nulls":3},{"$f":"SUM(G5:G6)","v":{"v":39171864,"d":"$39,171,864.00"}},null,{"$f":"SUM(G5:G6)","v":{"v":39171864,"d":"$39,171,864.00"}}]
[null,1.01,{"$f":"+LOOKUP(B5,[46]CANT!$A$8:$A$270,[46]CANT!$B$8:$B$270)","v":"Localizacion, Trazado y replanteo"},{"$f":"+LOOKUP(B5,[46]CANT!$A$8:$A$270,[46]CANT!$D$8:$D$270)","v":"m2"},{"$f":"+LOOKUP(B5,[46]CANT!$A$8:$A$270,[46]CANT!$P$8:$P$270)","v":{"v":1500,"d":"1500.00"}},{"$f":"+IFERROR((VLOOKUP(B5,[46]APU!$A$3:$J$942,10,FALSE)),\"\")","v":{"v":5648,"d":"$5,648.00"}},{"$f":"IFERROR((ROUND(E5*F5,0)),\"\")","v":{"v":8472000,"d":"$8,472,000.00"}}]
[null,1.02,{"$f":"+LOOKUP(B6,[46]CANT!$A$8:$A$270,[46]CANT!$B$8:$B$270)","v":"Descapote y limpieza del terreno donde se desarrolla el proyecto. Incluye transporte y disposición final de los materiales."},{"$f":"+LOOKUP(B6,[46]CANT!$A$8:$A$270,[46]CANT!$D$8:$D$270)","v":"m2"},{"$f":"+LOOKUP(B6,[46]CANT!$A$8:$A$270,[46]CANT!$P$8:$P$270)","v":{"v":936,"d":"936.00"}},{"$f":"+IFERROR((VLOOKUP(B6,[46]APU!$A$3:$J$942,10,FALSE)),\"\")","v":{"v":32799,"d":"$32,799.00"}},{"$f":"IFERROR((ROUND(E6*F6,0)),\"\")","v":{"v":30699864,"d":"$30,699,864.00"}}]
[null,2,{"$f":"+LOOKUP(B7,[46]CANT!$A$8:$A$270,[46]CANT!$B$8:$B$270)","v":"EXCAVACION Y LLENOS"},{"$nulls":3},{"$f":"SUM(G8:G9)","v":{"v":267667733,"d":"$267,667,733.00"}},null,{"$f":"SUM(G8:G9)","v":{"v":267667733,"d":"$267,667,733.00"}}]
[null,2.01,{"$f":"+LOOKUP(B8,[46]CANT!$A$8:$A$270,[46]CANT!$B$8:$B$270)","v":"EXCAVACIÓN DE MATERIAL HETEROGENEO DE 0-3 m., con material seco. Incluye: roca descompuesta, bolas de roca de volumen inferior a 0.35 m³., el cargue, transporte interno y externo, botada de material proveniente de las excavaciones en los sitios donde lo indique la interventoría y su medida será en el sitio. No incluye entibado."},{"$f":"+LOOKUP(B8,[46]CANT!$A$8:$A$270,[46]CANT!$D$8:$D$270)","v":"m3"},{"$f":"+LOOKUP(B8,[46]CANT!$A$8:$A$270,[46]CANT!$P$8:$P$270)","v":{"v":3750,"d":"3750.00"}},{"$f":"+IFERROR((VLOOKUP(B8,[46]APU!$A$3:$J$942,10,FALSE)),\"\")","v":{"v":67164,"d":"$67,164.00"}},{"$f":"IFERROR((ROUND(E8*F8,0)),\"\")","v":{"v":251865000,"d":"$251,865,000.00"}}]
[null,2.02,{"$f":"+LOOKUP(B9,[46]CANT!$A$8:$A$270,[46]CANT!$B$8:$B$270)","v":"LLENO CON MATERIAL SELECCIONADO, compactado mecánicamente hasta obtener una densidad optima. Incluye transporte del material. Su medida será en sitio ya compactado."},{"$f":"+LOOKUP(B9,[46]CANT!$A$8:$A$270,[46]CANT!$D$8:$D$270)","v":"m3"},{"$f":"+LOOKUP(B9,[46]CANT!$A$8:$A$270,[46]CANT!$P$8:$P$270)","v":{"v":172.8,"d":"172.80"}},{"$f":"+IFERROR((VLOOKUP(B9,[46]APU!$A$3:$J$942,10,FALSE)),\"\")","v":{"v":91451,"d":"$91,451.00"}},{"$f":"IFERROR((ROUND(E9*F9,0)),\"\")","v":{"v":15802733,"d":"$15,802,733.00"}}]
[null,3,{"$f":"+LOOKUP(B10,[46]CANT!$A$8:$A$270,[46]CANT!$B$8:$B$270)","v":"CONSTRUCCION DE FILTROS HORIZONTALES "},{"$nulls":3},{"$f":"SUM(G11:G13)","v":{"v":7805705,"d":"$7,805,705.00"}},null,{"$f":"SUM(G11:G13)","v":{"v":7805705,"d":"$7,805,705.00"}}]
[null,3.01,{"$f":"+LOOKUP(B11,[46]CANT!$A$8:$A$270,[46]CANT!$B$8:$B$270)","v":"Construccion de filtros horizontales para el manejo y control de lixiviados "},{"$f":"+LOOKUP(B11,[46]CANT!$A$8:$A$270,[46]CANT!$D$8:$D$270)","v":"m"},{"$f":"+LOOKUP(B11,[46]CANT!$A$8:$A$270,[46]CANT!$P$8:$P$270)","v":{"v":112,"d":"112.00"}},{"$f":"+IFERROR((VLOOKUP(B11,[46]APU!$A$3:$J$942,10,FALSE)),\"\")","v":{"v":30789,"d":"$30,789.00"}},{"$f":"IFERROR((ROUND(E11*F11,0)),\"\")","v":{"v":3448368,"d":"$3,448,368.00"}}]
[null,3.02,{"$f":"+LOOKUP(B12,[46]CANT!$A$8:$A$270,[46]CANT!$B$8:$B$270)","v":"Excavación en material común para zanjas y filtros de 0 a 2.00 mts."},{"$f":"+LOOKUP(B12,[46]CANT!$A$8:$A$270,[46]CANT!$D$8:$D$270)","v":"m3 "},{"$f":"+LOOKUP(B12,[46]CANT!$A$8:$A$270,[46]CANT!$P$8:$P$270)","v":17.92},{"$f":"+IFERROR((VLOOKUP(B12,[46]APU!$A$3:$J$942,10,FALSE)),\"\")","v":{"v":60611,"d":"$60,611.00"}},{"$f":"IFERROR((ROUND(E12*F12,0)),\"\")","v":{"v":1086149,"d":"$1,086,149.00"}}]
[null,3.03,{"$f":"+LOOKUP(B13,[46]CANT!$A$8:$A$270,[46]CANT!$B$8:$B$270)","v":"Suministro, transporte y colocación de material friltrante (gravilla seleccionada de 4 a 6\")"},{"$f":"+LOOKUP(B13,[46]CANT!$A$8:$A$270,[46]CANT!$D$8:$D$270)","v":"m3"},{"$f":"+LOOKUP(B13,[46]CANT!$A$8:$A$270,[46]CANT!$P$8:$P$270)","v":17.92},{"$f":"+IFERROR((VLOOKUP(B13,[46]APU!$A$3:$J$942,10,FALSE)),\"\")","v":{"v":182544,"d":"$182,544.00"}},{"$f":"IFERROR((ROUND(E13*F13,0)),\"\")","v":{"v":3271188,"d":"$3,271,188.00"}}]
[null,4,{"$f":"+LOOKUP(B14,[46]CANT!$A$8:$A$270,[46]CANT!$B$8:$B$270)","v":"CONSTRUCCION DE FILTROS VERTICALES "},{"$nulls":3},{"$f":"SUM(G15:G15)","v":{"v":2768796,"d":"$2,768,796.00"}},null,{"$f":"SUM(G15:G15)","v":{"v":2768796,"d":"$2,768,796.00"}}]
[null,4.01,{"$f":"+LOOKUP(B15,[46]CANT!$A$8:$A$270,[46]CANT!$B$8:$B$270)","v":"Construcción de filtros verticales (chimeneas para el control y evacuación de gases 0.40*0.40*3.00). Incluye canastillas, material friltrante y tuberia de 4\" y demas elementos para su instalacion y puesta en funcionamiento"},{"$f":"+LOOKUP(B15,[46]CANT!$A$8:$A$270,[46]CANT!$D$8:$D$270)","v":"UN"},{"$f":"+LOOKUP(B15,[46]CANT!$A$8:$A$270,[46]CANT!$P$8:$P$270)","v":{"v":9,"d":"9.00"}},{"$f":"+IFERROR((VLOOKUP(B15,[46]APU!$A$3:$J$942,10,FALSE)),\"\")","v":{"v":307644,"d":"$307,644.00"}},{"$f":"IFERROR((ROUND(E15*F15,0)),\"\")","v":{"v":2768796,"d":"$2,768,796.00"}}]
[null,5,{"$f":"+LOOKUP(B16,[46]CANT!$A$8:$A$270,[46]CANT!$B$8:$B$270)","v":"OBRAS ADICIONALES "},{"$nulls":3},{"$f":"SUM(G17:G25)","v":{"v":76436015,"d":"$76,436,015.00"}},null,{"$f":"+SUM(G17:G25)","v":{"v":76436015,"d":"$76,436,015.00"}}]
[null,5.01,{"$f":"+LOOKUP(B17,[46]CANT!$A$8:$A$270,[46]CANT!$B$8:$B$270)","v":"Suministro e instalación de la geomembrana Textil HR - 30.000 Espesor 0,75 ml para la impermeabilización"},{"$f":"+LOOKUP(B17,[46]CANT!$A$8:$A$270,[46]CANT!$D$8:$D$270)","v":"m2"},{"$f":"+LOOKUP(B17,[46]CANT!$A$8:$A$270,[46]CANT!$P$8:$P$270)","v":{"v":2109,"d":"2109.00"}},{"$f":"+IFERROR((VLOOKUP(B17,[46]APU!$A$3:$J$942,10,FALSE)),\"\")","v":{"v":26304,"d":"$26,304.00"}},{"$f":"IFERROR((ROUND(E17*F17,0)),\"\")","v":{"v":55475136,"d":"$55,475,136.00"}}]
[null,5.02,{"$f":"+LOOKUP(B18,[46]CANT!$A$8:$A$270,[46]CANT!$B$8:$B$270)","v":"Excavación de cunetas para tuberías de lixiviados y pozo de recirculación de lixiviados"},{"$f":"+LOOKUP(B18,[46]CANT!$A$8:$A$270,[46]CANT!$D$8:$D$270)","v":"m3"},{"$f":"+LOOKUP(B18,[46]CANT!$A$8:$A$270,[46]CANT!$P$8:$P$270)","v":{"v":4.8,"d":"4.80"}},{"$f":"+IFERROR((VLOOKUP(B18,[46]APU!$A$3:$J$942,10,FALSE)),\"\")","v":{"v":65178,"d":"$65,178.00"}},{"v":312854,"d":"$312,854.00"}]
[null,5.03,{"$f":"+LOOKUP(B19,[46]CANT!$A$8:$A$270,[46]CANT!$B$8:$B$270)","v":"Suministro e instalación de tubería sanitaria de 4\" para recolección de lixiviados. "},{"$f":"+LOOKUP(B19,[46]CANT!$A$8:$A$270,[46]CANT!$D$8:$D$270)","v":"m"},{"$f":"+LOOKUP(B19,[46]CANT!$A$8:$A$270,[46]CANT!$P$8:$P$270)","v":{"v":10,"d":"10.00"}},{"$f":"+IFERROR((VLOOKUP(B19,[46]APU!$A$3:$J$942,10,FALSE)),\"\")","v":{"v":38530,"d":"$38,530.00"}},{"v":385300,"d":"$385,300.00"}]
[null,5.04,{"$f":"+LOOKUP(B20,[46]CANT!$A$8:$A$270,[46]CANT!$B$8:$B$270)","v":"Construcción de cuarto de máquinas. "},{"$f":"+LOOKUP(B20,[46]CANT!$A$8:$A$270,[46]CANT!$D$8:$D$270)","v":"UN"},{"$f":"+LOOKUP(B20,[46]CANT!$A$8:$A$270,[46]CANT!$P$8:$P$270)","v":{"v":1,"d":"1.00"}},{"$f":"+IFERROR((VLOOKUP(B20,[46]APU!$A$3:$J$942,10,FALSE)),\"\")","v":{"v":1475892,"d":"$1,475,892.00"}},{"v":1475892,"d":"$1,475,892.00"}]
[null,5.05,{"$f":"+LOOKUP(B21,[46]CANT!$A$8:$A$270,[46]CANT!$B$8:$B$270)","v":"Suministro e instalación de moto bomba de 2x2 autocebante para la evacuación de tanques de los lixiviados"},{"$f":"+LOOKUP(B21,[46]CANT!$A$8:$A$270,[46]CANT!$D$8:$D$270)","v":"UN"},{"$f":"+LOOKUP(B21,[46]CANT!$A$8:$A$270,[46]CANT!$P$8:$P$270)","v":{"v":1,"d":"1.00"}},{"$f":"+IFERROR((VLOOKUP(B21,[46]APU!$A$3:$J$942,10,FALSE)),\"\")","v":{"v":4210402,"d":"$4,210,402.00"}},{"v":4210402,"d":"$4,210,402.00"}]
[null,5.06,{"$f":"+LOOKUP(B22,[46]CANT!$A$8:$A$270,[46]CANT!$B$8:$B$270)","v":"Suministro e instalación de Manguera de 2\" Descarga Plana 2 Tipo Bombero. "},{"$f":"+LOOKUP(B22,[46]CANT!$A$8:$A$270,[46]CANT!$D$8:$D$270)","v":"M"},{"$f":"+LOOKUP(B22,[46]CANT!$A$8:$A$270,[46]CANT!$P$8:$P$270)","v":{"v":70,"d":"70.00"}},{"$f":"+IFERROR((VLOOKUP(B22,[46]APU!$A$3:$J$942,10,FALSE)),\"\")","v":{"v":22867,"d":"$22,867.00"}},{"v":1600690,"d":"$1,600,690.00"}]
[null,5.07,{"$f":"+LOOKUP(B23,[46]CANT!$A$8:$A$270,[46]CANT!$B$8:$B$270)","v":"Construccion de Caja de inspeccion de 1,0x1,0x1,0 m, en concreto de 21 MPa, Incluye excavacion, formaleta, acero, suministro, transporte e instalación del concreto, mano de obra, vibrado, curado y protección. "},{"$f":"+LOOKUP(B23,[46]CANT!$A$8:$A$270,[46]CANT!$D$8:$D$270)","v":"UN"},{"$f":"+LOOKUP(B23,[46]CANT!$A$8:$A$270,[46]CANT!$P$8:$P$270)","v":{"v":1,"d":"1.00"}},{"$f":"+IFERROR((VLOOKUP(B23,[46]APU!$A$3:$J$942,10,FALSE)),\"\")","v":{"v":1986664,"d":"$1,986,664.00"}},{"v":1986664,"d":"$1,986,664.00"}]
[null,5.08,{"$f":"+LOOKUP(B24,[46]CANT!$A$8:$A$270,[46]CANT!$B$8:$B$270)","v":"Construccion de tanque de recoleccion y almacenamiento de lixiviados de 2.0x3.0x3.0 m, en concreto de 21 Mpa,  Incluye excavacion, formaleta, acero, suministro, transporte e instalación del concreto, mano de obra, vibrado, curado y protección.  "},{"$f":"+LOOKUP(B24,[46]CANT!$A$8:$A$270,[46]CANT!$D$8:$D$270)","v":"UN"},{"$f":"+LOOKUP(B24,[46]CANT!$A$8:$A$270,[46]CANT!$P$8:$P$270)","v":{"v":1,"d":"1.00"}},{"$f":"+IFERROR((VLOOKUP(B24,[46]APU!$A$3:$J$942,10,FALSE)),\"\")","v":{"v":9662076,"d":"$9,662,076.00"}},{"v":9662076,"d":"$9,662,076.00"}]
[null,5.09,{"$f":"+LOOKUP(B25,[46]CANT!$A$8:$A$270,[46]CANT!$B$8:$B$270)","v":"Suministro e instalacion de valla informativa "},{"$f":"+LOOKUP(B25,[46]CANT!$A$8:$A$270,[46]CANT!$D$8:$D$270)","v":"UN"},{"$f":"+LOOKUP(B25,[46]CANT!$A$8:$A$270,[46]CANT!$P$8:$P$270)","v":{"v":1,"d":"1.00"}},{"$f":"+IFERROR((VLOOKUP(B25,[46]APU!$A$3:$J$942,10,FALSE)),\"\")","v":{"v":1327001,"d":"$1,327,001.00"}},{"v":1327001,"d":"$1,327,001.00"}]
[null,6,{"$f":"+LOOKUP(B26,[46]CANT!$A$8:$A$270,[46]CANT!$B$8:$B$270)","v":"CERRAMIENTO PIREMETRAL"},{"$nulls":3},{"$f":"SUM(G27)","v":{"v":1280985,"d":"$1,280,985.00"}},null,{"$f":"+SUM(G27:G27)","v":{"v":1280985,"d":"$1,280,985.00"}},{"$f":"+F26-#REF!","v":{"$error":"#REF!"}}]
[null,6.01,{"$f":"+LOOKUP(B27,[46]CANT!$A$8:$A$270,[46]CANT!$B$8:$B$270)","v":"Construcción de cerramiento en alambre de puas "},{"$f":"+LOOKUP(B27,[46]CANT!$A$8:$A$270,[46]CANT!$D$8:$D$270)","v":"m"},{"$f":"+LOOKUP(B27,[46]CANT!$A$8:$A$270,[46]CANT!$P$8:$P$270)","v":{"v":115,"d":"115.00"}},{"$f":"+IFERROR((VLOOKUP(B27,[46]APU!$A$3:$J$942,10,FALSE)),\"\")","v":{"v":11139,"d":"$11,139.00"}},{"$f":"IFERROR((ROUND(E27*F27,0)),\"\")","v":{"v":1280985,"d":"$1,280,985.00"}}]
[]
[null,null,"COSTOS DIRECTOS ",{"$nulls":3},{"$f":"G26+G16+G14+G10+G7+G4","v":{"v":395131098,"d":"$395,131,098.00"}},null,{"$f":"ROUND(SUM(I4:I27),0)","v":{"v":395131098,"d":"$395,131,098.00"}},{"v":91232443,"d":"$ 91,232,443.00"}]
[null,null,"ADMINISTRACION",null,null,{"v":0.25,"d":"25%"},{"$f":"ROUND(G29*F30,0)","v":{"v":98782775,"d":"$98,782,775.00"}},null,{"$f":"ROUND(I29*F30,0)","v":{"v":98782775,"d":"$98,782,775.00"}},{"v":22808111,"d":"$ 22,808,111.00"}]
[null,null,"UTILIDAD",null,null,{"v":0.05,"d":"5%"},{"$f":"ROUND(G29*F31,0)","v":{"v":19756555,"d":"$19,756,555.00"}},null,{"$f":"ROUND(I29*F31,0)","v":{"v":19756555,"d":"$19,756,555.00"}},{"v":4561622,"d":"$ 4,561,622.00"}]
[null,null,"Total",{"$nulls":3},{"$f":"SUM(G29:G31)","v":{"v":513670428,"d":"$513,670,428.00"}},null,{"$f":"SUM(I29:I31)","v":{"v":513670428,"d":"$513,670,428.00"}},{"v":118602176,"d":"$ 118,602,176.00"},{"$f":"+I32-J32","v":{"v":395068252,"d":"$ 395,068,252.00"}}]
[]
[{"$nulls":3},"Interventoria",null,null,{"$f":"550000000-G32","v":{"v":36329572,"d":"$36,329,572.00"}},null,{"v":953706571,"d":"$953,706,571.00"}]
[]
[{"$nulls":3},"Valor total del proyecto",null,null,{"$f":"+G34+G32","v":{"v":550000000,"d":"$550,000,000.00"}}]
[]
[{"$nulls":8},{"$f":"+I34/1423500","v":{"v":669.9730038637161,"d":"$669.97"}}]
[{"$nulls":6},{"v":514018691.58878505,"d":"$514,018,691.59"}]
[{"$nulls":6},{"$f":"+G39*F34","v":{"v":0,"d":"$0.00"}}]
[{"$nulls":6},{"$f":"+G40+G39","v":{"v":514018691.58878505,"d":"$514,018,691.59"}}]
[]
[{"$nulls":6},{"$f":"+G41-G32","v":{"v":348263.5887850523,"d":"$348,263.59"}}]
[{"$nulls":6},{"$f":"+G43-G40","v":{"v":348263.5887850523,"d":"$348,263.59"}}]

{"sheet":"CANT","index":1,"n_rows":168,"n_cols":28,"rows_kept":168,"merged":[[0,0,2,15],[3,0,3,15],[5,0,6,0],[5,1,6,1],[5,2,6,2],[5,3,6,3],[5,4,6,4],[5,5,5,9],[5,10,5,12],[5,13,6,13],[5,14,6,14],[5,15,6,15],[10,1,10,2],[10,4,10,14],[16,1,16,2],[16,4,16,14],[23,1,23,2],[23,4,23,14],[29,1,29,2],[29,4,29,14],[38,1,38,2],[38,4,38,14],[43,1,43,2],[43,4,43,14],[49,1,49,2],[49,4,49,14],[58,1,58,2],[58,4,58,14],[63,1,63,2],[63,4,63,14],[68,1,68,2],[68,4,68,14],[75,1,75,2],[75,4,75,14],[80,1,80,2],[80,4,80,14],[85,1,85,2],[85,4,85,14],[90,1,90,2],[90,4,90,14],[95,1,95,2],[95,4,95,14],[100,1,100,2],[100,4,100,14],[105,1,105,2],[105,4,105,14],[110,1,110,2],[110,4,110,14],[116,1,116,2],[116,4,116,14],[124,1,124,2],[124,4,124,14],[130,1,130,2],[130,4,130,14],[134,1,134,2],[134,4,134,14],[138,1,138,2],[138,4,138,14],[142,1,142,2],[142,4,142,14],[146,1,146,2],[146,4,146,14],[150,1,150,2],[150,4,150,14],[154,1,154,2],[154,4,154,14]]}
["MEMORIAS DE CANTIDADES DE LA CONSTRUCCION DE LA VIVIENDA FAMILIAR EN LA ENCHARCAZON - RIO IRO"]
[]
[]
["CÁLCULO DE CANTIDADES DE OBRA"]
[{"$nulls":27},{"$f":"1.011+0.8","v":1.811}]
["ID","Actividades","Ubicacion","Unidad","Cant/Un","Medidas Intensivas",{"$nulls":4},"Medidas Extensivas",null,null,"Des 1","Des 2","Total",{"$nulls":11},{"$f":"+AB5/2","v":0.9055}]
[{"$nulls":5},"Largo","Ancho","Prof. 1","Peso","Alto","Perim","Area","Vol"]
[]
[1,"OBRAS PRELIMINARES"]
[]
[1.01,"Localizacion, Trazado y replanteo",null,"m2","Total",{"$nulls":10},{"$f":"+ROUND(SUM(P12:P13),2)","v":1500}]
[{"$nulls":3},"m2",1,{"v":50,"d":"50.00"},30,{"$nulls":3},{"$f":"IF(D12=\"M2\",E12*F12*G12,IF(D12=\"M3\",E12*F12*G12*H12,IF(D12=\"M\",E12*F12,IF(D12=\"UNIDAD\",E12,IF(D12=\"GLOBAL\",E12,0)))))","v":1500},{"$nulls":4},{"$f":"IF(D12=\"GLOBAL\",E12,IF(D12=\"UNIDAD\",E12,IF(D12=\"M2\",((K12+L12+M12)-(N12+O12)),IF(D12=\"M3\",((K12+L12+M12)-(N12+O12)),IF(D12=\"M\",((K12+L12+M12)-(N12+O12)),0)))))","v":1500}]
[{"$nulls":3},"m2",{"$nulls":6},{"$f":"IF(D13=\"M2\",E13*F13*G13,IF(D13=\"M3\",E13*F13*G13*H13,IF(D13=\"M\",E13*F13,IF(D13=\"UNIDAD\",E13,IF(D13=\"GLOBAL\",E13,0)))))","v":0},{"$nulls":4},{"$f":"IF(D13=\"GLOBAL\",E13,IF(D13=\"UNIDAD\",E13,IF(D13=\"M2\",((K13+L13+M13)-(N13+O13)),IF(D13=\"M3\",((K13+L13+M13)-(N13+O13)),IF(D13=\"M\",((K13+L13+M13)-(N13+O13)),0)))))","v":0}]
[]
[]
[]
[1.02,"Descapote y limpieza del terreno donde se desarrolla el proyecto. Incluye transporte y disposición final de los materiales.",null,"m2","Total",{"$nulls":10},{"$f":"+ROUND(SUM(P18:P19),2)","v":936}]
[{"$nulls":3},"m2",1,{"v":36,"d":"36.00"},26,{"$nulls":3},{"$f":"IF(D18=\"M2\",E18*F18*G18,IF(D18=\"M3\",E18*F18*G18*H18,IF(D18=\"M\",E18*F18,IF(D18=\"UNIDAD\",E18,IF(D18=\"GLOBAL\",E18,0)))))","v":936},{"$nulls":4},{"$f":"IF(D18=\"GLOBAL\",E18,IF(D18=\"UNIDAD\",E18,IF(D18=\"M2\",((K18+L18+M18)-(N18+O18)),IF(D18=\"M3\",((K18+L18+M18)-(N18+O18)),IF(D18=\"M\",((K18+L18+M18)-(N18+O18)),0)))))","v":936}]
[{"$nulls":15},{"$f":"IF(D19=\"GLOBAL\",E19,IF(D19=\"UNIDAD\",E19,IF(D19=\"M2\",((K19+L19+M19)-(N19+O19)),IF(D19=\"M3\",((K19+L19+M19)-(N19+O19)),IF(D19=\"M\",((K19+L19+M19)-(N19+O19)),0)))))","v":0}]
[]
[]
[2,"EXCAVACION Y LLENOS"]
[]
[2.01,"EXCAVACIÓN DE MATERIAL HETEROGENEO DE 0-3 m., con material seco. Incluye: roca descompuesta, bolas de roca de volumen inferior a 0.35 m³., el cargue, transporte interno y externo, botada de material proveniente de las excavaciones en los sitios donde lo indique la interventoría y su medida será en el sitio. No incluye entibado.",null,"m3","Total",{"$nulls":10},{"$f":"+ROUND(SUM(P25:P28),2)","v":3750}]
[{"$nulls":3},"m3",1,{"v":50,"d":"50.00"},30,2.5,{"$nulls":4},{"$f":"IF(D25=\"M2\",E25*F25*G25,IF(D25=\"M3\",E25*F25*G25*H25,IF(D25=\"M\",E25*F25,IF(D25=\"UNIDAD\",E25,IF(D25=\"GLOBAL\",E25,0)))))","v":3750},null,null,{"$f":"IF(D25=\"GLOBAL\",E25,IF(D25=\"UNIDAD\",E25,IF(D25=\"M2\",((K25+L25+M25)-(N25+O25)),IF(D25=\"M3\",((K25+L25+M25)-(N25+O25)),IF(D25=\"M\",((K25+L25+M25)-(N25+O25)),0)))))","v":3750}]
[{"$nulls":15},0]
[{"$nulls":15},0]
[{"$nulls":15},{"v":0,"d":"0.00"}]
[]
[2.02,"LLENO CON MATERIAL SELECCIONADO, compactado mecánicamente hasta obtener una densidad optima. Incluye transporte del material. Su medida será en sitio ya compactado.",null,"m3","Total",{"$nulls":10},{"$f":"+ROUND(SUM(P31:P33),2)","v":172.8}]
[{"$nulls":3},"m3",1,160,1.8,0.6,{"$nulls":4},{"$f":"IF(D31=\"M2\",E31*F31*G31,IF(D31=\"M3\",E31*F31*G31*H31,IF(D31=\"M\",E31*F31,IF(D31=\"UNIDAD\",E31,IF(D31=\"GLOBAL\",E31,0)))))","v":172.79999999999998},null,null,{"$f":"IF(D31=\"GLOBAL\",E31,IF(D31=\"UNIDAD\",E31,IF(D31=\"M2\",((K31+L31+M31)-(N31+O31)),IF(D31=\"M3\",((K31+L31+M31)-(N31+O31)),IF(D31=\"M\",((K31+L31+M31)-(N31+O31)),0)))))","v":172.79999999999998}]
[{"$nulls":15},{"$f":"IF(D32=\"GLOBAL\",E32,IF(D32=\"UNIDAD\",E32,IF(D32=\"M2\",((K32+L32+M32)-(N32+O32)),IF(D32=\"M3\",((K32+L32+M32)-(N32+O32)),IF(D32=\"M\",((K32+L32+M32)-(N32+O32)),0)))))","v":{"v":0,"d":"0.00"}}]
[{"$nulls":15},{"$f":"IF(D33=\"GLOBAL\",E33,IF(D33=\"UNIDAD\",E33,IF(D33=\"M2\",((K33+L33+M33)-(N33+O33)),IF(D33=\"M3\",((K33+L33+M33)-(N33+O33)),IF(D33=\"M\",((K33+L33+M33)-(N33+O33)),0)))))","v":{"v":0,"d":"0.00"}}]
[]
[]
[3,"CONSTRUCCION DE FILTROS HORIZONTALES "]
[]
[]
[3.01,"Construccion de filtros horizontales para el manejo y control de lixiviados ",null,"m","Total",{"$nulls":10},{"$f":"+ROUND(SUM(P40:P42),2)","v":112}]
[{"$nulls":3},"m",1,{"$f":"40+12*6","v":112},{"$nulls":6},{"$f":"IF(D40=\"M2\",E40*F40*G40,IF(D40=\"M3\",E40*F40*G40*H40,IF(D40=\"M\",E40*F40,IF(D40=\"UNIDAD\",E40,IF(D40=\"GLOBAL\",E40,0)))))","v":{"v":112,"d":"112.00"}},null,null,{"$f":"IF(D40=\"GLOBAL\",E40,IF(D40=\"UNIDAD\",E40,IF(D40=\"M2\",((K40+L40+M40)-(N40+O40)),IF(D40=\"M3\",((K40+L40+M40)-(N40+O40)),IF(D40=\"M\",((K40+L40+M40)-(N40+O40)),0)))))","v":{"v":112,"d":"112.00"}}]
[{"$nulls":12},{"$f":"IF(D41=\"M2\",E41*F41*G41,IF(D41=\"M3\",E41*F41*G41*H41,IF(D41=\"M\",E41*F41,IF(D41=\"UNIDAD\",E41,IF(D41=\"GLOBAL\",E41,0)))))","v":{"v":0,"d":"0.00"}},null,null,{"$f":"IF(D41=\"GLOBAL\",E41,IF(D41=\"UNIDAD\",E41,IF(D41=\"M2\",((K41+L41+M41)-(N41+O41)),IF(D41=\"M3\",((K41+L41+M41)-(N41+O41)),IF(D41=\"M\",((K41+L41+M41)-(N41+O41)),0)))))","v":{"v":0,"d":"0.00"}}]
[{"$nulls":12},{"$f":"IF(D42=\"M2\",E42*F42*G42,IF(D42=\"M3\",E42*F42*G42*H42,IF(D42=\"M\",E42*F42,IF(D42=\"UNIDAD\",E42,IF(D42=\"GLOBAL\",E42,0)))))","v":{"v":0,"d":"0.00"}},{"$f":"(2.79*1.29)*E42","v":0},null,{"$f":"IF(D42=\"GLOBAL\",E42,IF(D42=\"UNIDAD\",E42,IF(D42=\"M2\",((K42+L42+M42)-(N42+O42)),IF(D42=\"M3\",((K42+L42+M42)-(N42+O42)),IF(D42=\"M\",((K42+L42+M42)-(N42+O42)),0)))))","v":{"v":0,"d":"0.00"}}]
[]
[3.02,"Excavación en material común para zanjas y filtros de 0 a 2.00 mts.",null,"m3 ","Total",{"$nulls":10},{"$f":"+ROUND(SUM(P45:P48),2)","v":17.92}]
[null,null,"piso","m3",1,112,0.4,0.4,{"$nulls":4},{"$f":"IF(D45=\"M2\",E45*F45*G45,IF(D45=\"M3\",E45*F45*G45*H45,IF(D45=\"M\",E45*F45,IF(D45=\"UNIDAD\",E45,IF(D45=\"GLOBAL\",E45,0)))))","v":17.92},null,null,{"$f":"IF(D45=\"GLOBAL\",E45,IF(D45=\"UNIDAD\",E45,IF(D45=\"M2\",((K45+L45+M45)-(N45+O45)),IF(D45=\"M3\",((K45+L45+M45)-(N45+O45)),IF(D45=\"M\",((K45+L45+M45)-(N45+O45)),0)))))","v":17.92}]
[{"$nulls":12},{"$f":"IF(D46=\"M2\",E46*F46*G46,IF(D46=\"M3\",E46*F46*G46*H46,IF(D46=\"M\",E46*F46,IF(D46=\"UNIDAD\",E46,IF(D46=\"GLOBAL\",E46,0)))))","v":{"v":0,"d":"0.00"}},null,null,{"v":0,"d":"0.00"}]
[{"$nulls":12},{"v":0,"d":"0.00"},null,null,{"v":0,"d":"0.00"}]
[{"$nulls":12},{"v":0,"d":"0.00"},{"$f":"(2.79*1.29)*E48","v":0},null,{"$f":"IF(D48=\"GLOBAL\",E48,IF(D48=\"UNIDAD\",E48,IF(D48=\"M2\",((K48+L48+M48)-(N48+O48)),IF(D48=\"M3\",((K48+L48+M48)-(N48+O48)),IF(D48=\"M\",((K48+L48+M48)-(N48+O48)),0)))))","v":{"v":0,"d":"0.00"}}]
[]
[3.03,"Suministro, transporte y colocación de material friltrante (gravilla seleccionada de 4 a 6\")",null,"m3","Total",{"$nulls":10},{"$f":"+ROUND(SUM(P51:P55),2)","v":17.92}]
[",",null,"Piso","m3",1,{"v":112,"d":"112.00"},0.4,0.4,{"$nulls":4},{"$f":"IF(D51=\"M2\",E51*F51*G51,IF(D51=\"M3\",E51*F51*G51*H51,IF(D51=\"M\",E51*F51,IF(D51=\"UNIDAD\",E51,IF(D51=\"GLOBAL\",E51,0)))))","v":17.92},null,null,{"$f":"+M51","v":17.92}]
[{"$nulls":12},{"$f":"IF(D52=\"M2\",E52*F52*G52,IF(D52=\"KG\",E52*F52*G52*H52,IF(D52=\"M\",E52*F52,IF(D52=\"UNIDAD\",E52,IF(D52=\"GLOBAL\",E52,0)))))","v":{"v":0,"d":"0.00"}},{"$f":"+G52*F52*E52","v":0},null,{"$f":"+M52","v":{"v":0,"d":"0.00"}}]
[{"$nulls":12},{"$f":"IF(D53=\"M2\",E53*F53*G53,IF(D53=\"M3\",E53*F53*G53*H53,IF(D53=\"M\",E53*F53,IF(D53=\"UNIDAD\",E53,IF(D53=\"GLOBAL\",E53,0)))))","v":{"v":0,"d":"0.00"}},null,null,{"$f":"IF(D53=\"GLOBAL\",E53,IF(D53=\"UNIDAD\",E53,IF(D53=\"M2\",((K53+L53+M53)-(N53+O53)),IF(D53=\"M3\",((K53+L53+M53)-(N53+O53)),IF(D53=\"M\",((K53+L53+M53)-(N53+O53)),0)))))","v":{"v":0,"d":"0.00"}}]
[{"$nulls":12},{"v":0,"d":"0.00"},null,null,{"v":0,"d":"0.00"}]
[{"$nulls":12},{"$f":"IF(D55=\"M2\",E55*F55*G55,IF(D55=\"M3\",E55*F55*G55*H55,IF(D55=\"M\",E55*F55,IF(D55=\"UNIDAD\",E55,IF(D55=\"GLOBAL\",E55,0)))))","v":{"v":0,"d":"0.00"}},{"$f":"(2.79*1.29)*E55","v":0},null,{"$f":"IF(D55=\"GLOBAL\",E55,IF(D55=\"UNIDAD\",E55,IF(D55=\"M2\",((K55+L55+M55)-(N55+O55)),IF(D55=\"M3\",((K55+L55+M55)-(N55+O55)),IF(D55=\"M\",((K55+L55+M55)-(N55+O55)),0)))))","v":{"v":0,"d":"0.00"}}]
[]
[4,"CONSTRUCCION DE FILTROS VERTICALES "]
[]
[4.01,"Construcción de filtros verticales (chimeneas para el control y evacuación de gases 0.40*0.40*3.00). Incluye canastillas, material friltrante y tuberia de 4\" y demas elementos para su instalacion y puesta en funcionamiento",null,"UN","Total",{"$nulls":10},{"$f":"+ROUND(SUM(P60:P62),2)","v":9}]
[{"$nulls":3},"Und",9,{"$nulls":7},{"$f":"IF(D60=\"M2\",E60*F60*G60,IF(D60=\"M3\",E60*F60*G60*H60,IF(D60=\"M\",E60*F60,IF(D60=\"UNIDAD\",E60,IF(D60=\"GLOBAL\",E60,0)))))","v":{"v":0,"d":"0.00"}},null,null,{"$f":"IF(D60=\"GLOBAL\",E60,IF(D60=\"UND\",E60,IF(D60=\"M2\",((K60+L60+M60)-(N60+O60)),IF(D60=\"M3\",((K60+L60+M60)-(N60+O60)),IF(D60=\"M\",((K60+L60+M60)-(N60+O60)),0)))))","v":{"v":9,"d":"9.00"}}]
[{"$nulls":12},{"$f":"IF(D61=\"M2\",E61*F61*G61,IF(D61=\"M3\",E61*F61*G61*H61,IF(D61=\"M\",E61*F61,IF(D61=\"UNIDAD\",E61,IF(D61=\"GLOBAL\",E61,0)))))","v":{"v":0,"d":"0.00"}},null,null,{"$f":"IF(D61=\"GLOBAL\",E61,IF(D61=\"UNIDAD\",E61,IF(D61=\"M2\",((K61+L61+M61)-(N61+O61)),IF(D61=\"M3\",((K61+L61+M61)-(N61+O61)),IF(D61=\"M\",((K61+L61+M61)-(N61+O61)),0)))))","v":{"v":0,"d":"0.00"}}]
[{"$nulls":12},{"$f":"IF(D62=\"M2\",E62*F62*G62,IF(D62=\"M3\",E62*F62*G62*H62,IF(D62=\"M\",E62*F62,IF(D62=\"UNIDAD\",E62,IF(D62=\"GLOBAL\",E62,0)))))","v":{"v":0,"d":"0.00"}},{"$f":"(2.79*1.29)*E62","v":0},null,{"$f":"IF(D62=\"GLOBAL\",E62,IF(D62=\"UNIDAD\",E62,IF(D62=\"M2\",((K62+L62+M62)-(N62+O62)),IF(D62=\"M3\",((K62+L62+M62)-(N62+O62)),IF(D62=\"M\",((K62+L62+M62)-(N62+O62)),0)))))","v":{"v":0,"d":"0.00"}}]
[]
[null,"Suministro, transporte y colocación de material friltrante (gravilla seleccionada de 4 a 6\")",null,"m3","Total",{"$nulls":10},{"$f":"+ROUND(SUM(P65:P67),2)","v":1.73},null,{"$f":"12*0.4*0.4*3","v":5.760000000000002}]
[{"$nulls":3},"M3",9,{"v":1.2,"d":"1.20"},0.4,0.4,{"$nulls":4},{"$f":"IF(D65=\"M2\",E65*F65*G65,IF(D65=\"M3\",E65*F65*G65*H65,IF(D65=\"M\",E65*F65,IF(D65=\"UNIDAD\",E65,IF(D65=\"GLOBAL\",E65,0)))))","v":{"v":1.7279999999999998,"d":"1.73"}},null,null,{"$f":"+M65","v":{"v":1.7279999999999998,"d":"1.73"}}]
[{"$nulls":12},{"$f":"IF(D66=\"M2\",E66*F66*G66,IF(D66=\"KG\",E66*F66*G66*H66,IF(D66=\"M\",E66*F66,IF(D66=\"UNIDAD\",E66,IF(D66=\"GLOBAL\",E66,0)))))","v":{"v":0,"d":"0.00"}},{"$f":"+G66*F66*E66","v":0},null,{"$f":"+M66","v":{"v":0,"d":"0.00"}}]
[{"$nulls":12},{"$f":"IF(D67=\"M2\",E67*F67*G67,IF(D67=\"M3\",E67*F67*G67*H67,IF(D67=\"M\",E67*F67,IF(D67=\"UNIDAD\",E67,IF(D67=\"GLOBAL\",E67,0)))))","v":{"v":0,"d":"0.00"}},{"$f":"(2.79*1.29)*E67","v":0},null,{"$f":"IF(D67=\"GLOBAL\",E67,IF(D67=\"UNIDAD\",E67,IF(D67=\"M2\",((K67+L67+M67)-(N67+O67)),IF(D67=\"M3\",((K67+L67+M67)-(N67+O67)),IF(D67=\"M\",((K67+L67+M67)-(N67+O67)),0)))))","v":{"v":0,"d":"0.00"}}]
[]
[null,"Canastilla para empaquetamiento de chimeneas. Incluye malla gallinero y alambre.",null,"UN","Total",{"$nulls":10},{"$f":"+ROUND(SUM(P70:P72),2)","v":9},null,{"$f":"12*0.4*0.4*3","v":5.760000000000002}]
[",",null,null,"UND",9,{"v":2,"d":"2.00"},0.4,0.4,{"$nulls":4},{"$f":"IF(D70=\"M2\",E70*F70*G70,IF(D70=\"M3\",E70*F70*G70*H70,IF(D70=\"M\",E70*F70,IF(D70=\"UND\",E70,IF(D70=\"GLOBAL\",E70,0)))))","v":{"v":9,"d":"9.00"}},null,null,{"$f":"+M70","v":{"v":9,"d":"9.00"}}]
[{"$nulls":12},{"$f":"IF(D71=\"M2\",E71*F71*G71,IF(D71=\"KG\",E71*F71*G71*H71,IF(D71=\"M\",E71*F71,IF(D71=\"UNIDAD\",E71,IF(D71=\"GLOBAL\",E71,0)))))","v":{"v":0,"d":"0.00"}},{"$f":"+G71*F71*E71","v":0},null,{"$f":"+M71","v":{"v":0,"d":"0.00"}}]
[{"$nulls":12},{"$f":"IF(D72=\"M2\",E72*F72*G72,IF(D72=\"M3\",E72*F72*G72*H72,IF(D72=\"M\",E72*F72,IF(D72=\"UNIDAD\",E72,IF(D72=\"GLOBAL\",E72,0)))))","v":{"v":0,"d":"0.00"}},{"$f":"(2.79*1.29)*E72","v":0},null,{"$f":"IF(D72=\"GLOBAL\",E72,IF(D72=\"UNIDAD\",E72,IF(D72=\"M2\",((K72+L72+M72)-(N72+O72)),IF(D72=\"M3\",((K72+L72+M72)-(N72+O72)),IF(D72=\"M\",((K72+L72+M72)-(N72+O72)),0)))))","v":{"v":0,"d":"0.00"}}]
[]
[5,"OBRAS ADICIONALES "]
[]
[5.01,"Suministro e instalación de la geomembrana Textil HR - 30.000 Espesor 0,75 ml para la impermeabilización",null,"m2","Total",{"$nulls":10},{"$f":"+ROUND(SUM(P77:P79),2)","v":2109}]
[{"$nulls":3},"m2",1,37,57,{"$nulls":5},{"$f":"IF(D77=\"M2\",E77*F77*G77,IF(D77=\"M3\",E77*F77*G77*H77,IF(D77=\"M\",E77*F77,IF(D77=\"UNIDAD\",E77,IF(D77=\"GLOBAL\",E77,0)))))","v":{"v":2109,"d":"2109.00"}},null,null,{"$f":"IF(D77=\"GLOBAL\",E77,IF(D77=\"UNIDAD\",E77,IF(D77=\"M2\",((K77+L77+M77)-(N77+O77)),IF(D77=\"M3\",((K77+L77+M77)-(N77+O77)),IF(D77=\"M\",((K77+L77+M77)-(N77+O77)),0)))))","v":{"v":2109,"d":"2109.00"}}]
[{"$nulls":12},{"$f":"IF(D78=\"M2\",E78*F78*G78,IF(D78=\"M3\",E78*F78*G78*H78,IF(D78=\"M\",E78*F78,IF(D78=\"UNIDAD\",E78,IF(D78=\"GLOBAL\",E78,0)))))","v":{"v":0,"d":"0.00"}},null,null,{"$f":"IF(D78=\"GLOBAL\",E78,IF(D78=\"UNIDAD\",E78,IF(D78=\"M2\",((K78+L78+M78)-(N78+O78)),IF(D78=\"M3\",((K78+L78+M78)-(N78+O78)),IF(D78=\"M\",((K78+L78+M78)-(N78+O78)),0)))))","v":{"v":0,"d":"0.00"}}]
[{"$nulls":12},{"$f":"IF(D79=\"M2\",E79*F79*G79,IF(D79=\"M3\",E79*F79*G79*H79,IF(D79=\"M\",E79*F79,IF(D79=\"UNIDAD\",E79,IF(D79=\"GLOBAL\",E79,0)))))","v":{"v":0,"d":"0.00"}},{"$f":"(2.79*1.29)*E79","v":0},null,{"$f":"IF(D79=\"GLOBAL\",E79,IF(D79=\"UNIDAD\",E79,IF(D79=\"M2\",((K79+L79+M79)-(N79+O79)),IF(D79=\"M3\",((K79+L79+M79)-(N79+O79)),IF(D79=\"M\",((K79+L79+M79)-(N79+O79)),0)))))","v":{"v":0,"d":"0.00"}}]
[]
[5.02,"Excavación de cunetas para tuberías de lixiviados y pozo de recirculación de lixiviados",null,"m3","Total",{"$nulls":10},{"$f":"+ROUND(SUM(P82:P84),2)","v":4.8}]
[{"$nulls":3},"M3",1,10,0.4,1.2,{"$nulls":4},{"$f":"IF(D82=\"M2\",E82*F82*G82,IF(D82=\"M3\",E82*F82*G82*H82,IF(D82=\"M\",E82*F82,IF(D82=\"UNIDAD\",E82,IF(D82=\"GLOBAL\",E82,0)))))","v":{"v":4.8,"d":"4.80"}},null,null,{"$f":"IF(D82=\"GLOBAL\",E82,IF(D82=\"UNIDAD\",E82,IF(D82=\"M2\",((K82+L82+M82)-(N82+O82)),IF(D82=\"M3\",((K82+L82+M82)-(N82+O82)),IF(D82=\"M\",((K82+L82+M82)-(N82+O82)),0)))))","v":{"v":4.8,"d":"4.80"}}]
[{"$nulls":12},{"$f":"IF(D83=\"M2\",E83*F83*G83,IF(D83=\"M3\",E83*F83*G83*H83,IF(D83=\"M\",E83*F83,IF(D83=\"UNIDAD\",E83,IF(D83=\"GLOBAL\",E83,0)))))","v":{"v":0,"d":"0.00"}},null,null,{"$f":"IF(D83=\"GLOBAL\",E83,IF(D83=\"UNIDAD\",E83,IF(D83=\"M2\",((K83+L83+M83)-(N83+O83)),IF(D83=\"M3\",((K83+L83+M83)-(N83+O83)),IF(D83=\"M\",((K83+L83+M83)-(N83+O83)),0)))))","v":{"v":0,"d":"0.00"}}]
[{"$nulls":12},{"$f":"IF(D84=\"M2\",E84*F84*G84,IF(D84=\"M3\",E84*F84*G84*H84,IF(D84=\"M\",E84*F84,IF(D84=\"UNIDAD\",E84,IF(D84=\"GLOBAL\",E84,0)))))","v":{"v":0,"d":"0.00"}},{"$f":"(2.79*1.29)*E84","v":0},null,{"$f":"IF(D84=\"GLOBAL\",E84,IF(D84=\"UNIDAD\",E84,IF(D84=\"M2\",((K84+L84+M84)-(N84+O84)),IF(D84=\"M3\",((K84+L84+M84)-(N84+O84)),IF(D84=\"M\",((K84+L84+M84)-(N84+O84)),0)))))","v":{"v":0,"d":"0.00"}}]
[]
[5.03,"Suministro e instalación de tubería sanitaria de 4\" para recolección de lixiviados. ",null,"m","Total",{"$nulls":10},{"$f":"+ROUND(SUM(P87:P89),2)","v":10}]
[{"$nulls":3},"M",1,10,{"$nulls":6},{"$f":"IF(D87=\"M2\",E87*F87*G87,IF(D87=\"M3\",E87*F87*G87*H87,IF(D87=\"M\",E87*F87,IF(D87=\"UNIDAD\",E87,IF(D87=\"GLOBAL\",E87,0)))))","v":{"v":10,"d":"10.00"}},null,null,{"$f":"IF(D87=\"GLOBAL\",E87,IF(D87=\"UNIDAD\",E87,IF(D87=\"M2\",((K87+L87+M87)-(N87+O87)),IF(D87=\"M3\",((K87+L87+M87)-(N87+O87)),IF(D87=\"M\",((K87+L87+M87)-(N87+O87)),0)))))","v":{"v":10,"d":"10.00"}}]
[{"$nulls":12},{"$f":"IF(D88=\"M2\",E88*F88*G88,IF(D88=\"M3\",E88*F88*G88*H88,IF(D88=\"M\",E88*F88,IF(D88=\"UNIDAD\",E88,IF(D88=\"GLOBAL\",E88,0)))))","v":{"v":0,"d":"0.00"}},null,null,{"$f":"IF(D88=\"GLOBAL\",E88,IF(D88=\"UNIDAD\",E88,IF(D88=\"M2\",((K88+L88+M88)-(N88+O88)),IF(D88=\"M3\",((K88+L88+M88)-(N88+O88)),IF(D88=\"M\",((K88+L88+M88)-(N88+O88)),0)))))","v":{"v":0,"d":"0.00"}}]
[{"$nulls":12},{"$f":"IF(D89=\"M2\",E89*F89*G89,IF(D89=\"M3\",E89*F89*G89*H89,IF(D89=\"M\",E89*F89,IF(D89=\"UNIDAD\",E89,IF(D89=\"GLOBAL\",E89,0)))))","v":{"v":0,"d":"0.00"}},{"$f":"(2.79*1.29)*E89","v":0},null,{"$f":"IF(D89=\"GLOBAL\",E89,IF(D89=\"UNIDAD\",E89,IF(D89=\"M2\",((K89+L89+M89)-(N89+O89)),IF(D89=\"M3\",((K89+L89+M89)-(N89+O89)),IF(D89=\"M\",((K89+L89+M89)-(N89+O89)),0)))))","v":{"v":0,"d":"0.00"}}]
[]
[5.04,"Construcción de cuarto de máquinas. ",null,"UN","Total",{"$nulls":10},{"$f":"+ROUND(SUM(P92:P94),2)","v":1}]
[{"$nulls":3},"UND",1,{"$nulls":7},{"$f":"IF(D92=\"M2\",E92*F92*G92,IF(D92=\"M3\",E92*F92*G92*H92,IF(D92=\"M\",E92*F92,IF(D92=\"UND\",E92,IF(D92=\"GLOBAL\",E92,0)))))","v":{"v":1,"d":"1.00"}},null,null,{"$f":"IF(D92=\"GLOBAL\",E92,IF(D92=\"UND\",E92,IF(D92=\"M2\",((K92+L92+M92)-(N92+O92)),IF(D92=\"M3\",((K92+L92+M92)-(N92+O92)),IF(D92=\"M\",((K92+L92+M92)-(N92+O92)),0)))))","v":{"v":1,"d":"1.00"}}]
[{"$nulls":12},{"$f":"IF(D93=\"M2\",E93*F93*G93,IF(D93=\"M3\",E93*F93*G93*H93,IF(D93=\"M\",E93*F93,IF(D93=\"UNIDAD\",E93,IF(D93=\"GLOBAL\",E93,0)))))","v":{"v":0,"d":"0.00"}},null,null,{"$f":"IF(D93=\"GLOBAL\",E93,IF(D93=\"UNIDAD\",E93,IF(D93=\"M2\",((K93+L93+M93)-(N93+O93)),IF(D93=\"M3\",((K93+L93+M93)-(N93+O93)),IF(D93=\"M\",((K93+L93+M93)-(N93+O93)),0)))))","v":{"v":0,"d":"0.00"}}]
[{"$nulls":12},{"$f":"IF(D94=\"M2\",E94*F94*G94,IF(D94=\"M3\",E94*F94*G94*H94,IF(D94=\"M\",E94*F94,IF(D94=\"UNIDAD\",E94,IF(D94=\"GLOBAL\",E94,0)))))","v":{"v":0,"d":"0.00"}},{"$f":"(2.79*1.29)*E94","v":0},null,{"$f":"IF(D94=\"GLOBAL\",E94,IF(D94=\"UNIDAD\",E94,IF(D94=\"M2\",((K94+L94+M94)-(N94+O94)),IF(D94=\"M3\",((K94+L94+M94)-(N94+O94)),IF(D94=\"M\",((K94+L94+M94)-(N94+O94)),0)))))","v":{"v":0,"d":"0.00"}}]
[]
[5.05,"Suministro e instalación de moto bomba de 2x2 autocebante para la evacuación de tanques de los lixiviados",null,"UN","Total",{"$nulls":10},{"$f":"+ROUND(SUM(P97:P99),2)","v":1}]
[{"$nulls":3},"UND",1,{"$nulls":7},{"$f":"IF(D97=\"M2\",E97*F97*G97,IF(D97=\"M3\",E97*F97*G97*H97,IF(D97=\"M\",E97*F97,IF(D97=\"UND\",E97,IF(D97=\"GLOBAL\",E97,0)))))","v":{"v":1,"d":"1.00"}},null,null,{"$f":"IF(D97=\"GLOBAL\",E97,IF(D97=\"UND\",E97,IF(D97=\"M2\",((K97+L97+M97)-(N97+O97)),IF(D97=\"M3\",((K97+L97+M97)-(N97+O97)),IF(D97=\"M\",((K97+L97+M97)-(N97+O97)),0)))))","v":{"v":1,"d":"1.00"}}]
[{"$nulls":12},{"$f":"IF(D98=\"M2\",E98*F98*G98,IF(D98=\"M3\",E98*F98*G98*H98,IF(D98=\"M\",E98*F98,IF(D98=\"UNIDAD\",E98,IF(D98=\"GLOBAL\",E98,0)))))","v":{"v":0,"d":"0.00"}},null,null,{"$f":"IF(D98=\"GLOBAL\",E98,IF(D98=\"UNIDAD\",E98,IF(D98=\"M2\",((K98+L98+M98)-(N98+O98)),IF(D98=\"M3\",((K98+L98+M98)-(N98+O98)),IF(D98=\"M\",((K98+L98+M98)-(N98+O98)),0)))))","v":{"v":0,"d":"0.00"}}]
[{"$nulls":12},{"$f":"IF(D99=\"M2\",E99*F99*G99,IF(D99=\"M3\",E99*F99*G99*H99,IF(D99=\"M\",E99*F99,IF(D99=\"UNIDAD\",E99,IF(D99=\"GLOBAL\",E99,0)))))","v":{"v":0,"d":"0.00"}},{"$f":"(2.79*1.29)*E99","v":0},null,{"$f":"IF(D99=\"GLOBAL\",E99,IF(D99=\"UNIDAD\",E99,IF(D99=\"M2\",((K99+L99+M99)-(N99+O99)),IF(D99=\"M3\",((K99+L99+M99)-(N99+O99)),IF(D99=\"M\",((K99+L99+M99)-(N99+O99)),0)))))","v":{"v":0,"d":"0.00"}}]
[]
[5.06,"Suministro e instalación de Manguera de 2\" Descarga Plana 2 Tipo Bombero. ",null,"M","Total",{"$nulls":10},{"$f":"+ROUND(SUM(P102:P104),2)","v":70}]
[{"$nulls":3},"M",1,70,{"$nulls":6},{"$f":"IF(D102=\"M2\",E102*F102*G102,IF(D102=\"M3\",E102*F102*G102*H102,IF(D102=\"M\",E102*F102,IF(D102=\"UND\",E102,IF(D102=\"GLOBAL\",E102,0)))))","v":{"v":70,"d":"70.00"}},null,null,{"$f":"IF(D102=\"GLOBAL\",E102,IF(D102=\"UND\",E102,IF(D102=\"M2\",((K102+L102+M102)-(N102+O102)),IF(D102=\"M3\",((K102+L102+M102)-(N102+O102)),IF(D102=\"M\",((K102+L102+M102)-(N102+O102)),0)))))","v":{"v":70,"d":"70.00"}}]
[{"$nulls":12},{"$f":"IF(D103=\"M2\",E103*F103*G103,IF(D103=\"M3\",E103*F103*G103*H103,IF(D103=\"M\",E103*F103,IF(D103=\"UNIDAD\",E103,IF(D103=\"GLOBAL\",E103,0)))))","v":{"v":0,"d":"0.00"}},null,null,{"$f":"IF(D103=\"GLOBAL\",E103,IF(D103=\"UNIDAD\",E103,IF(D103=\"M2\",((K103+L103+M103)-(N103+O103)),IF(D103=\"M3\",((K103+L103+M103)-(N103+O103)),IF(D103=\"M\",((K103+L103+M103)-(N103+O103)),0)))))","v":{"v":0,"d":"0.00"}}]
[{"$nulls":12},{"$f":"IF(D104=\"M2\",E104*F104*G104,IF(D104=\"M3\",E104*F104*G104*H104,IF(D104=\"M\",E104*F104,IF(D104=\"UNIDAD\",E104,IF(D104=\"GLOBAL\",E104,0)))))","v":{"v":0,"d":"0.00"}},{"$f":"(2.79*1.29)*E104","v":0},null,{"$f":"IF(D104=\"GLOBAL\",E104,IF(D104=\"UNIDAD\",E104,IF(D104=\"M2\",((K104+L104+M104)-(N104+O104)),IF(D104=\"M3\",((K104+L104+M104)-(N104+O104)),IF(D104=\"M\",((K104+L104+M104)-(N104+O104)),0)))))","v":{"v":0,"d":"0.00"}}]
[]
[5.07,"Construccion de Caja de inspeccion de 1,0x1,0x1,0 m, en concreto de 21 MPa, Incluye excavacion, formaleta, acero, suministro, transporte e instalación del concreto, mano de obra, vibrado, curado y protección. ",null,"UN","Total",{"$nulls":10},{"$f":"+ROUND(SUM(P107:P109),2)","v":1}]
[{"$nulls":3},"UND",1,{"$nulls":7},{"$f":"IF(D107=\"M2\",E107*F107*G107,IF(D107=\"M3\",E107*F107*G107*H107,IF(D107=\"M\",E107*F107,IF(D107=\"UND\",E107,IF(D107=\"GLOBAL\",E107,0)))))","v":{"v":1,"d":"1.00"}},null,null,{"$f":"IF(D107=\"GLOBAL\",E107,IF(D107=\"UND\",E107,IF(D107=\"M2\",((K107+L107+M107)-(N107+O107)),IF(D107=\"M3\",((K107+L107+M107)-(N107+O107)),IF(D107=\"M\",((K107+L107+M107)-(N107+O107)),0)))))","v":{"v":1,"d":"1.00"}}]
[{"$nulls":12},{"$f":"IF(D108=\"M2\",E108*F108*G108,IF(D108=\"M3\",E108*F108*G108*H108,IF(D108=\"M\",E108*F108,IF(D108=\"UNIDAD\",E108,IF(D108=\"GLOBAL\",E108,0)))))","v":{"v":0,"d":"0.00"}},null,null,{"$f":"IF(D108=\"GLOBAL\",E108,IF(D108=\"UNIDAD\",E108,IF(D108=\"M2\",((K108+L108+M108)-(N108+O108)),IF(D108=\"M3\",((K108+L108+M108)-(N108+O108)),IF(D108=\"M\",((K108+L108+M108)-(N108+O108)),0)))))","v":{"v":0,"d":"0.00"}}]
[{"$nulls":12},{"$f":"IF(D109=\"M2\",E109*F109*G109,IF(D109=\"M3\",E109*F109*G109*H109,IF(D109=\"M\",E109*F109,IF(D109=\"UNIDAD\",E109,IF(D109=\"GLOBAL\",E109,0)))))","v":{"v":0,"d":"0.00"}},{"$f":"(2.79*1.29)*E109","v":0},null,{"$f":"IF(D109=\"GLOBAL\",E109,IF(D109=\"UNIDAD\",E109,IF(D109=\"M2\",((K109+L109+M109)-(N109+O109)),IF(D109=\"M3\",((K109+L109+M109)-(N109+O109)),IF(D109=\"M\",((K109+L109+M109)-(N109+O109)),0)))))","v":{"v":0,"d":"0.00"}}]
[]
[5.08,"Construccion de tanque de recoleccion y almacenamiento de lixiviados de 2.0x3.0x3.0 m, en concreto de 21 Mpa,  Incluye excavacion, formaleta, acero, suministro, transporte e instalación del concreto, mano de obra, vibrado, curado y protección.  ",null,"UN","Total",{"$nulls":10},{"$f":"+ROUND(SUM(P112:P114),2)","v":1}]
[{"$nulls":3},"UND",1,{"$nulls":7},{"$f":"IF(D112=\"M2\",E112*F112*G112,IF(D112=\"M3\",E112*F112*G112*H112,IF(D112=\"M\",E112*F112,IF(D112=\"UND\",E112,IF(D112=\"GLOBAL\",E112,0)))))","v":{"v":1,"d":"1.00"}},null,null,{"$f":"IF(D112=\"GLOBAL\",E112,IF(D112=\"UND\",E112,IF(D112=\"M2\",((K112+L112+M112)-(N112+O112)),IF(D112=\"M3\",((K112+L112+M112)-(N112+O112)),IF(D112=\"M\",((K112+L112+M112)-(N112+O112)),0)))))","v":{"v":1,"d":"1.00"}}]
[{"$nulls":12},{"$f":"IF(D113=\"M2\",E113*F113*G113,IF(D113=\"M3\",E113*F113*G113*H113,IF(D113=\"M\",E113*F113,IF(D113=\"UNIDAD\",E113,IF(D113=\"GLOBAL\",E113,0)))))","v":{"v":0,"d":"0.00"}},null,null,{"$f":"IF(D113=\"GLOBAL\",E113,IF(D113=\"UNIDAD\",E113,IF(D113=\"M2\",((K113+L113+M113)-(N113+O113)),IF(D113=\"M3\",((K113+L113+M113)-(N113+O113)),IF(D113=\"M\",((K113+L113+M113)-(N113+O113)),0)))))","v":{"v":0,"d":"0.00"}}]
[{"$nulls":12},{"$f":"IF(D114=\"M2\",E114*F114*G114,IF(D114=\"M3\",E114*F114*G114*H114,IF(D114=\"M\",E114*F114,IF(D114=\"UNIDAD\",E114,IF(D114=\"GLOBAL\",E114,0)))))","v":{"v":0,"d":"0.00"}},{"$f":"(2.79*1.29)*E114","v":0},null,{"$f":"IF(D114=\"GLOBAL\",E114,IF(D114=\"UNIDAD\",E114,IF(D114=\"M2\",((K114+L114+M114)-(N114+O114)),IF(D114=\"M3\",((K114+L114+M114)-(N114+O114)),IF(D114=\"M\",((K114+L114+M114)-(N114+O114)),0)))))","v":{"v":0,"d":"0.00"}}]
[]
[]
[5.09,"Suministro e instalacion de valla informativa ",null,"UN","Total",{"$nulls":10},{"$f":"+ROUND(SUM(P118:P120),2)","v":1}]
[{"$nulls":3},"UND",1,{"$nulls":7},{"$f":"IF(D118=\"M2\",E118*F118*G118,IF(D118=\"M3\",E118*F118*G118*H118,IF(D118=\"M\",E118*F118,IF(D118=\"UND\",E118,IF(D118=\"GLOBAL\",E118,0)))))","v":{"v":1,"d":"1.00"}},null,null,{"$f":"IF(D118=\"GLOBAL\",E118,IF(D118=\"UND\",E118,IF(D118=\"M2\",((K118+L118+M118)-(N118+O118)),IF(D118=\"M3\",((K118+L118+M118)-(N118+O118)),IF(D118=\"M\",((K118+L118+M118)-(N118+O118)),0)))))","v":{"v":1,"d":"1.00"}}]
[{"$nulls":12},{"$f":"IF(D119=\"M2\",E119*F119*G119,IF(D119=\"M3\",E119*F119*G119*H119,IF(D119=\"M\",E119*F119,IF(D119=\"UNIDAD\",E119,IF(D119=\"GLOBAL\",E119,0)))))","v":{"v":0,"d":"0.00"}},null,null,{"$f":"IF(D119=\"GLOBAL\",E119,IF(D119=\"UNIDAD\",E119,IF(D119=\"M2\",((K119+L119+M119)-(N119+O119)),IF(D119=\"M3\",((K119+L119+M119)-(N119+O119)),IF(D119=\"M\",((K119+L119+M119)-(N119+O119)),0)))))","v":{"v":0,"d":"0.00"}}]
[{"$nulls":12},{"$f":"IF(D120=\"M2\",E120*F120*G120,IF(D120=\"M3\",E120*F120*G120*H120,IF(D120=\"M\",E120*F120,IF(D120=\"UNIDAD\",E120,IF(D120=\"GLOBAL\",E120,0)))))","v":{"v":0,"d":"0.00"}},{"$f":"(2.79*1.29)*E120","v":0},null,{"$f":"IF(D120=\"GLOBAL\",E120,IF(D120=\"UNIDAD\",E120,IF(D120=\"M2\",((K120+L120+M120)-(N120+O120)),IF(D120=\"M3\",((K120+L120+M120)-(N120+O120)),IF(D120=\"M\",((K120+L120+M120)-(N120+O120)),0)))))","v":{"v":0,"d":"0.00"}}]
[]
[]
[6,"CERRAMIENTO PIREMETRAL"]
[]
[6.01,"Construcción de cerramiento en alambre de puas ",null,"m","Total",{"$nulls":10},{"$f":"+ROUND(SUM(P126:P127),2)","v":115}]
[{"$nulls":3},"m",1,115,{"$nulls":6},{"$f":"IF(D126=\"M2\",E126*F126*G126,IF(D126=\"M3\",E126*F126*G126*H126,IF(D126=\"M\",E126*F126,IF(D126=\"UNIDAD\",E126,IF(D126=\"GLOBAL\",E126,0)))))","v":{"v":115,"d":"115.00"}},null,null,{"$f":"IF(D126=\"GLOBAL\",E126,IF(D126=\"UNIDAD\",E126,IF(D126=\"M2\",((K126+L126+M126)-(N126+O126)),IF(D126=\"M3\",((K126+L126+M126)-(N126+O126)),IF(D126=\"M\",((K126+L126+M126)-(N126+O126)),0)))))","v":{"v":115,"d":"115.00"}}]
[{"$nulls":12},{"$f":"IF(D127=\"M2\",E127*F127*G127,IF(D127=\"M3\",E127*F127*G127*H127,IF(D127=\"M\",E127*F127,IF(D127=\"UNIDAD\",E127,IF(D127=\"GLOBAL\",E127,0)))))","v":{"v":0,"d":"0.00"}},{"$f":"(2.79*1.29)*E127","v":0},null,{"$f":"IF(D127=\"GLOBAL\",E127,IF(D127=\"UNIDAD\",E127,IF(D127=\"M2\",((K127+L127+M127)-(N127+O127)),IF(D127=\"M3\",((K127+L127+M127)-(N127+O127)),IF(D127=\"M\",((K127+L127+M127)-(N127+O127)),0)))))","v":{"v":0,"d":"0.00"}}]
[]
[7,"PRELIMINARES "]
[]
[7.01,"Recolección, remoción y compactación de residuos sólidos ",null,"m3","Total",{"$nulls":10},{"$f":"+ROUND(SUM(P132:P133),2)","v":1842.68}]
[{"$nulls":3},"m3",1,2632.4,1,0.7,{"$nulls":4},{"$f":"IF(D132=\"M2\",E132*F132*G132,IF(D132=\"M3\",E132*F132*G132*H132,IF(D132=\"M\",E132*F132,IF(D132=\"UNIDAD\",E132,IF(D132=\"GLOBAL\",E132,0)))))","v":{"v":1842.6799999999998,"d":"1842.68"}},null,null,{"$f":"IF(D132=\"GLOBAL\",E132,IF(D132=\"UNIDAD\",E132,IF(D132=\"M2\",((K132+L132+M132)-(N132+O132)),IF(D132=\"M3\",((K132+L132+M132)-(N132+O132)),IF(D132=\"M\",((K132+L132+M132)-(N132+O132)),0)))))","v":{"v":1842.6799999999998,"d":"1842.68"}}]
[{"$nulls":12},{"$f":"IF(D133=\"M2\",E133*F133*G133,IF(D133=\"M3\",E133*F133*G133*H133,IF(D133=\"M\",E133*F133,IF(D133=\"UNIDAD\",E133,IF(D133=\"GLOBAL\",E133,0)))))","v":{"v":0,"d":"0.00"}},{"$f":"(2.79*1.29)*E133","v":0},null,{"$f":"IF(D133=\"GLOBAL\",E133,IF(D133=\"UNIDAD\",E133,IF(D133=\"M2\",((K133+L133+M133)-(N133+O133)),IF(D133=\"M3\",((K133+L133+M133)-(N133+O133)),IF(D133=\"M\",((K133+L133+M133)-(N133+O133)),0)))))","v":{"v":0,"d":"0.00"}}]
[]
[7.02,"Suministro e instalación de Geotextil ",null,"m2","Total",{"$nulls":10},{"$f":"+ROUND(SUM(P136:P137),2)","v":2105.92}]
[{"$nulls":3},"M2",1,2632.4,0.8,{"$nulls":5},{"$f":"IF(D136=\"M2\",E136*F136*G136,IF(D136=\"M3\",E136*F136*G136*H136,IF(D136=\"M\",E136*F136,IF(D136=\"UNIDAD\",E136,IF(D136=\"GLOBAL\",E136,0)))))","v":2105.92},null,null,{"$f":"IF(D136=\"GLOBAL\",E136,IF(D136=\"UNIDAD\",E136,IF(D136=\"M2\",((K136+L136+M136)-(N136+O136)),IF(D136=\"M3\",((K136+L136+M136)-(N136+O136)),IF(D136=\"M\",((K136+L136+M136)-(N136+O136)),0)))))","v":2105.92}]
[{"$nulls":12},{"$f":"IF(D137=\"M2\",E137*F137*G137,IF(D137=\"M3\",E137*F137*G137*H137,IF(D137=\"M\",E137*F137,IF(D137=\"UNIDAD\",E137,IF(D137=\"GLOBAL\",E137,0)))))","v":{"v":0,"d":"0.00"}},{"$f":"(2.79*1.29)*E137","v":0},null,{"$f":"IF(D137=\"GLOBAL\",E137,IF(D137=\"UNIDAD\",E137,IF(D137=\"M2\",((K137+L137+M137)-(N137+O137)),IF(D137=\"M3\",((K137+L137+M137)-(N137+O137)),IF(D137=\"M\",((K137+L137+M137)-(N137+O137)),0)))))","v":{"v":0,"d":"0.00"}}]
[]
[7.03,"Construcción de sistema de cobertura final mediante suministro e instalación de material seleccionado ",null,"m2","Total",{"$nulls":10},{"$f":"+ROUND(SUM(P140:P141),2)","v":2105.92}]
[{"$nulls":3},"M2",1,2632.4,0.8,{"$nulls":5},{"$f":"IF(D140=\"M2\",E140*F140*G140,IF(D140=\"M3\",E140*F140*G140*H140,IF(D140=\"M\",E140*F140,IF(D140=\"UNIDAD\",E140,IF(D140=\"GLOBAL\",E140,0)))))","v":2105.92},null,null,{"$f":"IF(D140=\"GLOBAL\",E140,IF(D140=\"UNIDAD\",E140,IF(D140=\"M2\",((K140+L140+M140)-(N140+O140)),IF(D140=\"M3\",((K140+L140+M140)-(N140+O140)),IF(D140=\"M\",((K140+L140+M140)-(N140+O140)),0)))))","v":2105.92}]
[{"$nulls":12},{"$f":"IF(D141=\"M2\",E141*F141*G141,IF(D141=\"M3\",E141*F141*G141*H141,IF(D141=\"M\",E141*F141,IF(D141=\"UNIDAD\",E141,IF(D141=\"GLOBAL\",E141,0)))))","v":{"v":0,"d":"0.00"}},{"$f":"(2.79*1.29)*E141","v":0},null,{"$f":"IF(D141=\"GLOBAL\",E141,IF(D141=\"UNIDAD\",E141,IF(D141=\"M2\",((K141+L141+M141)-(N141+O141)),IF(D141=\"M3\",((K141+L141+M141)-(N141+O141)),IF(D141=\"M\",((K141+L141+M141)-(N141+O141)),0)))))","v":{"v":0,"d":"0.00"}}]
[]
[7.04,"Instalación de chimenea de de venteo de Biogas",null,"UN","Total",{"$nulls":10},{"$f":"+ROUND(SUM(P144:P145),2)","v":1}]
[{"$nulls":3},"UND",1,null,1,{"$nulls":5},{"$f":"IF(D144=\"M2\",E144*F144*G144,IF(D144=\"M3\",E144*F144*G144*H144,IF(D144=\"M\",E144*F144,IF(D144=\"UND\",E144,IF(D144=\"GLOBAL\",E144,0)))))","v":{"v":1,"d":"1.00"}},null,null,{"$f":"IF(D144=\"GLOBAL\",E144,IF(D144=\"UND\",E144,IF(D144=\"M2\",((K144+L144+M144)-(N144+O144)),IF(D144=\"M3\",((K144+L144+M144)-(N144+O144)),IF(D144=\"M\",((K144+L144+M144)-(N144+O144)),0)))))","v":{"v":1,"d":"1.00"}}]
[{"$nulls":12},{"$f":"IF(D145=\"M2\",E145*F145*G145,IF(D145=\"M3\",E145*F145*G145*H145,IF(D145=\"M\",E145*F145,IF(D145=\"UNIDAD\",E145,IF(D145=\"GLOBAL\",E145,0)))))","v":{"v":0,"d":"0.00"}},{"$f":"(2.79*1.29)*E145","v":0},null,{"$f":"IF(D145=\"GLOBAL\",E145,IF(D145=\"UNIDAD\",E145,IF(D145=\"M2\",((K145+L145+M145)-(N145+O145)),IF(D145=\"M3\",((K145+L145+M145)-(N145+O145)),IF(D145=\"M\",((K145+L145+M145)-(N145+O145)),0)))))","v":{"v":0,"d":"0.00"}}]
[]
[7.05,"Implementación de sistema de manejo de lixiviados",null,"UN","Total",{"$nulls":10},{"$f":"+ROUND(SUM(P148:P149),2)","v":1}]
[{"$nulls":3},"UND",1,null,1,{"$nulls":5},{"$f":"IF(D148=\"M2\",E148*F148*G148,IF(D148=\"M3\",E148*F148*G148*H148,IF(D148=\"M\",E148*F148,IF(D148=\"UND\",E148,IF(D148=\"GLOBAL\",E148,0)))))","v":{"v":1,"d":"1.00"}},null,null,{"$f":"IF(D148=\"GLOBAL\",E148,IF(D148=\"UND\",E148,IF(D148=\"M2\",((K148+L148+M148)-(N148+O148)),IF(D148=\"M3\",((K148+L148+M148)-(N148+O148)),IF(D148=\"M\",((K148+L148+M148)-(N148+O148)),0)))))","v":{"v":1,"d":"1.00"}}]
[{"$nulls":12},{"$f":"IF(D149=\"M2\",E149*F149*G149,IF(D149=\"M3\",E149*F149*G149*H149,IF(D149=\"M\",E149*F149,IF(D149=\"UNIDAD\",E149,IF(D149=\"GLOBAL\",E149,0)))))","v":{"v":0,"d":"0.00"}},{"$f":"(2.79*1.29)*E149","v":0},null,{"$f":"IF(D149=\"GLOBAL\",E149,IF(D149=\"UNIDAD\",E149,IF(D149=\"M2\",((K149+L149+M149)-(N149+O149)),IF(D149=\"M3\",((K149+L149+M149)-(N149+O149)),IF(D149=\"M\",((K149+L149+M149)-(N149+O149)),0)))))","v":{"v":0,"d":"0.00"}}]
[]
[7.06,"Construcción de canales de drenaje pluvial",null,"m","Total",{"$nulls":10},{"$f":"+ROUND(SUM(P152:P153),2)","v":160}]
[{"$nulls":3},"M",1,160,1,{"$nulls":5},{"$f":"IF(D152=\"M2\",E152*F152*G152,IF(D152=\"M3\",E152*F152*G152*H152,IF(D152=\"M\",E152*F152,IF(D152=\"UNIDAD\",E152,IF(D152=\"GLOBAL\",E152,0)))))","v":{"v":160,"d":"160.00"}},null,null,{"$f":"IF(D152=\"GLOBAL\",E152,IF(D152=\"UNIDAD\",E152,IF(D152=\"M2\",((K152+L152+M152)-(N152+O152)),IF(D152=\"M3\",((K152+L152+M152)-(N152+O152)),IF(D152=\"M\",((K152+L152+M152)-(N152+O152)),0)))))","v":{"v":160,"d":"160.00"}}]
[{"$nulls":12},{"$f":"IF(D153=\"M2\",E153*F153*G153,IF(D153=\"M3\",E153*F153*G153*H153,IF(D153=\"M\",E153*F153,IF(D153=\"UNIDAD\",E153,IF(D153=\"GLOBAL\",E153,0)))))","v":{"v":0,"d":"0.00"}},{"$f":"(2.79*1.29)*E153","v":0},null,{"$f":"IF(D153=\"GLOBAL\",E153,IF(D153=\"UNIDAD\",E153,IF(D153=\"M2\",((K153+L153+M153)-(N153+O153)),IF(D153=\"M3\",((K153+L153+M153)-(N153+O153)),IF(D153=\"M\",((K153+L153+M153)-(N153+O153)),0)))))","v":{"v":0,"d":"0.00"}}]
[]
[7.07,"Revegetacion de Area clausurada ",null,"m2","Total",{"$nulls":10},{"$f":"+ROUND(SUM(P156:P157),2)","v":2105.92}]
[{"$nulls":3},"M2",1,2632.4,0.8,{"$nulls":5},{"$f":"IF(D156=\"M2\",E156*F156*G156,IF(D156=\"M3\",E156*F156*G156*H156,IF(D156=\"M\",E156*F156,IF(D156=\"UNIDAD\",E156,IF(D156=\"GLOBAL\",E156,0)))))","v":2105.92},null,null,{"$f":"IF(D156=\"GLOBAL\",E156,IF(D156=\"UNIDAD\",E156,IF(D156=\"M2\",((K156+L156+M156)-(N156+O156)),IF(D156=\"M3\",((K156+L156+M156)-(N156+O156)),IF(D156=\"M\",((K156+L156+M156)-(N156+O156)),0)))))","v":2105.92}]
[{"$nulls":12},{"$f":"IF(D157=\"M2\",E157*F157*G157,IF(D157=\"M3\",E157*F157*G157*H157,IF(D157=\"M\",E157*F157,IF(D157=\"UNIDAD\",E157,IF(D157=\"GLOBAL\",E157,0)))))","v":{"v":0,"d":"0.00"}},{"$f":"(2.79*1.29)*E157","v":0},null,{"$f":"IF(D157=\"GLOBAL\",E157,IF(D157=\"UNIDAD\",E157,IF(D157=\"M2\",((K157+L157+M157)-(N157+O157)),IF(D157=\"M3\",((K157+L157+M157)-(N157+O157)),IF(D157=\"M\",((K157+L157+M157)-(N157+O157)),0)))))","v":{"v":0,"d":"0.00"}}]
{"$rows_empty":8}
[null,null,{"$f":"66*10/22","v":30}]
[null,null,{"$f":"2.8*0.8","v":2.2399999999999998}]
[null,null,{"$f":"+C166*C167","v":67.19999999999999},{"$f":"+C168/6","v":11.199999999999998}]

{"sheet":"APU","index":2,"n_rows":1517,"n_cols":16,"rows_kept":1517,"merged":[[0,0,1,9],[2,1,2,7],[3,1,3,7],[4,0,4,9],[5,0,5,4],[6,0,6,4],[7,0,7,4],[8,0,8,4],[9,0,9,4],[10,0,10,4],[11,0,11,8],[12,0,12,9],[13,0,13,3],[14,0,14,3],[15,0,15,3],[16,0,16,3],[17,0,17,3],[18,0,18,8],[19,0,19,9],[20,0,20,3],[21,0,21,3],[22,0,22,3],[23,0,23,3],[24,0,24,3],[25,0,25,3],[26,0,26,9],[27,0,27,3],[28,0,28,2],[29,0,29,2],[30,0,30,2],[31,0,31,2],[32,0,32,8],[33,0,34,9],[35,1,35,7],[36,1,36,7],[37,0,37,9],[38,0,38,4],[39,0,39,4],[40,0,40,4],[41,0,41,4],[42,0,42,4],[43,0,43,4],[44,0,44,8],[45,0,45,9],[46,0,46,3],[47,0,47,3],[48,0,48,3],[49,0,49,3],[50,0,50,3],[51,0,51,3],[52,0,52,8],[53,0,53,9],[54,0,54,3],[55,0,55,3],[56,0,56,3],[57,0,57,3],[58,0,58,3],[59,0,59,8],[60,0,60,9],[61,0,61,3],[62,0,62,2],[63,0,63,2],[64,0,64,2],[65,0,65,2],[66,0,66,8],[67,0,68,9],[69,1,69,7],[70,1,70,7],[71,0,71,9],[72,0,72,4],[73,0,73,4],[74,0,74,4],[75,0,75,4],[76,0,76,4],[77,0,77,4],[78,0,78,8],[79,0,79,9],[80,0,80,3],[81,0,81,3],[82,0,82,3],[83,0,83,3],[84,0,84,3],[85,0,85,3],[86,0,86,8],[87,0,87,9],[88,0,88,3],[89,0,89,3],[90,0,90,3],[91,0,91,3],[92,0,92,3],[93,0,93,8],[94,0,94,9],[95,0,95,3],[96,0,96,2],[97,0,97,2],[98,0,98,2],[99,0,99,2],[100,0,100,8],[101,0,102,9],[103,1,103,7],[104,1,104,7],[105,0,105,9],[106,0,106,4],[107,0,107,4],[108,0,108,4],[109,0,109,4],[110,0,110,4],[111,0,111,4],[112,0,112,8],[113,0,113,9],[114,0,114,3],[115,0,115,3],[116,0,116,3],[117,0,117,3],[118,0,118,3],[119,0,119,3],[120,0,120,8],[121,0,121,9],[122,0,122,3],[123,0,123,3],[124,0,124,3],[125,0,125,3],[126,0,126,3],[127,0,127,8],[128,0,128,9],[129,0,129,3],[130,0,130,2],[131,0,131,2],[132,0,132,2],[133,0,133,2],[134,0,134,8],[135,0,136,9],[137,1,137,7],[138,1,138,7],[139,0,139,9],[140,0,140,4],[141,0,141,4],[142,0,142,4],[143,0,143,4],[144,0,144,4],[145,0,145,4],[146,0,146,8],[147,0,147,9],[148,0,148,3],[149,0,149,3],[150,0,150,3],[151,0,151,3],[152,0,152,3],[153,0,153,3],[154,0,154,8],[155,0,155,9],[156,0,156,3],[157,0,157,3],[158,0,158,3],[159,0,159,3],[160,0,160,3],[161,0,161,8],[162,0,162,9],[163,0,163,3],[164,0,164,2],[165,0,165,2],[166,0,166,2],[167,0,167,2],[168,0,168,8],[169,0,170,9],[171,1,171,7],[172,1,172,7],[173,0,173,9],[174,0,174,4],[175,0,175,4],[176,0,176,4],[177,0,177,4],[178,0,178,4],[179,0,179,4],[180,0,180,8],[181,0,181,9],[182,0,182,3],[183,0,183,3],[184,0,184,3],[185,0,185,3],[186,0,186,3],[187,0,187,3],[188,0,188,3],[189,0,189,8],[190,0,190,9],[191,0,191,3],[192,0,192,3],[193,0,193,3],[194,0,194,3],[195,0,195,3],[196,0,196,8],[197,0,197,9],[198,0,198,3],[199,0,199,2],[200,0,200,2],[201,0,201,2],[202,0,202,2],[203,0,203,8],[204,0,205,9],[206,1,206,7],[207,1,207,7],[208,0,208,9],[209,0,209,4],[210,0,210,4],[211,0,211,4],[212,0,212,4],[213,0,213,4],[214,0,214,4],[215,0,215,8],[216,0,216,9],[217,0,217,3],[218,0,218,3],[219,0,219,3],[220,0,220,3],[221,0,221,3],[222,0,222,3],[223,0,223,3],[224,0,224,8],[225,0,225,9],[226,0,226,3],[227,0,227,3],[228,0,228,3],[229,0,229,3],[230,0,230,3],[231,0,231,8],[232,0,232,9],[233,0,233,3],[234,0,234,2],[235,0,235,2],[236,0,236,2],[237,0,237,2],[238,0,238,8],[239,0,240,9],[241,1,241,7],[242,1,242,7],[243,0,243,9],[244,0,244,4],[245,0,245,4],[246,0,246,4],[247,0,247,4],[248,0,248,4],[249,0,249,4],[250,0,250,8],[251,0,251,9],[252,0,252,3],[253,0,253,3],[254,0,254,3],[255,0,255,3],[256,0,256,3],[257,0,257,3],[258,0,258,3],[259,0,259,3],[260,0,260,8],[261,0,261,9],[262,0,262,3],[263,0,263,3],[264,0,264,3],[265,0,265,3],[266,0,266,3],[267,0,267,8],[268,0,268,9],[269,0,269,3],[270,0,270,2],[271,0,271,2],[272,0,272,2],[273,0,273,2],[274,0,274,8],[275,0,276,9],[277,1,277,7],[278,1,278,7],[279,0,279,9],[280,0,280,4],[281,0,281,4],[282,0,282,4],[283,0,283,4],[284,0,284,4],[285,0,285,4],[286,0,286,8],[287,0,287,9],[288,0,288,3],[289,0,289,3],[290,0,290,3],[291,0,291,3],[292,0,292,3],[293,0,293,3],[294,0,294,3],[295,0,295,3],[296,0,296,3],[297,0,297,3],[298,0,298,8],[299,0,299,9],[300,0,300,3],[301,0,301,3],[302,0,302,3],[303,0,303,3],[304,0,304,3],[305,0,305,8],[306,0,306,9],[307,0,307,3],[308,0,308,2],[309,0,309,2],[310,0,310,2],[311,0,311,2],[312,0,312,8],[313,0,314,9],[315,1,315,7],[316,1,316,7],[317,0,317,9],[318,0,318,4],[319,0,319,4],[320,0,320,4],[321,0,321,4],[322,0,322,4],[323,0,323,4],[324,0,324,8],[325,0,325,9],[326,0,326,3],[327,0,327,3],[328,0,328,3],[329,0,329,3],[330,0,330,3],[331,0,331,3],[332,0,332,3],[333,0,333,8],[334,0,334,9],[335,0,335,3],[336,0,336,3],[337,0,337,3],[338,0,338,3],[339,0,339,3],[340,0,340,8],[341,0,341,9],[342,0,342,3],[343,0,343,2],[344,0,344,2],[345,0,345,2],[346,0,346,2],[347,0,347,8],[348,0,349,9],[350,1,350,7],[351,1,351,7],[352,0,352,9],[353,0,353,4],[354,0,354,4],[355,0,355,4],[356,0,356,4],[357,0,357,4],[358,0,358,4],[359,0,359,8],[360,0,360,9],[361,0,361,3],[362,0,362,3],[363,0,363,3],[364,0,364,3],[365,0,365,3],[366,0,366,3],[367,0,367,3],[368,0,368,3],[369,0,369,3],[370,0,370,3],[371,0,371,8],[372,0,372,9],[373,0,373,3],[374,0,374,3],[375,0,375,3],[376,0,376,3],[377,0,377,3],[378,0,378,8],[379,0,379,9],[380,0,380,3],[381,0,381,2],[382,0,382,2],[383,0,383,2],[384,0,384,2],[385,0,385,8],[386,0,387,9],[388,1,388,7],[389,1,389,7],[390,0,390,9],[391,0,391,4],[392,0,392,4],[393,0,393,4],[394,0,394,4],[395,0,395,4],[396,0,396,4],[397,0,397,8],[398,0,398,9],[399,0,399,3],[400,0,400,3],[401,0,401,3],[402,0,402,3],[403,0,403,3],[404,0,404,3],[405,0,405,3],[406,0,406,3],[407,0,407,3],[408,0,408,3],[409,0,409,3],[410,0,410,3],[411,0,411,8],[412,0,412,9],[413,0,413,3],[414,0,414,3],[415,0,415,3],[416,0,416,3],[417,0,417,3],[418,0,418,8],[419,0,419,9],[420,0,420,3],[421,0,421,2],[422,0,422,2],[423,0,423,2],[424,0,424,2],[425,0,425,8],[426,0,427,9],[428,1,428,7],[429,1,429,7],[430,0,430,9],[431,0,431,4],[432,0,432,4],[433,0,433,4],[434,0,434,4],[435,0,435,4],[436,0,436,4],[437,0,437,8],[438,0,438,9],[439,0,439,3],[440,0,440,3],[441,0,441,3],[442,0,442,3],[443,0,443,3],[444,0,444,3],[445,0,445,8],[446,0,446,9],[447,0,447,3],[448,0,448,3],[449,0,449,3],[450,0,450,3],[451,0,451,3],[452,0,452,8],[453,0,453,9],[454,0,454,3],[455,0,455,2],[456,0,456,2],[457,0,457,2],[458,0,458,2],[459,0,459,8],[460,0,461,9],[462,1,462,7],[463,1,463,7],[464,0,464,9],[465,0,465,4],[466,0,466,4],[467,0,467,4],[468,0,468,4],[469,0,469,4],[470,0,470,4],[471,0,471,8],[472,0,472,9],[473,0,473,3],[474,0,474,3],[475,0,475,3],[476,0,476,3],[477,0,477,3],[478,0,478,3],[479,0,479,3],[480,0,480,3],[481,0,481,3],[482,0,482,3],[483,0,483,3],[484,0,484,3],[485,0,485,3],[486,0,486,3],[487,0,487,8],[488,0,488,9],[489,0,489,3],[490,0,490,3],[491,0,491,3],[492,0,492,3],[493,0,493,3],[494,0,494,8],[495,0,495,9],[496,0,496,3],[497,0,497,2],[498,0,498,2],[499,0,499,2],[500,0,500,8],[501,0,502,9],[503,1,503,7],[504,1,504,7],[505,0,505,9],[506,0,506,4],[507,0,507,4],[508,0,508,4],[509,0,509,4],[510,0,510,8],[511,0,511,9],[512,0,512,3],[513,0,513,3],[514,0,514,3],[515,0,515,3],[516,0,516,3],[517,0,517,3],[518,0,518,3],[519,0,519,3],[520,0,520,3],[521,0,521,3],[522,0,522,3],[523,0,523,3],[524,0,524,3],[525,0,525,8],[526,0,526,9],[527,0,527,3],[528,0,528,3],[529,0,529,3],[530,0,530,3],[531,0,531,3],[532,0,532,8],[533,0,533,9],[534,0,534,3],[535,0,535,2],[536,0,536,2],[537,0,537,2],[538,0,538,2],[539,0,539,8],[540,0,541,9],[542,1,542,7],[543,1,543,7],[544,0,544,9],[545,0,545,4],[546,0,546,4],[547,0,547,4],[548,0,548,4],[549,0,549,8],[550,0,550,9],[551,0,551,3],[552,0,552,3],[553,0,553,3],[554,0,554,3],[555,0,555,3],[556,0,556,3],[557,0,557,3],[558,0,558,3],[559,0,559,3],[560,0,560,3],[561,0,561,3],[562,0,562,3],[563,0,563,3],[564,0,564,8],[565,0,565,9],[566,0,566,3],[567,0,567,3],[568,0,568,3],[569,0,569,3],[570,0,570,3],[571,0,571,8],[572,0,572,9],[573,0,573,3],[574,0,574,2],[575,0,575,2],[576,0,576,2],[577,0,577,2],[578,0,578,8],[579,0,580,9],[581,1,581,7],[582,1,582,7],[583,0,583,9],[584,0,584,4],[585,0,585,4],[586,0,586,4],[587,0,587,4],[588,0,588,8],[589,0,589,9],[590,0,590,3],[591,0,591,3],[592,0,592,3],[593,0,593,3],[594,0,594,3],[595,0,595,3],[596,0,596,3],[597,0,597,3],[598,0,598,3],[599,0,599,3],[600,0,600,3],[601,0,601,3],[602,0,602,3],[603,0,603,8],[604,0,604,9],[605,0,605,3],[606,0,606,3],[607,0,607,3],[608,0,608,3],[609,0,609,3],[610,0,610,8],[611,0,611,9],[612,0,612,3],[613,0,613,2],[614,0,614,2],[615,0,615,2],[616,0,616,2],[617,0,617,8],[618,0,619,9],[620,1,620,7],[621,1,621,7],[622,0,622,9],[623,0,623,4],[624,0,624,4],[625,0,625,4],[626,0,626,4],[627,0,627,4],[628,0,628,4],[629,0,629,8],[630,0,630,9],[631,0,631,3],[632,0,632,3],[633,0,633,3],[634,0,634,3],[635,0,635,3],[636,0,636,3],[637,0,637,3],[638,0,638,3],[639,0,639,3],[640,0,640,3],[641,0,641,3],[642,0,642,3],[643,0,643,3],[644,0,644,3],[645,0,645,3],[646,0,646,8],[647,0,647,9],[648,0,648,3],[649,0,649,3],[650,0,650,3],[651,0,651,3],[652,0,652,3],[653,0,653,8],[654,0,654,9],[655,0,655,3],[656,0,656,2],[657,0,657,2],[658,0,658,2],[659,0,659,2],[660,0,660,8],[661,0,662,9],[663,1,663,7],[664,1,664,7],[665,0,665,9],[666,0,666,4],[667,0,667,4],[668,0,668,4],[669,0,669,4],[670,0,670,4],[671,0,671,4],[672,0,672,8],[673,0,673,9],[674,0,674,3],[675,0,675,3],[676,0,676,3],[677,0,677,3],[678,0,678,3],[679,0,679,3],[680,0,680,3],[681,0,681,3],[682,0,682,3],[683,0,683,3],[684,0,684,3],[685,0,685,8],[686,0,686,9],[687,0,687,3],[688,0,688,3],[689,0,689,3],[690,0,690,3],[691,0,691,3],[692,0,692,8],[693,0,693,9],[694,0,694,3],[695,0,695,2],[696,0,696,2],[697,0,697,2],[698,0,698,2],[699,0,699,8],[700,0,701,9],[702,1,702,7],[703,1,703,7],[704,0,704,9],[705,0,705,4],[706,0,706,4],[707,0,707,4],[708,0,708,4],[709,0,709,4],[710,0,710,4],[711,0,711,8],[712,0,712,9],[713,0,713,3],[714,0,714,3],[715,0,715,3],[716,0,716,3],[717,0,717,3],[718,0,718,3],[719,0,719,8],[720,0,720,9],[721,0,721,3],[722,0,722,3],[723,0,723,3],[724,0,724,3],[725,0,725,3],[726,0,726,8],[727,0,727,9],[728,0,728,3],[729,0,729,2],[730,0,730,2],[731,0,731,2],[732,0,732,2],[733,0,733,8],[734,0,735,9],[736,1,736,7],[737,1,737,7],[738,0,738,9],[739,0,739,4],[740,0,740,4],[741,0,741,4],[742,0,742,4],[743,0,743,4],[744,0,744,4],[745,0,745,8],[746,0,746,9],[747,0,747,3],[748,0,748,3],[749,0,749,3],[750,0,750,3],[751,0,751,3],[752,0,752,3],[753,0,753,8],[754,0,754,9],[755,0,755,3],[756,0,756,3],[757,0,757,3],[758,0,758,3],[759,0,759,3],[760,0,760,8],[761,0,761,9],[762,0,762,3],[763,0,763,2],[764,0,764,2],[765,0,765,2],[766,0,766,2],[767,0,767,8],[768,0,769,9],[770,1,770,7],[771,1,771,7],[772,0,772,9],[773,0,773,4],[774,0,774,4],[775,0,775,4],[776,0,776,4],[777,0,777,4],[778,0,778,4],[779,0,779,8],[780,0,780,9],[781,0,781,3],[782,0,782,3],[783,0,783,3],[784,0,784,3],[785,0,785,3],[786,0,786,3],[787,0,787,8],[788,0,788,9],[789,0,789,3],[790,0,790,3],[791,0,791,3],[792,0,792,3],[793,0,793,3],[794,0,794,8],[795,0,795,9],[796,0,796,3],[797,0,797,2],[798,0,798,2],[799,0,799,2],[800,0,800,2],[801,0,801,8],[802,0,803,9],[804,1,804,7],[805,1,805,7],[806,0,806,9],[807,0,807,4],[808,0,808,4],[809,0,809,4],[810,0,810,4],[811,0,811,4],[812,0,812,4],[813,0,813,8],[814,0,814,9],[815,0,815,3],[816,0,816,3],[817,0,817,3],[818,0,818,3],[819,0,819,3],[820,0,820,3],[821,0,821,8],[822,0,822,9],[823,0,823,3],[824,0,824,3],[825,0,825,3],[826,0,826,3],[827,0,827,3],[828,0,828,8],[829,0,829,9],[830,0,830,3],[831,0,831,2],[832,0,832,2],[833,0,833,2],[834,0,834,2],[835,0,835,8],[836,0,837,9],[838,1,838,7],[839,1,839,7],[840,0,840,9],[841,0,841,4],[842,0,842,4],[843,0,843,4],[844,0,844,4],[845,0,845,4],[846,0,846,4],[847,0,847,8],[848,0,848,9],[849,0,849,3],[850,0,850,3],[851,0,851,3],[852,0,852,3],[853,0,853,3],[854,0,854,3],[855,0,855,3],[856,0,856,8],[857,0,857,9],[858,0,858,3],[859,0,859,3],[860,0,860,3],[861,0,861,3],[862,0,862,3],[863,0,863,8],[864,0,864,9],[865,0,865,3],[866,0,866,2],[867,0,867,2],[868,0,868,2],[869,0,869,2],[870,0,870,8],[871,0,872,9],[873,1,873,7],[874,1,874,7],[875,0,875,9],[876,0,876,4],[877,0,877,4],[878,0,878,4],[879,0,879,4],[880,0,880,4],[881,0,881,4],[882,0,882,8],[883,0,883,9],[884,0,884,3],[885,0,885,3],[886,0,886,3],[887,0,887,3],[888,0,888,3],[889,0,889,3],[890,0,890,3],[891,0,891,8],[892,0,892,9],[893,0,893,3],[894,0,894,3],[895,0,895,3],[896,0,896,3],[897,0,897,3],[898,0,898,8],[899,0,899,9],[900,0,900,3],[901,0,901,2],[902,0,902,2],[903,0,903,2],[904,0,904,2],[905,0,905,8],[906,0,907,9],[908,1,908,7],[909,1,909,7],[910,0,910,9],[911,0,911,4],[912,0,912,4],[913,0,913,4],[914,0,914,4],[915,0,915,4],[916,0,916,4],[917,0,917,8],[918,0,918,9],[919,0,919,3],[920,0,920,3],[921,0,921,3],[922,0,922,3],[923,0,923,3],[924,0,924,3],[925,0,925,8],[926,0,926,9],[927,0,927,3],[928,0,928,3],[929,0,929,3],[930,0,930,3],[931,0,931,3],[932,0,932,8],[933,0,933,9],[934,0,934,3],[935,0,935,2],[936,0,936,2],[937,0,937,2],[938,0,938,2],[939,0,939,8],[940,0,941,9],[942,1,942,7],[943,1,943,7],[944,0,944,9],[945,0,945,4],[946,0,946,4],[947,0,947,4],[948,0,948,4],[949,0,949,4],[950,0,950,4],[951,0,951,8],[952,0,952,9],[953,0,953,3],[954,0,954,3],[955,0,955,3],[956,0,956,3],[957,0,957,3],[958,0,958,3],[959,0,959,3],[960,0,960,3],[961,0,961,3],[962,0,962,3],[963,0,963,3],[964,0,964,3],[965,0,965,3],[966,0,966,3],[967,0,967,8],[968,0,968,9],[969,0,969,3],[970,0,970,3],[971,0,971,3],[972,0,972,3],[973,0,973,3],[974,0,974,8],[975,0,975,9],[976,0,976,3],[977,0,977,2],[978,0,978,2],[979,0,979,2],[980,0,980,2],[981,0,981,8],[982,0,983,9],[984,1,984,7],[985,1,985,7],[986,0,986,9],[987,0,987,4],[988,0,988,4],[989,0,989,4],[990,0,990,4],[991,0,991,4],[992,0,992,4],[993,0,993,8],[994,0,994,9],[995,0,995,3],[996,0,996,3],[997,0,997,3],[998,0,998,3],[999,0,999,3],[1000,0,1000,3],[1001,0,1001,3],[1002,0,1002,3],[1003,0,1003,3],[1004,0,1004,3],[1005,0,1005,3],[1006,0,1006,3],[1007,0,1007,3],[1008,0,1008,3],[1009,0,1009,8],[1010,0,1010,9],[1011,0,1011,3],[1012,0,1012,3],[1013,0,1013,3],[1014,0,1014,3],[1015,0,1015,3],[1016,0,1016,8],[1017,0,1017,9],[1024,0,1025,9],[1026,1,1026,7],[1027,1,1027,7],[1028,0,1028,9],[1031,0,1031,4],[1032,0,1032,4],[1033,0,1033,4],[1034,0,1034,4],[1035,0,1035,8],[1036,0,1036,9]],"merged_total":1478,"flags":["merged_cut"]}
[{"$f":"+[46]PTO!$B$2","v":"AMPLIACIÓN Y OPTIMIZACIÓN DEL SITIO DE DISPOSICIÓN FINAL DE RESIDUOS SOLIDOS DEL CORREGIMIENTO DE SAN MIGUEL EN EL MUNICIPIO DEL MEDIO SAN JUAN MEDIANTE LA EJECUCIÓN DE ACTIVIDADES DE CIERRE - CLAUSURA Y APERTURA DE CELDA DE CONTINGENCIA"}]
[]
["ITEM:  ","DESCRIPCION",{"$nulls":6},"UNIDAD:","COSTO DIRECTO",null,null,"(1SMMLV+ST)","día","PRESTACIONES","SALARIO MINIMO"]
[1.01,{"$f":"+VLOOKUP(A4,[46]PTO!$B$4:$D$28,2,FALSE)","v":"Localizacion, Trazado y replanteo"},{"$nulls":6},{"$f":"+VLOOKUP(A4,[46]PTO!$B$4:$D$28,3,FALSE)","v":"m2"},{"$f":"+ROUND(SUM(J12:J33),0)","v":{"v":5648,"d":"$ 5,648.00"}},null," AYUDANTE RASO",{"$f":"+P4+P7","v":{"v":1623500,"d":"$ 1,623,500.00"}},{"$f":"+ROUND(M4/30,0)","v":{"v":54117,"d":"$ 54,117.00"}},{"$f":"+'[47]SALARIOS Y PRESTACIONES'!$E$49","v":{"v":0.724663683408714,"d":"72.47%"}},{"v":1423500,"d":"$ 1,423,500"}]
["I. EQUIPO",{"$nulls":11},"(1,5SMMLV+ST)","día"]
["Descripción",{"$nulls":4},"Tipo","Tarifa/dia","Rendimiento","Valor-Unit.",null,null,"AYUDANTE ENTENDIDO",{"$f":"+P4*1.5+P7","v":{"v":2335250,"d":"$ 2,335,250.00"}},{"$f":"+ROUND(M6/30,0)","v":{"v":77842,"d":"$ 77,842.00"}},{"$f":"+'[47]SALARIOS Y PRESTACIONES'!$G$49","v":{"v":0.6752877632282407,"d":"67.53%"}},"SUBSIDIO DE TRANSPORTE"]
["Herramienta menor (% Mano de obra)",{"$nulls":5},{"v":0.05,"d":"5%"},null,{"$f":"ROUND(J33*G7,0)","v":{"v":206,"d":"$ 206.00"}},{"$nulls":3},"(2MMLV+ST)","día",null,{"v":200000,"d":"$ 200,000"}]
[{"$nulls":8},{"$f":"IFERROR((ROUND(G8*H8,0)),\"\")","v":0},null,null,"OFICIAL A",{"$f":"P4*2+P7","v":{"v":3047000,"d":"$ 3,047,000.00"}},{"$f":"+ROUND(M8/30,0)","v":{"v":101567,"d":"$ 101,567.00"}},{"$f":"+'[47]SALARIOS Y PRESTACIONES'!$I$49","v":{"v":0.6519796512835072,"d":"65.20%"}}]
[{"$nulls":12},"(3MMLV)","día"]
[{"$nulls":11},"OFICIAL B",{"$f":"+P4*3","v":{"v":4270500,"d":"$ 4,270,500.00"}},{"$f":"+ROUND(M10/30,0)","v":{"v":142350,"d":"$ 142,350.00"}},{"$f":"+'[47]SALARIOS Y PRESTACIONES'!$K$49","v":{"v":0.5821008628015806,"d":"58.21%"}}]
[]
["Sub-Total",{"$nulls":8},{"$f":"I7","v":{"v":206,"d":"$ 206.00"}}]
["II. MATERIALES EN OBRA"]
["Descripción",{"$nulls":3},"Unidad","Precio-Unit.","Cantidad","Desperdicio","Valor-Unit."]
["Liston 2\" x 2\" x 3m",{"$nulls":3},{"$f":"+IF(A15=\"\",\"\",VLOOKUP(A15,[46]MATERIALES!$B$7:$D$225,2,FALSE))","v":"UN"},{"$f":"+IF(A15=\"\",\"\",VLOOKUP(A15,[46]MATERIALES!$B$7:$E$225,3,FALSE))","v":{"v":18000,"d":"$ 18,000"}},{"v":0.05,"d":"0.05 "},{"v":0.05,"d":"5%"},{"$f":"IFERROR((ROUND((F15*G15*(1+H15)),0)),\"\")","v":{"v":945,"d":"$ 945"}}]
["Clavos común 2 a 3½\"",{"$nulls":3},{"$f":"+IF(A16=\"\",\"\",VLOOKUP(A16,[46]MATERIALES!$B$7:$D$225,2,FALSE))","v":"libra"},{"$f":"+IF(A16=\"\",\"\",VLOOKUP(A16,[46]MATERIALES!$B$7:$E$225,3,FALSE))","v":{"v":4500,"d":"$ 4,500"}},{"v":0.08,"d":"0.08 "},{"v":0.05,"d":"5%"},{"v":378,"d":"$ 378"}]
[{"$nulls":8},0]
[]
["Sub-Total",{"$nulls":8},{"$f":"SUM(I15:I18)","v":{"v":1323,"d":"1,323.00"}}]
["III. TRANSPORTES"]
["Material",{"$nulls":3},"TIPO","Vol. Peso ó Cant.","Distancia","Tarifa","Valor-Unit."]
[]
[]
[]
[]
[{"$nulls":8},"Sub-Total",{"$f":"SUM(I21:I25)","v":{"v":0,"d":"0.00"}}]
["IV. MANO DE OBRA"]
["Trabajador",{"$nulls":3},"Jornal","Prestaciones","Jornal Total","Rendimiento","Valor-Unit."]
["OFICIAL B",null,null,1,{"$f":"+IF(D29=\"\",\"\",VLOOKUP(A29,$L$4:$O$10,3,FALSE))","v":{"v":142350,"d":"$ 142,350.00"}},{"$f":"+IF(D29=\"\",\"\",(VLOOKUP(A29,$L$4:$O$10,4,FALSE))+1)","v":{"v":1.5821008628015805,"d":"158%"}},{"$f":"+IFERROR(F29*E29*D29,\"\")","v":{"v":225212.057819805,"d":"225,212.06"}},{"v":100,"d":"100.00"},{"$f":"+ROUND(G29/H29,0)","v":{"v":2252,"d":"$ 2,252"}}]
[" AYUDANTE RASO",null,null,2,{"$f":"+IF(D30=\"\",\"\",VLOOKUP(A30,$L$4:$O$10,3,FALSE))","v":{"v":54117,"d":"$ 54,117.00"}},{"$f":"+IF(D30=\"\",\"\",(VLOOKUP(A30,$L$4:$O$10,4,FALSE))+1)","v":{"v":1.7246636834087141,"d":"172%"}},{"v":186667.24911005876,"d":"186,667.25"},{"$f":"+H29","v":{"v":100,"d":"100.00"}},{"v":1867,"d":"$ 1,867"}]
[{"$nulls":4},{"$f":"+IF(D31=\"\",\"\",VLOOKUP(A31,$L$4:$O$10,3,FALSE))","v":""},{"$f":"+IF(D31=\"\",\"\",(VLOOKUP(A31,$L$4:$O$10,4,FALSE))+1)","v":""},{"$f":"+IFERROR(F31*E31*D31,\"\")","v":""}]
[]
["Sub-Total",{"$nulls":8},{"$f":"SUM(I29:I31)","v":{"v":4119,"d":"$ 4,119.00"}}]
[{"$f":"+A1","v":"AMPLIACIÓN Y OPTIMIZACIÓN DEL SITIO DE DISPOSICIÓN FINAL DE RESIDUOS SOLIDOS DEL CORREGIMIENTO DE SAN MIGUEL EN EL MUNICIPIO DEL MEDIO SAN JUAN MEDIANTE LA EJECUCIÓN DE ACTIVIDADES DE CIERRE - CLAUSURA Y APERTURA DE CELDA DE CONTINGENCIA"}]
[]
["ITEM:  ","DESCRIPCION",{"$nulls":6},"UNIDAD:","COSTO DIRECTO"]
[1.02,{"$f":"+VLOOKUP(A37,[46]PTO!$B$4:$D$28,2,FALSE)","v":"Descapote y limpieza del terreno donde se desarrolla el proyecto. Incluye transporte y disposición final de los materiales."},{"$nulls":6},{"$f":"+VLOOKUP(A37,[46]PTO!$B$4:$D$28,3,FALSE)","v":"m2"},{"$f":"+ROUND(SUM(J45:J67),0)","v":{"v":32799,"d":"$ 32,799.00"}},null,{"$f":"+VLOOKUP(A37,[46]PTO!$B$5:$E$385,5,FALSE)","v":{"$error":"#REF!"}}]
["I. EQUIPO"]
["Descripción",{"$nulls":4},"Tipo","Tarifa/dia","Rendimiento","Valor-Unit."]
["Herramienta menor (% Mano de obra)",{"$nulls":5},{"v":0.05,"d":"5%"},null,{"$f":"ROUND(J67*G40,0)","v":{"v":173,"d":"$ 173"}}]
["RETRO EXCAVADORA ",{"$nulls":4},{"$f":"+IF(A41=\"\",\"\",VLOOKUP(A41,[46]MATERIALES!$B$7:$D$1222,2,FALSE))","v":"DIA"},{"$f":"+IF(A41=\"\",\"\",VLOOKUP(A41,[46]MATERIALES!$B$7:$E$1222,3,FALSE))","v":{"v":3500000,"d":"$ 3,500,000"}},{"$f":"IF(A41=\"\",\"\",IFERROR(1/H63,\"\"))","v":{"v":0.007692307692307693,"d":"0.008 "}},{"$f":"IFERROR((ROUND(G41*H41,0)),\"\")","v":{"v":26923,"d":"$ 26,923"}}]
[{"$nulls":5},{"$f":"+IF(A42=\"\",\"\",VLOOKUP(A42,[46]MATERIALES!$B$7:$D$1222,2,FALSE))","v":""},{"$f":"+IF(A42=\"\",\"\",VLOOKUP(A42,[46]MATERIALES!$B$7:$E$1222,3,FALSE))","v":""},{"$f":"IF(A42=\"\",\"\",IFERROR(1/H64,\"\"))","v":""},{"$f":"IFERROR((ROUND(G42*H42,0)),\"\")","v":""}]
[]
[]
["Sub-Total",{"$nulls":8},{"$f":"+SUM(I40:I44)","v":{"v":27096,"d":"$ 27,096.00"}}]
["II. MATERIALES EN OBRA"]
["Descripción",{"$nulls":3},"Unidad","Precio-Unit.","Cantidad","Desperdicio","Valor-Unit."]
[{"$nulls":4},{"$f":"+IF(A48=\"\",\"\",VLOOKUP(A48,[46]MATERIALES!$B$7:$D$225,2,FALSE))","v":""},{"$f":"+IF(A48=\"\",\"\",VLOOKUP(A48,[46]MATERIALES!$B$7:$E$225,3,FALSE))","v":""},null,null,{"$f":"IFERROR((ROUND((F48*G48*(1+H48)),0)),\"\")","v":""}]
[{"$nulls":4},{"$f":"+IF(A49=\"\",\"\",VLOOKUP(A49,[46]MATERIALES!$B$7:$D$225,2,FALSE))","v":""},{"$f":"+IF(A49=\"\",\"\",VLOOKUP(A49,[46]MATERIALES!$B$7:$E$225,3,FALSE))","v":""},null,null,{"$f":"IFERROR((ROUND((F49*G49*(1+H49)),0)),\"\")","v":""}]
[{"$nulls":4},{"$f":"+IF(A50=\"\",\"\",VLOOKUP(A50,[46]MATERIALES!$B$7:$D$225,2,FALSE))","v":""},{"$f":"+IF(A50=\"\",\"\",VLOOKUP(A50,[46]MATERIALES!$B$7:$E$225,3,FALSE))","v":""},null,null,""]
[{"$nulls":8},0]
[{"$nulls":8},0]
["Sub-Total",{"$nulls":8},{"$f":"SUM(I48:I52)","v":0}]
["III. TRANSPORTES"]
["Material",{"$nulls":3},"TIPO","Vol. Peso ó Cant.","Distancia","Tarifa","Valor-Unit.",null,null,{"$f":"1/[48]PRESUPUESTO!E5","v":0.044642857142857144}]
["TRANSPORTE DISPOSICION DE MATERIAL SOBRANTE",{"$nulls":3},{"$f":"+IF(A56=\"\",\"\",VLOOKUP(A56,[46]MATERIALES!$B$7:$E$1222,2,FALSE))","v":"M3"},{"v":0.15,"d":"0.150"},{"$f":"+IF(A56=\"\",\"\",VLOOKUP(A56,[46]MATERIALES!$B$7:$E$1222,4,FALSE))","v":{"v":5,"d":"5.0"}},{"$f":"+IF(A56=\"\",\"\",VLOOKUP(A56,[46]MATERIALES!$B$7:$E$1222,3,FALSE))","v":{"v":3000,"d":"3,000.00"}},{"$f":"IFERROR((ROUND(G56*H56*F56,0)),\"\")","v":{"v":2250,"d":"$ 2,250"}}]
[]
[]
[]
["Sub-Total",{"$nulls":8},{"$f":"SUM(I56:I59)","v":{"v":2250,"d":"$ 2,250.00"}}]
["IV. MANO DE OBRA"]
["Trabajador",{"$nulls":3},"Jornal","Prestaciones","Jornal Total","Rendimiento","Valor-Unit."]
["OFICIAL B",null,null,1,{"$f":"+IF(D63=\"\",\"\",VLOOKUP(A63,$L$4:$O$10,3,FALSE))","v":{"v":142350,"d":"$ 142,350.00"}},{"$f":"+IF(D63=\"\",\"\",(VLOOKUP(A63,$L$4:$O$10,4,FALSE))+1)","v":{"v":1.5821008628015805,"d":"158%"}},{"$f":"+F63*E63*D63","v":{"v":225212.057819805,"d":"225,212.06"}},{"v":130,"d":"130.00"},{"$f":"+ROUND(G63/H63,0)","v":{"v":1732,"d":"$ 1,732"}}]
["AYUDANTE ENTENDIDO",null,null,1,{"$f":"+IF(D64=\"\",\"\",VLOOKUP(A64,$L$4:$O$10,3,FALSE))","v":{"v":77842,"d":"$ 77,842.00"}},{"$f":"+IF(D64=\"\",\"\",(VLOOKUP(A64,$L$4:$O$10,4,FALSE))+1)","v":{"v":1.6752877632282406,"d":"168%"}},{"$f":"+F64*E64*D64","v":{"v":130407.7500652127,"d":"130,407.75"}},{"$f":"+H63","v":{"v":130,"d":"130.00"}},{"$f":"+ROUND(G64/H64,0)","v":{"v":1003,"d":"$ 1,003"}}]
[" AYUDANTE RASO",null,null,1,{"$f":"+IF(D65=\"\",\"\",VLOOKUP(A65,$L$4:$O$10,3,FALSE))","v":{"v":54117,"d":"$ 54,117.00"}},{"$f":"+IF(D65=\"\",\"\",(VLOOKUP(A65,$L$4:$O$10,4,FALSE))+1)","v":{"v":1.7246636834087141,"d":"172%"}},{"v":93333.62455502938,"d":"93,333.62"},{"$f":"+H64","v":{"v":130,"d":"130.00"}},{"v":718,"d":"$ 718"}]
[]
["Sub-Total",{"$nulls":8},{"$f":"SUM(I63:I66)","v":{"v":3453,"d":"$ 3,453.00"}}]
[{"$f":"+$A$34","v":"AMPLIACIÓN Y OPTIMIZACIÓN DEL SITIO DE DISPOSICIÓN FINAL DE RESIDUOS SOLIDOS DEL CORREGIMIENTO DE SAN MIGUEL EN EL MUNICIPIO DEL MEDIO SAN JUAN MEDIANTE LA EJECUCIÓN DE ACTIVIDADES DE CIERRE - CLAUSURA Y APERTURA DE CELDA DE CONTINGENCIA"}]
[]
["ITEM:  ","DESCRIPCION",{"$nulls":6},"UNIDAD:","COSTO DIRECTO"]
[2.01,{"$f":"+VLOOKUP(A71,[46]PTO!$B$4:$D$28,2,FALSE)","v":"EXCAVACIÓN DE MATERIAL HETEROGENEO DE 0-3 m., con material seco. Incluye: roca descompuesta, bolas de roca de volumen inferior a 0.35 m³., el cargue, transporte interno y externo, botada de material proveniente de las excavaciones en los sitios donde lo indique la interventoría y su medida será en el sitio. No incluye entibado."},{"$nulls":6},{"$f":"+VLOOKUP(A71,[46]PTO!$B$4:$D$28,3,FALSE)","v":"m3"},{"$f":"+ROUND(SUM(J79:J102),0)","v":{"v":67164,"d":"$ 67,164.00"}},null,{"$f":"+VLOOKUP(A71,[46]PTO!$B$5:$E$385,5,FALSE)","v":{"$error":"#REF!"}}]
["I. EQUIPO"]
["Descripción",{"$nulls":4},"Tipo","Tarifa/dia","Rendimiento","Valor-Unit."]
["Herramienta menor (% Mano de obra)",{"$nulls":5},{"v":0.05,"d":"5%"},null,{"$f":"+J101*G74","v":{"v":186.37147956695293,"d":"$ 186.37"}}]
["RETRO EXCAVADORA ",{"$nulls":4},{"$f":"+IF(A75=\"\",\"\",VLOOKUP(A75,[46]MATERIALES!$B$7:$D$1222,2,FALSE))","v":"DIA"},{"$f":"+IF(A75=\"\",\"\",VLOOKUP(A75,[46]MATERIALES!$B$7:$E$1222,3,FALSE))","v":{"v":3500000,"d":"$ 3,500,000"}},{"$f":"IF(A75=\"\",\"\",IFERROR(1/H97,\"\"))","v":{"v":0.0125,"d":"0.013 "}},{"$f":"IFERROR(G75*H75,\"\")","v":{"v":43750,"d":"$ 43,750.00"}}]
[{"$nulls":5},{"$f":"+IF(A76=\"\",\"\",VLOOKUP(A76,[46]MATERIALES!$B$7:$D$1222,2,FALSE))","v":""},{"$f":"+IF(A76=\"\",\"\",VLOOKUP(A76,[46]MATERIALES!$B$7:$E$1222,3,FALSE))","v":""},{"$f":"IF(A76=\"\",\"\",IFERROR(1/H98,\"\"))","v":""},""]
[{"$nulls":7},{"$f":"IF(A77=\"\",\"\",IFERROR(1/H97,\"\"))","v":""}]
[]
["Sub-Total",{"$nulls":8},{"$f":"+SUM(I74:I78)","v":{"v":43936.37147956695,"d":"$ 43,936.37"}}]
["II. MATERIALES EN OBRA"]
["Descripción",{"$nulls":3},"Unidad","Precio-Unit.","Cantidad","Desperdicio","Valor-Unit."]
[{"$nulls":4},{"$f":"+IF(A82=\"\",\"\",VLOOKUP(A82,[46]MATERIALES!$B$7:$D$225,2,FALSE))","v":""},{"$f":"+IF(A82=\"\",\"\",VLOOKUP(A82,[46]MATERIALES!$B$7:$E$225,3,FALSE))","v":""},null,null,{"$f":"IFERROR((ROUND((F82*G82*(1+H82)),0)),\"\")","v":""}]
[{"$nulls":4},{"$f":"+IF(A83=\"\",\"\",VLOOKUP(A83,[46]MATERIALES!$B$7:$D$225,2,FALSE))","v":""},{"$f":"+IF(A83=\"\",\"\",VLOOKUP(A83,[46]MATERIALES!$B$7:$E$225,3,FALSE))","v":""},null,null,""]
[{"$nulls":4},{"$f":"+IF(A84=\"\",\"\",VLOOKUP(A84,[46]MATERIALES!$B$7:$D$225,2,FALSE))","v":""},{"$f":"+IF(A84=\"\",\"\",VLOOKUP(A84,[46]MATERIALES!$B$7:$E$225,3,FALSE))","v":""},null,null,""]
[{"$nulls":4},{"$f":"+IF(A85=\"\",\"\",VLOOKUP(A85,[46]MATERIALES!$B$7:$D$225,2,FALSE))","v":""},{"$f":"+IF(A85=\"\",\"\",VLOOKUP(A85,[46]MATERIALES!$B$7:$E$225,3,FALSE))","v":""},null,null,{"$f":"IFERROR(F85*G85*(1+H85),\"\")","v":""}]
[{"$nulls":4},{"$f":"+IF(A86=\"\",\"\",VLOOKUP(A86,[46]MATERIALES!$B$7:$D$225,2,FALSE))","v":""},{"$f":"+IF(A86=\"\",\"\",VLOOKUP(A86,[46]MATERIALES!$B$7:$E$225,3,FALSE))","v":""},null,null,{"$f":"IFERROR(F86*G86*(1+H86),\"\")","v":""}]
["Sub-Total",{"$nulls":8},{"$f":"SUM(I82:I86)","v":0}]
["III. TRANSPORTES"]
["Material",{"$nulls":3},"TIPO","Vol. Peso ó Cant.","Distancia","Tarifa","Valor-Unit."]
["TRANSPORTE DISPOSICION DE MATERIAL SOBRANTE",{"$nulls":3},{"$f":"+IF(A90=\"\",\"\",VLOOKUP(A90,[46]MATERIALES!$B$7:$E$1222,2,FALSE))","v":"M3"},{"v":1.3,"d":"1.30"},{"$f":"+IF(A90=\"\",\"\",VLOOKUP(A90,[46]MATERIALES!$B$7:$E$1222,4,FALSE))","v":{"v":5,"d":"5.0"}},{"$f":"+IF(A90=\"\",\"\",VLOOKUP(A90,[46]MATERIALES!$B$7:$E$1222,3,FALSE))","v":{"v":3000,"d":"3,000.00"}},{"$f":"IFERROR(G90*H90*F90,\"\")","v":{"v":19500,"d":"$ 19,500.00"}}]
[{"$nulls":4},{"$f":"+IF(A91=\"\",\"\",VLOOKUP(A91,[46]MATERIALES!$B$7:$E$1222,2,FALSE))","v":""},null,{"$f":"+IF(A91=\"\",\"\",VLOOKUP(A91,[46]MATERIALES!$B$7:$E$1222,4,FALSE))","v":""},{"$f":"+IF(A91=\"\",\"\",VLOOKUP(A91,[46]MATERIALES!$B$7:$E$1222,3,FALSE))","v":""},{"$f":"IFERROR(G91*H91*F91,\"\")","v":""}]
[]
[]
["Sub-Total",{"$nulls":8},{"$f":"SUM(I90:I93)","v":{"v":19500,"d":"$ 19,500.00"}}]
["IV. MANO DE OBRA"]
["Trabajador",{"$nulls":3},"Jornal","Prestaciones","Jornal Total","Rendimiento","Valor-Unit."]
["OFICIAL A",null,null,1,{"$f":"+IF(D97=\"\",\"\",VLOOKUP(A97,$L$4:$O$10,3,FALSE))","v":{"v":101567,"d":"$ 101,567.00"}},{"$f":"+IF(D97=\"\",\"\",(VLOOKUP(A97,$L$4:$O$10,4,FALSE))+1)","v":{"v":1.6519796512835072,"d":"165%"}},{"$f":"+IFERROR(F97*E97*D97,\"\")","v":{"v":167786.61724191197,"d":"167,786.62"}},{"v":80,"d":"80.00"},{"$f":"IFERROR(G97/H97,\"\")","v":{"v":2097.3327155238994,"d":"$ 2,097.33"}}]
["AYUDANTE ENTENDIDO",null,null,1,{"$f":"+IF(D98=\"\",\"\",VLOOKUP(A98,$L$4:$O$10,3,FALSE))","v":{"v":77842,"d":"$ 77,842.00"}},{"$f":"+IF(D98=\"\",\"\",(VLOOKUP(A98,$L$4:$O$10,4,FALSE))+1)","v":{"v":1.6752877632282406,"d":"168%"}},{"$f":"+IFERROR(F98*E98*D98,\"\")","v":{"v":130407.7500652127,"d":"130,407.75"}},{"$f":"+H97","v":{"v":80,"d":"80.00"}},{"$f":"IFERROR(G98/H98,\"\")","v":{"v":1630.096875815159,"d":"$ 1,630.10"}}]
[{"$nulls":4},{"$f":"+IF(D99=\"\",\"\",VLOOKUP(A99,$L$4:$O$10,3,FALSE))","v":""},{"$f":"+IF(D99=\"\",\"\",(VLOOKUP(A99,$L$4:$O$10,4,FALSE))+1)","v":""},{"$f":"+IFERROR(F99*E99*D99,\"\")","v":""},null,""]
[]
["Sub-Total",{"$nulls":8},{"$f":"SUM(I97:I100)","v":{"v":3727.4295913390583,"d":"$ 3,727.43"}}]
[{"$f":"+$A$34","v":"AMPLIACIÓN Y OPTIMIZACIÓN DEL SITIO DE DISPOSICIÓN FINAL DE RESIDUOS SOLIDOS DEL CORREGIMIENTO DE SAN MIGUEL EN EL MUNICIPIO DEL MEDIO SAN JUAN MEDIANTE LA EJECUCIÓN DE ACTIVIDADES DE CIERRE - CLAUSURA Y APERTURA DE CELDA DE CONTINGENCIA"}]
[]
["ITEM:  ","DESCRIPCION",{"$nulls":6},"UNIDAD:","COSTO DIRECTO"]
[2.02,{"$f":"+VLOOKUP(A105,[46]PTO!$B$4:$D$28,2,FALSE)","v":"LLENO CON MATERIAL SELECCIONADO, compactado mecánicamente hasta obtener una densidad optima. Incluye transporte del material. Su medida será en sitio ya compactado."},{"$nulls":6},{"$f":"+VLOOKUP(A105,[46]PTO!$B$4:$D$28,3,FALSE)","v":"m3"},{"$f":"+ROUND(SUM(J113:J136),0)","v":{"v":91451,"d":"$ 91,451.00"}},null,{"$f":"+VLOOKUP(A105,[46]PTO!$B$5:$E$385,5,FALSE)","v":{"$error":"#REF!"}}]
["I. EQUIPO"]
["Descripción",{"$nulls":4},"Tipo","Tarifa/dia","Rendimiento","Valor-Unit."]
["Herramienta menor (% Mano de obra)",{"$nulls":5},{"v":0.05,"d":"5%"},null,{"$f":"+J135*G108","v":{"v":108.80010074872558,"d":"$ 108.80"}}]
["RETRO EXCAVADORA ",{"$nulls":4},{"$f":"+IF(A109=\"\",\"\",VLOOKUP(A109,[46]MATERIALES!$B$7:$D$1222,2,FALSE))","v":"DIA"},{"$f":"+IF(A109=\"\",\"\",VLOOKUP(A109,[46]MATERIALES!$B$7:$E$1222,3,FALSE))","v":{"v":3500000,"d":"$ 3,500,000"}},{"$f":"IF(A109=\"\",\"\",IFERROR(1/H131,\"\"))","v":{"v":0.008333333333333333,"d":"0.008 "}},{"$f":"IFERROR(G109*H109,\"\")","v":{"v":29166.666666666668,"d":"$ 29,166.67"}}]
[{"$nulls":5},{"$f":"+IF(A110=\"\",\"\",VLOOKUP(A110,[46]MATERIALES!$B$7:$D$1222,2,FALSE))","v":""},{"$f":"+IF(A110=\"\",\"\",VLOOKUP(A110,[46]MATERIALES!$B$7:$E$1222,3,FALSE))","v":""},{"$f":"IF(A110=\"\",\"\",IFERROR(1/H132,\"\"))","v":""},""]
[{"$nulls":7},{"$f":"IF(A111=\"\",\"\",IFERROR(1/H131,\"\"))","v":""}]
[]
["Sub-Total",{"$nulls":8},{"$f":"+SUM(I108:I112)","v":{"v":29275.466767415393,"d":"$ 29,275.47"}}]
["II. MATERIALES EN OBRA"]
["Descripción",{"$nulls":3},"Unidad","Precio-Unit.","Cantidad","Desperdicio","Valor-Unit."]
["Material seleccionado",{"$nulls":3},{"$f":"+IF(A116=\"\",\"\",VLOOKUP(A116,[46]MATERIALES!$B$7:$D$225,2,FALSE))","v":"m3"},{"$f":"+IF(A116=\"\",\"\",VLOOKUP(A116,[46]MATERIALES!$B$7:$E$225,3,FALSE))","v":{"v":60000,"d":"$ 60,000"}},{"v":1,"d":"1.00 "},null,{"$f":"IFERROR((ROUND((F116*G116*(1+H116)),0)),\"\")","v":{"v":60000,"d":"$ 60,000"}}]
[{"$nulls":4},{"$f":"+IF(A117=\"\",\"\",VLOOKUP(A117,[46]MATERIALES!$B$7:$D$225,2,FALSE))","v":""},{"$f":"+IF(A117=\"\",\"\",VLOOKUP(A117,[46]MATERIALES!$B$7:$E$225,3,FALSE))","v":""},null,null,""]
[{"$nulls":4},{"$f":"+IF(A118=\"\",\"\",VLOOKUP(A118,[46]MATERIALES!$B$7:$D$225,2,FALSE))","v":""},{"$f":"+IF(A118=\"\",\"\",VLOOKUP(A118,[46]MATERIALES!$B$7:$E$225,3,FALSE))","v":""},null,null,""]
[{"$nulls":4},{"$f":"+IF(A119=\"\",\"\",VLOOKUP(A119,[46]MATERIALES!$B$7:$D$225,2,FALSE))","v":""},{"$f":"+IF(A119=\"\",\"\",VLOOKUP(A119,[46]MATERIALES!$B$7:$E$225,3,FALSE))","v":""},null,null,{"$f":"IFERROR(F119*G119*(1+H119),\"\")","v":""}]
[{"$nulls":4},{"$f":"+IF(A120=\"\",\"\",VLOOKUP(A120,[46]MATERIALES!$B$7:$D$225,2,FALSE))","v":""},{"$f":"+IF(A120=\"\",\"\",VLOOKUP(A120,[46]MATERIALES!$B$7:$E$225,3,FALSE))","v":""},null,null,{"$f":"IFERROR(F120*G120*(1+H120),\"\")","v":""}]
["Sub-Total",{"$nulls":8},{"$f":"SUM(I116:I120)","v":{"v":60000,"d":"$ 60,000.00"}}]
["III. TRANSPORTES"]
["Material",{"$nulls":3},"TIPO","Vol. Peso ó Cant.","Distancia","Tarifa","Valor-Unit."]
[{"$nulls":4},{"$f":"+IF(A124=\"\",\"\",VLOOKUP(A124,[46]MATERIALES!$B$7:$E$1222,2,FALSE))","v":""},null,{"$f":"+IF(A124=\"\",\"\",VLOOKUP(A124,[46]MATERIALES!$B$7:$E$1222,4,FALSE))","v":""},{"$f":"+IF(A124=\"\",\"\",VLOOKUP(A124,[46]MATERIALES!$B$7:$E$1222,3,FALSE))","v":""},{"$f":"IFERROR(G124*H124*F124,\"\")","v":""}]
[{"$nulls":4},{"$f":"+IF(A125=\"\",\"\",VLOOKUP(A125,[46]MATERIALES!$B$7:$E$1222,2,FALSE))","v":""},null,{"$f":"+IF(A125=\"\",\"\",VLOOKUP(A125,[46]MATERIALES!$B$7:$E$1222,4,FALSE))","v":""},{"$f":"+IF(A125=\"\",\"\",VLOOKUP(A125,[46]MATERIALES!$B$7:$E$1222,3,FALSE))","v":""},{"$f":"IFERROR(G125*H125*F125,\"\")","v":""}]
[]
[]
["Sub-Total",{"$nulls":8},{"$f":"SUM(I124:I127)","v":0}]
["IV. MANO DE OBRA"]
["Trabajador",{"$nulls":3},"Jornal","Prestaciones","Jornal Total","Rendimiento","Valor-Unit."]
["OFICIAL A",null,null,1,{"$f":"+IF(D131=\"\",\"\",VLOOKUP(A131,$L$4:$O$10,3,FALSE))","v":{"v":101567,"d":"$ 101,567.00"}},{"$f":"+IF(D131=\"\",\"\",(VLOOKUP(A131,$L$4:$O$10,4,FALSE))+1)","v":{"v":1.6519796512835072,"d":"165%"}},{"$f":"+IFERROR(F131*E131*D131,\"\")","v":{"v":167786.61724191197,"d":"167,786.62"}},{"v":120,"d":"120.00"},{"$f":"IFERROR(G131/H131,\"\")","v":{"v":1398.2218103492664,"d":"$ 1,398.22"}}]
[" AYUDANTE RASO",null,null,1,{"$f":"+IF(D132=\"\",\"\",VLOOKUP(A132,$L$4:$O$10,3,FALSE))","v":{"v":54117,"d":"$ 54,117.00"}},{"$f":"+IF(D132=\"\",\"\",(VLOOKUP(A132,$L$4:$O$10,4,FALSE))+1)","v":{"v":1.7246636834087141,"d":"172%"}},{"$f":"+IFERROR(F132*E132*D132,\"\")","v":{"v":93333.62455502938,"d":"93,333.62"}},{"$f":"+H131","v":{"v":120,"d":"120.00"}},{"$f":"IFERROR(G132/H132,\"\")","v":{"v":777.7802046252449,"d":"$ 777.78"}}]
[{"$nulls":4},{"$f":"+IF(D133=\"\",\"\",VLOOKUP(A133,$L$4:$O$10,3,FALSE))","v":""},{"$f":"+IF(D133=\"\",\"\",(VLOOKUP(A133,$L$4:$O$10,4,FALSE))+1)","v":""},{"$f":"+IFERROR(F133*E133*D133,\"\")","v":""},null,""]
[]
["Sub-Total",{"$nulls":8},{"$f":"SUM(I131:I134)","v":{"v":2176.0020149745114,"d":"$ 2,176.00"}}]
[{"$f":"+$A$34","v":"AMPLIACIÓN Y OPTIMIZACIÓN DEL SITIO DE DISPOSICIÓN FINAL DE RESIDUOS SOLIDOS DEL CORREGIMIENTO DE SAN MIGUEL EN EL MUNICIPIO DEL MEDIO SAN JUAN MEDIANTE LA EJECUCIÓN DE ACTIVIDADES DE CIERRE - CLAUSURA Y APERTURA DE CELDA DE CONTINGENCIA"}]
[]
["ITEM:  ","DESCRIPCION",{"$nulls":6},"UNIDAD:","COSTO DIRECTO"]
[3.01,{"$f":"+VLOOKUP(A139,[46]PTO!$B$4:$D$28,2,FALSE)","v":"Construccion de filtros horizontales para el manejo y control de lixiviados "},{"$nulls":6},{"$f":"+VLOOKUP(A139,[46]PTO!$B$4:$D$28,3,FALSE)","v":"m"},{"$f":"+ROUND(SUM(J147:J169),0)","v":{"v":30789,"d":"$ 30,789.00"}},null,{"$f":"+VLOOKUP(A139,[46]PTO!$B$5:$E$385,5,FALSE)","v":{"$error":"#REF!"}}]
["I. EQUIPO"]
["Descripción",{"$nulls":4},"Tipo","Tarifa/dia","Rendimiento","Valor-Unit."]
["Herramienta menor (% Mano de obra)",{"$nulls":5},{"v":0.05,"d":"5%"},null,{"$f":"ROUND(J169*G142,0)","v":{"v":970,"d":"$ 970.00"}}]
["CANGURO",{"$nulls":4},{"$f":"+IF(A143=\"\",\"\",VLOOKUP(A143,[46]MATERIALES!$B$7:$D$1222,2,FALSE))","v":"DIA"},{"$f":"+IF(A143=\"\",\"\",VLOOKUP(A143,[46]MATERIALES!$B$7:$E$1222,3,FALSE))","v":{"v":120000,"d":"$ 120,000"}},{"$f":"IF(A143=\"\",\"\",IFERROR(1/H165,\"\"))","v":{"v":0.04,"d":"0.040 "}},{"$f":"IFERROR((ROUND(G143*H143,0)),\"\")","v":{"v":4800,"d":"$ 4,800.00"}}]
[{"$nulls":5},{"$f":"+IF(A144=\"\",\"\",VLOOKUP(A144,[46]MATERIALES!$B$7:$D$1222,2,FALSE))","v":""},{"$f":"+IF(A144=\"\",\"\",VLOOKUP(A144,[46]MATERIALES!$B$7:$E$1222,3,FALSE))","v":""},{"$f":"IF(A144=\"\",\"\",IFERROR(1/H166,\"\"))","v":""},{"$f":"IFERROR(G144*H144,\"\")","v":""}]
[]
[]
["Sub-Total",{"$nulls":8},{"$f":"+SUM(I142:I146)","v":{"v":5770,"d":"$ 5,770.00"}}]
["II. MATERIALES EN OBRA"]
["Descripción",{"$nulls":3},"Unidad","Precio-Unit.","Cantidad","Desperdicio","Valor-Unit."]
["Geotextil NT 1600s",{"$nulls":3},{"$f":"+IF(A150=\"\",\"\",VLOOKUP(A150,[46]MATERIALES!$B$7:$D$225,2,FALSE))","v":"m2"},{"$f":"+IF(A150=\"\",\"\",VLOOKUP(A150,[46]MATERIALES!$B$7:$E$225,3,FALSE))","v":{"v":3686,"d":"$ 3,686"}},{"v":1,"d":"1.00 "},{"v":0.05,"d":"5%"},{"$f":"IFERROR((ROUND((F150*G150*(1+H150)),0)),\"\")","v":{"v":3870,"d":"$ 3,870"}}]
[{"$nulls":4},{"$f":"+IF(A151=\"\",\"\",VLOOKUP(A151,[46]MATERIALES!$B$7:$D$225,2,FALSE))","v":""},{"$f":"+IF(A151=\"\",\"\",VLOOKUP(A151,[46]MATERIALES!$B$7:$E$225,3,FALSE))","v":""},null,null,""]
[{"$nulls":4},{"$f":"+IF(A152=\"\",\"\",VLOOKUP(A152,[46]MATERIALES!$B$7:$D$225,2,FALSE))","v":""},{"$f":"+IF(A152=\"\",\"\",VLOOKUP(A152,[46]MATERIALES!$B$7:$E$225,3,FALSE))","v":""},null,null,""]
[{"$nulls":4},{"$f":"+IF(A153=\"\",\"\",VLOOKUP(A153,[46]MATERIALES!$B$7:$D$225,2,FALSE))","v":""},{"$f":"+IF(A153=\"\",\"\",VLOOKUP(A153,[46]MATERIALES!$B$7:$E$225,3,FALSE))","v":""},null,null,""]
[]
["Sub-Total",{"$nulls":8},{"$f":"SUM(I150:I154)","v":{"v":3870,"d":"$ 3,870.00"}}]
["III. TRANSPORTES"]
["Material",{"$nulls":3},"TIPO","Vol. Peso ó Cant.","Distancia","Tarifa","Valor-Unit."]
["TRANSPORTE DISPOSICION DE MATERIAL SOBRANTE",{"$nulls":3},{"$f":"+IF(A158=\"\",\"\",VLOOKUP(A158,[46]MATERIALES!$B$7:$E$1222,2,FALSE))","v":"M3"},{"$f":"0.3*0.3*1.3","v":{"v":0.11699999999999999,"d":"0.12"}},{"$f":"+IF(A158=\"\",\"\",VLOOKUP(A158,[46]MATERIALES!$B$7:$E$1222,4,FALSE))","v":{"v":5,"d":"5.0"}},{"$f":"+IF(A158=\"\",\"\",VLOOKUP(A158,[46]MATERIALES!$B$7:$E$1222,3,FALSE))","v":{"v":3000,"d":"3,000.00"}},{"$f":"IFERROR((ROUND(G158*H158*F158,0)),\"\")","v":{"v":1755,"d":"$ 1,755"}},null,null,{"$f":"0.5/100","v":0.005}]
[]
[]
[]
["Sub-Total",{"$nulls":8},{"$f":"SUM(I158:I161)","v":{"v":1755,"d":"$ 1,755.00"}}]
["IV. MANO DE OBRA"]
["Trabajador",{"$nulls":3},"Jornal","Prestaciones","Jornal Total","Rendimiento","Valor-Unit."]
["OFICIAL A",null,null,1,{"$f":"+IF(D165=\"\",\"\",VLOOKUP(A165,$L$4:$O$10,3,FALSE))","v":{"v":101567,"d":"$ 101,567.00"}},{"$f":"+IF(D165=\"\",\"\",(VLOOKUP(A165,$L$4:$O$10,4,FALSE))+1)","v":{"v":1.6519796512835072,"d":"165%"}},{"$f":"+IFERROR(F165*E165*D165,\"\")","v":{"v":167786.61724191197,"d":"167,786.62"}},{"v":25,"d":"25.00"},{"$f":"+IFERROR((ROUND(G165/H165,0)),\"\")","v":{"v":6711,"d":"$ 6,711"}}]
["AYUDANTE ENTENDIDO",null,null,1,{"$f":"+IF(D166=\"\",\"\",VLOOKUP(A166,$L$4:$O$10,3,FALSE))","v":{"v":77842,"d":"$ 77,842.00"}},{"$f":"+IF(D166=\"\",\"\",(VLOOKUP(A166,$L$4:$O$10,4,FALSE))+1)","v":{"v":1.6752877632282406,"d":"168%"}},{"v":130407.7500652127,"d":"130,407.75"},{"$f":"+H165","v":{"v":25,"d":"25.00"}},{"v":5216,"d":"$ 5,216"}]
[" AYUDANTE RASO",null,null,2,{"$f":"+IF(D167=\"\",\"\",VLOOKUP(A167,$L$4:$O$10,3,FALSE))","v":{"v":54117,"d":"$ 54,117.00"}},{"$f":"+IF(D167=\"\",\"\",(VLOOKUP(A167,$L$4:$O$10,4,FALSE))+1)","v":{"v":1.7246636834087141,"d":"172%"}},{"$f":"+IFERROR(F167*E167*D167,\"\")","v":{"v":186667.24911005876,"d":"186,667.25"}},{"$f":"+H166","v":{"v":25,"d":"25.00"}},{"$f":"+IFERROR((ROUND(G167/H167,0)),\"\")","v":{"v":7467,"d":"$ 7,467"}}]
[]
["Sub-Total",{"$nulls":8},{"$f":"SUM(I165:I168)","v":{"v":19394,"d":"$ 19,394.00"}}]
[{"$f":"+$A$34","v":"AMPLIACIÓN Y OPTIMIZACIÓN DEL SITIO DE DISPOSICIÓN FINAL DE RESIDUOS SOLIDOS DEL CORREGIMIENTO DE SAN MIGUEL EN EL MUNICIPIO DEL MEDIO SAN JUAN MEDIANTE LA EJECUCIÓN DE ACTIVIDADES DE CIERRE - CLAUSURA Y APERTURA DE CELDA DE CONTINGENCIA"}]
[]
["ITEM:  ","DESCRIPCION",{"$nulls":6},"UNIDAD:","COSTO DIRECTO"]
[3.02,{"$f":"+VLOOKUP(A173,[46]PTO!$B$4:$D$28,2,FALSE)","v":"Excavación en material común para zanjas y filtros de 0 a 2.00 mts."},{"$nulls":6},{"$f":"+VLOOKUP(A173,[46]PTO!$B$4:$D$28,3,FALSE)","v":"m3 "},{"$f":"+ROUND(SUM(J181:J204),0)","v":{"v":60611,"d":"$ 60,611.00"}},null,{"$f":"+VLOOKUP(A173,[46]PTO!$B$5:$E$385,5,FALSE)","v":{"$error":"#REF!"}}]
["I. EQUIPO"]
["Descripción",{"$nulls":4},"Tipo","Tarifa/dia","Rendimiento","Valor-Unit."]
["Herramienta menor (% Mano de obra)",{"$nulls":5},{"v":0.05,"d":"5%"},null,{"$f":"ROUND(J204*G176,0)","v":{"v":1958,"d":"$ 1,958.00"}},null,null,{"$f":"+L173-J173","v":{"$error":"#REF!"}}]
[{"$nulls":5},{"$f":"+IF(A177=\"\",\"\",VLOOKUP(A177,[46]MATERIALES!$B$7:$D$1222,2,FALSE))","v":""},{"$f":"+IF(A177=\"\",\"\",VLOOKUP(A177,[46]MATERIALES!$B$7:$E$1222,3,FALSE))","v":""},{"$f":"IF(A177=\"\",\"\",IFERROR(1/H200,\"\"))","v":""},{"$f":"IFERROR((ROUND(G177*H177,0)),\"\")","v":""},null,null,{"$f":"+L176+I184","v":{"$error":"#REF!"}}]
[{"$nulls":5},{"$f":"+IF(A178=\"\",\"\",VLOOKUP(A178,[46]MATERIALES!$B$7:$D$1222,2,FALSE))","v":""},{"$f":"+IF(A178=\"\",\"\",VLOOKUP(A178,[46]MATERIALES!$B$7:$E$1222,3,FALSE))","v":""},{"$f":"IF(A178=\"\",\"\",IFERROR(1/H201,\"\"))","v":""},{"$f":"IFERROR(G178*H178,\"\")","v":""}]
[]
[]
["Sub-Total",{"$nulls":8},{"$f":"+SUM(I176:I180)","v":{"v":1958,"d":"$ 1,958.00"}}]
["II. MATERIALES EN OBRA"]
["Descripción",{"$nulls":3},"Unidad","Precio-Unit.","Cantidad","Desperdicio","Valor-Unit."]
[{"$nulls":4},{"$f":"+IF(A184=\"\",\"\",VLOOKUP(A184,[46]MATERIALES!$B$7:$D$225,2,FALSE))","v":""},{"$f":"+IF(A184=\"\",\"\",VLOOKUP(A184,[46]MATERIALES!$B$7:$E$225,3,FALSE))","v":""},null,null,{"$f":"IFERROR((ROUND((F184*G184*(1+H184)),0)),\"\")","v":""}]
[{"$nulls":4},{"$f":"+IF(A185=\"\",\"\",VLOOKUP(A185,[46]MATERIALES!$B$7:$D$225,2,FALSE))","v":""},{"$f":"+IF(A185=\"\",\"\",VLOOKUP(A185,[46]MATERIALES!$B$7:$E$225,3,FALSE))","v":""},null,null,""]
[{"$nulls":4},{"$f":"+IF(A186=\"\",\"\",VLOOKUP(A186,[46]MATERIALES!$B$7:$D$225,2,FALSE))","v":""},{"$f":"+IF(A186=\"\",\"\",VLOOKUP(A186,[46]MATERIALES!$B$7:$E$225,3,FALSE))","v":""},null,null,""]
[{"$nulls":4},{"$f":"+IF(A187=\"\",\"\",VLOOKUP(A187,[46]MATERIALES!$B$7:$D$225,2,FALSE))","v":""},{"$f":"+IF(A187=\"\",\"\",VLOOKUP(A187,[46]MATERIALES!$B$7:$E$225,3,FALSE))","v":""},null,null,""]
[{"$nulls":4},{"$f":"+IF(A188=\"\",\"\",VLOOKUP(A188,[46]MATERIALES!$B$7:$D$225,2,FALSE))","v":""},{"$f":"+IF(A188=\"\",\"\",VLOOKUP(A188,[46]MATERIALES!$B$7:$E$225,3,FALSE))","v":""},null,null,""]
[{"$nulls":8},{"$f":"IFERROR(G189*H189,\"\")","v":0}]
["Sub-Total",{"$nulls":8},{"$f":"SUM(I184:I189)","v":0}]
["III. TRANSPORTES"]
["Material",{"$nulls":3},"TIPO","Vol. Peso ó Cant.","Distancia","Tarifa","Valor-Unit."]
["TRANSPORTE DISPOSICION DE MATERIAL SOBRANTE",{"$nulls":3},{"$f":"+IF(A193=\"\",\"\",VLOOKUP(A193,[46]MATERIALES!$B$7:$E$1222,2,FALSE))","v":"M3"},{"v":1.3,"d":"1.30"},{"$f":"+IF(A193=\"\",\"\",VLOOKUP(A193,[46]MATERIALES!$B$7:$E$1222,4,FALSE))","v":{"v":5,"d":"5.0"}},{"$f":"+IF(A193=\"\",\"\",VLOOKUP(A193,[46]MATERIALES!$B$7:$E$1222,3,FALSE))","v":{"v":3000,"d":"3,000.00"}},{"$f":"IFERROR((ROUND(G193*H193*F193,0)),\"\")","v":{"v":19500,"d":"$ 19,500"}}]
[{"$nulls":4},{"$f":"+IF(A194=\"\",\"\",VLOOKUP(A194,[46]MATERIALES!$B$7:$E$1222,2,FALSE))","v":""},null,{"$f":"+IF(A194=\"\",\"\",VLOOKUP(A194,[46]MATERIALES!$B$7:$E$1222,4,FALSE))","v":""},{"$f":"+IF(A194=\"\",\"\",VLOOKUP(A194,[46]MATERIALES!$B$7:$E$1222,3,FALSE))","v":""},{"$f":"IFERROR((ROUND(G194*H194*F194,0)),\"\")","v":""}]
[]
[]
["Sub-Total",{"$nulls":8},{"$f":"SUM(I193:I196)","v":{"v":19500,"d":"$ 19,500.00"}}]
["IV. MANO DE OBRA"]
["Trabajador",{"$nulls":3},"Jornal","Prestaciones","Jornal Total","Rendimiento","Valor-Unit."]
["OFICIAL A",null,null,1,{"$f":"+IF(D200=\"\",\"\",VLOOKUP(A200,$L$4:$O$10,3,FALSE))","v":{"v":101567,"d":"$ 101,567.00"}},{"$f":"+IF(D200=\"\",\"\",(VLOOKUP(A200,$L$4:$O$10,4,FALSE))+1)","v":{"v":1.6519796512835072,"d":"165%"}},{"$f":"+IFERROR(F200*E200*D200,\"\")","v":{"v":167786.61724191197,"d":"167,786.62"}},{"v":10,"d":"10.00"},{"$f":"+IFERROR((ROUND(G200/H200,0)),\"\")","v":{"v":16779,"d":"$ 16,779"}}]
["AYUDANTE ENTENDIDO",null,null,1,{"$f":"+IF(D201=\"\",\"\",VLOOKUP(A201,$L$4:$O$10,3,FALSE))","v":{"v":77842,"d":"$ 77,842.00"}},{"$f":"+IF(D201=\"\",\"\",(VLOOKUP(A201,$L$4:$O$10,4,FALSE))+1)","v":{"v":1.6752877632282406,"d":"168%"}},{"v":130407.7500652127,"d":"130,407.75"},{"$f":"+H200","v":{"v":10,"d":"10.00"}},{"v":13041,"d":"$ 13,041"}]
[" AYUDANTE RASO",null,null,1,{"$f":"+IF(D202=\"\",\"\",VLOOKUP(A202,$L$4:$O$10,3,FALSE))","v":{"v":54117,"d":"$ 54,117.00"}},{"$f":"+IF(D202=\"\",\"\",(VLOOKUP(A202,$L$4:$O$10,4,FALSE))+1)","v":{"v":1.7246636834087141,"d":"172%"}},{"v":93333.62455502938,"d":"93,333.62"},{"$f":"+H201","v":{"v":10,"d":"10.00"}},{"v":9333,"d":"$ 9,333"}]
[]
["Sub-Total",{"$nulls":8},{"$f":"SUM(I200:I203)","v":{"v":39153,"d":"$ 39,153.00"}}]
[{"$f":"+$A$34","v":"AMPLIACIÓN Y OPTIMIZACIÓN DEL SITIO DE DISPOSICIÓN FINAL DE RESIDUOS SOLIDOS DEL CORREGIMIENTO DE SAN MIGUEL EN EL MUNICIPIO DEL MEDIO SAN JUAN MEDIANTE LA EJECUCIÓN DE ACTIVIDADES DE CIERRE - CLAUSURA Y APERTURA DE CELDA DE CONTINGENCIA"}]
[]
["ITEM:  ","DESCRIPCION",{"$nulls":6},"UNIDAD:","COSTO DIRECTO"]
[3.03,{"$f":"+VLOOKUP(A208,[46]PTO!$B$4:$D$28,2,FALSE)","v":"Suministro, transporte y colocación de material friltrante (gravilla seleccionada de 4 a 6\")"},{"$nulls":6},{"$f":"+VLOOKUP(A208,[46]PTO!$B$4:$D$28,3,FALSE)","v":"m3"},{"$f":"+ROUND(SUM(J216:J239),0)","v":{"v":182544,"d":"$ 182,544.00"}},null,{"$f":"+VLOOKUP(A208,[46]PTO!$B$5:$E$385,5,FALSE)","v":{"$error":"#REF!"}}]
["I. EQUIPO"]
["Descripción",{"$nulls":4},"Tipo","Tarifa/dia","Rendimiento","Valor-Unit."]
["Herramienta menor (% Mano de obra)",{"$nulls":5},{"v":0.05,"d":"5%"},null,{"$f":"ROUND(J239*G211,0)","v":{"v":3264,"d":"$ 3,264.00"}},null,null,{"$f":"+L208-J208","v":{"$error":"#REF!"}}]
["CANGURO",{"$nulls":4},{"$f":"+IF(A212=\"\",\"\",VLOOKUP(A212,[46]MATERIALES!$B$7:$D$1222,2,FALSE))","v":"DIA"},{"$f":"+IF(A212=\"\",\"\",VLOOKUP(A212,[46]MATERIALES!$B$7:$E$1222,3,FALSE))","v":{"v":120000,"d":"$ 120,000"}},{"$f":"IF(A212=\"\",\"\",IFERROR(1/H235,\"\"))","v":{"v":0.25,"d":"0.250 "}},{"$f":"IFERROR((ROUND(G212*H212,0)),\"\")","v":{"v":30000,"d":"$ 30,000.00"}},null,null,{"$f":"+L211+I219","v":{"$error":"#REF!"}}]
[{"$nulls":5},{"$f":"+IF(A213=\"\",\"\",VLOOKUP(A213,[46]MATERIALES!$B$7:$D$1222,2,FALSE))","v":""},{"$f":"+IF(A213=\"\",\"\",VLOOKUP(A213,[46]MATERIALES!$B$7:$E$1222,3,FALSE))","v":""},{"$f":"IF(A213=\"\",\"\",IFERROR(1/H236,\"\"))","v":""},{"$f":"IFERROR(G213*H213,\"\")","v":""}]
[{"$nulls":5},{"$f":"+IF(A214=\"\",\"\",VLOOKUP(A214,[46]MATERIALES!$B$7:$D$1222,2,FALSE))","v":""},{"$f":"+IF(A214=\"\",\"\",VLOOKUP(A214,[46]MATERIALES!$B$7:$E$1222,3,FALSE))","v":""},{"$f":"IF(A214=\"\",\"\",IFERROR(1/H235,\"\"))","v":""},""]
[]
["Sub-Total",{"$nulls":8},{"$f":"+SUM(I211:I215)","v":{"v":33264,"d":"$ 33,264.00"}}]
["II. MATERIALES EN OBRA"]
["Descripción",{"$nulls":3},"Unidad","Precio-Unit.","Cantidad","Desperdicio","Valor-Unit."]
["Gravilla - revoltura",{"$nulls":3},{"$f":"+IF(A219=\"\",\"\",VLOOKUP(A219,[46]MATERIALES!$B$7:$D$225,2,FALSE))","v":"m3"},{"$f":"+IF(A219=\"\",\"\",VLOOKUP(A219,[46]MATERIALES!$B$7:$E$225,3,FALSE))","v":{"v":80000,"d":"$ 80,000"}},{"v":1,"d":"1.00 "},{"v":0.05,"d":"5%"},{"$f":"IFERROR((ROUND((F219*G219*(1+H219)),0)),\"\")","v":{"v":84000,"d":"$ 84,000"}},null,null,{"$f":"0.0254*2","v":0.0508}]
[{"$nulls":4},{"$f":"+IF(A220=\"\",\"\",VLOOKUP(A220,[46]MATERIALES!$B$7:$D$225,2,FALSE))","v":""},{"$f":"+IF(A220=\"\",\"\",VLOOKUP(A220,[46]MATERIALES!$B$7:$E$225,3,FALSE))","v":""},null,null,"",null,null,{"$f":"3.1416*L219","v":0.15959328}]
[{"$nulls":4},{"$f":"+IF(A221=\"\",\"\",VLOOKUP(A221,[46]MATERIALES!$B$7:$D$225,2,FALSE))","v":""},{"$f":"+IF(A221=\"\",\"\",VLOOKUP(A221,[46]MATERIALES!$B$7:$E$225,3,FALSE))","v":""},null,null,""]
[{"$nulls":4},{"$f":"+IF(A222=\"\",\"\",VLOOKUP(A222,[46]MATERIALES!$B$7:$D$225,2,FALSE))","v":""},{"$f":"+IF(A222=\"\",\"\",VLOOKUP(A222,[46]MATERIALES!$B$7:$E$225,3,FALSE))","v":""},null,null,""]
[{"$nulls":4},{"$f":"+IF(A223=\"\",\"\",VLOOKUP(A223,[46]MATERIALES!$B$7:$D$225,2,FALSE))","v":""},{"$f":"+IF(A223=\"\",\"\",VLOOKUP(A223,[46]MATERIALES!$B$7:$E$225,3,FALSE))","v":""},null,null,""]
[{"$nulls":8},{"$f":"IFERROR(G224*H224,\"\")","v":0}]
["Sub-Total",{"$nulls":8},{"$f":"SUM(I219:I224)","v":{"v":84000,"d":"$ 84,000.00"}}]
["III. TRANSPORTES"]
["Material",{"$nulls":3},"TIPO","Vol. Peso ó Cant.","Distancia","Tarifa","Valor-Unit."]
[{"$nulls":4},{"$f":"+IF(A228=\"\",\"\",VLOOKUP(A228,[46]MATERIALES!$B$7:$E$1222,2,FALSE))","v":""},null,{"$f":"+IF(A228=\"\",\"\",VLOOKUP(A228,[46]MATERIALES!$B$7:$E$1222,4,FALSE))","v":""},{"$f":"+IF(A228=\"\",\"\",VLOOKUP(A228,[46]MATERIALES!$B$7:$E$1222,3,FALSE))","v":""},{"$f":"IFERROR((ROUND(G228*H228*F228,0)),\"\")","v":""}]
[{"$nulls":4},{"$f":"+IF(A229=\"\",\"\",VLOOKUP(A229,[46]MATERIALES!$B$7:$E$1222,2,FALSE))","v":""},null,{"$f":"+IF(A229=\"\",\"\",VLOOKUP(A229,[46]MATERIALES!$B$7:$E$1222,4,FALSE))","v":""},{"$f":"+IF(A229=\"\",\"\",VLOOKUP(A229,[46]MATERIALES!$B$7:$E$1222,3,FALSE))","v":""},{"$f":"IFERROR((ROUND(G229*H229*F229,0)),\"\")","v":""}]
[]
[]
["Sub-Total",{"$nulls":8},{"$f":"SUM(I228:I231)","v":0}]
["IV. MANO DE OBRA"]
["Trabajador",{"$nulls":3},"Jornal","Prestaciones","Jornal Total","Rendimiento","Valor-Unit."]
["OFICIAL A",null,null,1,{"$f":"+IF(D235=\"\",\"\",VLOOKUP(A235,$L$4:$O$10,3,FALSE))","v":{"v":101567,"d":"$ 101,567.00"}},{"$f":"+IF(D235=\"\",\"\",(VLOOKUP(A235,$L$4:$O$10,4,FALSE))+1)","v":{"v":1.6519796512835072,"d":"165%"}},{"$f":"+IFERROR(F235*E235*D235,\"\")","v":{"v":167786.61724191197,"d":"167,786.62"}},{"v":4,"d":"4.00"},{"$f":"+IFERROR((ROUND(G235/H235,0)),\"\")","v":{"v":41947,"d":"$ 41,947"}}]
[" AYUDANTE RASO",null,null,1,{"$f":"+IF(D236=\"\",\"\",VLOOKUP(A236,$L$4:$O$10,3,FALSE))","v":{"v":54117,"d":"$ 54,117.00"}},{"$f":"+IF(D236=\"\",\"\",(VLOOKUP(A236,$L$4:$O$10,4,FALSE))+1)","v":{"v":1.7246636834087141,"d":"172%"}},{"v":93333.62455502938,"d":"93,333.62"},{"$f":"+H235","v":{"v":4,"d":"4.00"}},{"v":23333,"d":"$ 23,333"}]
[{"$nulls":4},{"$f":"+IF(D237=\"\",\"\",VLOOKUP(A237,$L$4:$O$10,3,FALSE))","v":""},{"$f":"+IF(D237=\"\",\"\",(VLOOKUP(A237,$L$4:$O$10,4,FALSE))+1)","v":""},"",null,""]
[]
["Sub-Total",{"$nulls":8},{"$f":"SUM(I235:I238)","v":{"v":65280,"d":"$ 65,280.00"}}]
[{"$f":"+$A$34","v":"AMPLIACIÓN Y OPTIMIZACIÓN DEL SITIO DE DISPOSICIÓN FINAL DE RESIDUOS SOLIDOS DEL CORREGIMIENTO DE SAN MIGUEL EN EL MUNICIPIO DEL MEDIO SAN JUAN MEDIANTE LA EJECUCIÓN DE ACTIVIDADES DE CIERRE - CLAUSURA Y APERTURA DE CELDA DE CONTINGENCIA"}]
[]
["ITEM:  ","DESCRIPCION",{"$nulls":6},"UNIDAD:","COSTO DIRECTO"]
[4.01,{"$f":"+VLOOKUP(A243,[46]PTO!$B$4:$D$28,2,FALSE)","v":"Construcción de filtros verticales (chimeneas para el control y evacuación de gases 0.40*0.40*3.00). Incluye canastillas, material friltrante y tuberia de 4\" y demas elementos para su instalacion y puesta en funcionamiento"},{"$nulls":6},{"$f":"+VLOOKUP(A243,[46]PTO!$B$4:$D$28,3,FALSE)","v":"UN"},{"$f":"+ROUND(SUM(J251:J275),0)","v":{"v":307644,"d":"$ 307,644.00"}},null,{"$f":"+VLOOKUP(A243,[46]PTO!$B$5:$E$385,5,FALSE)","v":{"$error":"#REF!"}}]
["I. EQUIPO"]
["Descripción",{"$nulls":4},"Tipo","Tarifa/dia","Rendimiento","Valor-Unit."]
["Herramienta menor (% Mano de obra)",{"$nulls":5},{"v":0.05,"d":"5%"},null,{"$f":"ROUND(J275*G246,0)","v":{"v":7483,"d":"$ 7,483.00"}}]
[]
[{"$nulls":5},{"$f":"+IF(A248=\"\",\"\",VLOOKUP(A248,[46]MATERIALES!$B$7:$D$1222,2,FALSE))","v":""},{"$f":"+IF(A248=\"\",\"\",VLOOKUP(A248,[46]MATERIALES!$B$7:$E$1222,3,FALSE))","v":""},{"$f":"IF(A248=\"\",\"\",IFERROR(1/H271,\"\"))","v":""},{"$f":"IFERROR(G248*H248,\"\")","v":""}]
[{"$nulls":5},{"$f":"+IF(A249=\"\",\"\",VLOOKUP(A249,[46]MATERIALES!$B$7:$D$1222,2,FALSE))","v":""},{"$f":"+IF(A249=\"\",\"\",VLOOKUP(A249,[46]MATERIALES!$B$7:$E$1222,3,FALSE))","v":""},{"$f":"IF(A249=\"\",\"\",IFERROR(1/H271,\"\"))","v":""},""]
[]
["Sub-Total",{"$nulls":8},{"$f":"+SUM(I246:I250)","v":{"v":7483,"d":"$ 7,483.00"}}]
["II. MATERIALES EN OBRA"]
["Descripción",{"$nulls":3},"Unidad","Precio-Unit.","Cantidad","Desperdicio","Valor-Unit."]
["Gravilla - revoltura",{"$nulls":3},{"$f":"+IF(A254=\"\",\"\",VLOOKUP(A254,[46]MATERIALES!$B$7:$D$225,2,FALSE))","v":"m3"},{"$f":"+IF(A254=\"\",\"\",VLOOKUP(A254,[46]MATERIALES!$B$7:$E$225,3,FALSE))","v":{"v":80000,"d":"$ 80,000"}},{"v":1,"d":"1.00 "},{"v":0.05,"d":"5%"},{"$f":"IFERROR((ROUND((F254*G254*(1+H254)),0)),\"\")","v":{"v":84000,"d":"$ 84,000"}}]
["Malla para gallinero, ancho 1.50m",{"$nulls":3},{"$f":"+IF(A255=\"\",\"\",VLOOKUP(A255,[46]MATERIALES!$B$7:$D$225,2,FALSE))","v":"m"},{"$f":"+IF(A255=\"\",\"\",VLOOKUP(A255,[46]MATERIALES!$B$7:$E$225,3,FALSE))","v":{"v":5400,"d":"$ 5,400"}},{"v":10,"d":"10.000 "},{"v":0.05,"d":"5%"},{"$f":"IFERROR(F255*G255*(1+H255),\"\")","v":{"v":56700,"d":"$ 56,700.00"}}]
["Alambre Quemado",{"$nulls":3},{"$f":"+IF(A256=\"\",\"\",VLOOKUP(A256,[46]MATERIALES!$B$7:$D$225,2,FALSE))","v":"Rollo"},{"$f":"+IF(A256=\"\",\"\",VLOOKUP(A256,[46]MATERIALES!$B$7:$E$225,3,FALSE))","v":{"v":9000,"d":"$ 9,000"}},{"v":0.05,"d":"0.050 "},null,{"$f":"IFERROR(F256*G256*(1+H256),\"\")","v":{"v":450,"d":"$ 450.00"}}]
[{"$nulls":4},{"$f":"+IF(A257=\"\",\"\",VLOOKUP(A257,[46]MATERIALES!$B$7:$D$225,2,FALSE))","v":""},{"$f":"+IF(A257=\"\",\"\",VLOOKUP(A257,[46]MATERIALES!$B$7:$E$225,3,FALSE))","v":""},null,null,""]
[{"$nulls":4},{"$f":"+IF(A258=\"\",\"\",VLOOKUP(A258,[46]MATERIALES!$B$7:$D$225,2,FALSE))","v":""},{"$f":"+IF(A258=\"\",\"\",VLOOKUP(A258,[46]MATERIALES!$B$7:$E$225,3,FALSE))","v":""},null,null,""]
[{"$nulls":4},{"$f":"+IF(A259=\"\",\"\",VLOOKUP(A259,[46]MATERIALES!$B$7:$D$225,2,FALSE))","v":""},{"$f":"+IF(A259=\"\",\"\",VLOOKUP(A259,[46]MATERIALES!$B$7:$E$225,3,FALSE))","v":""},null,null,""]
[{"$nulls":8},{"$f":"IFERROR(F260*G260*(1+H260),\"\")","v":0}]
["Sub-Total",{"$nulls":8},{"$f":"SUM(I254:I260)","v":{"v":141150,"d":"$ 141,150.00"}}]
["III. TRANSPORTES"]
["Material",{"$nulls":3},"TIPO","Vol. Peso ó Cant.","Distancia","Tarifa","Valor-Unit."]
["TRANSPORTE DISPOSICION DE MATERIAL SOBRANTE",{"$nulls":3},{"$f":"+IF(A264=\"\",\"\",VLOOKUP(A264,[46]MATERIALES!$B$7:$E$1222,2,FALSE))","v":"M3"},{"$f":"0.4*0.4*3*1.3","v":{"v":0.6240000000000001,"d":"0.62"}},{"$f":"+IF(A264=\"\",\"\",VLOOKUP(A264,[46]MATERIALES!$B$7:$E$1222,4,FALSE))","v":{"v":5,"d":"5.0"}},{"$f":"+IF(A264=\"\",\"\",VLOOKUP(A264,[46]MATERIALES!$B$7:$E$1222,3,FALSE))","v":{"v":3000,"d":"3,000.00"}},{"$f":"IFERROR(G264*H264*F264,\"\")","v":{"v":9360.000000000002,"d":"$ 9,360.00"}}]
[{"$nulls":4},{"$f":"+IF(A265=\"\",\"\",VLOOKUP(A265,[46]MATERIALES!$B$7:$E$1222,2,FALSE))","v":""},null,{"$f":"+IF(A265=\"\",\"\",VLOOKUP(A265,[46]MATERIALES!$B$7:$E$1222,4,FALSE))","v":""},{"$f":"+IF(A265=\"\",\"\",VLOOKUP(A265,[46]MATERIALES!$B$7:$E$1222,3,FALSE))","v":""},{"$f":"IFERROR(G265*H265*F265,\"\")","v":""}]
[]
[]
["Sub-Total",{"$nulls":8},{"$f":"SUM(I264:I267)","v":{"v":9360.000000000002,"d":"$ 9,360.00"}}]
["IV. MANO DE OBRA"]
["Trabajador",{"$nulls":3},"Jornal","Prestaciones","Jornal Total","Rendimiento","Valor-Unit."]
["OFICIAL B",null,null,1,{"$f":"+IF(D271=\"\",\"\",VLOOKUP(A271,$L$4:$O$10,3,FALSE))","v":{"v":142350,"d":"$ 142,350.00"}},{"$f":"+IF(D271=\"\",\"\",(VLOOKUP(A271,$L$4:$O$10,4,FALSE))+1)","v":{"v":1.5821008628015805,"d":"158%"}},{"$f":"+IFERROR(F271*E271*D271,\"\")","v":{"v":225212.057819805,"d":"225,212.06"}},{"v":3,"d":"3.00"},{"$f":"+IFERROR((ROUND(G271/H271,0)),\"\")","v":{"v":75071,"d":"$ 75,071"}}]
["AYUDANTE ENTENDIDO",null,null,1,{"$f":"+IF(D272=\"\",\"\",VLOOKUP(A272,$L$4:$O$10,3,FALSE))","v":{"v":77842,"d":"$ 77,842.00"}},{"$f":"+IF(D272=\"\",\"\",(VLOOKUP(A272,$L$4:$O$10,4,FALSE))+1)","v":{"v":1.6752877632282406,"d":"168%"}},{"$f":"+IFERROR(F272*E272*D272,\"\")","v":{"v":130407.7500652127,"d":"130,407.75"}},{"$f":"+H271","v":{"v":3,"d":"3.00"}},{"v":43469,"d":"$ 43,469"}]
[" AYUDANTE RASO",null,null,1,{"$f":"+IF(D273=\"\",\"\",VLOOKUP(A273,$L$4:$O$10,3,FALSE))","v":{"v":54117,"d":"$ 54,117.00"}},{"$f":"+IF(D273=\"\",\"\",(VLOOKUP(A273,$L$4:$O$10,4,FALSE))+1)","v":{"v":1.7246636834087141,"d":"172%"}},{"$f":"+IFERROR(F273*E273*D273,\"\")","v":{"v":93333.62455502938,"d":"93,333.62"}},{"$f":"+H272","v":{"v":3,"d":"3.00"}},{"v":31111,"d":"$ 31,111"}]
[]
["Sub-Total",{"$nulls":8},{"$f":"SUM(I271:I274)","v":{"v":149651,"d":"$ 149,651.00"}}]
[{"$f":"+$A$34","v":"AMPLIACIÓN Y OPTIMIZACIÓN DEL SITIO DE DISPOSICIÓN FINAL DE RESIDUOS SOLIDOS DEL CORREGIMIENTO DE SAN MIGUEL EN EL MUNICIPIO DEL MEDIO SAN JUAN MEDIANTE LA EJECUCIÓN DE ACTIVIDADES DE CIERRE - CLAUSURA Y APERTURA DE CELDA DE CONTINGENCIA"}]
[]
["ITEM:  ","DESCRIPCION",{"$nulls":6},"UNIDAD:","COSTO DIRECTO"]
[5.01,{"$f":"+VLOOKUP(A279,[46]PTO!$B$4:$D$28,2,FALSE)","v":"Suministro e instalación de la geomembrana Textil HR - 30.000 Espesor 0,75 ml para la impermeabilización"},{"$nulls":6},{"$f":"+VLOOKUP(A279,[46]PTO!$B$4:$D$28,3,FALSE)","v":"m2"},{"$f":"+ROUND(SUM(J287:J313),0)","v":{"v":26304,"d":"$ 26,304.00"}},null,{"$f":"+VLOOKUP(A279,[46]PTO!$B$5:$E$385,5,FALSE)","v":{"$error":"#REF!"}}]
["I. EQUIPO"]
["Descripción",{"$nulls":4},"Tipo","Tarifa/dia","Rendimiento","Valor-Unit."]
["Herramienta menor (% Mano de obra)",{"$nulls":5},{"v":0.05,"d":"5%"},null,{"$f":"ROUND(J313*G282,0)","v":{"v":561,"d":"$ 561.00"}}]
[{"$nulls":5},{"$f":"+IF(A283=\"\",\"\",VLOOKUP(A283,[46]MATERIALES!$B$7:$D$1222,2,FALSE))","v":""},{"$f":"+IF(A283=\"\",\"\",VLOOKUP(A283,[46]MATERIALES!$B$7:$E$1222,3,FALSE))","v":""},{"$f":"IF(A283=\"\",\"\",IFERROR(1/H309,\"\"))","v":""},{"$f":"IFERROR((ROUND(G283*H283,0)),\"\")","v":""}]
[{"$nulls":5},{"$f":"+IF(A284=\"\",\"\",VLOOKUP(A284,[46]MATERIALES!$B$7:$D$1222,2,FALSE))","v":""},{"$f":"+IF(A284=\"\",\"\",VLOOKUP(A284,[46]MATERIALES!$B$7:$E$1222,3,FALSE))","v":""},{"$f":"IF(A284=\"\",\"\",IFERROR(1/H310,\"\"))","v":""},{"$f":"IFERROR(G284*H284,\"\")","v":""}]
[{"$nulls":5},{"$f":"+IF(A285=\"\",\"\",VLOOKUP(A285,[46]MATERIALES!$B$7:$D$1222,2,FALSE))","v":""},{"$f":"+IF(A285=\"\",\"\",VLOOKUP(A285,[46]MATERIALES!$B$7:$E$1222,3,FALSE))","v":""},"",""]
[]
["Sub-Total",{"$nulls":8},{"$f":"+SUM(I282:I286)","v":{"v":561,"d":"$ 561.00"}}]
["II. MATERIALES EN OBRA"]
["Descripción",{"$nulls":3},"Unidad","Precio-Unit.","Cantidad","Desperdicio","Valor-Unit."]
["Geomembrana textil HR 30.000",{"$nulls":3},{"$f":"+IF(A290=\"\",\"\",VLOOKUP(A290,[46]MATERIALES!$B$7:$D$225,2,FALSE))","v":"m2"},{"$f":"+IF(A290=\"\",\"\",VLOOKUP(A290,[46]MATERIALES!$B$7:$E$225,3,FALSE))","v":{"v":10800,"d":"$ 10,800"}},{"v":1,"d":"1.000 "},null,{"$f":"IFERROR(F290*G290*(1+H290),\"\")","v":{"v":10800,"d":"$ 10,800.00"}}]
[{"$nulls":4},{"$f":"+IF(A291=\"\",\"\",VLOOKUP(A291,[46]MATERIALES!$B$7:$D$225,2,FALSE))","v":""},{"$f":"+IF(A291=\"\",\"\",VLOOKUP(A291,[46]MATERIALES!$B$7:$E$225,3,FALSE))","v":""},null,null,{"$f":"IFERROR(F291*G291*(1+H291),\"\")","v":""}]
[{"$nulls":4},{"$f":"+IF(A292=\"\",\"\",VLOOKUP(A292,[46]MATERIALES!$B$7:$D$225,2,FALSE))","v":""},{"$f":"+IF(A292=\"\",\"\",VLOOKUP(A292,[46]MATERIALES!$B$7:$E$225,3,FALSE))","v":""},null,null,""]
[{"$nulls":4},{"$f":"+IF(A293=\"\",\"\",VLOOKUP(A293,[46]MATERIALES!$B$7:$D$225,2,FALSE))","v":""},{"$f":"+IF(A293=\"\",\"\",VLOOKUP(A293,[46]MATERIALES!$B$7:$E$225,3,FALSE))","v":""},null,null,""]
[{"$nulls":4},{"$f":"+IF(A294=\"\",\"\",VLOOKUP(A294,[46]MATERIALES!$B$7:$D$225,2,FALSE))","v":""},{"$f":"+IF(A294=\"\",\"\",VLOOKUP(A294,[46]MATERIALES!$B$7:$E$225,3,FALSE))","v":""},null,null,""]
[{"$nulls":4},{"$f":"+IF(A295=\"\",\"\",VLOOKUP(A295,[46]MATERIALES!$B$7:$D$225,2,FALSE))","v":""},{"$f":"+IF(A295=\"\",\"\",VLOOKUP(A295,[46]MATERIALES!$B$7:$E$225,3,FALSE))","v":""},null,null,{"$f":"IFERROR((ROUND((F295*G295*(1+H295)),0)),\"\")","v":""}]
[{"$nulls":4},{"$f":"+IF(A296=\"\",\"\",VLOOKUP(A296,[46]MATERIALES!$B$7:$D$225,2,FALSE))","v":""},{"$f":"+IF(A296=\"\",\"\",VLOOKUP(A296,[46]MATERIALES!$B$7:$E$225,3,FALSE))","v":""},null,null,""]
[{"$nulls":4},{"$f":"+IF(A297=\"\",\"\",VLOOKUP(A297,[46]MATERIALES!$B$7:$D$225,2,FALSE))","v":""},{"$f":"+IF(A297=\"\",\"\",VLOOKUP(A297,[46]MATERIALES!$B$7:$E$225,3,FALSE))","v":""},null,null,""]
[{"$nulls":8},{"$f":"IFERROR(F298*G298*(1+H298),\"\")","v":0}]
["Sub-Total",{"$nulls":8},{"$f":"SUM(I290:I298)","v":{"v":10800,"d":"$ 10,800.00"}}]
["III. TRANSPORTES"]
["Material",{"$nulls":3},"TIPO","Vol. Peso ó Cant.","Distancia","Tarifa","Valor-Unit."]
["TRANSPORTE DESDE MEDELLIN",{"$nulls":3},{"$f":"+IF(A302=\"\",\"\",VLOOKUP(A302,[46]MATERIALES!$B$7:$E$1222,2,FALSE))","v":"m3/km"},0.005,{"$f":"+IF(A302=\"\",\"\",VLOOKUP(A302,[46]MATERIALES!$B$7:$E$1222,4,FALSE))","v":{"v":413.59999999999997,"d":"413.6"}},{"$f":"+IF(A302=\"\",\"\",VLOOKUP(A302,[46]MATERIALES!$B$7:$E$1222,3,FALSE))","v":{"v":1799,"d":"1,799.00"}},{"$f":"IFERROR(G302*H302*F302,\"\")","v":{"v":3720.3319999999994,"d":"$ 3,720.33"}}]
[{"$nulls":4},{"$f":"+IF(A303=\"\",\"\",VLOOKUP(A303,[46]MATERIALES!$B$7:$E$1222,2,FALSE))","v":""},null,{"$f":"+IF(A303=\"\",\"\",VLOOKUP(A303,[46]MATERIALES!$B$7:$E$1222,4,FALSE))","v":""},{"$f":"+IF(A303=\"\",\"\",VLOOKUP(A303,[46]MATERIALES!$B$7:$E$1222,3,FALSE))","v":""},{"$f":"IFERROR(G303*H303*F303,\"\")","v":""}]
[]
[]
["Sub-Total",{"$nulls":8},{"$f":"SUM(I302:I305)","v":{"v":3720.3319999999994,"d":"$ 3,720.33"}}]
["IV. MANO DE OBRA"]
["Trabajador",{"$nulls":3},"Jornal","Prestaciones","Jornal Total","Rendimiento","Valor-Unit."]
["OFICIAL B",null,null,1,{"$f":"+IF(D309=\"\",\"\",VLOOKUP(A309,$L$4:$O$10,3,FALSE))","v":{"v":142350,"d":"$ 142,350.00"}},{"$f":"+IF(D309=\"\",\"\",(VLOOKUP(A309,$L$4:$O$10,4,FALSE))+1)","v":{"v":1.5821008628015805,"d":"158%"}},{"$f":"+IFERROR(F309*E309*D309,\"\")","v":{"v":225212.057819805,"d":"225,212.06"}},{"v":40,"d":"40.00"},{"$f":"+IFERROR((ROUND(G309/H309,0)),\"\")","v":{"v":5630,"d":"$ 5,630"}}]
["AYUDANTE ENTENDIDO",null,null,1,{"$f":"+IF(D310=\"\",\"\",VLOOKUP(A310,$L$4:$O$10,3,FALSE))","v":{"v":77842,"d":"$ 77,842.00"}},{"$f":"+IF(D310=\"\",\"\",(VLOOKUP(A310,$L$4:$O$10,4,FALSE))+1)","v":{"v":1.6752877632282406,"d":"168%"}},{"$f":"+IFERROR(F310*E310*D310,\"\")","v":{"v":130407.7500652127,"d":"130,407.75"}},{"$f":"+H309","v":{"v":40,"d":"40.00"}},{"v":3260,"d":"$ 3,260"}]
[" AYUDANTE RASO",null,null,1,{"$f":"+IF(D311=\"\",\"\",VLOOKUP(A311,$L$4:$O$10,3,FALSE))","v":{"v":54117,"d":"$ 54,117.00"}},{"$f":"+IF(D311=\"\",\"\",(VLOOKUP(A311,$L$4:$O$10,4,FALSE))+1)","v":{"v":1.7246636834087141,"d":"172%"}},{"$f":"+IFERROR(F311*E311*D311,\"\")","v":{"v":93333.62455502938,"d":"93,333.62"}},{"$f":"+H310","v":{"v":40,"d":"40.00"}},{"v":2333,"d":"$ 2,333"}]
[]
["Sub-Total",{"$nulls":8},{"$f":"SUM(I309:I312)","v":{"v":11223,"d":"$ 11,223.00"}}]
[{"$f":"+$A$34","v":"AMPLIACIÓN Y OPTIMIZACIÓN DEL SITIO DE DISPOSICIÓN FINAL DE RESIDUOS SOLIDOS DEL CORREGIMIENTO DE SAN MIGUEL EN EL MUNICIPIO DEL MEDIO SAN JUAN MEDIANTE LA EJECUCIÓN DE ACTIVIDADES DE CIERRE - CLAUSURA Y APERTURA DE CELDA DE CONTINGENCIA"}]
[]
["ITEM:  ","DESCRIPCION",{"$nulls":6},"UNIDAD:","COSTO DIRECTO"]
[5.02,{"$f":"+VLOOKUP(A317,[46]PTO!$B$4:$D$28,2,FALSE)","v":"Excavación de cunetas para tuberías de lixiviados y pozo de recirculación de lixiviados"},{"$nulls":6},{"$f":"+VLOOKUP(A317,[46]PTO!$B$4:$D$28,3,FALSE)","v":"m3"},{"$f":"+ROUND(SUM(J325:J348),0)","v":{"v":65178,"d":"$ 65,178.00"}},null,{"$f":"+VLOOKUP(A317,[46]PTO!$B$5:$E$385,5,FALSE)","v":{"$error":"#REF!"}}]
["I. EQUIPO"]
["Descripción",{"$nulls":4},"Tipo","Tarifa/dia","Rendimiento","Valor-Unit."]
["Herramienta menor (% Mano de obra)",{"$nulls":5},{"v":0.05,"d":"5%"},null,{"$f":"ROUND(J348*G320,0)","v":{"v":2175,"d":"$ 2,175.00"}},null,null,{"$f":"+L317-J317","v":{"$error":"#REF!"}}]
[{"$nulls":5},{"$f":"+IF(A321=\"\",\"\",VLOOKUP(A321,[46]MATERIALES!$B$7:$D$1222,2,FALSE))","v":""},{"$f":"+IF(A321=\"\",\"\",VLOOKUP(A321,[46]MATERIALES!$B$7:$E$1222,3,FALSE))","v":""},{"$f":"IF(A321=\"\",\"\",IFERROR(1/H344,\"\"))","v":""},{"$f":"IFERROR((ROUND(G321*H321,0)),\"\")","v":""},null,null,{"$f":"+L320+I328","v":{"$error":"#REF!"}}]
[{"$nulls":5},{"$f":"+IF(A322=\"\",\"\",VLOOKUP(A322,[46]MATERIALES!$B$7:$D$1222,2,FALSE))","v":""},{"$f":"+IF(A322=\"\",\"\",VLOOKUP(A322,[46]MATERIALES!$B$7:$E$1222,3,FALSE))","v":""},{"$f":"IF(A322=\"\",\"\",IFERROR(1/H345,\"\"))","v":""},{"$f":"IFERROR(G322*H322,\"\")","v":""}]
[]
[]
["Sub-Total",{"$nulls":8},{"$f":"+SUM(I320:I324)","v":{"v":2175,"d":"$ 2,175.00"}}]
["II. MATERIALES EN OBRA"]
["Descripción",{"$nulls":3},"Unidad","Precio-Unit.","Cantidad","Desperdicio","Valor-Unit."]
[{"$nulls":4},{"$f":"+IF(A328=\"\",\"\",VLOOKUP(A328,[46]MATERIALES!$B$7:$D$225,2,FALSE))","v":""},{"$f":"+IF(A328=\"\",\"\",VLOOKUP(A328,[46]MATERIALES!$B$7:$E$225,3,FALSE))","v":""},null,null,{"$f":"IFERROR((ROUND((F328*G328*(1+H328)),0)),\"\")","v":""}]
[{"$nulls":4},{"$f":"+IF(A329=\"\",\"\",VLOOKUP(A329,[46]MATERIALES!$B$7:$D$225,2,FALSE))","v":""},{"$f":"+IF(A329=\"\",\"\",VLOOKUP(A329,[46]MATERIALES!$B$7:$E$225,3,FALSE))","v":""},null,null,""]
[{"$nulls":4},{"$f":"+IF(A330=\"\",\"\",VLOOKUP(A330,[46]MATERIALES!$B$7:$D$225,2,FALSE))","v":""},{"$f":"+IF(A330=\"\",\"\",VLOOKUP(A330,[46]MATERIALES!$B$7:$E$225,3,FALSE))","v":""},null,null,""]
[{"$nulls":4},{"$f":"+IF(A331=\"\",\"\",VLOOKUP(A331,[46]MATERIALES!$B$7:$D$225,2,FALSE))","v":""},{"$f":"+IF(A331=\"\",\"\",VLOOKUP(A331,[46]MATERIALES!$B$7:$E$225,3,FALSE))","v":""},null,null,""]
[{"$nulls":4},{"$f":"+IF(A332=\"\",\"\",VLOOKUP(A332,[46]MATERIALES!$B$7:$D$225,2,FALSE))","v":""},{"$f":"+IF(A332=\"\",\"\",VLOOKUP(A332,[46]MATERIALES!$B$7:$E$225,3,FALSE))","v":""},null,null,""]
[{"$nulls":8},{"$f":"IFERROR(G333*H333,\"\")","v":0}]
["Sub-Total",{"$nulls":8},{"$f":"SUM(I328:I333)","v":0}]
["III. TRANSPORTES"]
["Material",{"$nulls":3},"TIPO","Vol. Peso ó Cant.","Distancia","Tarifa","Valor-Unit."]
["TRANSPORTE DISPOSICION DE MATERIAL SOBRANTE",{"$nulls":3},{"$f":"+IF(A337=\"\",\"\",VLOOKUP(A337,[46]MATERIALES!$B$7:$E$1222,2,FALSE))","v":"M3"},{"v":1.3,"d":"1.30"},{"$f":"+IF(A337=\"\",\"\",VLOOKUP(A337,[46]MATERIALES!$B$7:$E$1222,4,FALSE))","v":{"v":5,"d":"5.0"}},{"$f":"+IF(A337=\"\",\"\",VLOOKUP(A337,[46]MATERIALES!$B$7:$E$1222,3,FALSE))","v":{"v":3000,"d":"3,000.00"}},{"$f":"IFERROR((ROUND(G337*H337*F337,0)),\"\")","v":{"v":19500,"d":"$ 19,500"}}]
[{"$nulls":4},{"$f":"+IF(A338=\"\",\"\",VLOOKUP(A338,[46]MATERIALES!$B$7:$E$1222,2,FALSE))","v":""},null,{"$f":"+IF(A338=\"\",\"\",VLOOKUP(A338,[46]MATERIALES!$B$7:$E$1222,4,FALSE))","v":""},{"$f":"+IF(A338=\"\",\"\",VLOOKUP(A338,[46]MATERIALES!$B$7:$E$1222,3,FALSE))","v":""},{"$f":"IFERROR((ROUND(G338*H338*F338,0)),\"\")","v":""}]
[]
[]
["Sub-Total",{"$nulls":8},{"$f":"SUM(I337:I340)","v":{"v":19500,"d":"$ 19,500.00"}}]
["IV. MANO DE OBRA"]
["Trabajador",{"$nulls":3},"Jornal","Prestaciones","Jornal Total","Rendimiento","Valor-Unit."]
["OFICIAL A",null,null,1,{"$f":"+IF(D344=\"\",\"\",VLOOKUP(A344,$L$4:$O$10,3,FALSE))","v":{"v":101567,"d":"$ 101,567.00"}},{"$f":"+IF(D344=\"\",\"\",(VLOOKUP(A344,$L$4:$O$10,4,FALSE))+1)","v":{"v":1.6519796512835072,"d":"165%"}},{"$f":"+IFERROR(F344*E344*D344,\"\")","v":{"v":167786.61724191197,"d":"167,786.62"}},{"v":9,"d":"9.00"},{"$f":"+IFERROR((ROUND(G344/H344,0)),\"\")","v":{"v":18643,"d":"$ 18,643"}}]
["AYUDANTE ENTENDIDO",null,null,1,{"$f":"+IF(D345=\"\",\"\",VLOOKUP(A345,$L$4:$O$10,3,FALSE))","v":{"v":77842,"d":"$ 77,842.00"}},{"$f":"+IF(D345=\"\",\"\",(VLOOKUP(A345,$L$4:$O$10,4,FALSE))+1)","v":{"v":1.6752877632282406,"d":"168%"}},{"v":130407.7500652127,"d":"130,407.75"},{"$f":"+H344","v":{"v":9,"d":"9.00"}},{"v":14490,"d":"$ 14,490"}]
[" AYUDANTE RASO",null,null,1,{"$f":"+IF(D346=\"\",\"\",VLOOKUP(A346,$L$4:$O$10,3,FALSE))","v":{"v":54117,"d":"$ 54,117.00"}},{"$f":"+IF(D346=\"\",\"\",(VLOOKUP(A346,$L$4:$O$10,4,FALSE))+1)","v":{"v":1.7246636834087141,"d":"172%"}},{"v":93333.62455502938,"d":"93,333.62"},{"$f":"+H345","v":{"v":9,"d":"9.00"}},{"v":10370,"d":"$ 10,370"}]
[]
["Sub-Total",{"$nulls":8},{"$f":"SUM(I344:I347)","v":{"v":43503,"d":"$ 43,503.00"}}]
[{"$f":"+$A$34","v":"AMPLIACIÓN Y OPTIMIZACIÓN DEL SITIO DE DISPOSICIÓN FINAL DE RESIDUOS SOLIDOS DEL CORREGIMIENTO DE SAN MIGUEL EN EL MUNICIPIO DEL MEDIO SAN JUAN MEDIANTE LA EJECUCIÓN DE ACTIVIDADES DE CIERRE - CLAUSURA Y APERTURA DE CELDA DE CONTINGENCIA"}]
[]
["ITEM:  ","DESCRIPCION",{"$nulls":6},"UNIDAD:","COSTO DIRECTO"]
[5.03,{"$f":"+VLOOKUP(A352,[46]PTO!$B$4:$D$28,2,FALSE)","v":"Suministro e instalación de tubería sanitaria de 4\" para recolección de lixiviados. "},{"$nulls":6},{"$f":"+VLOOKUP(A352,[46]PTO!$B$4:$D$28,3,FALSE)","v":"m"},{"$f":"+ROUND(SUM(J360:J386),0)","v":{"v":38530,"d":"$ 38,530.00"}},null,{"$f":"+VLOOKUP(A352,[46]PTO!$B$5:$E$385,5,FALSE)","v":{"$error":"#REF!"}}]
["I. EQUIPO"]
["Descripción",{"$nulls":4},"Tipo","Tarifa/dia","Rendimiento","Valor-Unit."]
["Herramienta menor (% Mano de obra)",{"$nulls":5},{"v":0.05,"d":"5%"},null,{"$f":"ROUND(J386*G355,0)","v":{"v":608,"d":"$ 608.00"}}]
["PULIDORA ",{"$nulls":4},{"$f":"+IF(A356=\"\",\"\",VLOOKUP(A356,[46]MATERIALES!$B$7:$D$1222,2,FALSE))","v":"DIA"},{"$f":"+IF(A356=\"\",\"\",VLOOKUP(A356,[46]MATERIALES!$B$7:$E$1222,3,FALSE))","v":{"v":32500,"d":"$ 32,500"}},{"$f":"IFERROR(1/H382,\"\")","v":{"v":0.025,"d":"0.025 "}},{"$f":"IFERROR((ROUND(G356*H356,0)),\"\")","v":{"v":813,"d":"$ 813.00"}}]
[{"$nulls":5},{"$f":"+IF(A357=\"\",\"\",VLOOKUP(A357,[46]MATERIALES!$B$7:$D$1222,2,FALSE))","v":""},{"$f":"+IF(A357=\"\",\"\",VLOOKUP(A357,[46]MATERIALES!$B$7:$E$1222,3,FALSE))","v":""},{"$f":"IF(A357=\"\",\"\",IFERROR(1/H382,\"\"))","v":""},{"$f":"IFERROR(G357*H357,\"\")","v":""}]
[]
[]
["Sub-Total",{"$nulls":8},{"$f":"+SUM(I355:I359)","v":{"v":1421,"d":"$ 1,421.00"}}]
["II. MATERIALES EN OBRA"]
["Descripción",{"$nulls":3},"Unidad","Precio-Unit.","Cantidad","Desperdicio","Valor-Unit."]
["Tubo sanitario 4\"",{"$nulls":3},{"$f":"+IF(A363=\"\",\"\",VLOOKUP(A363,[46]MATERIALES!$B$7:$D$225,2,FALSE))","v":"UN"},{"$f":"+IF(A363=\"\",\"\",VLOOKUP(A363,[46]MATERIALES!$B$7:$E$225,3,FALSE))","v":{"v":78400,"d":"$ 78,400"}},{"v":0.16666666666666666,"d":"0.167 "},{"v":0.05,"d":"5%"},{"$f":"IFERROR(F363*G363*(1+H363),\"\")","v":{"v":13720,"d":"$ 13,720.00"}}]
["Unión sanitaria 4\"",{"$nulls":3},{"$f":"+IF(A364=\"\",\"\",VLOOKUP(A364,[46]MATERIALES!$B$7:$D$225,2,FALSE))","v":"UN"},{"$f":"+IF(A364=\"\",\"\",VLOOKUP(A364,[46]MATERIALES!$B$7:$E$225,3,FALSE))","v":{"v":5800,"d":"$ 5,800"}},{"v":0.16666666666666666,"d":"0.167 "},{"v":0.05,"d":"5%"},{"$f":"IFERROR(F364*G364*(1+H364),\"\")","v":{"v":1015,"d":"$ 1,015.00"}}]
["Soldadura líquida  1/4\"",{"$nulls":3},{"$f":"+IF(A365=\"\",\"\",VLOOKUP(A365,[46]MATERIALES!$B$7:$D$225,2,FALSE))","v":"UN"},{"$f":"+IF(A365=\"\",\"\",VLOOKUP(A365,[46]MATERIALES!$B$7:$E$225,3,FALSE))","v":{"v":85400,"d":"$ 85,400"}},{"v":0.03,"d":"0.030 "},{"v":0.05,"d":"5%"},{"v":2690.1,"d":"$ 2,690.10"}]
["Limpiador x 1/4",{"$nulls":3},{"$f":"+IF(A366=\"\",\"\",VLOOKUP(A366,[46]MATERIALES!$B$7:$D$225,2,FALSE))","v":"un"},{"$f":"+IF(A366=\"\",\"\",VLOOKUP(A366,[46]MATERIALES!$B$7:$E$225,3,FALSE))","v":{"v":54900,"d":"$ 54,900"}},{"$f":"+G365","v":{"v":0.03,"d":"0.030 "}},{"v":0.05,"d":"5%"},{"v":1729.3500000000001,"d":"$ 1,729.35"}]
["Estopa pequeña",{"$nulls":3},{"$f":"+IF(A367=\"\",\"\",VLOOKUP(A367,[46]MATERIALES!$B$7:$D$225,2,FALSE))","v":"Libra"},{"$f":"+IF(A367=\"\",\"\",VLOOKUP(A367,[46]MATERIALES!$B$7:$E$225,3,FALSE))","v":{"v":7800,"d":"$ 7,800"}},{"v":0.2,"d":"0.20 "},{"v":0.05,"d":"5%"},{"v":1638,"d":"$ 1,638.00"}]
[{"$nulls":4},{"$f":"+IF(A368=\"\",\"\",VLOOKUP(A368,[46]MATERIALES!$B$7:$D$225,2,FALSE))","v":""},{"$f":"+IF(A368=\"\",\"\",VLOOKUP(A368,[46]MATERIALES!$B$7:$E$225,3,FALSE))","v":""},null,null,{"$f":"IFERROR((ROUND((F368*G368*(1+H368)),0)),\"\")","v":""}]
[{"$nulls":4},{"$f":"+IF(A369=\"\",\"\",VLOOKUP(A369,[46]MATERIALES!$B$7:$D$225,2,FALSE))","v":""},{"$f":"+IF(A369=\"\",\"\",VLOOKUP(A369,[46]MATERIALES!$B$7:$E$225,3,FALSE))","v":""},null,null,""]
[{"$nulls":4},{"$f":"+IF(A370=\"\",\"\",VLOOKUP(A370,[46]MATERIALES!$B$7:$D$225,2,FALSE))","v":""},{"$f":"+IF(A370=\"\",\"\",VLOOKUP(A370,[46]MATERIALES!$B$7:$E$225,3,FALSE))","v":""},null,null,""]
[{"$nulls":8},{"$f":"IFERROR(F371*G371*(1+H371),\"\")","v":0}]
["Sub-Total",{"$nulls":8},{"$f":"SUM(I363:I371)","v":{"v":20792.449999999997,"d":"$ 20,792.45"}},null,{"$f":"0.1*0.1","v":0.010000000000000002}]
["III. TRANSPORTES"]
["Material",{"$nulls":3},"TIPO","Vol. Peso ó Cant.","Distancia","Tarifa","Valor-Unit."]
["TRANSPORTE DESDE ISTMINA",{"$nulls":3},{"$f":"+IF(A375=\"\",\"\",VLOOKUP(A375,[46]MATERIALES!$B$7:$E$1222,2,FALSE))","v":"m3/km"},0.05,{"$f":"+IF(A375=\"\",\"\",VLOOKUP(A375,[46]MATERIALES!$B$7:$E$1222,4,FALSE))","v":9.6},{"$f":"+IF(A375=\"\",\"\",VLOOKUP(A375,[46]MATERIALES!$B$7:$E$1222,3,FALSE))","v":{"v":8681,"d":"8,681.00"}},{"$f":"IFERROR(G375*H375*F375,\"\")","v":{"v":4166.88,"d":"$ 4,166.88"}}]
[{"$nulls":4},{"$f":"+IF(A376=\"\",\"\",VLOOKUP(A376,[46]MATERIALES!$B$7:$E$1222,2,FALSE))","v":""},null,{"$f":"+IF(A376=\"\",\"\",VLOOKUP(A376,[46]MATERIALES!$B$7:$E$1222,4,FALSE))","v":""},{"$f":"+IF(A376=\"\",\"\",VLOOKUP(A376,[46]MATERIALES!$B$7:$E$1222,3,FALSE))","v":""},{"$f":"IFERROR(G376*H376*F376,\"\")","v":""}]
[]
[]
["Sub-Total",{"$nulls":8},{"$f":"SUM(I375:I378)","v":{"v":4166.88,"d":"$ 4,166.88"}}]
["IV. MANO DE OBRA"]
["Trabajador",{"$nulls":3},"Jornal","Prestaciones","Jornal Total","Rendimiento","Valor-Unit."]
["OFICIAL B",null,null,1,{"$f":"+IF(D382=\"\",\"\",VLOOKUP(A382,$L$4:$O$10,3,FALSE))","v":{"v":142350,"d":"$ 142,350.00"}},{"$f":"+IF(D382=\"\",\"\",(VLOOKUP(A382,$L$4:$O$10,4,FALSE))+1)","v":{"v":1.5821008628015805,"d":"158%"}},{"$f":"+IFERROR(F382*E382*D382,\"\")","v":{"v":225212.057819805,"d":"225,212.06"}},{"v":40,"d":"40.00"},{"$f":"+IFERROR((ROUND(G382/H382,0)),\"\")","v":{"v":5630,"d":"$ 5,630"}}]
["AYUDANTE ENTENDIDO",null,null,2,{"$f":"+IF(D383=\"\",\"\",VLOOKUP(A383,$L$4:$O$10,3,FALSE))","v":{"v":77842,"d":"$ 77,842.00"}},{"$f":"+IF(D383=\"\",\"\",(VLOOKUP(A383,$L$4:$O$10,4,FALSE))+1)","v":{"v":1.6752877632282406,"d":"168%"}},{"$f":"+IFERROR(F383*E383*D383,\"\")","v":{"v":260815.5001304254,"d":"260,815.50"}},{"$f":"+H382","v":{"v":40,"d":"40.00"}},{"v":6520,"d":"$ 6,520"}]
[{"$nulls":4},{"$f":"+IF(D384=\"\",\"\",VLOOKUP(A384,$L$4:$O$10,3,FALSE))","v":""},{"$f":"+IF(D384=\"\",\"\",(VLOOKUP(A384,$L$4:$O$10,4,FALSE))+1)","v":""},{"$f":"+IFERROR(F384*E384*D384,\"\")","v":""},null,""]
[]
["Sub-Total",{"$nulls":8},{"$f":"SUM(I382:I385)","v":{"v":12150,"d":"$ 12,150.00"}}]
[{"$f":"+$A$34","v":"AMPLIACIÓN Y OPTIMIZACIÓN DEL SITIO DE DISPOSICIÓN FINAL DE RESIDUOS SOLIDOS DEL CORREGIMIENTO DE SAN MIGUEL EN EL MUNICIPIO DEL MEDIO SAN JUAN MEDIANTE LA EJECUCIÓN DE ACTIVIDADES DE CIERRE - CLAUSURA Y APERTURA DE CELDA DE CONTINGENCIA"}]
[]
["ITEM:  ","DESCRIPCION",{"$nulls":6},"UNIDAD:","COSTO DIRECTO"]
[5.04,{"$f":"+VLOOKUP(A390,[46]PTO!$B$4:$D$28,2,FALSE)","v":"Construcción de cuarto de máquinas. "},{"$nulls":6},{"$f":"+VLOOKUP(A390,[46]PTO!$B$4:$D$28,3,FALSE)","v":"UN"},{"$f":"+ROUND(SUM(J398:J426),0)","v":{"v":1475892,"d":"$ 1,475,892.00"}},null,{"$f":"+VLOOKUP(A390,[46]PTO!$B$5:$E$385,5,FALSE)","v":{"$error":"#REF!"}}]
["I. EQUIPO"]
["Descripción",{"$nulls":4},"Tipo","Tarifa/dia","Rendimiento","Valor-Unit."]
["Herramienta menor (% Mano de obra)",{"$nulls":5},{"v":0.05,"d":"5%"},null,{"$f":"ROUND(J426*G393,0)","v":{"v":33635,"d":"$ 33,635.00"}}]
["PULIDORA ",{"$nulls":4},{"$f":"+IF(A394=\"\",\"\",VLOOKUP(A394,[46]MATERIALES!$B$7:$D$1222,2,FALSE))","v":"DIA"},{"$f":"+IF(A394=\"\",\"\",VLOOKUP(A394,[46]MATERIALES!$B$7:$E$1222,3,FALSE))","v":{"v":32500,"d":"$ 32,500"}},{"$f":"IFERROR(1/H422,\"\")","v":{"v":1,"d":"1.000 "}},{"$f":"IFERROR((ROUND(G394*H394,0)),\"\")","v":{"v":32500,"d":"$ 32,500.00"}}]
["TALADRO ",{"$nulls":4},{"$f":"+IF(A395=\"\",\"\",VLOOKUP(A395,[46]MATERIALES!$B$7:$D$1222,2,FALSE))","v":"DIA"},{"$f":"+IF(A395=\"\",\"\",VLOOKUP(A395,[46]MATERIALES!$B$7:$E$1222,3,FALSE))","v":{"v":50000,"d":"$ 50,000"}},{"$f":"IF(A395=\"\",\"\",IFERROR(1/H423,\"\"))","v":{"v":1,"d":"1.000 "}},{"$f":"IFERROR(G395*H395,\"\")","v":{"v":50000,"d":"$ 50,000.00"}}]
[{"$nulls":5},{"$f":"+IF(A396=\"\",\"\",VLOOKUP(A396,[46]MATERIALES!$B$7:$D$1222,2,FALSE))","v":""},{"$f":"+IF(A396=\"\",\"\",VLOOKUP(A396,[46]MATERIALES!$B$7:$E$1222,3,FALSE))","v":""},{"$f":"IF(A396=\"\",\"\",IFERROR(1/H422,\"\"))","v":""},""]
[]
["Sub-Total",{"$nulls":8},{"$f":"+SUM(I393:I397)","v":{"v":116135,"d":"$ 116,135.00"}}]
["II. MATERIALES EN OBRA"]
["Descripción",{"$nulls":3},"Unidad","Precio-Unit.","Cantidad","Desperdicio","Valor-Unit."]
["Ladrillo 10x15x30cm",{"$nulls":3},{"$f":"+IF(A401=\"\",\"\",VLOOKUP(A401,[46]MATERIALES!$B$7:$D$225,2,FALSE))","v":"un"},{"$f":"+IF(A401=\"\",\"\",VLOOKUP(A401,[46]MATERIALES!$B$7:$E$225,3,FALSE))","v":{"v":3000,"d":"$ 3,000"}},{"$f":"12.5*4","v":{"v":50,"d":"50.00 "}},null,{"$f":"IFERROR((ROUND((F401*G401*(1+H401)),0)),\"\")","v":{"v":150000,"d":"$ 150,000"}}]
["Mortero 1:4",{"$nulls":3},{"$f":"+IF(A402=\"\",\"\",VLOOKUP(A402,[46]MATERIALES!$B$7:$D$225,2,FALSE))","v":"m3"},{"$f":"+IF(A402=\"\",\"\",VLOOKUP(A402,[46]MATERIALES!$B$7:$E$225,3,FALSE))","v":{"v":977096,"d":"$ 977,096"}},{"$f":"0.02*4+8*0.02","v":{"v":0.24,"d":"0.24 "}},null,{"v":234503,"d":"$ 234,503"}]
["Lámina de policarbonato de 6mm",{"$nulls":3},{"$f":"+IF(A403=\"\",\"\",VLOOKUP(A403,[46]MATERIALES!$B$7:$D$225,2,FALSE))","v":"m2"},{"$f":"+IF(A403=\"\",\"\",VLOOKUP(A403,[46]MATERIALES!$B$7:$E$225,3,FALSE))","v":{"v":71500,"d":"$ 71,500"}},{"$f":"1.2*1.2","v":{"v":1.44,"d":"1.44 "}},null,{"v":102960,"d":"$ 102,960"}]
["Concreto 3000 Psi (21 Mpa)",{"$nulls":3},{"$f":"+IF(A404=\"\",\"\",VLOOKUP(A404,[46]MATERIALES!$B$7:$D$225,2,FALSE))","v":"m3"},{"$f":"+IF(A404=\"\",\"\",VLOOKUP(A404,[46]MATERIALES!$B$7:$E$225,3,FALSE))","v":{"v":840990,"d":"$ 840,990"}},{"v":0.1,"d":"0.10 "},null,{"v":84099,"d":"$ 84,099"}]
["Impermeabilizante",{"$nulls":3},{"$f":"+IF(A405=\"\",\"\",VLOOKUP(A405,[46]MATERIALES!$B$7:$D$225,2,FALSE))","v":"Galón"},{"$f":"+IF(A405=\"\",\"\",VLOOKUP(A405,[46]MATERIALES!$B$7:$E$225,3,FALSE))","v":{"v":150000,"d":"$ 150,000"}},{"v":0.25,"d":"0.25 "},null,{"$f":"IFERROR(F405*G405*(1+H405),\"\")","v":{"v":37500,"d":"$ 37,500.00"}}]
["Liston 2\" x 2\" x 3m",{"$nulls":3},{"$f":"+IF(A406=\"\",\"\",VLOOKUP(A406,[46]MATERIALES!$B$7:$D$225,2,FALSE))","v":"UN"},{"$f":"+IF(A406=\"\",\"\",VLOOKUP(A406,[46]MATERIALES!$B$7:$E$225,3,FALSE))","v":{"v":18000,"d":"$ 18,000"}},{"v":1,"d":"1.00 "},null,{"$f":"IFERROR(F406*G406*(1+H406),\"\")","v":{"v":18000,"d":"$ 18,000.00"}}]
[{"$nulls":8},0]
[{"$nulls":8},0]
[{"$nulls":8},0]
[{"$nulls":8},0]
[{"$nulls":8},0]
["Sub-Total",{"$nulls":8},{"$f":"SUM(I401:I411)","v":{"v":627062,"d":"$ 627,062.00"}}]
["III. TRANSPORTES"]
["Material",{"$nulls":3},"TIPO","Vol. Peso ó Cant.","Distancia","Tarifa","Valor-Unit."]
["TRANSPORTE INTERNO",{"$nulls":3},{"$f":"+IF(A415=\"\",\"\",VLOOKUP(A415,[46]MATERIALES!$B$7:$E$1222,2,FALSE))","v":"M3"},{"v":1,"d":"1.00"},{"$f":"+IF(A415=\"\",\"\",VLOOKUP(A415,[46]MATERIALES!$B$7:$E$1222,4,FALSE))","v":{"v":3,"d":"3.0"}},{"$f":"+IF(A415=\"\",\"\",VLOOKUP(A415,[46]MATERIALES!$B$7:$E$1222,3,FALSE))","v":{"v":15000,"d":"15,000.00"}},{"$f":"IFERROR(G415*H415*F415,\"\")","v":{"v":45000,"d":"$ 45,000.00"}}]
["TRANSPORTE DISPOSICION DE MATERIAL SOBRANTE",{"$nulls":3},{"$f":"+IF(A416=\"\",\"\",VLOOKUP(A416,[46]MATERIALES!$B$7:$E$1222,2,FALSE))","v":"M3"},{"v":1,"d":"1.00"},{"$f":"+IF(A416=\"\",\"\",VLOOKUP(A416,[46]MATERIALES!$B$7:$E$1222,4,FALSE))","v":{"v":5,"d":"5.0"}},{"$f":"+IF(A416=\"\",\"\",VLOOKUP(A416,[46]MATERIALES!$B$7:$E$1222,3,FALSE))","v":{"v":3000,"d":"3,000.00"}},{"$f":"IFERROR(G416*H416*F416,\"\")","v":{"v":15000,"d":"$ 15,000.00"}}]
[]
[]
["Sub-Total",{"$nulls":8},{"$f":"SUM(I415:I418)","v":{"v":60000,"d":"$ 60,000.00"}}]
["IV. MANO DE OBRA"]
["Trabajador",{"$nulls":3},"Jornal","Prestaciones","Jornal Total","Rendimiento","Valor-Unit."]
["OFICIAL B",null,null,1,{"$f":"+IF(D422=\"\",\"\",VLOOKUP(A422,$L$4:$O$10,3,FALSE))","v":{"v":142350,"d":"$ 142,350.00"}},{"$f":"+IF(D422=\"\",\"\",(VLOOKUP(A422,$L$4:$O$10,4,FALSE))+1)","v":{"v":1.5821008628015805,"d":"158%"}},{"$f":"+IFERROR(F422*E422*D422,\"\")","v":{"v":225212.057819805,"d":"225,212.06"}},{"v":1,"d":"1.00"},{"$f":"IFERROR(G422/H422,\"\")","v":{"v":225212.057819805,"d":"$ 225,212.06"}}]
["AYUDANTE ENTENDIDO",null,null,2,{"$f":"+IF(D423=\"\",\"\",VLOOKUP(A423,$L$4:$O$10,3,FALSE))","v":{"v":77842,"d":"$ 77,842.00"}},{"$f":"+IF(D423=\"\",\"\",(VLOOKUP(A423,$L$4:$O$10,4,FALSE))+1)","v":{"v":1.6752877632282406,"d":"168%"}},{"$f":"+IFERROR(F423*E423*D423,\"\")","v":{"v":260815.5001304254,"d":"260,815.50"}},{"$f":"+H422","v":{"v":1,"d":"1.00"}},{"$f":"IFERROR(G423/H423,\"\")","v":{"v":260815.5001304254,"d":"$ 260,815.50"}}]
[" AYUDANTE RASO",null,null,2,{"$f":"+IF(D424=\"\",\"\",VLOOKUP(A424,$L$4:$O$10,3,FALSE))","v":{"v":54117,"d":"$ 54,117.00"}},{"$f":"+IF(D424=\"\",\"\",(VLOOKUP(A424,$L$4:$O$10,4,FALSE))+1)","v":{"v":1.7246636834087141,"d":"172%"}},{"$f":"+IFERROR(F424*E424*D424,\"\")","v":{"v":186667.24911005876,"d":"186,667.25"}},{"$f":"+H423","v":{"v":1,"d":"1.00"}},{"v":186667.24911005876,"d":"$ 186,667.25"}]
[]
["Sub-Total",{"$nulls":8},{"$f":"SUM(I422:I425)","v":{"v":672694.8070602892,"d":"$ 672,694.81"}}]
[{"$f":"+$A$34","v":"AMPLIACIÓN Y OPTIMIZACIÓN DEL SITIO DE DISPOSICIÓN FINAL DE RESIDUOS SOLIDOS DEL CORREGIMIENTO DE SAN MIGUEL EN EL MUNICIPIO DEL MEDIO SAN JUAN MEDIANTE LA EJECUCIÓN DE ACTIVIDADES DE CIERRE - CLAUSURA Y APERTURA DE CELDA DE CONTINGENCIA"}]
[]
["ITEM:  ","DESCRIPCION",{"$nulls":6},"UNIDAD:","COSTO DIRECTO"]
[5.05,{"$f":"+VLOOKUP(A430,[46]PTO!$B$4:$D$28,2,FALSE)","v":"Suministro e instalación de moto bomba de 2x2 autocebante para la evacuación de tanques de los lixiviados"},{"$nulls":6},{"$f":"+VLOOKUP(A430,[46]PTO!$B$4:$D$28,3,FALSE)","v":"UN"},{"$f":"+ROUND(SUM(J438:J460),0)","v":{"v":4210402,"d":"$ 4,210,402.00"}},null,{"$f":"+VLOOKUP(A430,[46]PTO!$B$5:$E$385,5,FALSE)","v":{"$error":"#REF!"}}]
["I. EQUIPO"]
["Descripción",{"$nulls":4},"Tipo","Tarifa/dia","Rendimiento","Valor-Unit."]
["Herramienta menor (% Mano de obra)",{"$nulls":5},{"v":0.05,"d":"5%"},null,{"$f":"ROUND(J460*G433,0)","v":{"v":17781,"d":"$ 17,781.00"}}]
[{"$nulls":5},{"$f":"+IF(A434=\"\",\"\",VLOOKUP(A434,[46]MATERIALES!$B$7:$D$1222,2,FALSE))","v":""},{"$f":"+IF(A434=\"\",\"\",VLOOKUP(A434,[46]MATERIALES!$B$7:$E$1222,3,FALSE))","v":""},{"$f":"IF(A434=\"\",\"\",IFERROR(1/H456,\"\"))","v":""},{"$f":"IFERROR((ROUND(G434*H434,0)),\"\")","v":""}]
[{"$nulls":5},{"$f":"+IF(A435=\"\",\"\",VLOOKUP(A435,[46]MATERIALES!$B$7:$D$1222,2,FALSE))","v":""},{"$f":"+IF(A435=\"\",\"\",VLOOKUP(A435,[46]MATERIALES!$B$7:$E$1222,3,FALSE))","v":""},{"$f":"IF(A435=\"\",\"\",IFERROR(1/H457,\"\"))","v":""},{"$f":"IFERROR(G435*H435,\"\")","v":""}]
[{"$nulls":5},{"$f":"+IF(A436=\"\",\"\",VLOOKUP(A436,[46]MATERIALES!$B$7:$D$1222,2,FALSE))","v":""},{"$f":"+IF(A436=\"\",\"\",VLOOKUP(A436,[46]MATERIALES!$B$7:$E$1222,3,FALSE))","v":""},{"$f":"IF(A436=\"\",\"\",IFERROR(1/H456,\"\"))","v":""},""]
[{"$nulls":5},{"$f":"+IF(A437=\"\",\"\",VLOOKUP(A437,[46]MATERIALES!$B$7:$D$1222,2,FALSE))","v":""},{"$f":"+IF(A437=\"\",\"\",VLOOKUP(A437,[46]MATERIALES!$B$7:$E$1222,3,FALSE))","v":""},{"$f":"IF(A437=\"\",\"\",IFERROR(2/H457,\"\"))","v":""},""]
["Sub-Total",{"$nulls":8},{"$f":"+SUM(I433:I437)","v":{"v":17781,"d":"$ 17,781.00"}}]
["II. MATERIALES EN OBRA"]
["Descripción",{"$nulls":3},"Unidad","Precio-Unit.","Cantidad","Desperdicio","Valor-Unit."]
["Motobomba 2x2",{"$nulls":3},{"$f":"+IF(A441=\"\",\"\",VLOOKUP(A441,[46]MATERIALES!$B$7:$D$225,2,FALSE))","v":"UN"},{"$f":"+IF(A441=\"\",\"\",VLOOKUP(A441,[46]MATERIALES!$B$7:$E$225,3,FALSE))","v":{"v":3562900,"d":"$ 3,562,900"}},{"v":1,"d":"1.00 "},null,{"$f":"IFERROR((ROUND((F441*G441*(1+H441)),0)),\"\")","v":{"v":3562900,"d":"$ 3,562,900"}}]
["Cable encauchetado 3x12 AWG libre de halogenos ",{"$nulls":3},{"$f":"+IF(A442=\"\",\"\",VLOOKUP(A442,[46]MATERIALES!$B$7:$D$225,2,FALSE))","v":"m"},{"$f":"+IF(A442=\"\",\"\",VLOOKUP(A442,[46]MATERIALES!$B$7:$E$225,3,FALSE))","v":{"v":6000,"d":"$ 6,000"}},{"v":6,"d":"6.00 "},null,{"v":36000,"d":"$ 36,000"}]
[{"$nulls":4},{"$f":"+IF(A443=\"\",\"\",VLOOKUP(A443,[46]MATERIALES!$B$7:$D$225,2,FALSE))","v":""},{"$f":"+IF(A443=\"\",\"\",VLOOKUP(A443,[46]MATERIALES!$B$7:$E$225,3,FALSE))","v":""},null,null,""]
[{"$nulls":4},{"$f":"+IF(A444=\"\",\"\",VLOOKUP(A444,[46]MATERIALES!$B$7:$D$225,2,FALSE))","v":""},{"$f":"+IF(A444=\"\",\"\",VLOOKUP(A444,[46]MATERIALES!$B$7:$E$225,3,FALSE))","v":""},null,null,""]
[{"$nulls":8},{"$f":"IFERROR(F445*G445*(1+H445),\"\")","v":0}]
["Sub-Total",{"$nulls":8},{"$f":"SUM(I441:I445)","v":{"v":3598900,"d":"$ 3,598,900.00"}}]
["III. TRANSPORTES"]
["Material",{"$nulls":3},"TIPO","Vol. Peso ó Cant.","Distancia","Tarifa","Valor-Unit."]
["TRANSPORTE DESDE MEDELLIN",{"$nulls":3},{"$f":"+IF(A449=\"\",\"\",VLOOKUP(A449,[46]MATERIALES!$B$7:$E$1222,2,FALSE))","v":"m3/km"},{"$f":"0.8*0.8*0.5","v":{"v":0.32000000000000006,"d":"0.32"}},{"$f":"+IF(A449=\"\",\"\",VLOOKUP(A449,[46]MATERIALES!$B$7:$E$1222,4,FALSE))","v":{"v":413.59999999999997,"d":"413.6"}},{"$f":"+IF(A449=\"\",\"\",VLOOKUP(A449,[46]MATERIALES!$B$7:$E$1222,3,FALSE))","v":{"v":1799,"d":"1,799.00"}},{"$f":"IFERROR(G449*H449*F449,\"\")","v":{"v":238101.24800000002,"d":"$ 238,101.25"}}]
[{"$nulls":4},{"$f":"+IF(A450=\"\",\"\",VLOOKUP(A450,[46]MATERIALES!$B$7:$E$1222,2,FALSE))","v":""},null,{"$f":"+IF(A450=\"\",\"\",VLOOKUP(A450,[46]MATERIALES!$B$7:$E$1222,4,FALSE))","v":""},{"$f":"+IF(A450=\"\",\"\",VLOOKUP(A450,[46]MATERIALES!$B$7:$E$1222,3,FALSE))","v":""},{"$f":"IFERROR(G450*H450*F450,\"\")","v":""}]
[]
[]
["Sub-Total",{"$nulls":8},{"$f":"SUM(I449:I452)","v":{"v":238101.24800000002,"d":"$ 238,101.25"}}]
["IV. MANO DE OBRA"]
["Trabajador",{"$nulls":3},"Jornal","Prestaciones","Jornal Total","Rendimiento","Valor-Unit."]
["OFICIAL B",null,null,1,{"$f":"+IF(D456=\"\",\"\",VLOOKUP(A456,$L$4:$O$10,3,FALSE))","v":{"v":142350,"d":"$ 142,350.00"}},{"$f":"+IF(D456=\"\",\"\",(VLOOKUP(A456,$L$4:$O$10,4,FALSE))+1)","v":{"v":1.5821008628015805,"d":"158%"}},{"$f":"+IFERROR(F456*E456*D456,\"\")","v":{"v":225212.057819805,"d":"225,212.06"}},{"v":1,"d":"1.00"},{"$f":"IFERROR(G456/H456,\"\")","v":{"v":225212.057819805,"d":"$ 225,212.06"}}]
["AYUDANTE ENTENDIDO",null,null,1,{"$f":"+IF(D457=\"\",\"\",VLOOKUP(A457,$L$4:$O$10,3,FALSE))","v":{"v":77842,"d":"$ 77,842.00"}},{"$f":"+IF(D457=\"\",\"\",(VLOOKUP(A457,$L$4:$O$10,4,FALSE))+1)","v":{"v":1.6752877632282406,"d":"168%"}},{"$f":"+IFERROR(F457*E457*D457,\"\")","v":{"v":130407.7500652127,"d":"130,407.75"}},{"$f":"+H456","v":{"v":1,"d":"1.00"}},{"$f":"IFERROR(G457/H457,\"\")","v":{"v":130407.7500652127,"d":"$ 130,407.75"}}]
[{"$nulls":4},{"$f":"+IF(D458=\"\",\"\",VLOOKUP(A458,$L$4:$O$10,3,FALSE))","v":""},{"$f":"+IF(D458=\"\",\"\",(VLOOKUP(A458,$L$4:$O$10,4,FALSE))+1)","v":""},{"$f":"+IFERROR(F458*E458*D458,\"\")","v":""},null,""]
[]
["Sub-Total",{"$nulls":8},{"$f":"SUM(I456:I459)","v":{"v":355619.8078850177,"d":"$ 355,619.81"}}]
[{"$f":"+$A$34","v":"AMPLIACIÓN Y OPTIMIZACIÓN DEL SITIO DE DISPOSICIÓN FINAL DE RESIDUOS SOLIDOS DEL CORREGIMIENTO DE SAN MIGUEL EN EL MUNICIPIO DEL MEDIO SAN JUAN MEDIANTE LA EJECUCIÓN DE ACTIVIDADES DE CIERRE - CLAUSURA Y APERTURA DE CELDA DE CONTINGENCIA"}]
[]
["ITEM:  ","DESCRIPCION",{"$nulls":6},"UNIDAD:","COSTO DIRECTO"]
[5.06,{"$f":"+VLOOKUP(A464,[46]PTO!$B$4:$D$28,2,FALSE)","v":"Suministro e instalación de Manguera de 2\" Descarga Plana 2 Tipo Bombero. "},{"$nulls":6},{"$f":"+VLOOKUP(A464,[46]PTO!$B$4:$D$28,3,FALSE)","v":"M"},{"$f":"+ROUND(SUM(J472:J501),0)","v":{"v":22867,"d":"$ 22,867.00"}},null,{"$f":"+VLOOKUP(A464,[46]PTO!$B$5:$E$385,5,FALSE)","v":{"$error":"#REF!"}}]
["I. EQUIPO"]
["Descripción",{"$nulls":4},"Tipo","Tarifa/dia","Rendimiento","Valor-Unit."]
["Herramienta menor (% Mano de obra)",{"$nulls":5},{"v":0.05,"d":"5%"},null,{"$f":"ROUND(J501*G467,0)","v":{"v":89,"d":"$ 89.00"}}]
[{"$nulls":5},{"$f":"+IF(A468=\"\",\"\",VLOOKUP(A468,[46]MATERIALES!$B$7:$D$1222,2,FALSE))","v":""},{"$f":"+IF(A468=\"\",\"\",VLOOKUP(A468,[46]MATERIALES!$B$7:$E$1222,3,FALSE))","v":""},{"$f":"IFERROR(1/H498,\"\")","v":{"v":0.005,"d":"0.005 "}},{"$f":"IFERROR((ROUND(G468*H468,0)),\"\")","v":""}]
[{"$nulls":5},{"$f":"+IF(A469=\"\",\"\",VLOOKUP(A469,[46]MATERIALES!$B$7:$D$1222,2,FALSE))","v":""},{"$f":"+IF(A469=\"\",\"\",VLOOKUP(A469,[46]MATERIALES!$B$7:$E$1222,3,FALSE))","v":""},{"$f":"IF(A469=\"\",\"\",IFERROR(1/H499,\"\"))","v":""},{"$f":"IFERROR(G469*H469,\"\")","v":""}]
[{"$nulls":5},{"$f":"+IF(A470=\"\",\"\",VLOOKUP(A470,[46]MATERIALES!$B$7:$D$1222,2,FALSE))","v":""},{"$f":"+IF(A470=\"\",\"\",VLOOKUP(A470,[46]MATERIALES!$B$7:$E$1222,3,FALSE))","v":""},{"$f":"IF(A470=\"\",\"\",IFERROR(1/H498,\"\"))","v":""},""]
[]
["Sub-Total",{"$nulls":8},{"$f":"+SUM(I467:I471)","v":{"v":89,"d":"$ 89.00"}}]
["II. MATERIALES EN OBRA",{"$nulls":11},{"$f":"780000/50","v":15600}]
["Descripción",{"$nulls":3},"Unidad","Precio-Unit.","Cantidad","Desperdicio","Valor-Unit."]
["Manguera de 2\"",{"$nulls":3},{"$f":"+IF(A475=\"\",\"\",VLOOKUP(A475,[46]MATERIALES!$B$7:$D$225,2,FALSE))","v":"m"},{"$f":"+IF(A475=\"\",\"\",VLOOKUP(A475,[46]MATERIALES!$B$7:$E$225,3,FALSE))","v":{"v":20000,"d":"$ 20,000"}},{"v":1,"d":"1.00 "},{"v":0.05,"d":"5%"},{"$f":"IFERROR((ROUND((F475*G475*(1+H475)),0)),\"\")","v":{"v":21000,"d":"$ 21,000"}}]
[{"$nulls":4},{"$f":"+IF(A476=\"\",\"\",VLOOKUP(A476,[46]MATERIALES!$B$7:$D$225,2,FALSE))","v":""},{"$f":"+IF(A476=\"\",\"\",VLOOKUP(A476,[46]MATERIALES!$B$7:$E$225,3,FALSE))","v":""},null,null,""]
[{"$nulls":4},{"$f":"+IF(A477=\"\",\"\",VLOOKUP(A477,[46]MATERIALES!$B$7:$D$225,2,FALSE))","v":""},{"$f":"+IF(A477=\"\",\"\",VLOOKUP(A477,[46]MATERIALES!$B$7:$E$225,3,FALSE))","v":""},null,null,""]
[{"$nulls":4},{"$f":"+IF(A478=\"\",\"\",VLOOKUP(A478,[46]MATERIALES!$B$7:$D$225,2,FALSE))","v":""},{"$f":"+IF(A478=\"\",\"\",VLOOKUP(A478,[46]MATERIALES!$B$7:$E$225,3,FALSE))","v":""},null,null,""]
[{"$nulls":4},{"$f":"+IF(A479=\"\",\"\",VLOOKUP(A479,[46]MATERIALES!$B$7:$D$225,2,FALSE))","v":""},{"$f":"+IF(A479=\"\",\"\",VLOOKUP(A479,[46]MATERIALES!$B$7:$E$225,3,FALSE))","v":""},null,null,""]
[{"$nulls":4},{"$f":"+IF(A480=\"\",\"\",VLOOKUP(A480,[46]MATERIALES!$B$7:$D$225,2,FALSE))","v":""},{"$f":"+IF(A480=\"\",\"\",VLOOKUP(A480,[46]MATERIALES!$B$7:$E$225,3,FALSE))","v":""},null,null,""]
[{"$nulls":4},{"$f":"+IF(A481=\"\",\"\",VLOOKUP(A481,[46]MATERIALES!$B$7:$D$225,2,FALSE))","v":""},{"$f":"+IF(A481=\"\",\"\",VLOOKUP(A481,[46]MATERIALES!$B$7:$E$225,3,FALSE))","v":""},null,null,""]
[{"$nulls":4},{"$f":"+IF(A482=\"\",\"\",VLOOKUP(A482,[46]MATERIALES!$B$7:$D$225,2,FALSE))","v":""},{"$f":"+IF(A482=\"\",\"\",VLOOKUP(A482,[46]MATERIALES!$B$7:$E$225,3,FALSE))","v":""},null,null,""]
[{"$nulls":4},{"$f":"+IF(A483=\"\",\"\",VLOOKUP(A483,[46]MATERIALES!$B$7:$D$225,2,FALSE))","v":""},{"$f":"+IF(A483=\"\",\"\",VLOOKUP(A483,[46]MATERIALES!$B$7:$E$225,3,FALSE))","v":""},null,null,""]
[]
[]
[]
[{"$nulls":8},{"$f":"IFERROR(F487*G487*(1+H487),\"\")","v":0}]
["Sub-Total",{"$nulls":8},{"$f":"SUM(I475:I487)","v":{"v":21000,"d":"$ 21,000.00"}}]
["III. TRANSPORTES"]
["Material",{"$nulls":3},"TIPO","Vol. Peso ó Cant.","Distancia","Tarifa","Valor-Unit."]
[]
[{"$nulls":4},{"$f":"+IF(A492=\"\",\"\",VLOOKUP(A492,[46]MATERIALES!$B$7:$E$1222,2,FALSE))","v":""},null,{"$f":"+IF(A492=\"\",\"\",VLOOKUP(A492,[46]MATERIALES!$B$7:$E$1222,4,FALSE))","v":""},{"$f":"+IF(A492=\"\",\"\",VLOOKUP(A492,[46]MATERIALES!$B$7:$E$1222,3,FALSE))","v":""},{"$f":"IFERROR(G492*H492*F492,\"\")","v":""}]
[]
[]
["Sub-Total",{"$nulls":8},{"$f":"SUM(I491:I494)","v":0}]
["IV. MANO DE OBRA"]
["Trabajador",{"$nulls":3},"Jornal","Prestaciones","Jornal Total","Rendimiento","Valor-Unit."]
["OFICIAL B",null,null,1,{"$f":"+IF(D498=\"\",\"\",VLOOKUP(A498,$L$4:$O$10,3,FALSE))","v":{"v":142350,"d":"$ 142,350.00"}},{"$f":"+IF(D498=\"\",\"\",(VLOOKUP(A498,$L$4:$O$10,4,FALSE))+1)","v":{"v":1.5821008628015805,"d":"158%"}},{"$f":"+IFERROR(F498*E498*D498,\"\")","v":{"v":225212.057819805,"d":"225,212.06"}},{"v":200,"d":"200.00"},{"$f":"IFERROR(G498/H498,\"\")","v":{"v":1126.0602890990249,"d":"$ 1,126.06"}}]
["AYUDANTE ENTENDIDO",null,null,1,{"$f":"+IF(D499=\"\",\"\",VLOOKUP(A499,$L$4:$O$10,3,FALSE))","v":{"v":77842,"d":"$ 77,842.00"}},{"$f":"+IF(D499=\"\",\"\",(VLOOKUP(A499,$L$4:$O$10,4,FALSE))+1)","v":{"v":1.6752877632282406,"d":"168%"}},{"$f":"+IFERROR(F499*E499*D499,\"\")","v":{"v":130407.7500652127,"d":"130,407.75"}},{"$f":"+H498","v":{"v":200,"d":"200.00"}},{"$f":"IFERROR(G499/H499,\"\")","v":{"v":652.0387503260636,"d":"$ 652.04"}}]
[]
["Sub-Total",{"$nulls":8},{"$f":"SUM(I498:I500)","v":{"v":1778.0990394250884,"d":"$ 1,778.10"}}]
[{"$f":"+$A$34","v":"AMPLIACIÓN Y OPTIMIZACIÓN DEL SITIO DE DISPOSICIÓN FINAL DE RESIDUOS SOLIDOS DEL CORREGIMIENTO DE SAN MIGUEL EN EL MUNICIPIO DEL MEDIO SAN JUAN MEDIANTE LA EJECUCIÓN DE ACTIVIDADES DE CIERRE - CLAUSURA Y APERTURA DE CELDA DE CONTINGENCIA"}]
[]
["ITEM:  ","DESCRIPCION",{"$nulls":6},"UNIDAD:","COSTO DIRECTO"]
[5.07,{"$f":"+VLOOKUP(A505,[46]PTO!$B$4:$D$28,2,FALSE)","v":"Construccion de Caja de inspeccion de 1,0x1,0x1,0 m, en concreto de 21 MPa, Incluye excavacion, formaleta, acero, suministro, transporte e instalación del concreto, mano de obra, vibrado, curado y protección. "},{"$nulls":6},{"$f":"+VLOOKUP(A505,[46]PTO!$B$4:$D$28,3,FALSE)","v":"UN"},{"$f":"+ROUND(SUM(J511:J540),0)","v":{"v":1986664,"d":"$ 1,986,664.00"}},null,{"$f":"+VLOOKUP(A505,[46]PTO!$B$5:$E$385,5,FALSE)","v":{"$error":"#REF!"}}]
["I. EQUIPO"]
["Descripción",{"$nulls":4},"Tipo","Tarifa/dia","Rendimiento","Valor-Unit."]
["Herramienta menor (% Mano de obra)",{"$nulls":5},{"v":0.05,"d":"5%"},null,{"$f":"+J540*G508","v":{"v":33634.74035301446,"d":"$ 33,634.74"}}]
[{"$nulls":7},{"$f":"IF(A509=\"\",\"\",IFERROR(1/H536,\"\"))","v":""}]
[]
["Sub-Total",{"$nulls":8},{"$f":"+SUM(I508:I510)","v":{"v":33634.74035301446,"d":"$ 33,634.74"}}]
["II. MATERIALES EN OBRA"]
["Descripción",{"$nulls":3},"Unidad","Precio-Unit.","Cantidad","Desperdicio","Valor-Unit."]
["Concreto 3000 Psi (21 Mpa)",{"$nulls":3},{"$f":"+IF(A514=\"\",\"\",VLOOKUP(A514,[46]MATERIALES!$B$7:$D$225,2,FALSE))","v":"m3"},{"$f":"+IF(A514=\"\",\"\",VLOOKUP(A514,[46]MATERIALES!$B$7:$E$225,3,FALSE))*1.3","v":{"v":1093287,"d":"$ 1,093,287"}},{"$f":"4*1*1*0.1+1*1*2*0.1","v":0.6000000000000001},null,{"$f":"IFERROR(F514*G514*(1+H514),\"\")","v":{"v":655972.2000000001,"d":"$ 655,972.20"}}]
["Varillas 1/2\"",{"$nulls":3},{"$f":"+IF(A515=\"\",\"\",VLOOKUP(A515,[46]MATERIALES!$B$7:$D$225,2,FALSE))","v":"UN"},{"$f":"+IF(A515=\"\",\"\",VLOOKUP(A515,[46]MATERIALES!$B$7:$E$225,3,FALSE))","v":{"v":30000,"d":"$ 30,000"}},8,null,{"v":240000,"d":"$ 240,000.00"}]
["Excavacion",{"$nulls":3},{"$f":"+IF(A516=\"\",\"\",VLOOKUP(A516,[46]MATERIALES!$B$7:$D$225,2,FALSE))","v":"M3"},{"$f":"+IF(A516=\"\",\"\",VLOOKUP(A516,[46]MATERIALES!$B$7:$E$225,3,FALSE))","v":{"v":62600,"d":"$ 62,600"}},1,null,{"v":62600,"d":"$ 62,600.00"}]
["Formaleta en madera común",{"$nulls":3},{"$f":"+IF(A517=\"\",\"\",VLOOKUP(A517,[46]MATERIALES!$B$7:$D$225,2,FALSE))","v":"m2"},{"$f":"+IF(A517=\"\",\"\",VLOOKUP(A517,[46]MATERIALES!$B$7:$E$225,3,FALSE))","v":{"v":73878,"d":"$ 73,878"}},{"$f":"4*1","v":4},null,{"v":295512,"d":"$ 295,512.00"}]
[{"$nulls":4},{"$f":"+IF(A518=\"\",\"\",VLOOKUP(A518,[46]MATERIALES!$B$7:$D$225,2,FALSE))","v":""},{"$f":"+IF(A518=\"\",\"\",VLOOKUP(A518,[46]MATERIALES!$B$7:$E$225,3,FALSE))","v":""},null,null,""]
[{"$nulls":4},{"$f":"+IF(A519=\"\",\"\",VLOOKUP(A519,[46]MATERIALES!$B$7:$D$225,2,FALSE))","v":""},{"$f":"+IF(A519=\"\",\"\",VLOOKUP(A519,[46]MATERIALES!$B$7:$E$225,3,FALSE))","v":""},null,null,""]
[{"$nulls":4},{"$f":"+IF(A520=\"\",\"\",VLOOKUP(A520,[46]MATERIALES!$B$7:$D$225,2,FALSE))","v":""},{"$f":"+IF(A520=\"\",\"\",VLOOKUP(A520,[46]MATERIALES!$B$7:$E$225,3,FALSE))","v":""},null,null,""]
[{"$nulls":8},{"$f":"IFERROR((ROUND((F521*G521*(1+H521)),0)),\"\")","v":0}]
[{"$nulls":4},{"$f":"+IF(A522=\"\",\"\",VLOOKUP(A522,[46]MATERIALES!$B$7:$D$225,2,FALSE))","v":""},{"$f":"+IF(A522=\"\",\"\",VLOOKUP(A522,[46]MATERIALES!$B$7:$E$225,3,FALSE))","v":""},null,null,""]
[{"$nulls":4},{"$f":"+IF(A523=\"\",\"\",VLOOKUP(A523,[46]MATERIALES!$B$7:$D$225,2,FALSE))","v":""},{"$f":"+IF(A523=\"\",\"\",VLOOKUP(A523,[46]MATERIALES!$B$7:$E$225,3,FALSE))","v":""},null,null,""]
[{"$nulls":4},{"$f":"+IF(A524=\"\",\"\",VLOOKUP(A524,[46]MATERIALES!$B$7:$D$225,2,FALSE))","v":""},{"$f":"+IF(A524=\"\",\"\",VLOOKUP(A524,[46]MATERIALES!$B$7:$E$225,3,FALSE))","v":""},null,null,{"$f":"IFERROR(F524*G524*(1+H524),\"\")","v":""}]
[{"$nulls":4},{"$f":"+IF(A525=\"\",\"\",VLOOKUP(A525,[46]MATERIALES!$B$7:$D$225,2,FALSE))","v":""},{"$f":"+IF(A525=\"\",\"\",VLOOKUP(A525,[46]MATERIALES!$B$7:$E$225,3,FALSE))","v":""},null,null,{"$f":"IFERROR(F525*G525*(1+H525),\"\")","v":""}]
["Sub-Total",{"$nulls":8},{"$f":"SUM(I514:I525)","v":{"v":1254084.2000000002,"d":"$ 1,254,084"}}]
["III. TRANSPORTES"]
["Material",{"$nulls":3},"TIPO","Vol. Peso ó Cant.","Distancia","Tarifa","Valor-Unit."]
["TRANSPORTE INTERNO",{"$nulls":4},{"$f":"1.75","v":1.75},{"v":1,"d":"1.0"},{"$f":"+IF(A529=\"\",\"\",VLOOKUP(A529,[46]MATERIALES!$B$7:$E$1222,3,FALSE))","v":{"v":15000,"d":"15,000.00"}},{"$f":"IFERROR(G529*H529*F529,\"\")","v":{"v":26250,"d":"$ 26,250"}}]
[{"$nulls":4},{"$f":"+IF(A530=\"\",\"\",VLOOKUP(A530,[46]MATERIALES!$B$7:$E$1222,2,FALSE))","v":""},null,{"$f":"+IF(A530=\"\",\"\",VLOOKUP(A530,[46]MATERIALES!$B$7:$E$1222,4,FALSE))","v":""},{"$f":"+IF(A530=\"\",\"\",VLOOKUP(A530,[46]MATERIALES!$B$7:$E$1222,3,FALSE))","v":""},{"$f":"IFERROR(G530*H530*F530,\"\")","v":""}]
[]
[]
["Sub-Total",{"$nulls":8},{"$f":"SUM(I529:I532)","v":{"v":26250,"d":"$ 26,250.00"}}]
["IV. MANO DE OBRA"]
["Trabajador",{"$nulls":3},"Jornal","Prestaciones","Jornal Total","Rendimiento","Valor-Unit."]
["OFICIAL B",null,null,1,{"$f":"+IF(D536=\"\",\"\",VLOOKUP(A536,$L$4:$O$10,3,FALSE))","v":{"v":142350,"d":"$ 142,350.00"}},{"$f":"+IF(D536=\"\",\"\",(VLOOKUP(A536,$L$4:$O$10,4,FALSE))+1)","v":{"v":1.5821008628015805,"d":"158%"}},{"$f":"+IFERROR(F536*E536*D536,\"\")","v":{"v":225212.057819805,"d":"225,212.06"}},{"v":1,"d":"1.00"},{"$f":"IFERROR(G536/H536,\"\")","v":{"v":225212.057819805,"d":"$ 225,212"}}]
["AYUDANTE ENTENDIDO",null,null,2,{"$f":"+IF(D537=\"\",\"\",VLOOKUP(A537,$L$4:$O$10,3,FALSE))","v":{"v":77842,"d":"$ 77,842.00"}},{"$f":"+IF(D537=\"\",\"\",(VLOOKUP(A537,$L$4:$O$10,4,FALSE))+1)","v":{"v":1.6752877632282406,"d":"168%"}},{"$f":"+IFERROR(F537*E537*D537,\"\")","v":{"v":260815.5001304254,"d":"260,815.50"}},{"$f":"+H536","v":{"v":1,"d":"1.00"}},{"$f":"IFERROR(G537/H537,\"\")","v":{"v":260815.5001304254,"d":"$ 260,816"}}]
[" AYUDANTE RASO",null,null,2,{"$f":"+IF(D538=\"\",\"\",VLOOKUP(A538,$L$4:$O$10,3,FALSE))","v":{"v":54117,"d":"$ 54,117.00"}},{"$f":"+IF(D538=\"\",\"\",(VLOOKUP(A538,$L$4:$O$10,4,FALSE))+1)","v":{"v":1.7246636834087141,"d":"172%"}},{"$f":"+IFERROR(F538*E538*D538,\"\")","v":{"v":186667.24911005876,"d":"186,667.25"}},{"$f":"+H537","v":{"v":1,"d":"1.00"}},{"v":186667.24911005876,"d":"$ 186,667"}]
[]
["Sub-Total",{"$nulls":8},{"$f":"SUM(I536:I539)","v":{"v":672694.8070602892,"d":"$ 672,694.81"}}]
[{"$f":"+$A$34","v":"AMPLIACIÓN Y OPTIMIZACIÓN DEL SITIO DE DISPOSICIÓN FINAL DE RESIDUOS SOLIDOS DEL CORREGIMIENTO DE SAN MIGUEL EN EL MUNICIPIO DEL MEDIO SAN JUAN MEDIANTE LA EJECUCIÓN DE ACTIVIDADES DE CIERRE - CLAUSURA Y APERTURA DE CELDA DE CONTINGENCIA"}]
[]
["ITEM:  ","DESCRIPCION",{"$nulls":6},"UNIDAD:","COSTO DIRECTO"]
[5.08,{"$f":"+VLOOKUP(A544,[46]PTO!$B$4:$D$28,2,FALSE)","v":"Construccion de tanque de recoleccion y almacenamiento de lixiviados de 2.0x3.0x3.0 m, en concreto de 21 Mpa,  Incluye excavacion, formaleta, acero, suministro, transporte e instalación del concreto, mano de obra, vibrado, curado y protección.  "},{"$nulls":6},{"$f":"+VLOOKUP(A544,[46]PTO!$B$4:$D$28,3,FALSE)","v":"UN"},{"$f":"+ROUND(SUM(J550:J579),0)","v":{"v":9662076,"d":"$ 9,662,076.00"}},null,{"$f":"+VLOOKUP(A544,[46]PTO!$B$5:$E$385,5,FALSE)","v":{"$error":"#REF!"}},14829472]
["I. EQUIPO"]
["Descripción",{"$nulls":4},"Tipo","Tarifa/dia","Rendimiento","Valor-Unit."]
["Herramienta menor (% Mano de obra)",{"$nulls":5},{"v":0.05,"d":"5%"},null,{"$f":"+J579*G547","v":{"v":33634.74035301446,"d":"$ 33,634.74"}}]
[{"$nulls":7},{"$f":"IF(A548=\"\",\"\",IFERROR(1/H575,\"\"))","v":""}]
[]
["Sub-Total",{"$nulls":8},{"$f":"+SUM(I547:I549)","v":{"v":33634.74035301446,"d":"$ 33,634.74"}}]
["II. MATERIALES EN OBRA"]
["Descripción",{"$nulls":3},"Unidad","Precio-Unit.","Cantidad","Desperdicio","Valor-Unit."]
["Concreto 3000 Psi (21 Mpa)",{"$nulls":3},{"$f":"+IF(A553=\"\",\"\",VLOOKUP(A553,[46]MATERIALES!$B$7:$D$225,2,FALSE))","v":"m3"},{"$f":"+IF(A553=\"\",\"\",VLOOKUP(A553,[46]MATERIALES!$B$7:$E$225,3,FALSE))","v":{"v":840990,"d":"$ 840,990"}},{"$f":"2*4*0.1*2+4*2*0.1*2+2*2*0.1*2","v":4},null,{"$f":"IFERROR(F553*G553*(1+H553),\"\")","v":{"v":3363960,"d":"$ 3,363,960.00"}}]
["Varillas 1/2\"",{"$nulls":3},{"$f":"+IF(A554=\"\",\"\",VLOOKUP(A554,[46]MATERIALES!$B$7:$D$225,2,FALSE))","v":"UN"},{"$f":"+IF(A554=\"\",\"\",VLOOKUP(A554,[46]MATERIALES!$B$7:$E$225,3,FALSE))","v":{"v":30000,"d":"$ 30,000"}},{"$f":"+(10*14*2+20*9)/6","v":{"v":76.66666666666667,"d":"77"}},null,{"v":2300000,"d":"$ 2,300,000.00"}]
["Excavacion",{"$nulls":3},{"$f":"+IF(A555=\"\",\"\",VLOOKUP(A555,[46]MATERIALES!$B$7:$D$225,2,FALSE))","v":"M3"},{"$f":"+IF(A555=\"\",\"\",VLOOKUP(A555,[46]MATERIALES!$B$7:$E$225,3,FALSE))","v":{"v":62600,"d":"$ 62,600"}},{"$f":"2*2*3.6","v":14.4},null,{"v":901440,"d":"$ 901,440.00"}]
["Formaleta en madera común",{"$nulls":3},{"$f":"+IF(A556=\"\",\"\",VLOOKUP(A556,[46]MATERIALES!$B$7:$D$225,2,FALSE))","v":"m2"},{"$f":"+IF(A556=\"\",\"\",VLOOKUP(A556,[46]MATERIALES!$B$7:$E$225,3,FALSE))","v":{"v":73878,"d":"$ 73,878"}},{"$f":"2*4*4","v":{"v":32,"d":"32.0"}},null,{"v":2364096,"d":"$ 2,364,096.00"},{"$nulls":3},{"$f":"3360000/140","v":24000}]
[{"$nulls":4},{"$f":"+IF(A557=\"\",\"\",VLOOKUP(A557,[46]MATERIALES!$B$7:$D$225,2,FALSE))","v":""},{"$f":"+IF(A557=\"\",\"\",VLOOKUP(A557,[46]MATERIALES!$B$7:$E$225,3,FALSE))","v":""},null,null,""]
[{"$nulls":4},{"$f":"+IF(A558=\"\",\"\",VLOOKUP(A558,[46]MATERIALES!$B$7:$D$225,2,FALSE))","v":""},{"$f":"+IF(A558=\"\",\"\",VLOOKUP(A558,[46]MATERIALES!$B$7:$E$225,3,FALSE))","v":""},null,null,""]
[{"$nulls":4},{"$f":"+IF(A559=\"\",\"\",VLOOKUP(A559,[46]MATERIALES!$B$7:$D$225,2,FALSE))","v":""},{"$f":"+IF(A559=\"\",\"\",VLOOKUP(A559,[46]MATERIALES!$B$7:$E$225,3,FALSE))","v":""},null,null,""]
[{"$nulls":8},{"$f":"IFERROR((ROUND((F560*G560*(1+H560)),0)),\"\")","v":0}]
[{"$nulls":4},{"$f":"+IF(A561=\"\",\"\",VLOOKUP(A561,[46]MATERIALES!$B$7:$D$225,2,FALSE))","v":""},{"$f":"+IF(A561=\"\",\"\",VLOOKUP(A561,[46]MATERIALES!$B$7:$E$225,3,FALSE))","v":""},null,null,""]
[{"$nulls":4},{"$f":"+IF(A562=\"\",\"\",VLOOKUP(A562,[46]MATERIALES!$B$7:$D$225,2,FALSE))","v":""},{"$f":"+IF(A562=\"\",\"\",VLOOKUP(A562,[46]MATERIALES!$B$7:$E$225,3,FALSE))","v":""},null,null,""]
[{"$nulls":4},{"$f":"+IF(A563=\"\",\"\",VLOOKUP(A563,[46]MATERIALES!$B$7:$D$225,2,FALSE))","v":""},{"$f":"+IF(A563=\"\",\"\",VLOOKUP(A563,[46]MATERIALES!$B$7:$E$225,3,FALSE))","v":""},null,null,{"$f":"IFERROR(F563*G563*(1+H563),\"\")","v":""}]
[{"$nulls":4},{"$f":"+IF(A564=\"\",\"\",VLOOKUP(A564,[46]MATERIALES!$B$7:$D$225,2,FALSE))","v":""},{"$f":"+IF(A564=\"\",\"\",VLOOKUP(A564,[46]MATERIALES!$B$7:$E$225,3,FALSE))","v":""},null,null,{"$f":"IFERROR(F564*G564*(1+H564),\"\")","v":""}]
["Sub-Total",{"$nulls":8},{"$f":"SUM(I553:I564)","v":{"v":8929496,"d":"$ 8,929,496"}}]
["III. TRANSPORTES"]
["Material",{"$nulls":3},"TIPO","Vol. Peso ó Cant.","Distancia","Tarifa","Valor-Unit."]
["TRANSPORTE INTERNO",{"$nulls":4},1.75,{"v":1,"d":"1.0"},{"$f":"+IF(A568=\"\",\"\",VLOOKUP(A568,[46]MATERIALES!$B$7:$E$1222,3,FALSE))","v":{"v":15000,"d":"15,000.00"}},{"$f":"IFERROR(G568*H568*F568,\"\")","v":{"v":26250,"d":"$ 26,250"}}]
[{"$nulls":4},{"$f":"+IF(A569=\"\",\"\",VLOOKUP(A569,[46]MATERIALES!$B$7:$E$1222,2,FALSE))","v":""},null,{"$f":"+IF(A569=\"\",\"\",VLOOKUP(A569,[46]MATERIALES!$B$7:$E$1222,4,FALSE))","v":""},{"$f":"+IF(A569=\"\",\"\",VLOOKUP(A569,[46]MATERIALES!$B$7:$E$1222,3,FALSE))","v":""},{"$f":"IFERROR(G569*H569*F569,\"\")","v":""}]
[]
[]
["Sub-Total",{"$nulls":8},{"$f":"SUM(I568:I571)","v":{"v":26250,"d":"$ 26,250.00"}}]
["IV. MANO DE OBRA"]
["Trabajador",{"$nulls":3},"Jornal","Prestaciones","Jornal Total","Rendimiento","Valor-Unit."]
["OFICIAL B",null,null,1,{"$f":"+IF(D575=\"\",\"\",VLOOKUP(A575,$L$4:$O$10,3,FALSE))","v":{"v":142350,"d":"$ 142,350.00"}},{"$f":"+IF(D575=\"\",\"\",(VLOOKUP(A575,$L$4:$O$10,4,FALSE))+1)","v":{"v":1.5821008628015805,"d":"158%"}},{"$f":"+IFERROR(F575*E575*D575,\"\")","v":{"v":225212.057819805,"d":"225,212.06"}},{"v":1,"d":"1.00"},{"$f":"IFERROR(G575/H575,\"\")","v":{"v":225212.057819805,"d":"$ 225,212"}}]
["AYUDANTE ENTENDIDO",null,null,2,{"$f":"+IF(D576=\"\",\"\",VLOOKUP(A576,$L$4:$O$10,3,FALSE))","v":{"v":77842,"d":"$ 77,842.00"}},{"$f":"+IF(D576=\"\",\"\",(VLOOKUP(A576,$L$4:$O$10,4,FALSE))+1)","v":{"v":1.6752877632282406,"d":"168%"}},{"$f":"+IFERROR(F576*E576*D576,\"\")","v":{"v":260815.5001304254,"d":"260,815.50"}},{"$f":"+H575","v":{"v":1,"d":"1.00"}},{"$f":"IFERROR(G576/H576,\"\")","v":{"v":260815.5001304254,"d":"$ 260,816"}}]
[" AYUDANTE RASO",null,null,2,{"$f":"+IF(D577=\"\",\"\",VLOOKUP(A577,$L$4:$O$10,3,FALSE))","v":{"v":54117,"d":"$ 54,117.00"}},{"$f":"+IF(D577=\"\",\"\",(VLOOKUP(A577,$L$4:$O$10,4,FALSE))+1)","v":{"v":1.7246636834087141,"d":"172%"}},{"$f":"+IFERROR(F577*E577*D577,\"\")","v":{"v":186667.24911005876,"d":"186,667.25"}},{"$f":"+H576","v":{"v":1,"d":"1.00"}},{"v":186667.24911005876,"d":"$ 186,667"}]
[]
["Sub-Total",{"$nulls":8},{"$f":"SUM(I575:I578)","v":{"v":672694.8070602892,"d":"$ 672,694.81"}}]
[{"$f":"+$A$34","v":"AMPLIACIÓN Y OPTIMIZACIÓN DEL SITIO DE DISPOSICIÓN FINAL DE RESIDUOS SOLIDOS DEL CORREGIMIENTO DE SAN MIGUEL EN EL MUNICIPIO DEL MEDIO SAN JUAN MEDIANTE LA EJECUCIÓN DE ACTIVIDADES DE CIERRE - CLAUSURA Y APERTURA DE CELDA DE CONTINGENCIA"}]
[]
["ITEM:  ","DESCRIPCION",{"$nulls":6},"UNIDAD:","COSTO DIRECTO"]
[5.09,{"$f":"+VLOOKUP(A583,[46]PTO!$B$4:$D$28,2,FALSE)","v":"Suministro e instalacion de valla informativa "},{"$nulls":6},{"$f":"+VLOOKUP(A583,[46]PTO!$B$4:$D$28,3,FALSE)","v":"UN"},{"$f":"+ROUND(SUM(J589:J618),0)","v":{"v":1327001,"d":"$ 1,327,001.00"}},null,{"$f":"+VLOOKUP(A583,[46]PTO!$B$5:$E$385,5,FALSE)","v":{"$error":"#REF!"}}]
["I. EQUIPO"]
["Descripción",{"$nulls":4},"Tipo","Tarifa/dia","Rendimiento","Valor-Unit."]
["Herramienta menor (% Mano de obra)",{"$nulls":5},{"v":0.05,"d":"5%"},null,{"$f":"+J618*G586","v":{"v":22447.671622002355,"d":"$ 22,447.67"}}]
[{"$nulls":7},{"$f":"IF(A587=\"\",\"\",IFERROR(1/H614,\"\"))","v":""}]
[]
["Sub-Total",{"$nulls":8},{"$f":"+SUM(I586:I588)","v":{"v":22447.671622002355,"d":"$ 22,447.67"}}]
["II. MATERIALES EN OBRA"]
["Descripción",{"$nulls":3},"Unidad","Precio-Unit.","Cantidad","Desperdicio","Valor-Unit."]
["Valla Informativa",{"$nulls":3},{"$f":"+IF(A592=\"\",\"\",VLOOKUP(A592,[46]MATERIALES!$B$7:$D$225,2,FALSE))","v":"Unidad"},{"$f":"+IF(A592=\"\",\"\",VLOOKUP(A592,[46]MATERIALES!$B$7:$E$225,3,FALSE))","v":{"v":855600,"d":"$ 855,600"}},1,null,{"$f":"IFERROR(F592*G592*(1+H592),\"\")","v":{"v":855600,"d":"$ 855,600.00"}}]
[{"$nulls":4},{"$f":"+IF(A593=\"\",\"\",VLOOKUP(A593,[46]MATERIALES!$B$7:$D$225,2,FALSE))","v":""},{"$f":"+IF(A593=\"\",\"\",VLOOKUP(A593,[46]MATERIALES!$B$7:$E$225,3,FALSE))","v":""},null,null,{"$f":"IFERROR(F593*G593*(1+H593),\"\")","v":""}]
[{"$nulls":4},{"$f":"+IF(A594=\"\",\"\",VLOOKUP(A594,[46]MATERIALES!$B$7:$D$225,2,FALSE))","v":""},{"$f":"+IF(A594=\"\",\"\",VLOOKUP(A594,[46]MATERIALES!$B$7:$E$225,3,FALSE))","v":""},null,null,""]
[{"$nulls":4},{"$f":"+IF(A595=\"\",\"\",VLOOKUP(A595,[46]MATERIALES!$B$7:$D$225,2,FALSE))","v":""},{"$f":"+IF(A595=\"\",\"\",VLOOKUP(A595,[46]MATERIALES!$B$7:$E$225,3,FALSE))","v":""},null,null,""]
[{"$nulls":4},{"$f":"+IF(A596=\"\",\"\",VLOOKUP(A596,[46]MATERIALES!$B$7:$D$225,2,FALSE))","v":""},{"$f":"+IF(A596=\"\",\"\",VLOOKUP(A596,[46]MATERIALES!$B$7:$E$225,3,FALSE))","v":""},null,null,""]
[{"$nulls":4},{"$f":"+IF(A597=\"\",\"\",VLOOKUP(A597,[46]MATERIALES!$B$7:$D$225,2,FALSE))","v":""},{"$f":"+IF(A597=\"\",\"\",VLOOKUP(A597,[46]MATERIALES!$B$7:$E$225,3,FALSE))","v":""},null,null,""]
[{"$nulls":4},{"$f":"+IF(A598=\"\",\"\",VLOOKUP(A598,[46]MATERIALES!$B$7:$D$225,2,FALSE))","v":""},{"$f":"+IF(A598=\"\",\"\",VLOOKUP(A598,[46]MATERIALES!$B$7:$E$225,3,FALSE))","v":""},null,null,""]
[{"$nulls":8},{"$f":"IFERROR((ROUND((F599*G599*(1+H599)),0)),\"\")","v":0}]
[{"$nulls":4},{"$f":"+IF(A600=\"\",\"\",VLOOKUP(A600,[46]MATERIALES!$B$7:$D$225,2,FALSE))","v":""},{"$f":"+IF(A600=\"\",\"\",VLOOKUP(A600,[46]MATERIALES!$B$7:$E$225,3,FALSE))","v":""},null,null,""]
[{"$nulls":4},{"$f":"+IF(A601=\"\",\"\",VLOOKUP(A601,[46]MATERIALES!$B$7:$D$225,2,FALSE))","v":""},{"$f":"+IF(A601=\"\",\"\",VLOOKUP(A601,[46]MATERIALES!$B$7:$E$225,3,FALSE))","v":""},null,null,""]
[{"$nulls":4},{"$f":"+IF(A602=\"\",\"\",VLOOKUP(A602,[46]MATERIALES!$B$7:$D$225,2,FALSE))","v":""},{"$f":"+IF(A602=\"\",\"\",VLOOKUP(A602,[46]MATERIALES!$B$7:$E$225,3,FALSE))","v":""},null,null,{"$f":"IFERROR(F602*G602*(1+H602),\"\")","v":""}]
[{"$nulls":4},{"$f":"+IF(A603=\"\",\"\",VLOOKUP(A603,[46]MATERIALES!$B$7:$D$225,2,FALSE))","v":""},{"$f":"+IF(A603=\"\",\"\",VLOOKUP(A603,[46]MATERIALES!$B$7:$E$225,3,FALSE))","v":""},null,null,{"$f":"IFERROR(F603*G603*(1+H603),\"\")","v":""}]
["Sub-Total",{"$nulls":8},{"$f":"SUM(I592:I603)","v":{"v":855600,"d":"$ 855,600"}}]
["III. TRANSPORTES"]
["Material",{"$nulls":3},"TIPO","Vol. Peso ó Cant.","Distancia","Tarifa","Valor-Unit."]
[]
[{"$nulls":4},{"$f":"+IF(A608=\"\",\"\",VLOOKUP(A608,[46]MATERIALES!$B$7:$E$1222,2,FALSE))","v":""},null,{"$f":"+IF(A608=\"\",\"\",VLOOKUP(A608,[46]MATERIALES!$B$7:$E$1222,4,FALSE))","v":""},{"$f":"+IF(A608=\"\",\"\",VLOOKUP(A608,[46]MATERIALES!$B$7:$E$1222,3,FALSE))","v":""},{"$f":"IFERROR(G608*H608*F608,\"\")","v":""}]
[]
[]
["Sub-Total",{"$nulls":8},{"$f":"SUM(I607:I610)","v":0}]
["IV. MANO DE OBRA"]
["Trabajador",{"$nulls":3},"Jornal","Prestaciones","Jornal Total","Rendimiento","Valor-Unit."]
["OFICIAL B",null,null,1,{"$f":"+IF(D614=\"\",\"\",VLOOKUP(A614,$L$4:$O$10,3,FALSE))","v":{"v":142350,"d":"$ 142,350.00"}},{"$f":"+IF(D614=\"\",\"\",(VLOOKUP(A614,$L$4:$O$10,4,FALSE))+1)","v":{"v":1.5821008628015805,"d":"158%"}},{"$f":"+IFERROR(F614*E614*D614,\"\")","v":{"v":225212.057819805,"d":"225,212.06"}},{"v":1,"d":"1.00"},{"$f":"IFERROR(G614/H614,\"\")","v":{"v":225212.057819805,"d":"$ 225,212"}}]
["AYUDANTE ENTENDIDO",null,null,1,{"$f":"+IF(D615=\"\",\"\",VLOOKUP(A615,$L$4:$O$10,3,FALSE))","v":{"v":77842,"d":"$ 77,842.00"}},{"$f":"+IF(D615=\"\",\"\",(VLOOKUP(A615,$L$4:$O$10,4,FALSE))+1)","v":{"v":1.6752877632282406,"d":"168%"}},{"$f":"+IFERROR(F615*E615*D615,\"\")","v":{"v":130407.7500652127,"d":"130,407.75"}},{"$f":"+H614","v":{"v":1,"d":"1.00"}},{"$f":"IFERROR(G615/H615,\"\")","v":{"v":130407.7500652127,"d":"$ 130,408"}}]
[" AYUDANTE RASO",null,null,1,{"$f":"+IF(D616=\"\",\"\",VLOOKUP(A616,$L$4:$O$10,3,FALSE))","v":{"v":54117,"d":"$ 54,117.00"}},{"$f":"+IF(D616=\"\",\"\",(VLOOKUP(A616,$L$4:$O$10,4,FALSE))+1)","v":{"v":1.7246636834087141,"d":"172%"}},{"$f":"+IFERROR(F616*E616*D616,\"\")","v":{"v":93333.62455502938,"d":"93,333.62"}},{"$f":"+H615","v":{"v":1,"d":"1.00"}},{"v":93333.62455502938,"d":"$ 93,334"}]
[]
["Sub-Total",{"$nulls":8},{"$f":"SUM(I614:I617)","v":{"v":448953.4324400471,"d":"$ 448,953.43"}}]
[{"$f":"+$A$34","v":"AMPLIACIÓN Y OPTIMIZACIÓN DEL SITIO DE DISPOSICIÓN FINAL DE RESIDUOS SOLIDOS DEL CORREGIMIENTO DE SAN MIGUEL EN EL MUNICIPIO DEL MEDIO SAN JUAN MEDIANTE LA EJECUCIÓN DE ACTIVIDADES DE CIERRE - CLAUSURA Y APERTURA DE CELDA DE CONTINGENCIA"}]
[]
["ITEM:  ","DESCRIPCION",{"$nulls":6},"UNIDAD:","COSTO DIRECTO"]
[6.01,{"$f":"+VLOOKUP(A622,[46]PTO!$B$4:$D$28,2,FALSE)","v":"Construcción de cerramiento en alambre de puas "},{"$nulls":6},{"$f":"+VLOOKUP(A622,[46]PTO!$B$4:$D$28,3,FALSE)","v":"m"},{"$f":"+ROUND(SUM(J630:J661),0)","v":{"v":11139,"d":"$ 11,139.00"}},null,{"$f":"+VLOOKUP(A622,[46]PTO!$B$5:$E$385,5,FALSE)","v":{"$error":"#REF!"}}]
["I. EQUIPO"]
["Descripción",{"$nulls":4},"Tipo","Tarifa/dia","Rendimiento","Valor-Unit."]
["Herramienta menor (% Mano de obra)",{"$nulls":5},{"v":0.05,"d":"5%"},null,{"$f":"+J661*G625","v":{"v":195.76399593107703,"d":"$ 195.76"}}]
["PULIDORA ",{"$nulls":4},{"$f":"+IF(A626=\"\",\"\",VLOOKUP(A626,[46]MATERIALES!$B$7:$D$1222,2,FALSE))","v":"DIA"},{"$f":"+IF(A626=\"\",\"\",VLOOKUP(A626,[46]MATERIALES!$B$7:$E$1222,3,FALSE))","v":{"v":32500,"d":"$ 32,500"}},{"$f":"IF(A626=\"\",\"\",IFERROR(1/H657,\"\"))","v":{"v":0.01,"d":"0.010 "}},{"$f":"IFERROR(G626*H626,\"\")","v":{"v":325,"d":"$ 325.00"}}]
[{"$nulls":5},{"$f":"+IF(A627=\"\",\"\",VLOOKUP(A627,[46]MATERIALES!$B$7:$D$1222,2,FALSE))","v":""},{"$f":"+IF(A627=\"\",\"\",VLOOKUP(A627,[46]MATERIALES!$B$7:$E$1222,3,FALSE))","v":""},{"$f":"IF(A627=\"\",\"\",IFERROR(1/H658,\"\"))","v":""},""]
[{"$nulls":5},{"$f":"+IF(A628=\"\",\"\",VLOOKUP(A628,[46]MATERIALES!$B$7:$D$1222,2,FALSE))","v":""},{"$f":"+IF(A628=\"\",\"\",VLOOKUP(A628,[46]MATERIALES!$B$7:$E$1222,3,FALSE))","v":""},{"$f":"IF(A628=\"\",\"\",IFERROR(1/H657,\"\"))","v":""},""]
[{"$nulls":5},{"$f":"+IF(A629=\"\",\"\",VLOOKUP(A629,[46]MATERIALES!$B$7:$D$1222,2,FALSE))","v":""},{"$f":"+IF(A629=\"\",\"\",VLOOKUP(A629,[46]MATERIALES!$B$7:$E$1222,3,FALSE))","v":""},{"$f":"IF(A629=\"\",\"\",IFERROR(1/H658,\"\"))","v":""},""]
["Sub-Total",{"$nulls":8},{"$f":"+SUM(I625:I629)","v":{"v":520.763995931077,"d":"$ 520.76"}}]
["II. MATERIALES EN OBRA"]
["Descripción",{"$nulls":3},"Unidad","Precio-Unit.","Cantidad","Desperdicio","Valor-Unit."]
["Alambre de púa calibre 14.5 x 125m",{"$nulls":3},{"$f":"+IF(A633=\"\",\"\",VLOOKUP(A633,[46]MATERIALES!$B$7:$D$225,2,FALSE))","v":"Rollo"},{"$f":"+IF(A633=\"\",\"\",VLOOKUP(A633,[46]MATERIALES!$B$7:$E$225,3,FALSE))","v":{"v":119900,"d":"$ 119,900"}},{"$f":"(1/125)*5","v":0.04},{"v":0.05,"d":"5%"},{"$f":"IFERROR(F633*G633*(1+H633),\"\")","v":{"v":5035.8,"d":"$ 5,035.80"}}]
[{"$nulls":4},{"$f":"+IF(A634=\"\",\"\",VLOOKUP(A634,[46]MATERIALES!$B$7:$D$225,2,FALSE))","v":""},{"$f":"+IF(A634=\"\",\"\",VLOOKUP(A634,[46]MATERIALES!$B$7:$E$225,3,FALSE))","v":""},null,null,{"$f":"IFERROR(F634*G634*(1+H634),\"\")","v":""},null,null,{"$f":"119900/125","v":959.2}]
[{"$nulls":4},{"$f":"+IF(A635=\"\",\"\",VLOOKUP(A635,[46]MATERIALES!$B$7:$D$225,2,FALSE))","v":""},{"$f":"+IF(A635=\"\",\"\",VLOOKUP(A635,[46]MATERIALES!$B$7:$E$225,3,FALSE))","v":""},null,null,{"$f":"IFERROR(F635*G635*(1+H635),\"\")","v":""}]
[{"$nulls":4},{"$f":"+IF(A636=\"\",\"\",VLOOKUP(A636,[46]MATERIALES!$B$7:$D$225,2,FALSE))","v":""},{"$f":"+IF(A636=\"\",\"\",VLOOKUP(A636,[46]MATERIALES!$B$7:$E$225,3,FALSE))","v":""},null,null,""]
[{"$nulls":4},{"$f":"+IF(A637=\"\",\"\",VLOOKUP(A637,[46]MATERIALES!$B$7:$D$225,2,FALSE))","v":""},{"$f":"+IF(A637=\"\",\"\",VLOOKUP(A637,[46]MATERIALES!$B$7:$E$225,3,FALSE))","v":""},null,null,""]
[{"$nulls":4},{"$f":"+IF(A638=\"\",\"\",VLOOKUP(A638,[46]MATERIALES!$B$7:$D$225,2,FALSE))","v":""},{"$f":"+IF(A638=\"\",\"\",VLOOKUP(A638,[46]MATERIALES!$B$7:$E$225,3,FALSE))","v":""},null,null,""]
[{"$nulls":4},{"$f":"+IF(A639=\"\",\"\",VLOOKUP(A639,[46]MATERIALES!$B$7:$D$225,2,FALSE))","v":""},{"$f":"+IF(A639=\"\",\"\",VLOOKUP(A639,[46]MATERIALES!$B$7:$E$225,3,FALSE))","v":""},null,null,""]
[{"$nulls":4},{"$f":"+IF(A640=\"\",\"\",VLOOKUP(A640,[46]MATERIALES!$B$7:$D$225,2,FALSE))","v":""},{"$f":"+IF(A640=\"\",\"\",VLOOKUP(A640,[46]MATERIALES!$B$7:$E$225,3,FALSE))","v":""},null,null,""]
[{"$nulls":4},{"$f":"+IF(A641=\"\",\"\",VLOOKUP(A641,[46]MATERIALES!$B$7:$D$225,2,FALSE))","v":""},{"$f":"+IF(A641=\"\",\"\",VLOOKUP(A641,[46]MATERIALES!$B$7:$E$225,3,FALSE))","v":""},null,null,""]
[{"$nulls":4},{"$f":"+IF(A642=\"\",\"\",VLOOKUP(A642,[46]MATERIALES!$B$7:$D$225,2,FALSE))","v":""},{"$f":"+IF(A642=\"\",\"\",VLOOKUP(A642,[46]MATERIALES!$B$7:$E$225,3,FALSE))","v":""},null,null,""]
[{"$nulls":4},{"$f":"+IF(A643=\"\",\"\",VLOOKUP(A643,[46]MATERIALES!$B$7:$D$225,2,FALSE))","v":""},{"$f":"+IF(A643=\"\",\"\",VLOOKUP(A643,[46]MATERIALES!$B$7:$E$225,3,FALSE))","v":""},null,null,""]
[{"$nulls":4},{"$f":"+IF(A644=\"\",\"\",VLOOKUP(A644,[46]MATERIALES!$B$7:$D$225,2,FALSE))","v":""},{"$f":"+IF(A644=\"\",\"\",VLOOKUP(A644,[46]MATERIALES!$B$7:$E$225,3,FALSE))","v":""},null,null,""]
[]
[{"$nulls":8},{"$f":"IFERROR(F646*G646*(1+H646),\"\")","v":0}]
["Sub-Total",{"$nulls":8},{"$f":"SUM(I633:I646)","v":{"v":5035.8,"d":"$ 5,035.80"}}]
["III. TRANSPORTES"]
["Material",{"$nulls":3},"TIPO","Vol. Peso ó Cant.","Distancia","Tarifa","Valor-Unit."]
["TRANSPORTE DESDE ISTMINA",{"$nulls":3},{"$f":"+IF(A650=\"\",\"\",VLOOKUP(A650,[46]MATERIALES!$B$7:$E$1222,2,FALSE))","v":"m3/km"},0.02,{"$f":"+IF(A650=\"\",\"\",VLOOKUP(A650,[46]MATERIALES!$B$7:$E$1222,4,FALSE))","v":9.6},{"$f":"+IF(A650=\"\",\"\",VLOOKUP(A650,[46]MATERIALES!$B$7:$E$1222,3,FALSE))","v":{"v":8681,"d":"8,681.00"}},{"$f":"IFERROR(G650*H650*F650,\"\")","v":{"v":1666.752,"d":"$ 1,666.75"}}]
[{"$nulls":4},{"$f":"+IF(A651=\"\",\"\",VLOOKUP(A651,[46]MATERIALES!$B$7:$E$1222,2,FALSE))","v":""},null,{"$f":"+IF(A651=\"\",\"\",VLOOKUP(A651,[46]MATERIALES!$B$7:$E$1222,4,FALSE))","v":""},{"$f":"+IF(A651=\"\",\"\",VLOOKUP(A651,[46]MATERIALES!$B$7:$E$1222,3,FALSE))","v":""},{"$f":"IFERROR(G651*H651*F651,\"\")","v":""}]
[]
[]
["Sub-Total",{"$nulls":8},{"$f":"SUM(I650:I653)","v":{"v":1666.752,"d":"$ 1,666.75"}}]
["IV. MANO DE OBRA"]
["Trabajador",{"$nulls":3},"Jornal","Prestaciones","Jornal Total","Rendimiento","Valor-Unit."]
["OFICIAL A",null,null,1,{"$f":"+IF(D657=\"\",\"\",VLOOKUP(A657,$L$4:$O$10,3,FALSE))","v":{"v":101567,"d":"$ 101,567.00"}},{"$f":"+IF(D657=\"\",\"\",(VLOOKUP(A657,$L$4:$O$10,4,FALSE))+1)","v":{"v":1.6519796512835072,"d":"165%"}},{"$f":"+IFERROR(F657*E657*D657,\"\")","v":{"v":167786.61724191197,"d":"167,786.62"}},{"v":100,"d":"100.00"},{"$f":"IFERROR(G657/H657,\"\")","v":{"v":1677.8661724191197,"d":"$ 1,677.87"}}]
["AYUDANTE ENTENDIDO",null,null,1,{"$f":"+IF(D658=\"\",\"\",VLOOKUP(A658,$L$4:$O$10,3,FALSE))","v":{"v":77842,"d":"$ 77,842.00"}},{"$f":"+IF(D658=\"\",\"\",(VLOOKUP(A658,$L$4:$O$10,4,FALSE))+1)","v":{"v":1.6752877632282406,"d":"168%"}},{"$f":"+IFERROR(F658*E658*D658,\"\")","v":{"v":130407.7500652127,"d":"130,407.75"}},{"$f":"+H657","v":{"v":100,"d":"100.00"}},{"$f":"IFERROR(G658/H658,\"\")","v":{"v":1304.0775006521271,"d":"$ 1,304.08"}}]
[" AYUDANTE RASO",null,null,1,{"$f":"+IF(D659=\"\",\"\",VLOOKUP(A659,$L$4:$O$10,3,FALSE))","v":{"v":54117,"d":"$ 54,117.00"}},{"$f":"+IF(D659=\"\",\"\",(VLOOKUP(A659,$L$4:$O$10,4,FALSE))+1)","v":{"v":1.7246636834087141,"d":"172%"}},{"$f":"+IFERROR(F659*E659*D659,\"\")","v":{"v":93333.62455502938,"d":"93,333.62"}},{"$f":"+IF(D659=\"\",\"\",IFERROR(H658,\"\"))","v":{"v":100,"d":"100.00"}},{"v":933.3362455502938,"d":"$ 933.34"}]
[]
["Sub-Total",{"$nulls":8},{"$f":"SUM(I657:I660)","v":{"v":3915.2799186215407,"d":"$ 3,915.28"}}]
[{"$f":"+$A$34","v":"AMPLIACIÓN Y OPTIMIZACIÓN DEL SITIO DE DISPOSICIÓN FINAL DE RESIDUOS SOLIDOS DEL CORREGIMIENTO DE SAN MIGUEL EN EL MUNICIPIO DEL MEDIO SAN JUAN MEDIANTE LA EJECUCIÓN DE ACTIVIDADES DE CIERRE - CLAUSURA Y APERTURA DE CELDA DE CONTINGENCIA"}]
[]
["ITEM:  ","DESCRIPCION",{"$nulls":6},"UNIDAD:","COSTO DIRECTO"]
[7.01,{"$f":"+VLOOKUP(A665,[46]PTO!$B$4:$D$28,2,FALSE)","v":{"$error":"#N/A"}},{"$nulls":6},{"$f":"+VLOOKUP(A665,[46]PTO!$B$4:$D$28,3,FALSE)","v":{"$error":"#N/A"}},{"$f":"+ROUND(SUM(J673:J696),0)","v":{"v":22446,"d":"$ 22,446.00"}},null,{"$f":"+VLOOKUP(A665,[46]PTO!$B$5:$E$385,5,FALSE)","v":{"$error":"#N/A"}}]
["I. EQUIPO"]
["Descripción",{"$nulls":4},"Tipo","Tarifa/dia","Rendimiento","Valor-Unit."]
["Herramienta menor (% Mano de obra)",{"$nulls":5},{"v":0.05,"d":"5%"},null,{"$f":"+J700*G668","v":{"v":446.4605389295182,"d":"$ 446.46"}}]
["CANGURO",{"$nulls":4},{"$f":"+IF(A669=\"\",\"\",VLOOKUP(A669,[46]MATERIALES!$B$7:$D$1222,2,FALSE))","v":"DIA"},{"$f":"+IF(A669=\"\",\"\",VLOOKUP(A669,[46]MATERIALES!$B$7:$E$1222,3,FALSE))","v":{"v":120000,"d":"$ 120,000"}},{"$f":"IF(A669=\"\",\"\",IFERROR(1/H696,\"\"))","v":{"v":0.020833333333333332,"d":"0.021 "}},{"$f":"IFERROR(G669*H669,\"\")","v":{"v":2500,"d":"$ 2,500.00"}}]
[{"$nulls":5},{"$f":"+IF(A670=\"\",\"\",VLOOKUP(A670,[46]MATERIALES!$B$7:$D$1222,2,FALSE))","v":""},{"$f":"+IF(A670=\"\",\"\",VLOOKUP(A670,[46]MATERIALES!$B$7:$E$1222,3,FALSE))","v":""},{"$f":"IF(A670=\"\",\"\",IFERROR(1/H697,\"\"))","v":""},""]
[{"$nulls":5},{"$f":"+IF(A671=\"\",\"\",VLOOKUP(A671,[46]MATERIALES!$B$7:$D$1222,2,FALSE))","v":""},{"$f":"+IF(A671=\"\",\"\",VLOOKUP(A671,[46]MATERIALES!$B$7:$E$1222,3,FALSE))","v":""},{"$f":"IF(A671=\"\",\"\",IFERROR(1/H696,\"\"))","v":""},""]
[{"$nulls":5},{"$f":"+IF(A672=\"\",\"\",VLOOKUP(A672,[46]MATERIALES!$B$7:$D$1222,2,FALSE))","v":""},{"$f":"+IF(A672=\"\",\"\",VLOOKUP(A672,[46]MATERIALES!$B$7:$E$1222,3,FALSE))","v":""},{"$f":"IF(A672=\"\",\"\",IFERROR(1/H697,\"\"))","v":""},""]
["Sub-Total",{"$nulls":8},{"$f":"+SUM(I668:I672)","v":{"v":2946.4605389295184,"d":"$ 2,946.46"}}]
["II. MATERIALES EN OBRA"]
["Descripción",{"$nulls":3},"Unidad","Precio-Unit.","Cantidad","Desperdicio","Valor-Unit."]
[{"$nulls":4},{"$f":"+IF(A676=\"\",\"\",VLOOKUP(A676,[46]MATERIALES!$B$7:$D$225,2,FALSE))","v":""},{"$f":"+IF(A676=\"\",\"\",VLOOKUP(A676,[46]MATERIALES!$B$7:$E$225,3,FALSE))","v":""},null,null,{"$f":"IFERROR(F676*G676*(1+H676),\"\")","v":""}]
[{"$nulls":4},{"$f":"+IF(A677=\"\",\"\",VLOOKUP(A677,[46]MATERIALES!$B$7:$D$225,2,FALSE))","v":""},{"$f":"+IF(A677=\"\",\"\",VLOOKUP(A677,[46]MATERIALES!$B$7:$E$225,3,FALSE))","v":""},null,null,{"$f":"IFERROR(F677*G677*(1+H677),\"\")","v":""}]
[{"$nulls":4},{"$f":"+IF(A678=\"\",\"\",VLOOKUP(A678,[46]MATERIALES!$B$7:$D$225,2,FALSE))","v":""},{"$f":"+IF(A678=\"\",\"\",VLOOKUP(A678,[46]MATERIALES!$B$7:$E$225,3,FALSE))","v":""},null,null,""]
[{"$nulls":4},{"$f":"+IF(A679=\"\",\"\",VLOOKUP(A679,[46]MATERIALES!$B$7:$D$225,2,FALSE))","v":""},{"$f":"+IF(A679=\"\",\"\",VLOOKUP(A679,[46]MATERIALES!$B$7:$E$225,3,FALSE))","v":""},null,null,""]
[{"$nulls":4},{"$f":"+IF(A680=\"\",\"\",VLOOKUP(A680,[46]MATERIALES!$B$7:$D$225,2,FALSE))","v":""},{"$f":"+IF(A680=\"\",\"\",VLOOKUP(A680,[46]MATERIALES!$B$7:$E$225,3,FALSE))","v":""},null,null,""]
[{"$nulls":4},{"$f":"+IF(A681=\"\",\"\",VLOOKUP(A681,[46]MATERIALES!$B$7:$D$225,2,FALSE))","v":""},{"$f":"+IF(A681=\"\",\"\",VLOOKUP(A681,[46]MATERIALES!$B$7:$E$225,3,FALSE))","v":""},null,null,""]
[{"$nulls":4},{"$f":"+IF(A682=\"\",\"\",VLOOKUP(A682,[46]MATERIALES!$B$7:$D$225,2,FALSE))","v":""},{"$f":"+IF(A682=\"\",\"\",VLOOKUP(A682,[46]MATERIALES!$B$7:$E$225,3,FALSE))","v":""},null,null,""]
[{"$nulls":4},{"$f":"+IF(A683=\"\",\"\",VLOOKUP(A683,[46]MATERIALES!$B$7:$D$225,2,FALSE))","v":""},{"$f":"+IF(A683=\"\",\"\",VLOOKUP(A683,[46]MATERIALES!$B$7:$E$225,3,FALSE))","v":""},null,null,""]
[]
[{"$nulls":8},{"$f":"IFERROR(F685*G685*(1+H685),\"\")","v":0}]
["Sub-Total",{"$nulls":8},{"$f":"SUM(I676:I685)","v":0}]
["III. TRANSPORTES"]
["Material",{"$nulls":3},"TIPO","Vol. Peso ó Cant.","Distancia","Tarifa","Valor-Unit."]
["TRANSPORTE DISPOSICION DE MATERIAL SOBRANTE",{"$nulls":3},{"$f":"+IF(A689=\"\",\"\",VLOOKUP(A689,[46]MATERIALES!$B$7:$E$1222,2,FALSE))","v":"M3"},{"v":1.3,"d":"1.30"},{"$f":"+IF(A689=\"\",\"\",VLOOKUP(A689,[46]MATERIALES!$B$7:$E$1222,4,FALSE))","v":{"v":5,"d":"5.0"}},{"$f":"+IF(A689=\"\",\"\",VLOOKUP(A689,[46]MATERIALES!$B$7:$E$1222,3,FALSE))","v":{"v":3000,"d":"3,000.00"}},{"$f":"IFERROR(G689*H689*F689,\"\")","v":{"v":19500,"d":"$ 19,500.00"}}]
[{"$nulls":4},{"$f":"+IF(A690=\"\",\"\",VLOOKUP(A690,[46]MATERIALES!$B$7:$E$1222,2,FALSE))","v":""},null,{"$f":"+IF(A690=\"\",\"\",VLOOKUP(A690,[46]MATERIALES!$B$7:$E$1222,4,FALSE))","v":""},{"$f":"+IF(A690=\"\",\"\",VLOOKUP(A690,[46]MATERIALES!$B$7:$E$1222,3,FALSE))","v":""},{"$f":"IFERROR(G690*H690*F690,\"\")","v":""}]
[]
[]
["Sub-Total",{"$nulls":8},{"$f":"SUM(I689:I692)","v":{"v":19500,"d":"$ 19,500.00"}}]
["IV. MANO DE OBRA"]
["Trabajador",{"$nulls":3},"Jornal","Prestaciones","Jornal Total","Rendimiento","Valor-Unit."]
["OFICIAL A",null,null,1,{"$f":"+IF(D696=\"\",\"\",VLOOKUP(A696,$L$4:$O$10,3,FALSE))","v":{"v":101567,"d":"$ 101,567.00"}},{"$f":"+IF(D696=\"\",\"\",(VLOOKUP(A696,$L$4:$O$10,4,FALSE))+1)","v":{"v":1.6519796512835072,"d":"165%"}},{"$f":"+IFERROR(F696*E696*D696,\"\")","v":{"v":167786.61724191197,"d":"167,786.62"}},{"v":48,"d":"48.00"},{"$f":"IFERROR(G696/H696,\"\")","v":{"v":3495.554525873166,"d":"$ 3,495.55"}}]
["AYUDANTE ENTENDIDO",null,null,2,{"$f":"+IF(D697=\"\",\"\",VLOOKUP(A697,$L$4:$O$10,3,FALSE))","v":{"v":77842,"d":"$ 77,842.00"}},{"$f":"+IF(D697=\"\",\"\",(VLOOKUP(A697,$L$4:$O$10,4,FALSE))+1)","v":{"v":1.6752877632282406,"d":"168%"}},{"$f":"+IFERROR(F697*E697*D697,\"\")","v":{"v":260815.5001304254,"d":"260,815.50"}},{"$f":"+H696","v":{"v":48,"d":"48.00"}},{"$f":"IFERROR(G697/H697,\"\")","v":{"v":5433.656252717196,"d":"$ 5,433.66"}}]
[{"$nulls":4},{"$f":"+IF(D698=\"\",\"\",VLOOKUP(A698,$L$4:$O$10,3,FALSE))","v":""},{"$f":"+IF(D698=\"\",\"\",(VLOOKUP(A698,$L$4:$O$10,4,FALSE))+1)","v":""},{"$f":"+IFERROR(F698*E698*D698,\"\")","v":""},{"$f":"+IF(D698=\"\",\"\",IFERROR(H697,\"\"))","v":""},""]
[]
["Sub-Total",{"$nulls":8},{"$f":"SUM(I696:I699)","v":{"v":8929.210778590363,"d":"$ 8,929.21"}}]
[{"$f":"+$A$34","v":"AMPLIACIÓN Y OPTIMIZACIÓN DEL SITIO DE DISPOSICIÓN FINAL DE RESIDUOS SOLIDOS DEL CORREGIMIENTO DE SAN MIGUEL EN EL MUNICIPIO DEL MEDIO SAN JUAN MEDIANTE LA EJECUCIÓN DE ACTIVIDADES DE CIERRE - CLAUSURA Y APERTURA DE CELDA DE CONTINGENCIA"}]
[]
["ITEM:  ","DESCRIPCION",{"$nulls":6},"UNIDAD:","COSTO DIRECTO"]
[7.02,{"$f":"+VLOOKUP(A704,[46]PTO!$B$4:$D$28,2,FALSE)","v":{"$error":"#N/A"}},{"$nulls":6},{"$f":"+VLOOKUP(A704,[46]PTO!$B$4:$D$28,3,FALSE)","v":{"$error":"#N/A"}},{"$f":"+ROUND(SUM(J712:J735),0)","v":{"v":9087,"d":"$ 9,087.00"}},null,{"$f":"+VLOOKUP(A704,[46]PTO!$B$5:$E$385,5,FALSE)","v":{"$error":"#N/A"}}]
["I. EQUIPO"]
["Descripción",{"$nulls":4},"Tipo","Tarifa/dia","Rendimiento","Valor-Unit."]
["Herramienta menor (% Mano de obra)",{"$nulls":5},{"v":0.05,"d":"5%"},null,{"$f":"+J734*G707","v":{"v":212.9959766479462,"d":"$ 213.00"}}]
[{"$nulls":5},{"$f":"+IF(A708=\"\",\"\",VLOOKUP(A708,[46]MATERIALES!$B$7:$D$1222,2,FALSE))","v":""},{"$f":"+IF(A708=\"\",\"\",VLOOKUP(A708,[46]MATERIALES!$B$7:$E$1222,3,FALSE))","v":""},{"$f":"IF(A708=\"\",\"\",IFERROR(1/H730,\"\"))","v":""},{"$f":"IFERROR(G708*H708,\"\")","v":""}]
[{"$nulls":5},{"$f":"+IF(A709=\"\",\"\",VLOOKUP(A709,[46]MATERIALES!$B$7:$D$1222,2,FALSE))","v":""},{"$f":"+IF(A709=\"\",\"\",VLOOKUP(A709,[46]MATERIALES!$B$7:$E$1222,3,FALSE))","v":""},{"$f":"IF(A709=\"\",\"\",IFERROR(1/H731,\"\"))","v":""},""]
[{"$nulls":7},{"$f":"IF(A710=\"\",\"\",IFERROR(1/H730,\"\"))","v":""}]
[]
["Sub-Total",{"$nulls":8},{"$f":"+SUM(I707:I711)","v":{"v":212.9959766479462,"d":"$ 213.00"}}]
["II. MATERIALES EN OBRA"]
["Descripción",{"$nulls":3},"Unidad","Precio-Unit.","Cantidad","Desperdicio","Valor-Unit."]
["Geotextil NT 1600s",{"$nulls":3},{"$f":"+IF(A715=\"\",\"\",VLOOKUP(A715,[46]MATERIALES!$B$7:$D$225,2,FALSE))","v":"m2"},{"$f":"+IF(A715=\"\",\"\",VLOOKUP(A715,[46]MATERIALES!$B$7:$E$225,3,FALSE))","v":{"v":3686,"d":"$ 3,686"}},{"v":1,"d":"1.00 "},{"v":0.05,"d":"5%"},{"$f":"IFERROR((ROUND((F715*G715*(1+H715)),0)),\"\")","v":{"v":3870,"d":"$ 3,870"}}]
[{"$nulls":4},{"$f":"+IF(A716=\"\",\"\",VLOOKUP(A716,[46]MATERIALES!$B$7:$D$225,2,FALSE))","v":""},{"$f":"+IF(A716=\"\",\"\",VLOOKUP(A716,[46]MATERIALES!$B$7:$E$225,3,FALSE))","v":""},null,null,""]
[{"$nulls":4},{"$f":"+IF(A717=\"\",\"\",VLOOKUP(A717,[46]MATERIALES!$B$7:$D$225,2,FALSE))","v":""},{"$f":"+IF(A717=\"\",\"\",VLOOKUP(A717,[46]MATERIALES!$B$7:$E$225,3,FALSE))","v":""},null,null,""]
[{"$nulls":4},{"$f":"+IF(A718=\"\",\"\",VLOOKUP(A718,[46]MATERIALES!$B$7:$D$225,2,FALSE))","v":""},{"$f":"+IF(A718=\"\",\"\",VLOOKUP(A718,[46]MATERIALES!$B$7:$E$225,3,FALSE))","v":""},null,null,{"$f":"IFERROR(F718*G718*(1+H718),\"\")","v":""}]
[{"$nulls":4},{"$f":"+IF(A719=\"\",\"\",VLOOKUP(A719,[46]MATERIALES!$B$7:$D$225,2,FALSE))","v":""},{"$f":"+IF(A719=\"\",\"\",VLOOKUP(A719,[46]MATERIALES!$B$7:$E$225,3,FALSE))","v":""},null,null,{"$f":"IFERROR(F719*G719*(1+H719),\"\")","v":""}]
["Sub-Total",{"$nulls":8},{"$f":"SUM(I715:I719)","v":{"v":3870,"d":"$ 3,870.00"}}]
["III. TRANSPORTES"]
["Material",{"$nulls":3},"TIPO","Vol. Peso ó Cant.","Distancia","Tarifa","Valor-Unit."]
["TRANSPORTE DESDE MEDELLIN",{"$nulls":3},{"$f":"+IF(A723=\"\",\"\",VLOOKUP(A723,[46]MATERIALES!$B$7:$E$1222,2,FALSE))","v":"m3/km"},{"v":1E-3,"d":"0.001"},{"$f":"+IF(A723=\"\",\"\",VLOOKUP(A723,[46]MATERIALES!$B$7:$E$1222,4,FALSE))","v":{"v":413.59999999999997,"d":"413.6"}},{"$f":"+IF(A723=\"\",\"\",VLOOKUP(A723,[46]MATERIALES!$B$7:$E$1222,3,FALSE))","v":{"v":1799,"d":"1,799.00"}},{"$f":"IFERROR(G723*H723*F723,\"\")","v":{"v":744.0663999999999,"d":"$ 744.07"}}]
[{"$nulls":4},{"$f":"+IF(A724=\"\",\"\",VLOOKUP(A724,[46]MATERIALES!$B$7:$E$1222,2,FALSE))","v":""},null,{"$f":"+IF(A724=\"\",\"\",VLOOKUP(A724,[46]MATERIALES!$B$7:$E$1222,4,FALSE))","v":""},{"$f":"+IF(A724=\"\",\"\",VLOOKUP(A724,[46]MATERIALES!$B$7:$E$1222,3,FALSE))","v":""},{"$f":"IFERROR(G724*H724*F724,\"\")","v":""}]
[]
[]
["Sub-Total",{"$nulls":8},{"$f":"SUM(I723:I726)","v":{"v":744.0663999999999,"d":"$ 744.07"}}]
["IV. MANO DE OBRA"]
["Trabajador",{"$nulls":3},"Jornal","Prestaciones","Jornal Total","Rendimiento","Valor-Unit."]
["OFICIAL A",null,null,1,{"$f":"+IF(D730=\"\",\"\",VLOOKUP(A730,$L$4:$O$10,3,FALSE))","v":{"v":101567,"d":"$ 101,567.00"}},{"$f":"+IF(D730=\"\",\"\",(VLOOKUP(A730,$L$4:$O$10,4,FALSE))+1)","v":{"v":1.6519796512835072,"d":"165%"}},{"$f":"+IFERROR(F730*E730*D730,\"\")","v":{"v":167786.61724191197,"d":"167,786.62"}},{"v":70,"d":"70.00"},{"$f":"IFERROR(G730/H730,\"\")","v":{"v":2396.9516748844567,"d":"$ 2,396.95"}}]
["AYUDANTE ENTENDIDO",null,null,1,{"$f":"+IF(D731=\"\",\"\",VLOOKUP(A731,$L$4:$O$10,3,FALSE))","v":{"v":77842,"d":"$ 77,842.00"}},{"$f":"+IF(D731=\"\",\"\",(VLOOKUP(A731,$L$4:$O$10,4,FALSE))+1)","v":{"v":1.6752877632282406,"d":"168%"}},{"$f":"+IFERROR(F731*E731*D731,\"\")","v":{"v":130407.7500652127,"d":"130,407.75"}},{"$f":"+H730","v":{"v":70,"d":"70.00"}},{"$f":"IFERROR(G731/H731,\"\")","v":{"v":1862.9678580744671,"d":"$ 1,862.97"}}]
[{"$nulls":4},{"$f":"+IF(D732=\"\",\"\",VLOOKUP(A732,$L$4:$O$10,3,FALSE))","v":""},{"$f":"+IF(D732=\"\",\"\",(VLOOKUP(A732,$L$4:$O$10,4,FALSE))+1)","v":""},{"$f":"+IFERROR(F732*E732*D732,\"\")","v":""},null,""]
[]
["Sub-Total",{"$nulls":8},{"$f":"SUM(I730:I733)","v":{"v":4259.919532958924,"d":"$ 4,259.92"}}]
[{"$f":"+$A$34","v":"AMPLIACIÓN Y OPTIMIZACIÓN DEL SITIO DE DISPOSICIÓN FINAL DE RESIDUOS SOLIDOS DEL CORREGIMIENTO DE SAN MIGUEL EN EL MUNICIPIO DEL MEDIO SAN JUAN MEDIANTE LA EJECUCIÓN DE ACTIVIDADES DE CIERRE - CLAUSURA Y APERTURA DE CELDA DE CONTINGENCIA"}]
[]
["ITEM:  ","DESCRIPCION",{"$nulls":6},"UNIDAD:","COSTO DIRECTO"]
[7.03,{"$f":"+VLOOKUP(A738,[46]PTO!$B$4:$D$28,2,FALSE)","v":{"$error":"#N/A"}},{"$nulls":6},{"$f":"+VLOOKUP(A738,[46]PTO!$B$4:$D$28,3,FALSE)","v":{"$error":"#N/A"}},{"$f":"+ROUND(SUM(J746:J768),0)","v":{"v":11409,"d":"$ 11,409.00"}},null,{"$f":"+VLOOKUP(A738,[46]PTO!$B$5:$E$385,5,FALSE)","v":{"$error":"#N/A"}}]
["I. EQUIPO"]
["Descripción",{"$nulls":4},"Tipo","Tarifa/dia","Rendimiento","Valor-Unit."]
["Herramienta menor (% Mano de obra)",{"$nulls":5},{"v":0.05,"d":"5%"},null,{"$f":"+J768*G741","v":{"v":124.24765304463529,"d":"$ 124.25"}}]
["CANGURO",{"$nulls":4},{"$f":"+IF(A742=\"\",\"\",VLOOKUP(A742,[46]MATERIALES!$B$7:$D$1222,2,FALSE))","v":"DIA"},{"$f":"+IF(A742=\"\",\"\",VLOOKUP(A742,[46]MATERIALES!$B$7:$E$1222,3,FALSE))","v":{"v":120000,"d":"$ 120,000"}},{"$f":"IF(A742=\"\",\"\",IFERROR(1/H764,\"\"))","v":{"v":0.008333333333333333,"d":"0.008 "}},{"$f":"IFERROR(G742*H742,\"\")","v":{"v":1000,"d":"$ 1,000.00"}}]
[{"$nulls":5},{"$f":"+IF(A743=\"\",\"\",VLOOKUP(A743,[46]MATERIALES!$B$7:$D$1222,2,FALSE))","v":""},{"$f":"+IF(A743=\"\",\"\",VLOOKUP(A743,[46]MATERIALES!$B$7:$E$1222,3,FALSE))","v":""},{"$f":"IF(A743=\"\",\"\",IFERROR(1/H765,\"\"))","v":""},""]
[{"$nulls":7},{"$f":"IF(A744=\"\",\"\",IFERROR(1/H764,\"\"))","v":""}]
[]
["Sub-Total",{"$nulls":8},{"$f":"+SUM(I741:I745)","v":{"v":1124.2476530446352,"d":"$ 1,124.25"}}]
["II. MATERIALES EN OBRA"]
["Descripción",{"$nulls":3},"Unidad","Precio-Unit.","Cantidad","Desperdicio","Valor-Unit."]
["Material seleccionado",{"$nulls":3},{"$f":"+IF(A749=\"\",\"\",VLOOKUP(A749,[46]MATERIALES!$B$7:$D$225,2,FALSE))","v":"m3"},{"$f":"+IF(A749=\"\",\"\",VLOOKUP(A749,[46]MATERIALES!$B$7:$E$225,3,FALSE))","v":{"v":60000,"d":"$ 60,000"}},{"v":0.1,"d":"0.10 "},{"v":0.3,"d":"30%"},{"$f":"IFERROR((ROUND((F749*G749*(1+H749)),0)),\"\")","v":{"v":7800,"d":"$ 7,800"}}]
[{"$nulls":4},{"$f":"+IF(A750=\"\",\"\",VLOOKUP(A750,[46]MATERIALES!$B$7:$D$225,2,FALSE))","v":""},{"$f":"+IF(A750=\"\",\"\",VLOOKUP(A750,[46]MATERIALES!$B$7:$E$225,3,FALSE))","v":""},null,null,""]
[{"$nulls":4},{"$f":"+IF(A751=\"\",\"\",VLOOKUP(A751,[46]MATERIALES!$B$7:$D$225,2,FALSE))","v":""},{"$f":"+IF(A751=\"\",\"\",VLOOKUP(A751,[46]MATERIALES!$B$7:$E$225,3,FALSE))","v":""},null,null,""]
[{"$nulls":4},{"$f":"+IF(A752=\"\",\"\",VLOOKUP(A752,[46]MATERIALES!$B$7:$D$225,2,FALSE))","v":""},{"$f":"+IF(A752=\"\",\"\",VLOOKUP(A752,[46]MATERIALES!$B$7:$E$225,3,FALSE))","v":""},null,null,{"$f":"IFERROR(F752*G752*(1+H752),\"\")","v":""}]
[{"$nulls":4},{"$f":"+IF(A753=\"\",\"\",VLOOKUP(A753,[46]MATERIALES!$B$7:$D$225,2,FALSE))","v":""},{"$f":"+IF(A753=\"\",\"\",VLOOKUP(A753,[46]MATERIALES!$B$7:$E$225,3,FALSE))","v":""},null,null,{"$f":"IFERROR(F753*G753*(1+H753),\"\")","v":""}]
["Sub-Total",{"$nulls":8},{"$f":"SUM(I749:I753)","v":{"v":7800,"d":"$ 7,800.00"}}]
["III. TRANSPORTES"]
["Material",{"$nulls":3},"TIPO","Vol. Peso ó Cant.","Distancia","Tarifa","Valor-Unit."]
[{"$nulls":4},{"$f":"+IF(A757=\"\",\"\",VLOOKUP(A757,[46]MATERIALES!$B$7:$E$1222,2,FALSE))","v":""},null,{"$f":"+IF(A757=\"\",\"\",VLOOKUP(A757,[46]MATERIALES!$B$7:$E$1222,4,FALSE))","v":""},{"$f":"+IF(A757=\"\",\"\",VLOOKUP(A757,[46]MATERIALES!$B$7:$E$1222,3,FALSE))","v":""},{"$f":"IFERROR(G757*H757*F757,\"\")","v":""}]
[{"$nulls":4},{"$f":"+IF(A758=\"\",\"\",VLOOKUP(A758,[46]MATERIALES!$B$7:$E$1222,2,FALSE))","v":""},null,{"$f":"+IF(A758=\"\",\"\",VLOOKUP(A758,[46]MATERIALES!$B$7:$E$1222,4,FALSE))","v":""},{"$f":"+IF(A758=\"\",\"\",VLOOKUP(A758,[46]MATERIALES!$B$7:$E$1222,3,FALSE))","v":""},{"$f":"IFERROR(G758*H758*F758,\"\")","v":""}]
[]
[]
["Sub-Total",{"$nulls":8},{"$f":"SUM(I757:I760)","v":0}]
["IV. MANO DE OBRA"]
["Trabajador",{"$nulls":3},"Jornal","Prestaciones","Jornal Total","Rendimiento","Valor-Unit."]
["OFICIAL A",null,null,1,{"$f":"+IF(D764=\"\",\"\",VLOOKUP(A764,$L$4:$O$10,3,FALSE))","v":{"v":101567,"d":"$ 101,567.00"}},{"$f":"+IF(D764=\"\",\"\",(VLOOKUP(A764,$L$4:$O$10,4,FALSE))+1)","v":{"v":1.6519796512835072,"d":"165%"}},{"$f":"+IFERROR(F764*E764*D764,\"\")","v":{"v":167786.61724191197,"d":"167,786.62"}},{"v":120,"d":"120.00"},{"$f":"IFERROR(G764/H764,\"\")","v":{"v":1398.2218103492664,"d":"$ 1,398.22"}}]
["AYUDANTE ENTENDIDO",null,null,1,{"$f":"+IF(D765=\"\",\"\",VLOOKUP(A765,$L$4:$O$10,3,FALSE))","v":{"v":77842,"d":"$ 77,842.00"}},{"$f":"+IF(D765=\"\",\"\",(VLOOKUP(A765,$L$4:$O$10,4,FALSE))+1)","v":{"v":1.6752877632282406,"d":"168%"}},{"$f":"+IFERROR(F765*E765*D765,\"\")","v":{"v":130407.7500652127,"d":"130,407.75"}},{"$f":"+H764","v":{"v":120,"d":"120.00"}},{"$f":"IFERROR(G765/H765,\"\")","v":{"v":1086.7312505434393,"d":"$ 1,086.73"}}]
[{"$nulls":4},{"$f":"+IF(D766=\"\",\"\",VLOOKUP(A766,$L$4:$O$10,3,FALSE))","v":""},{"$f":"+IF(D766=\"\",\"\",(VLOOKUP(A766,$L$4:$O$10,4,FALSE))+1)","v":""},{"$f":"+IFERROR(F766*E766*D766,\"\")","v":""},null,""]
[]
["Sub-Total",{"$nulls":8},{"$f":"SUM(I764:I767)","v":{"v":2484.9530608927057,"d":"$ 2,484.95"}}]
[{"$f":"+$A$34","v":"AMPLIACIÓN Y OPTIMIZACIÓN DEL SITIO DE DISPOSICIÓN FINAL DE RESIDUOS SOLIDOS DEL CORREGIMIENTO DE SAN MIGUEL EN EL MUNICIPIO DEL MEDIO SAN JUAN MEDIANTE LA EJECUCIÓN DE ACTIVIDADES DE CIERRE - CLAUSURA Y APERTURA DE CELDA DE CONTINGENCIA"}]
[]
["ITEM:  ","DESCRIPCION",{"$nulls":6},"UNIDAD:","COSTO DIRECTO"]
[7.04,{"$f":"+VLOOKUP(A772,[46]PTO!$B$4:$D$28,2,FALSE)","v":{"$error":"#N/A"}},{"$nulls":6},{"$f":"+VLOOKUP(A772,[46]PTO!$B$4:$D$28,3,FALSE)","v":{"$error":"#N/A"}},{"$f":"+ROUND(SUM(J780:J802),0)","v":{"v":682528,"d":"$ 682,528.00"}},null,{"$f":"+VLOOKUP(A772,[46]PTO!$B$5:$E$385,5,FALSE)","v":{"$error":"#N/A"}}]
["I. EQUIPO"]
["Descripción",{"$nulls":4},"Tipo","Tarifa/dia","Rendimiento","Valor-Unit."]
["Herramienta menor (% Mano de obra)",{"$nulls":5},{"v":0.05,"d":"5%"},null,{"$f":"+J802*G775","v":{"v":4860.275579502304,"d":"$ 4,860.28"}}]
["ANDAMIO 2 CUERPOS",{"$nulls":4},{"$f":"+IF(A776=\"\",\"\",VLOOKUP(A776,[46]MATERIALES!$B$7:$D$1222,2,FALSE))","v":"DIA"},{"$f":"+IF(A776=\"\",\"\",VLOOKUP(A776,[46]MATERIALES!$B$7:$E$1222,3,FALSE))","v":{"v":3500,"d":"$ 3,500"}},{"$f":"IF(A776=\"\",\"\",IFERROR(1/H798,\"\"))","v":{"v":0.2,"d":"0.200 "}},{"$f":"IFERROR(G776*H776,\"\")","v":{"v":700,"d":"$ 700.00"}}]
[{"$nulls":5},{"$f":"+IF(A777=\"\",\"\",VLOOKUP(A777,[46]MATERIALES!$B$7:$D$1222,2,FALSE))","v":""},{"$f":"+IF(A777=\"\",\"\",VLOOKUP(A777,[46]MATERIALES!$B$7:$E$1222,3,FALSE))","v":""},{"$f":"IF(A777=\"\",\"\",IFERROR(1/H799,\"\"))","v":""},""]
[{"$nulls":7},{"$f":"IF(A778=\"\",\"\",IFERROR(1/H798,\"\"))","v":""}]
[]
["Sub-Total",{"$nulls":8},{"$f":"+SUM(I775:I779)","v":{"v":5560.275579502304,"d":"$ 5,560.28"}}]
["II. MATERIALES EN OBRA"]
["Descripción",{"$nulls":3},"Unidad","Precio-Unit.","Cantidad","Desperdicio","Valor-Unit."]
["chimenea de de venteo de Biogas",{"$nulls":3},{"$f":"+IF(A783=\"\",\"\",VLOOKUP(A783,[46]MATERIALES!$B$7:$D$225,2,FALSE))","v":"UN"},{"$f":"+IF(A783=\"\",\"\",VLOOKUP(A783,[46]MATERIALES!$B$7:$E$225,3,FALSE))","v":{"v":550000,"d":"$ 550,000"}},{"v":1,"d":"1.00 "},null,{"$f":"IFERROR((ROUND((F783*G783*(1+H783)),0)),\"\")","v":{"v":550000,"d":"$ 550,000"}}]
[{"$nulls":4},{"$f":"+IF(A784=\"\",\"\",VLOOKUP(A784,[46]MATERIALES!$B$7:$D$225,2,FALSE))","v":""},{"$f":"+IF(A784=\"\",\"\",VLOOKUP(A784,[46]MATERIALES!$B$7:$E$225,3,FALSE))","v":""},null,null,""]
[{"$nulls":4},{"$f":"+IF(A785=\"\",\"\",VLOOKUP(A785,[46]MATERIALES!$B$7:$D$225,2,FALSE))","v":""},{"$f":"+IF(A785=\"\",\"\",VLOOKUP(A785,[46]MATERIALES!$B$7:$E$225,3,FALSE))","v":""},null,null,""]
[{"$nulls":4},{"$f":"+IF(A786=\"\",\"\",VLOOKUP(A786,[46]MATERIALES!$B$7:$D$225,2,FALSE))","v":""},{"$f":"+IF(A786=\"\",\"\",VLOOKUP(A786,[46]MATERIALES!$B$7:$E$225,3,FALSE))","v":""},null,null,{"$f":"IFERROR(F786*G786*(1+H786),\"\")","v":""}]
[{"$nulls":4},{"$f":"+IF(A787=\"\",\"\",VLOOKUP(A787,[46]MATERIALES!$B$7:$D$225,2,FALSE))","v":""},{"$f":"+IF(A787=\"\",\"\",VLOOKUP(A787,[46]MATERIALES!$B$7:$E$225,3,FALSE))","v":""},null,null,{"$f":"IFERROR(F787*G787*(1+H787),\"\")","v":""}]
["Sub-Total",{"$nulls":8},{"$f":"SUM(I783:I787)","v":{"v":550000,"d":"$ 550,000.00"}}]
["III. TRANSPORTES"]
["Material",{"$nulls":3},"TIPO","Vol. Peso ó Cant.","Distancia","Tarifa","Valor-Unit."]
["TRANSPORTE DESDE MEDELLIN",{"$nulls":3},{"$f":"+IF(A791=\"\",\"\",VLOOKUP(A791,[46]MATERIALES!$B$7:$E$1222,2,FALSE))","v":"m3/km"},{"$f":"0.2*0.2","v":{"v":0.04000000000000001,"d":"0.04"}},{"$f":"+IF(A791=\"\",\"\",VLOOKUP(A791,[46]MATERIALES!$B$7:$E$1222,4,FALSE))","v":{"v":413.59999999999997,"d":"413.6"}},{"$f":"+IF(A791=\"\",\"\",VLOOKUP(A791,[46]MATERIALES!$B$7:$E$1222,3,FALSE))","v":{"v":1799,"d":"1,799.00"}},{"$f":"IFERROR(G791*H791*F791,\"\")","v":{"v":29762.656000000003,"d":"$ 29,762.66"}}]
[{"$nulls":4},{"$f":"+IF(A792=\"\",\"\",VLOOKUP(A792,[46]MATERIALES!$B$7:$E$1222,2,FALSE))","v":""},null,{"$f":"+IF(A792=\"\",\"\",VLOOKUP(A792,[46]MATERIALES!$B$7:$E$1222,4,FALSE))","v":""},{"$f":"+IF(A792=\"\",\"\",VLOOKUP(A792,[46]MATERIALES!$B$7:$E$1222,3,FALSE))","v":""},{"$f":"IFERROR(G792*H792*F792,\"\")","v":""}]
[]
[]
["Sub-Total",{"$nulls":8},{"$f":"SUM(I791:I794)","v":{"v":29762.656000000003,"d":"$ 29,762.66"}}]
["IV. MANO DE OBRA"]
["Trabajador",{"$nulls":3},"Jornal","Prestaciones","Jornal Total","Rendimiento","Valor-Unit."]
["OFICIAL B",null,null,1,{"$f":"+IF(D798=\"\",\"\",VLOOKUP(A798,$L$4:$O$10,3,FALSE))","v":{"v":142350,"d":"$ 142,350.00"}},{"$f":"+IF(D798=\"\",\"\",(VLOOKUP(A798,$L$4:$O$10,4,FALSE))+1)","v":{"v":1.5821008628015805,"d":"158%"}},{"$f":"+IFERROR(F798*E798*D798,\"\")","v":{"v":225212.057819805,"d":"225,212.06"}},{"v":5,"d":"5.00"},{"$f":"IFERROR(G798/H798,\"\")","v":{"v":45042.411563960995,"d":"$ 45,042.41"}}]
["AYUDANTE ENTENDIDO",null,null,2,{"$f":"+IF(D799=\"\",\"\",VLOOKUP(A799,$L$4:$O$10,3,FALSE))","v":{"v":77842,"d":"$ 77,842.00"}},{"$f":"+IF(D799=\"\",\"\",(VLOOKUP(A799,$L$4:$O$10,4,FALSE))+1)","v":{"v":1.6752877632282406,"d":"168%"}},{"$f":"+IFERROR(F799*E799*D799,\"\")","v":{"v":260815.5001304254,"d":"260,815.50"}},{"$f":"+H798","v":{"v":5,"d":"5.00"}},{"$f":"IFERROR(G799/H799,\"\")","v":{"v":52163.100026085085,"d":"$ 52,163.10"}}]
[{"$nulls":4},{"$f":"+IF(D800=\"\",\"\",VLOOKUP(A800,$L$4:$O$10,3,FALSE))","v":""},{"$f":"+IF(D800=\"\",\"\",(VLOOKUP(A800,$L$4:$O$10,4,FALSE))+1)","v":""},{"$f":"+IFERROR(F800*E800*D800,\"\")","v":""},null,""]
[]
["Sub-Total",{"$nulls":8},{"$f":"SUM(I798:I801)","v":{"v":97205.51159004608,"d":"$ 97,205.51"}}]
[{"$f":"+$A$34","v":"AMPLIACIÓN Y OPTIMIZACIÓN DEL SITIO DE DISPOSICIÓN FINAL DE RESIDUOS SOLIDOS DEL CORREGIMIENTO DE SAN MIGUEL EN EL MUNICIPIO DEL MEDIO SAN JUAN MEDIANTE LA EJECUCIÓN DE ACTIVIDADES DE CIERRE - CLAUSURA Y APERTURA DE CELDA DE CONTINGENCIA"}]
[]
["ITEM:  ","DESCRIPCION",{"$nulls":6},"UNIDAD:","COSTO DIRECTO"]
[7.05,{"$f":"+VLOOKUP(A806,[46]PTO!$B$4:$D$28,2,FALSE)","v":{"$error":"#N/A"}},{"$nulls":6},{"$f":"+VLOOKUP(A806,[46]PTO!$B$4:$D$28,3,FALSE)","v":{"$error":"#N/A"}},{"$f":"+ROUND(SUM(J814:J836),0)","v":{"v":2551645,"d":"$ 2,551,645.00"}},null,{"$f":"+VLOOKUP(A806,[46]PTO!$B$5:$E$385,5,FALSE)","v":{"$error":"#N/A"}}]
["I. EQUIPO"]
["Descripción",{"$nulls":4},"Tipo","Tarifa/dia","Rendimiento","Valor-Unit."]
["Herramienta menor (% Mano de obra)",{"$nulls":5},{"v":0.05,"d":"5%"},null,{"$f":"+J836*G809","v":{"v":121506.88948755758,"d":"$ 121,506.89"}}]
[{"$nulls":5},{"$f":"+IF(A810=\"\",\"\",VLOOKUP(A810,[46]MATERIALES!$B$7:$D$1222,2,FALSE))","v":""},{"$f":"+IF(A810=\"\",\"\",VLOOKUP(A810,[46]MATERIALES!$B$7:$E$1222,3,FALSE))","v":""},{"$f":"IF(A810=\"\",\"\",IFERROR(1/H832,\"\"))","v":""},{"$f":"IFERROR(G810*H810,\"\")","v":""}]
[{"$nulls":5},{"$f":"+IF(A811=\"\",\"\",VLOOKUP(A811,[46]MATERIALES!$B$7:$D$1222,2,FALSE))","v":""},{"$f":"+IF(A811=\"\",\"\",VLOOKUP(A811,[46]MATERIALES!$B$7:$E$1222,3,FALSE))","v":""},{"$f":"IF(A811=\"\",\"\",IFERROR(1/H833,\"\"))","v":""},""]
[{"$nulls":7},{"$f":"IF(A812=\"\",\"\",IFERROR(1/H832,\"\"))","v":""}]
[]
["Sub-Total",{"$nulls":8},{"$f":"+SUM(I809:I813)","v":{"v":121506.88948755758,"d":"$ 121,506.89"}}]
["II. MATERIALES EN OBRA"]
["Descripción",{"$nulls":3},"Unidad","Precio-Unit.","Cantidad","Desperdicio","Valor-Unit."]
[{"$nulls":4},{"$f":"+IF(A817=\"\",\"\",VLOOKUP(A817,[46]MATERIALES!$B$7:$D$225,2,FALSE))","v":""},{"$f":"+IF(A817=\"\",\"\",VLOOKUP(A817,[46]MATERIALES!$B$7:$E$225,3,FALSE))","v":""},null,null,{"$f":"IFERROR((ROUND((F817*G817*(1+H817)),0)),\"\")","v":""}]
[{"$nulls":4},{"$f":"+IF(A818=\"\",\"\",VLOOKUP(A818,[46]MATERIALES!$B$7:$D$225,2,FALSE))","v":""},{"$f":"+IF(A818=\"\",\"\",VLOOKUP(A818,[46]MATERIALES!$B$7:$E$225,3,FALSE))","v":""},null,null,""]
[{"$nulls":4},{"$f":"+IF(A819=\"\",\"\",VLOOKUP(A819,[46]MATERIALES!$B$7:$D$225,2,FALSE))","v":""},{"$f":"+IF(A819=\"\",\"\",VLOOKUP(A819,[46]MATERIALES!$B$7:$E$225,3,FALSE))","v":""},null,null,""]
[{"$nulls":4},{"$f":"+IF(A820=\"\",\"\",VLOOKUP(A820,[46]MATERIALES!$B$7:$D$225,2,FALSE))","v":""},{"$f":"+IF(A820=\"\",\"\",VLOOKUP(A820,[46]MATERIALES!$B$7:$E$225,3,FALSE))","v":""},null,null,{"$f":"IFERROR(F820*G820*(1+H820),\"\")","v":""}]
[{"$nulls":4},{"$f":"+IF(A821=\"\",\"\",VLOOKUP(A821,[46]MATERIALES!$B$7:$D$225,2,FALSE))","v":""},{"$f":"+IF(A821=\"\",\"\",VLOOKUP(A821,[46]MATERIALES!$B$7:$E$225,3,FALSE))","v":""},null,null,{"$f":"IFERROR(F821*G821*(1+H821),\"\")","v":""}]
["Sub-Total",{"$nulls":8},{"$f":"SUM(I817:I821)","v":0}]
["III. TRANSPORTES"]
["Material",{"$nulls":3},"TIPO","Vol. Peso ó Cant.","Distancia","Tarifa","Valor-Unit."]
[{"$nulls":4},{"$f":"+IF(A825=\"\",\"\",VLOOKUP(A825,[46]MATERIALES!$B$7:$E$1222,2,FALSE))","v":""},null,{"$f":"+IF(A825=\"\",\"\",VLOOKUP(A825,[46]MATERIALES!$B$7:$E$1222,4,FALSE))","v":""},{"$f":"+IF(A825=\"\",\"\",VLOOKUP(A825,[46]MATERIALES!$B$7:$E$1222,3,FALSE))","v":""},{"$f":"IFERROR(G825*H825*F825,\"\")","v":""}]
[{"$nulls":4},{"$f":"+IF(A826=\"\",\"\",VLOOKUP(A826,[46]MATERIALES!$B$7:$E$1222,2,FALSE))","v":""},null,{"$f":"+IF(A826=\"\",\"\",VLOOKUP(A826,[46]MATERIALES!$B$7:$E$1222,4,FALSE))","v":""},{"$f":"+IF(A826=\"\",\"\",VLOOKUP(A826,[46]MATERIALES!$B$7:$E$1222,3,FALSE))","v":""},{"$f":"IFERROR(G826*H826*F826,\"\")","v":""}]
[]
[]
["Sub-Total",{"$nulls":8},{"$f":"SUM(I825:I828)","v":0}]
["IV. MANO DE OBRA"]
["Trabajador",{"$nulls":3},"Jornal","Prestaciones","Jornal Total","Rendimiento","Valor-Unit."]
["OFICIAL B",null,null,1,{"$f":"+IF(D832=\"\",\"\",VLOOKUP(A832,$L$4:$O$10,3,FALSE))","v":{"v":142350,"d":"$ 142,350.00"}},{"$f":"+IF(D832=\"\",\"\",(VLOOKUP(A832,$L$4:$O$10,4,FALSE))+1)","v":{"v":1.5821008628015805,"d":"158%"}},{"$f":"+IFERROR(F832*E832*D832,\"\")","v":{"v":225212.057819805,"d":"225,212.06"}},{"v":0.2,"d":"0.20"},{"$f":"IFERROR(G832/H832,\"\")","v":{"v":1126060.2890990248,"d":"$ 1,126,060.29"}}]
["AYUDANTE ENTENDIDO",null,null,2,{"$f":"+IF(D833=\"\",\"\",VLOOKUP(A833,$L$4:$O$10,3,FALSE))","v":{"v":77842,"d":"$ 77,842.00"}},{"$f":"+IF(D833=\"\",\"\",(VLOOKUP(A833,$L$4:$O$10,4,FALSE))+1)","v":{"v":1.6752877632282406,"d":"168%"}},{"$f":"+IFERROR(F833*E833*D833,\"\")","v":{"v":260815.5001304254,"d":"260,815.50"}},{"$f":"+H832","v":{"v":0.2,"d":"0.20"}},{"$f":"IFERROR(G833/H833,\"\")","v":{"v":1304077.500652127,"d":"$ 1,304,077.50"}}]
[{"$nulls":4},{"$f":"+IF(D834=\"\",\"\",VLOOKUP(A834,$L$4:$O$10,3,FALSE))","v":""},{"$f":"+IF(D834=\"\",\"\",(VLOOKUP(A834,$L$4:$O$10,4,FALSE))+1)","v":""},{"$f":"+IFERROR(F834*E834*D834,\"\")","v":""},null,""]
[]
["Sub-Total",{"$nulls":8},{"$f":"SUM(I832:I835)","v":{"v":2430137.7897511516,"d":"$ 2,430,137.79"}}]
[{"$f":"+$A$34","v":"AMPLIACIÓN Y OPTIMIZACIÓN DEL SITIO DE DISPOSICIÓN FINAL DE RESIDUOS SOLIDOS DEL CORREGIMIENTO DE SAN MIGUEL EN EL MUNICIPIO DEL MEDIO SAN JUAN MEDIANTE LA EJECUCIÓN DE ACTIVIDADES DE CIERRE - CLAUSURA Y APERTURA DE CELDA DE CONTINGENCIA"}]
[]
["ITEM:  ","DESCRIPCION",{"$nulls":6},"UNIDAD:","COSTO DIRECTO"]
[7.06,{"$f":"+VLOOKUP(A840,[46]PTO!$B$4:$D$28,2,FALSE)","v":{"$error":"#N/A"}},{"$nulls":6},{"$f":"+VLOOKUP(A840,[46]PTO!$B$4:$D$28,3,FALSE)","v":{"$error":"#N/A"}},{"$f":"+ROUND(SUM(J848:J871),0)","v":{"v":63033,"d":"$ 63,033.00"}},null,{"$f":"+VLOOKUP(A840,[46]PTO!$B$5:$E$385,5,FALSE)","v":{"$error":"#N/A"}}]
["I. EQUIPO"]
["Descripción",{"$nulls":4},"Tipo","Tarifa/dia","Rendimiento","Valor-Unit."]
["Herramienta menor (% Mano de obra)",{"$nulls":5},{"v":0.05,"d":"5%"},null,{"$f":"+J871*G843","v":{"v":2430.137789751152,"d":"$ 2,430.14"}}]
["CANGURO",{"$nulls":4},{"$f":"+IF(A844=\"\",\"\",VLOOKUP(A844,[46]MATERIALES!$B$7:$D$1222,2,FALSE))","v":"DIA"},{"$f":"+IF(A844=\"\",\"\",VLOOKUP(A844,[46]MATERIALES!$B$7:$E$1222,3,FALSE))","v":{"v":120000,"d":"$ 120,000"}},{"$f":"IF(A844=\"\",\"\",IFERROR(1/H867,\"\"))","v":{"v":0.1,"d":"0.100 "}},{"$f":"IFERROR(G844*H844,\"\")","v":{"v":12000,"d":"$ 12,000.00"}}]
[{"$nulls":5},{"$f":"+IF(A845=\"\",\"\",VLOOKUP(A845,[46]MATERIALES!$B$7:$D$1222,2,FALSE))","v":""},{"$f":"+IF(A845=\"\",\"\",VLOOKUP(A845,[46]MATERIALES!$B$7:$E$1222,3,FALSE))","v":""},{"$f":"IF(A845=\"\",\"\",IFERROR(1/H868,\"\"))","v":""},""]
[{"$nulls":7},{"$f":"IF(A846=\"\",\"\",IFERROR(1/H867,\"\"))","v":""}]
[]
["Sub-Total",{"$nulls":8},{"$f":"+SUM(I843:I847)","v":{"v":14430.137789751152,"d":"$ 14,430.14"}}]
["II. MATERIALES EN OBRA"]
["Descripción",{"$nulls":3},"Unidad","Precio-Unit.","Cantidad","Desperdicio","Valor-Unit."]
[{"$nulls":4},{"$f":"+IF(A851=\"\",\"\",VLOOKUP(A851,[46]MATERIALES!$B$7:$D$225,2,FALSE))","v":""},{"$f":"+IF(A851=\"\",\"\",VLOOKUP(A851,[46]MATERIALES!$B$7:$E$225,3,FALSE))","v":""},null,null,{"$f":"IFERROR((ROUND((F851*G851*(1+H851)),0)),\"\")","v":""}]
[{"$nulls":4},{"$f":"+IF(A852=\"\",\"\",VLOOKUP(A852,[46]MATERIALES!$B$7:$D$225,2,FALSE))","v":""},{"$f":"+IF(A852=\"\",\"\",VLOOKUP(A852,[46]MATERIALES!$B$7:$E$225,3,FALSE))","v":""},null,null,""]
[{"$nulls":4},{"$f":"+IF(A853=\"\",\"\",VLOOKUP(A853,[46]MATERIALES!$B$7:$D$225,2,FALSE))","v":""},{"$f":"+IF(A853=\"\",\"\",VLOOKUP(A853,[46]MATERIALES!$B$7:$E$225,3,FALSE))","v":""},null,null,""]
[{"$nulls":4},{"$f":"+IF(A854=\"\",\"\",VLOOKUP(A854,[46]MATERIALES!$B$7:$D$225,2,FALSE))","v":""},{"$f":"+IF(A854=\"\",\"\",VLOOKUP(A854,[46]MATERIALES!$B$7:$E$225,3,FALSE))","v":""},null,null,""]
[{"$nulls":4},{"$f":"+IF(A855=\"\",\"\",VLOOKUP(A855,[46]MATERIALES!$B$7:$D$225,2,FALSE))","v":""},{"$f":"+IF(A855=\"\",\"\",VLOOKUP(A855,[46]MATERIALES!$B$7:$E$225,3,FALSE))","v":""},null,null,{"$f":"IFERROR(F855*G855*(1+H855),\"\")","v":""}]
[{"$nulls":4},{"$f":"+IF(A856=\"\",\"\",VLOOKUP(A856,[46]MATERIALES!$B$7:$D$225,2,FALSE))","v":""},{"$f":"+IF(A856=\"\",\"\",VLOOKUP(A856,[46]MATERIALES!$B$7:$E$225,3,FALSE))","v":""},null,null,{"$f":"IFERROR(F856*G856*(1+H856),\"\")","v":""}]
["Sub-Total",{"$nulls":8},{"$f":"SUM(I851:I856)","v":0}]
["III. TRANSPORTES"]
["Material",{"$nulls":3},"TIPO","Vol. Peso ó Cant.","Distancia","Tarifa","Valor-Unit."]
[{"$nulls":4},{"$f":"+IF(A860=\"\",\"\",VLOOKUP(A860,[46]MATERIALES!$B$7:$E$1222,2,FALSE))","v":""},null,{"$f":"+IF(A860=\"\",\"\",VLOOKUP(A860,[46]MATERIALES!$B$7:$E$1222,4,FALSE))","v":""},{"$f":"+IF(A860=\"\",\"\",VLOOKUP(A860,[46]MATERIALES!$B$7:$E$1222,3,FALSE))","v":""},{"$f":"IFERROR(G860*H860*F860,\"\")","v":""}]
[{"$nulls":4},{"$f":"+IF(A861=\"\",\"\",VLOOKUP(A861,[46]MATERIALES!$B$7:$E$1222,2,FALSE))","v":""},null,{"$f":"+IF(A861=\"\",\"\",VLOOKUP(A861,[46]MATERIALES!$B$7:$E$1222,4,FALSE))","v":""},{"$f":"+IF(A861=\"\",\"\",VLOOKUP(A861,[46]MATERIALES!$B$7:$E$1222,3,FALSE))","v":""},{"$f":"IFERROR(G861*H861*F861,\"\")","v":""}]
[]
[]
["Sub-Total",{"$nulls":8},{"$f":"SUM(I860:I863)","v":0}]
["IV. MANO DE OBRA"]
["Trabajador",{"$nulls":3},"Jornal","Prestaciones","Jornal Total","Rendimiento","Valor-Unit."]
["OFICIAL B",null,null,1,{"$f":"+IF(D867=\"\",\"\",VLOOKUP(A867,$L$4:$O$10,3,FALSE))","v":{"v":142350,"d":"$ 142,350.00"}},{"$f":"+IF(D867=\"\",\"\",(VLOOKUP(A867,$L$4:$O$10,4,FALSE))+1)","v":{"v":1.5821008628015805,"d":"158%"}},{"$f":"+IFERROR(F867*E867*D867,\"\")","v":{"v":225212.057819805,"d":"225,212.06"}},{"v":10,"d":"10.00"},{"$f":"IFERROR(G867/H867,\"\")","v":{"v":22521.205781980498,"d":"$ 22,521.21"}}]
["AYUDANTE ENTENDIDO",null,null,2,{"$f":"+IF(D868=\"\",\"\",VLOOKUP(A868,$L$4:$O$10,3,FALSE))","v":{"v":77842,"d":"$ 77,842.00"}},{"$f":"+IF(D868=\"\",\"\",(VLOOKUP(A868,$L$4:$O$10,4,FALSE))+1)","v":{"v":1.6752877632282406,"d":"168%"}},{"$f":"+IFERROR(F868*E868*D868,\"\")","v":{"v":260815.5001304254,"d":"260,815.50"}},{"$f":"+H867","v":{"v":10,"d":"10.00"}},{"$f":"IFERROR(G868/H868,\"\")","v":{"v":26081.550013042543,"d":"$ 26,081.55"}}]
[{"$nulls":4},{"$f":"+IF(D869=\"\",\"\",VLOOKUP(A869,$L$4:$O$10,3,FALSE))","v":""},{"$f":"+IF(D869=\"\",\"\",(VLOOKUP(A869,$L$4:$O$10,4,FALSE))+1)","v":""},{"$f":"+IFERROR(F869*E869*D869,\"\")","v":""},null,""]
[]
["Sub-Total",{"$nulls":8},{"$f":"SUM(I867:I870)","v":{"v":48602.75579502304,"d":"$ 48,602.76"}}]
[{"$f":"+$A$34","v":"AMPLIACIÓN Y OPTIMIZACIÓN DEL SITIO DE DISPOSICIÓN FINAL DE RESIDUOS SOLIDOS DEL CORREGIMIENTO DE SAN MIGUEL EN EL MUNICIPIO DEL MEDIO SAN JUAN MEDIANTE LA EJECUCIÓN DE ACTIVIDADES DE CIERRE - CLAUSURA Y APERTURA DE CELDA DE CONTINGENCIA"}]
[]
["ITEM:  ","DESCRIPCION",{"$nulls":6},"UNIDAD:","COSTO DIRECTO"]
[7.07,{"$f":"+VLOOKUP(A875,[46]PTO!$B$4:$D$28,2,FALSE)","v":{"$error":"#N/A"}},{"$nulls":6},{"$f":"+VLOOKUP(A875,[46]PTO!$B$4:$D$28,3,FALSE)","v":{"$error":"#N/A"}},{"$f":"+ROUND(SUM(J883:J906),0)","v":{"v":10078,"d":"$ 10,078.00"}},null,{"$f":"+VLOOKUP(A875,[46]PTO!$B$5:$E$385,5,FALSE)","v":{"$error":"#N/A"}}]
["I. EQUIPO"]
["Descripción",{"$nulls":4},"Tipo","Tarifa/dia","Rendimiento","Valor-Unit."]
["Herramienta menor (% Mano de obra)",{"$nulls":5},{"v":0.05,"d":"5%"},null,{"$f":"+J906*G878","v":{"v":149.09718365356235,"d":"$ 149.10"}}]
[{"$nulls":5},{"$f":"+IF(A879=\"\",\"\",VLOOKUP(A879,[46]MATERIALES!$B$7:$D$1222,2,FALSE))","v":""},{"$f":"+IF(A879=\"\",\"\",VLOOKUP(A879,[46]MATERIALES!$B$7:$E$1222,3,FALSE))","v":""},{"$f":"IF(A879=\"\",\"\",IFERROR(1/H902,\"\"))","v":""},{"$f":"IFERROR(G879*H879,\"\")","v":""}]
[{"$nulls":5},{"$f":"+IF(A880=\"\",\"\",VLOOKUP(A880,[46]MATERIALES!$B$7:$D$1222,2,FALSE))","v":""},{"$f":"+IF(A880=\"\",\"\",VLOOKUP(A880,[46]MATERIALES!$B$7:$E$1222,3,FALSE))","v":""},{"$f":"IF(A880=\"\",\"\",IFERROR(1/H903,\"\"))","v":""},""]
[{"$nulls":7},{"$f":"IF(A881=\"\",\"\",IFERROR(1/H902,\"\"))","v":""}]
[]
["Sub-Total",{"$nulls":8},{"$f":"+SUM(I878:I882)","v":{"v":149.09718365356235,"d":"$ 149.10"}}]
["II. MATERIALES EN OBRA"]
["Descripción",{"$nulls":3},"Unidad","Precio-Unit.","Cantidad","Desperdicio","Valor-Unit."]
["Grama tipo macana",{"$nulls":3},{"$f":"+IF(A886=\"\",\"\",VLOOKUP(A886,[46]MATERIALES!$B$7:$D$225,2,FALSE))","v":"m2"},{"$f":"+IF(A886=\"\",\"\",VLOOKUP(A886,[46]MATERIALES!$B$7:$E$225,3,FALSE))","v":{"v":25000,"d":"$ 25,000"}},{"v":0.1,"d":"0.10 "},{"v":0.05,"d":"5%"},{"$f":"IFERROR((ROUND((F886*G886*(1+H886)),0)),\"\")","v":{"v":2625,"d":"$ 2,625"}}]
["Tierra abonada - Forza 4kg, medidas 40x28x20cm",{"$nulls":3},{"$f":"+IF(A887=\"\",\"\",VLOOKUP(A887,[46]MATERIALES!$B$7:$D$225,2,FALSE))","v":"Bulto"},{"$f":"+IF(A887=\"\",\"\",VLOOKUP(A887,[46]MATERIALES!$B$7:$E$225,3,FALSE))","v":{"v":14900,"d":"$ 14,900"}},{"$f":"2.23*0.1","v":{"v":0.223,"d":"0.22 "}},{"v":0.05,"d":"5%"},{"v":3489,"d":"$ 3,489"}]
[{"$nulls":4},{"$f":"+IF(A888=\"\",\"\",VLOOKUP(A888,[46]MATERIALES!$B$7:$D$225,2,FALSE))","v":""},{"$f":"+IF(A888=\"\",\"\",VLOOKUP(A888,[46]MATERIALES!$B$7:$E$225,3,FALSE))","v":""},null,null,""]
[{"$nulls":4},{"$f":"+IF(A889=\"\",\"\",VLOOKUP(A889,[46]MATERIALES!$B$7:$D$225,2,FALSE))","v":""},{"$f":"+IF(A889=\"\",\"\",VLOOKUP(A889,[46]MATERIALES!$B$7:$E$225,3,FALSE))","v":""},null,null,""]
[{"$nulls":4},{"$f":"+IF(A890=\"\",\"\",VLOOKUP(A890,[46]MATERIALES!$B$7:$D$225,2,FALSE))","v":""},{"$f":"+IF(A890=\"\",\"\",VLOOKUP(A890,[46]MATERIALES!$B$7:$E$225,3,FALSE))","v":""},null,null,{"$f":"IFERROR(F890*G890*(1+H890),\"\")","v":""}]
[{"$nulls":4},{"$f":"+IF(A891=\"\",\"\",VLOOKUP(A891,[46]MATERIALES!$B$7:$D$225,2,FALSE))","v":""},{"$f":"+IF(A891=\"\",\"\",VLOOKUP(A891,[46]MATERIALES!$B$7:$E$225,3,FALSE))","v":""},null,null,{"$f":"IFERROR(F891*G891*(1+H891),\"\")","v":""}]
["Sub-Total",{"$nulls":8},{"$f":"SUM(I886:I891)","v":{"v":6114,"d":"$ 6,114.00"}}]
["III. TRANSPORTES"]
["Material",{"$nulls":3},"TIPO","Vol. Peso ó Cant.","Distancia","Tarifa","Valor-Unit."]
["TRANSPORTE DESDE ISTMINA",{"$nulls":3},{"$f":"+IF(A895=\"\",\"\",VLOOKUP(A895,[46]MATERIALES!$B$7:$E$1222,2,FALSE))","v":"m3/km"},0.01,{"$f":"+IF(A895=\"\",\"\",VLOOKUP(A895,[46]MATERIALES!$B$7:$E$1222,4,FALSE))","v":9.6},{"$f":"+IF(A895=\"\",\"\",VLOOKUP(A895,[46]MATERIALES!$B$7:$E$1222,3,FALSE))","v":{"v":8681,"d":"8,681.00"}},{"$f":"IFERROR(G895*H895*F895,\"\")","v":{"v":833.376,"d":"$ 833.38"}}]
[{"$nulls":4},{"$f":"+IF(A896=\"\",\"\",VLOOKUP(A896,[46]MATERIALES!$B$7:$E$1222,2,FALSE))","v":""},null,{"$f":"+IF(A896=\"\",\"\",VLOOKUP(A896,[46]MATERIALES!$B$7:$E$1222,4,FALSE))","v":""},{"$f":"+IF(A896=\"\",\"\",VLOOKUP(A896,[46]MATERIALES!$B$7:$E$1222,3,FALSE))","v":""},{"$f":"IFERROR(G896*H896*F896,\"\")","v":""}]
[]
[]
["Sub-Total",{"$nulls":8},{"$f":"SUM(I895:I898)","v":{"v":833.376,"d":"$ 833.38"}}]
["IV. MANO DE OBRA"]
["Trabajador",{"$nulls":3},"Jornal","Prestaciones","Jornal Total","Rendimiento","Valor-Unit."]
["OFICIAL A",null,null,1,{"$f":"+IF(D902=\"\",\"\",VLOOKUP(A902,$L$4:$O$10,3,FALSE))","v":{"v":101567,"d":"$ 101,567.00"}},{"$f":"+IF(D902=\"\",\"\",(VLOOKUP(A902,$L$4:$O$10,4,FALSE))+1)","v":{"v":1.6519796512835072,"d":"165%"}},{"$f":"+IFERROR(F902*E902*D902,\"\")","v":{"v":167786.61724191197,"d":"167,786.62"}},{"v":100,"d":"100.00"},{"$f":"IFERROR(G902/H902,\"\")","v":{"v":1677.8661724191197,"d":"$ 1,677.87"}}]
["AYUDANTE ENTENDIDO",null,null,1,{"$f":"+IF(D903=\"\",\"\",VLOOKUP(A903,$L$4:$O$10,3,FALSE))","v":{"v":77842,"d":"$ 77,842.00"}},{"$f":"+IF(D903=\"\",\"\",(VLOOKUP(A903,$L$4:$O$10,4,FALSE))+1)","v":{"v":1.6752877632282406,"d":"168%"}},{"$f":"+IFERROR(F903*E903*D903,\"\")","v":{"v":130407.7500652127,"d":"130,407.75"}},{"$f":"+H902","v":{"v":100,"d":"100.00"}},{"$f":"IFERROR(G903/H903,\"\")","v":{"v":1304.0775006521271,"d":"$ 1,304.08"}}]
[{"$nulls":4},{"$f":"+IF(D904=\"\",\"\",VLOOKUP(A904,$L$4:$O$10,3,FALSE))","v":""},{"$f":"+IF(D904=\"\",\"\",(VLOOKUP(A904,$L$4:$O$10,4,FALSE))+1)","v":""},{"$f":"+IFERROR(F904*E904*D904,\"\")","v":""},null,""]
[]
["Sub-Total",{"$nulls":8},{"$f":"SUM(I902:I905)","v":{"v":2981.943673071247,"d":"$ 2,981.94"}}]
[{"$f":"+$A$34","v":"AMPLIACIÓN Y OPTIMIZACIÓN DEL SITIO DE DISPOSICIÓN FINAL DE RESIDUOS SOLIDOS DEL CORREGIMIENTO DE SAN MIGUEL EN EL MUNICIPIO DEL MEDIO SAN JUAN MEDIANTE LA EJECUCIÓN DE ACTIVIDADES DE CIERRE - CLAUSURA Y APERTURA DE CELDA DE CONTINGENCIA"}]
[]
["ITEM:  ","DESCRIPCION",{"$nulls":6},"UNIDAD:","COSTO DIRECTO"]
[7.07,{"$f":"+VLOOKUP(A910,[46]PTO!$B$4:$D$28,2,FALSE)","v":{"$error":"#N/A"}},{"$nulls":6},{"$f":"+VLOOKUP(A910,[46]PTO!$B$4:$D$28,3,FALSE)","v":{"$error":"#N/A"}},{"$f":"+ROUND(SUM(J918:J941),0)","v":{"v":696320,"d":"$ 696,320.00"}},null,{"$f":"+VLOOKUP(A910,[46]PTO!$B$5:$E$385,5,FALSE)","v":{"$error":"#N/A"}}]
["I. EQUIPO"]
["Descripción",{"$nulls":4},"Tipo","Tarifa/dia","Rendimiento","Valor-Unit."]
["Herramienta menor (% Mano de obra)",{"$nulls":5},{"v":0.05,"d":"5%"},null,{"$f":"+J940*G913","v":{"v":5642.6391594277775,"d":"$ 5,642.64"}}]
[{"$nulls":5},{"$f":"+IF(A914=\"\",\"\",VLOOKUP(A914,[46]MATERIALES!$B$7:$D$1222,2,FALSE))","v":""},{"$f":"+IF(A914=\"\",\"\",VLOOKUP(A914,[46]MATERIALES!$B$7:$E$1222,3,FALSE))","v":""},null,{"$f":"IFERROR(G914*H914,\"\")","v":""}]
[{"$nulls":5},{"$f":"+IF(A915=\"\",\"\",VLOOKUP(A915,[46]MATERIALES!$B$7:$D$1222,2,FALSE))","v":""},{"$f":"+IF(A915=\"\",\"\",VLOOKUP(A915,[46]MATERIALES!$B$7:$E$1222,3,FALSE))","v":""},null,""]
[]
[]
["Sub-Total",{"$nulls":8},{"$f":"+SUM(I913:I917)","v":{"v":5642.6391594277775,"d":"$ 5,642.64"}}]
["II. MATERIALES EN OBRA"]
["Descripción",{"$nulls":3},"Unidad","Precio-Unit.","Cantidad","Desperdicio","Valor-Unit."]
["Escoba",{"$nulls":3},{"$f":"+IF(A921=\"\",\"\",VLOOKUP(A921,[46]MATERIALES!$B$7:$D$225,2,FALSE))","v":"un"},{"$f":"+IF(A921=\"\",\"\",VLOOKUP(A921,[46]MATERIALES!$B$7:$E$225,3,FALSE))","v":{"v":10500,"d":"$ 10,500"}},{"v":6,"d":"6.00 "},null,{"$f":"IFERROR((ROUND((F921*G921*(1+H921)),0)),\"\")","v":{"v":63000,"d":"$ 63,000"}}]
["Trapero",{"$nulls":3},{"$f":"+IF(A922=\"\",\"\",VLOOKUP(A922,[46]MATERIALES!$B$7:$D$225,2,FALSE))","v":"un"},{"$f":"+IF(A922=\"\",\"\",VLOOKUP(A922,[46]MATERIALES!$B$7:$E$225,3,FALSE))","v":{"v":29265,"d":"$ 29,265"}},{"v":5,"d":"5.00 "},null,{"v":146325,"d":"$ 146,325"}]
["Bolsas de basura",{"$nulls":3},{"$f":"+IF(A923=\"\",\"\",VLOOKUP(A923,[46]MATERIALES!$B$7:$D$225,2,FALSE))","v":"un"},{"$f":"+IF(A923=\"\",\"\",VLOOKUP(A923,[46]MATERIALES!$B$7:$E$225,3,FALSE))","v":{"v":1000,"d":"$ 1,000"}},{"v":50,"d":"50.00 "},null,{"v":50000,"d":"$ 50,000"}]
["Balde",{"$nulls":3},{"$f":"+IF(A924=\"\",\"\",VLOOKUP(A924,[46]MATERIALES!$B$7:$D$225,2,FALSE))","v":"UN"},{"$f":"+IF(A924=\"\",\"\",VLOOKUP(A924,[46]MATERIALES!$B$7:$E$225,3,FALSE))","v":{"v":20000,"d":"$ 20,000"}},{"$f":"+G922","v":{"v":5,"d":"5.00 "}},null,{"$f":"IFERROR(F924*G924*(1+H924),\"\")","v":{"v":100000,"d":"$ 100,000.00"}}]
["Detergente ",{"$nulls":3},{"$f":"+IF(A925=\"\",\"\",VLOOKUP(A925,[46]MATERIALES!$B$7:$D$225,2,FALSE))","v":"un"},{"$f":"+IF(A925=\"\",\"\",VLOOKUP(A925,[46]MATERIALES!$B$7:$E$225,3,FALSE))","v":{"v":20500,"d":"$ 20,500"}},{"v":10,"d":"10.00 "},null,{"$f":"IFERROR(F925*G925*(1+H925),\"\")","v":{"v":205000,"d":"$ 205,000.00"}}]
["Sub-Total",{"$nulls":8},{"$f":"SUM(I921:I925)","v":{"v":564325,"d":"$ 564,325.00"}}]
["III. TRANSPORTES"]
["Material",{"$nulls":3},"TIPO","Vol. Peso ó Cant.","Distancia","Tarifa","Valor-Unit."]
["TRANSPORTE INTERNO",{"$nulls":3},{"$f":"+IF(A929=\"\",\"\",VLOOKUP(A929,[46]MATERIALES!$B$7:$E$1222,2,FALSE))","v":"M3"},{"v":0.3,"d":"0.30"},{"$f":"+IF(A929=\"\",\"\",VLOOKUP(A929,[46]MATERIALES!$B$7:$E$1222,4,FALSE))","v":{"v":3,"d":"3.0"}},{"$f":"+IF(A929=\"\",\"\",VLOOKUP(A929,[46]MATERIALES!$B$7:$E$1222,3,FALSE))","v":{"v":15000,"d":"15,000.00"}},{"$f":"IFERROR(G929*H929*F929,\"\")","v":{"v":13500,"d":"$ 13,500.00"}}]
[{"$nulls":4},{"$f":"+IF(A930=\"\",\"\",VLOOKUP(A930,[46]MATERIALES!$B$7:$E$1222,2,FALSE))","v":""},null,{"$f":"+IF(A930=\"\",\"\",VLOOKUP(A930,[46]MATERIALES!$B$7:$E$1222,4,FALSE))","v":""},{"$f":"+IF(A930=\"\",\"\",VLOOKUP(A930,[46]MATERIALES!$B$7:$E$1222,3,FALSE))","v":""},{"$f":"IFERROR(G930*H930*F930,\"\")","v":""}]
[]
[]
["Sub-Total",{"$nulls":8},{"$f":"SUM(I929:I932)","v":{"v":13500,"d":"$ 13,500.00"}}]
["IV. MANO DE OBRA"]
["Trabajador",{"$nulls":3},"Jornal","Prestaciones","Jornal Total","Rendimiento","Valor-Unit."]
["OFICIAL B",null,null,1,{"$f":"+IF(D936=\"\",\"\",VLOOKUP(A936,$L$4:$O$10,3,FALSE))","v":{"v":142350,"d":"$ 142,350.00"}},{"$f":"+IF(D936=\"\",\"\",(VLOOKUP(A936,$L$4:$O$10,4,FALSE))+1)","v":{"v":1.5821008628015805,"d":"158%"}},{"$f":"+IFERROR(F936*E936*D936,\"\")","v":{"v":225212.057819805,"d":"225,212.06"}},{"v":4.805260815668302,"d":"4.81"},{"$f":"IFERROR(G936/H936,\"\")","v":{"v":46867.811438135876,"d":"$ 46,867.81"}}]
["AYUDANTE ENTENDIDO",null,null,1,{"$f":"+IF(D937=\"\",\"\",VLOOKUP(A937,$L$4:$O$10,3,FALSE))","v":{"v":77842,"d":"$ 77,842.00"}},{"$f":"+IF(D937=\"\",\"\",(VLOOKUP(A937,$L$4:$O$10,4,FALSE))+1)","v":{"v":1.6752877632282406,"d":"168%"}},{"$f":"+IFERROR(F937*E937*D937,\"\")","v":{"v":130407.7500652127,"d":"130,407.75"}},{"$f":"+H936","v":{"v":4.805260815668302,"d":"4.81"}},{"$f":"IFERROR(G937/H937,\"\")","v":{"v":27138.53733807703,"d":"$ 27,138.54"}}]
[" AYUDANTE RASO",null,null,2,{"$f":"+IF(D938=\"\",\"\",VLOOKUP(A938,$L$4:$O$10,3,FALSE))","v":{"v":54117,"d":"$ 54,117.00"}},{"$f":"+IF(D938=\"\",\"\",(VLOOKUP(A938,$L$4:$O$10,4,FALSE))+1)","v":{"v":1.7246636834087141,"d":"172%"}},{"$f":"+IFERROR(F938*E938*D938,\"\")","v":{"v":186667.24911005876,"d":"186,667.25"}},{"$f":"+H937","v":{"v":4.805260815668302,"d":"4.81"}},{"v":38846.434412342634,"d":"$ 38,846.43"}]
[]
["Sub-Total",{"$nulls":8},{"$f":"SUM(I936:I939)","v":{"v":112852.78318855554,"d":"$ 112,852.78"}}]
[{"$f":"+[48]PRESUPUESTO!$B$1","v":"CONSTRUCCION DE 14 METROS BOX CULVERT EN EL SECTOR BARRIO NUEVO DE SANTA RITA, CABECERA MUNICIPAL DE RIO IRÓ - DEPARTAMENTO DEL CHOCÓ"}]
[]
["ITEM:  ","DESCRIPCION",{"$nulls":6},"UNIDAD:","COSTO DIRECTO"]
[null,{"$f":"+VLOOKUP(A944,[48]PRESUPUESTO!$B$2:$D$19,2,FALSE)","v":{"$error":"#N/A"}},{"$nulls":6},{"$f":"+VLOOKUP(A944,[48]PRESUPUESTO!$B$2:$D$19,3,FALSE)","v":{"$error":"#N/A"}},{"$f":"+ROUND(SUM(J952:J982),0)","v":{"v":1434161,"d":"$ 1,434,161.00"}}]
["I. EQUIPO"]
["Descripción",{"$nulls":4},"Tipo","Tarifa/dia","Rendimiento","Valor-Unit."]
["Herramienta menor (% Mano de obra)",{"$nulls":5},{"v":0.05,"d":"5%"},null,{"$f":"+J982*G947","v":{"v":11223.835811001178,"d":"$ 11,223.84"}}]
["VIBRADOR PARA CONCRETO",{"$nulls":4},{"$f":"+IF(A948=\"\",\"\",VLOOKUP(A948,[46]MATERIALES!$B$7:$D$1222,2,FALSE))","v":"DIA"},{"$f":"+IF(A948=\"\",\"\",VLOOKUP(A948,[46]MATERIALES!$B$7:$E$1222,3,FALSE))","v":{"v":53042,"d":"$ 53,042"}},{"$f":"IF(A948=\"\",\"\",1/H978)","v":{"v":0.5,"d":"0.500 "}},{"$f":"IFERROR(G948*H948,\"\")","v":{"v":26521,"d":"$ 26,521.00"}}]
[{"$nulls":5},{"$f":"+IF(A949=\"\",\"\",VLOOKUP(A949,[46]MATERIALES!$B$7:$D$1222,2,FALSE))","v":""},{"$f":"+IF(A949=\"\",\"\",VLOOKUP(A949,[46]MATERIALES!$B$7:$E$1222,3,FALSE))","v":""},{"$f":"IF(A949=\"\",\"\",1/H978)","v":""},""]
[{"$nulls":5},{"$f":"+IF(A950=\"\",\"\",VLOOKUP(A950,[46]MATERIALES!$B$7:$D$1222,2,FALSE))","v":""},{"$f":"+IF(A950=\"\",\"\",VLOOKUP(A950,[46]MATERIALES!$B$7:$E$1222,3,FALSE))","v":""},{"$f":"IF(A950=\"\",\"\",1/H979)","v":""},""]
[{"$nulls":5},{"$f":"+IF(A951=\"\",\"\",VLOOKUP(A951,[46]MATERIALES!$B$7:$D$1222,2,FALSE))","v":""},{"$f":"+IF(A951=\"\",\"\",VLOOKUP(A951,[46]MATERIALES!$B$7:$E$1222,3,FALSE))","v":""},null,""]
["Sub-Total",{"$nulls":8},{"$f":"+SUM(I947:I951)","v":{"v":37744.835811001176,"d":"$ 37,744.84"}}]
["II. MATERIALES EN OBRA"]
["Descripción",{"$nulls":3},"Unidad","Precio-Unit.","Cantidad","Desperdicio","Valor-Unit."]
["Concreto 3000 Psi (21 Mpa)",{"$nulls":3},{"$f":"+IF(A955=\"\",\"\",VLOOKUP(A955,[46]MATERIALES!$B$7:$D$225,2,FALSE))","v":"m3"},{"$f":"+IF(A955=\"\",\"\",VLOOKUP(A955,[46]MATERIALES!$B$7:$E$225,3,FALSE))","v":{"v":840990,"d":"$ 840,990"}},{"$f":"+(0.15*1*1*4+0.15*0.7*1*2)","v":{"v":0.8099999999999999,"d":"0.810 "}},{"v":0.05,"d":"5%"},{"$f":"IFERROR(F955*G955*(1+H955),\"\")","v":{"v":715261.9949999999,"d":"$ 715,262.00"}}]
["Formaleta en madera común",{"$nulls":3},{"$f":"+IF(A956=\"\",\"\",VLOOKUP(A956,[46]MATERIALES!$B$7:$D$225,2,FALSE))","v":"m2"},{"$f":"+IF(A956=\"\",\"\",VLOOKUP(A956,[46]MATERIALES!$B$7:$E$225,3,FALSE))","v":{"v":73878,"d":"$ 73,878"}},{"v":0.24,"d":"0.240 "},{"v":0.05,"d":"5%"},{"$f":"IFERROR(F956*G956*(1+H956),\"\")","v":{"v":18617.255999999998,"d":"$ 18,617.26"}}]
["Angulo 2 x 1/4\" x 6m",{"$nulls":3},{"$f":"+IF(A957=\"\",\"\",VLOOKUP(A957,[46]MATERIALES!$B$7:$D$225,2,FALSE))","v":"UN"},{"$f":"+IF(A957=\"\",\"\",VLOOKUP(A957,[46]MATERIALES!$B$7:$E$225,3,FALSE))","v":{"v":74500,"d":"$ 74,500"}},{"$f":"0.7*4*2","v":{"v":5.6,"d":"5.600 "}},{"v":0.05,"d":"5%"},{"v":438060,"d":"$ 438,060.00"}]
[{"$nulls":4},{"$f":"+IF(A958=\"\",\"\",VLOOKUP(A958,[46]MATERIALES!$B$7:$D$225,2,FALSE))","v":""},{"$f":"+IF(A958=\"\",\"\",VLOOKUP(A958,[46]MATERIALES!$B$7:$E$225,3,FALSE))","v":""},null,null,""]
[{"$nulls":4},{"$f":"+IF(A959=\"\",\"\",VLOOKUP(A959,[46]MATERIALES!$B$7:$D$225,2,FALSE))","v":""},{"$f":"+IF(A959=\"\",\"\",VLOOKUP(A959,[46]MATERIALES!$B$7:$E$225,3,FALSE))","v":""},null,null,""]
[{"$nulls":4},{"$f":"+IF(A960=\"\",\"\",VLOOKUP(A960,[46]MATERIALES!$B$7:$D$225,2,FALSE))","v":""},{"$f":"+IF(A960=\"\",\"\",VLOOKUP(A960,[46]MATERIALES!$B$7:$E$225,3,FALSE))","v":""},null,null,""]
[{"$nulls":4},{"$f":"+IF(A961=\"\",\"\",VLOOKUP(A961,[46]MATERIALES!$B$7:$D$225,2,FALSE))","v":""},{"$f":"+IF(A961=\"\",\"\",VLOOKUP(A961,[46]MATERIALES!$B$7:$E$225,3,FALSE))","v":""},null,null,""]
[{"$nulls":4},{"$f":"+IF(A962=\"\",\"\",VLOOKUP(A962,[46]MATERIALES!$B$7:$D$225,2,FALSE))","v":""},{"$f":"+IF(A962=\"\",\"\",VLOOKUP(A962,[46]MATERIALES!$B$7:$E$225,3,FALSE))","v":""},null,null,""]
[{"$nulls":4},{"$f":"+IF(A963=\"\",\"\",VLOOKUP(A963,[46]MATERIALES!$B$7:$D$225,2,FALSE))","v":""},{"$f":"+IF(A963=\"\",\"\",VLOOKUP(A963,[46]MATERIALES!$B$7:$E$225,3,FALSE))","v":""},null,null,""]
[{"$nulls":4},{"$f":"+IF(A964=\"\",\"\",VLOOKUP(A964,[46]MATERIALES!$B$7:$D$225,2,FALSE))","v":""},{"$f":"+IF(A964=\"\",\"\",VLOOKUP(A964,[46]MATERIALES!$B$7:$E$225,3,FALSE))","v":""},null,null,""]
[{"$nulls":4},{"$f":"+IF(A965=\"\",\"\",VLOOKUP(A965,[46]MATERIALES!$B$7:$D$225,2,FALSE))","v":""},{"$f":"+IF(A965=\"\",\"\",VLOOKUP(A965,[46]MATERIALES!$B$7:$E$225,3,FALSE))","v":""},null,null,""]
[]
[{"$nulls":8},{"$f":"IFERROR(F967*G967*(1+H967),\"\")","v":0}]
["Sub-Total",{"$nulls":8},{"$f":"SUM(I955:I967)","v":{"v":1171939.251,"d":"$ 1,171,939.25"}}]
["III. TRANSPORTES"]
["Material",{"$nulls":3},"TIPO","Vol. Peso ó Cant.","Distancia","Tarifa","Valor-Unit."]
["TRANSPORTE DESDE APARTADO",{"$nulls":3},{"$f":"+IF(A971=\"\",\"\",VLOOKUP(A971,[46]MATERIALES!$B$7:$E$1222,2,FALSE))","v":{"$error":"#N/A"}},{"v":0.3,"d":"0.30"},{"$f":"+IF(A971=\"\",\"\",VLOOKUP(A971,[46]MATERIALES!$B$7:$E$1222,4,FALSE))","v":{"$error":"#N/A"}},{"$f":"+IF(A971=\"\",\"\",VLOOKUP(A971,[46]MATERIALES!$B$7:$E$1222,3,FALSE))","v":{"$error":"#N/A"}},{"$f":"IFERROR(G971*H971*F971,\"\")","v":""}]
[{"$nulls":4},{"$f":"+IF(A972=\"\",\"\",VLOOKUP(A972,[46]MATERIALES!$B$7:$E$1222,2,FALSE))","v":""},null,{"$f":"+IF(A972=\"\",\"\",VLOOKUP(A972,[46]MATERIALES!$B$7:$E$1222,4,FALSE))","v":""},{"$f":"+IF(A972=\"\",\"\",VLOOKUP(A972,[46]MATERIALES!$B$7:$E$1222,3,FALSE))","v":""},{"$f":"IFERROR(G972*H972*F972,\"\")","v":""}]
[]
[]
["Sub-Total",{"$nulls":8},{"$f":"SUM(I971:I974)","v":0}]
["IV. MANO DE OBRA"]
["Trabajador",{"$nulls":3},"Jornal","Prestaciones","Jornal Total","Rendimiento","Valor-Unit."]
["OFICIAL B",null,null,1,{"$f":"+IF(D978=\"\",\"\",VLOOKUP(A978,$L$4:$O$10,3,FALSE))","v":{"v":142350,"d":"$ 142,350.00"}},{"$f":"+IF(D978=\"\",\"\",(VLOOKUP(A978,$L$4:$O$10,4,FALSE))+1)","v":{"v":1.5821008628015805,"d":"158%"}},{"$f":"+IFERROR(F978*E978*D978,\"\")","v":{"v":225212.057819805,"d":"225,212.06"}},{"v":2,"d":"2.00"},{"$f":"IFERROR(G978/H978,\"\")","v":{"v":112606.0289099025,"d":"$ 112,606.03"}}]
["AYUDANTE ENTENDIDO",null,null,1,{"$f":"+IF(D979=\"\",\"\",VLOOKUP(A979,$L$4:$O$10,3,FALSE))","v":{"v":77842,"d":"$ 77,842.00"}},{"$f":"+IF(D979=\"\",\"\",(VLOOKUP(A979,$L$4:$O$10,4,FALSE))+1)","v":{"v":1.6752877632282406,"d":"168%"}},{"$f":"+IFERROR(F979*E979*D979,\"\")","v":{"v":130407.7500652127,"d":"130,407.75"}},{"$f":"+H978","v":{"v":2,"d":"2.00"}},{"$f":"IFERROR(G979/H979,\"\")","v":{"v":65203.87503260635,"d":"$ 65,203.88"}}]
[" AYUDANTE RASO",null,null,1,{"$f":"+IF(D980=\"\",\"\",VLOOKUP(A980,$L$4:$O$10,3,FALSE))","v":{"v":54117,"d":"$ 54,117.00"}},{"$f":"+IF(D980=\"\",\"\",(VLOOKUP(A980,$L$4:$O$10,4,FALSE))+1)","v":{"v":1.7246636834087141,"d":"172%"}},{"$f":"+IFERROR(F980*E980*D980,\"\")","v":{"v":93333.62455502938,"d":"93,333.62"}},{"$f":"+IF(D980=\"\",\"\",IFERROR(H979,\"\"))","v":{"v":2,"d":"2.00"}},{"v":46666.81227751469,"d":"$ 46,666.81"}]
[]
["Sub-Total",{"$nulls":8},{"$f":"SUM(I978:I981)","v":{"v":224476.71622002355,"d":"$ 224,476.72"}}]
[{"$f":"+[48]PRESUPUESTO!$B$1","v":"CONSTRUCCION DE 14 METROS BOX CULVERT EN EL SECTOR BARRIO NUEVO DE SANTA RITA, CABECERA MUNICIPAL DE RIO IRÓ - DEPARTAMENTO DEL CHOCÓ"}]
[]
["ITEM:  ","DESCRIPCION",{"$nulls":6},"UNIDAD:","COSTO DIRECTO"]
[8.02,{"$f":"+VLOOKUP(A986,[48]PRESUPUESTO!$B$2:$D$19,2,FALSE)","v":{"$error":"#N/A"}},{"$nulls":6},{"$f":"+VLOOKUP(A986,[48]PRESUPUESTO!$B$2:$D$19,3,FALSE)","v":{"$error":"#N/A"}},{"$f":"+ROUND(SUM(J994:J1024),0)","v":{"v":16597,"d":"$ 16,597.00"}}]
["I. EQUIPO"]
["Descripción",{"$nulls":4},"Tipo","Tarifa/dia","Rendimiento","Valor-Unit."]
["Herramienta menor (% Mano de obra)",{"$nulls":5},{"v":0.05,"d":"5%"},null,{"$f":"+J1024*G989","v":{"v":493.91639984030235,"d":"$ 493.92"}}]
["BOMBA DE PRUEBA HIDROSTATICA ",{"$nulls":4},{"$f":"+IF(A990=\"\",\"\",VLOOKUP(A990,[46]MATERIALES!$B$7:$D$1222,2,FALSE))","v":"DIA"},{"$f":"+IF(A990=\"\",\"\",VLOOKUP(A990,[46]MATERIALES!$B$7:$E$1222,3,FALSE))","v":{"v":20000,"d":"$ 20,000"}},{"$f":"IF(A990=\"\",\"\",1/H1020)","v":{"v":0.027777777777777776,"d":"0.028 "}},{"$f":"IFERROR(G990*H990,\"\")","v":{"v":555.5555555555555,"d":"$ 555.56"}}]
[{"$nulls":5},{"$f":"+IF(A991=\"\",\"\",VLOOKUP(A991,[46]MATERIALES!$B$7:$D$1222,2,FALSE))","v":""},{"$f":"+IF(A991=\"\",\"\",VLOOKUP(A991,[46]MATERIALES!$B$7:$E$1222,3,FALSE))","v":""},{"$f":"IF(A991=\"\",\"\",1/H1020)","v":""},""]
[{"$nulls":5},{"$f":"+IF(A992=\"\",\"\",VLOOKUP(A992,[46]MATERIALES!$B$7:$D$1222,2,FALSE))","v":""},{"$f":"+IF(A992=\"\",\"\",VLOOKUP(A992,[46]MATERIALES!$B$7:$E$1222,3,FALSE))","v":""},{"$f":"IF(A992=\"\",\"\",1/H1021)","v":""},""]
[{"$nulls":5},{"$f":"+IF(A993=\"\",\"\",VLOOKUP(A993,[46]MATERIALES!$B$7:$D$1222,2,FALSE))","v":""},{"$f":"+IF(A993=\"\",\"\",VLOOKUP(A993,[46]MATERIALES!$B$7:$E$1222,3,FALSE))","v":""},null,""]
["Sub-Total",{"$nulls":8},{"$f":"+SUM(I989:I993)","v":{"v":1049.471955395858,"d":"$ 1,049.47"}}]
["II. MATERIALES EN OBRA"]
["Descripción",{"$nulls":3},"Unidad","Precio-Unit.","Cantidad","Desperdicio","Valor-Unit."]
["Tubería PVC-P 500Psi - 1/2\"",{"$nulls":3},{"$f":"+IF(A997=\"\",\"\",VLOOKUP(A997,[46]MATERIALES!$B$7:$D$225,2,FALSE))","v":"UN"},{"$f":"+IF(A997=\"\",\"\",VLOOKUP(A997,[46]MATERIALES!$B$7:$E$225,3,FALSE))","v":{"v":17200,"d":"$ 17,200"}},{"v":0.16666666666666666,"d":"0.167 "},{"v":0.05,"d":"5%"},{"$f":"IFERROR(F997*G997*(1+H997),\"\")","v":{"v":3010,"d":"$ 3,010.00"}}]
["Unión presión 1/2\"",{"$nulls":3},{"$f":"+IF(A998=\"\",\"\",VLOOKUP(A998,[46]MATERIALES!$B$7:$D$225,2,FALSE))","v":"UN"},{"$f":"+IF(A998=\"\",\"\",VLOOKUP(A998,[46]MATERIALES!$B$7:$E$225,3,FALSE))","v":{"v":400,"d":"$ 400"}},{"v":0.3333333333333333,"d":"0.333 "},{"v":0.05,"d":"5%"},{"$f":"IFERROR(F998*G998*(1+H998),\"\")","v":{"v":140,"d":"$ 140.00"}}]
["Codo presión 1/2\"",{"$nulls":3},{"$f":"+IF(A999=\"\",\"\",VLOOKUP(A999,[46]MATERIALES!$B$7:$D$225,2,FALSE))","v":"UN"},{"$f":"+IF(A999=\"\",\"\",VLOOKUP(A999,[46]MATERIALES!$B$7:$E$225,3,FALSE))","v":{"v":600,"d":"$ 600"}},{"v":0.16666666666666666,"d":"0.167 "},{"v":0.05,"d":"5%"},{"v":105,"d":"$ 105.00"}]
["Tee presión 1/2\"",{"$nulls":3},{"$f":"+IF(A1000=\"\",\"\",VLOOKUP(A1000,[46]MATERIALES!$B$7:$D$225,2,FALSE))","v":"UN"},{"$f":"+IF(A1000=\"\",\"\",VLOOKUP(A1000,[46]MATERIALES!$B$7:$E$225,3,FALSE))","v":{"v":700,"d":"$ 700"}},{"v":0.16666666666666666,"d":"0.17 "},{"v":0.05,"d":"5%"},{"v":122.5,"d":"$ 122.50"}]
["Soldadura líquida  1/4\"",{"$nulls":3},{"$f":"+IF(A1001=\"\",\"\",VLOOKUP(A1001,[46]MATERIALES!$B$7:$D$225,2,FALSE))","v":"UN"},{"$f":"+IF(A1001=\"\",\"\",VLOOKUP(A1001,[46]MATERIALES!$B$7:$E$225,3,FALSE))","v":{"v":85400,"d":"$ 85,400"}},{"v":0.01,"d":"0.01 "},{"v":0.05,"d":"5%"},{"v":896.7,"d":"$ 896.70"}]
["Limpiador x 1/4",{"$nulls":3},{"$f":"+IF(A1002=\"\",\"\",VLOOKUP(A1002,[46]MATERIALES!$B$7:$D$225,2,FALSE))","v":"un"},{"$f":"+IF(A1002=\"\",\"\",VLOOKUP(A1002,[46]MATERIALES!$B$7:$E$225,3,FALSE))","v":{"v":54900,"d":"$ 54,900"}},{"v":0.01,"d":"0.01 "},{"v":0.05,"d":"5%"},{"v":576.45,"d":"$ 576.45"}]
["Estopa pequeña",{"$nulls":3},{"$f":"+IF(A1003=\"\",\"\",VLOOKUP(A1003,[46]MATERIALES!$B$7:$D$225,2,FALSE))","v":"Libra"},{"$f":"+IF(A1003=\"\",\"\",VLOOKUP(A1003,[46]MATERIALES!$B$7:$E$225,3,FALSE))","v":{"v":7800,"d":"$ 7,800"}},{"v":0.1,"d":"0.10 "},{"v":0.05,"d":"5%"},{"v":819,"d":"$ 819.00"}]
[{"$nulls":4},{"$f":"+IF(A1004=\"\",\"\",VLOOKUP(A1004,[46]MATERIALES!$B$7:$D$225,2,FALSE))","v":""},{"$f":"+IF(A1004=\"\",\"\",VLOOKUP(A1004,[46]MATERIALES!$B$7:$E$225,3,FALSE))","v":""},null,null,""]
[{"$nulls":4},{"$f":"+IF(A1005=\"\",\"\",VLOOKUP(A1005,[46]MATERIALES!$B$7:$D$225,2,FALSE))","v":""},{"$f":"+IF(A1005=\"\",\"\",VLOOKUP(A1005,[46]MATERIALES!$B$7:$E$225,3,FALSE))","v":""},null,null,""]
[{"$nulls":4},{"$f":"+IF(A1006=\"\",\"\",VLOOKUP(A1006,[46]MATERIALES!$B$7:$D$225,2,FALSE))","v":""},{"$f":"+IF(A1006=\"\",\"\",VLOOKUP(A1006,[46]MATERIALES!$B$7:$E$225,3,FALSE))","v":""},null,null,""]
[{"$nulls":4},{"$f":"+IF(A1007=\"\",\"\",VLOOKUP(A1007,[46]MATERIALES!$B$7:$D$225,2,FALSE))","v":""},{"$f":"+IF(A1007=\"\",\"\",VLOOKUP(A1007,[46]MATERIALES!$B$7:$E$225,3,FALSE))","v":""},null,null,""]
[]
[{"$nulls":8},{"$f":"IFERROR(F1009*G1009*(1+H1009),\"\")","v":0}]
["Sub-Total",{"$nulls":8},{"$f":"SUM(I997:I1009)","v":{"v":5669.65,"d":"$ 5,669.65"}}]
["III. TRANSPORTES"]
["Material",{"$nulls":3},"TIPO","Vol. Peso ó Cant.","Distancia","Tarifa","Valor-Unit."]
["TRANSPORTE DESDE APARTADO",{"$nulls":3},{"$f":"+IF(A1013=\"\",\"\",VLOOKUP(A1013,[46]MATERIALES!$B$7:$E$1222,2,FALSE))","v":{"$error":"#N/A"}},{"$f":"0.1*0.1","v":{"v":0.010000000000000002,"d":"0.01"}},{"$f":"+IF(A1013=\"\",\"\",VLOOKUP(A1013,[46]MATERIALES!$B$7:$E$1222,4,FALSE))","v":{"$error":"#N/A"}},{"$f":"+IF(A1013=\"\",\"\",VLOOKUP(A1013,[46]MATERIALES!$B$7:$E$1222,3,FALSE))","v":{"$error":"#N/A"}},{"$f":"IFERROR(G1013*H1013*F1013,\"\")","v":""}]
[{"$nulls":4},{"$f":"+IF(A1014=\"\",\"\",VLOOKUP(A1014,[46]MATERIALES!$B$7:$E$1222,2,FALSE))","v":""},null,{"$f":"+IF(A1014=\"\",\"\",VLOOKUP(A1014,[46]MATERIALES!$B$7:$E$1222,4,FALSE))","v":""},{"$f":"+IF(A1014=\"\",\"\",VLOOKUP(A1014,[46]MATERIALES!$B$7:$E$1222,3,FALSE))","v":""},{"$f":"IFERROR(G1014*H1014*F1014,\"\")","v":""}]
[]
[]
["Sub-Total",{"$nulls":8},{"$f":"SUM(I1013:I1016)","v":0}]
["IV. MANO DE OBRA"]
["Trabajador",{"$nulls":3},"Jornal","Prestaciones","Jornal Total","Rendimiento","Valor-Unit."]
["OFICIAL B",null,null,1,{"$f":"+IF(D1020=\"\",\"\",VLOOKUP(A1020,$L$4:$O$10,3,FALSE))","v":{"v":142350,"d":"$ 142,350.00"}},{"$f":"+IF(D1020=\"\",\"\",(VLOOKUP(A1020,$L$4:$O$10,4,FALSE))+1)","v":{"v":1.5821008628015805,"d":"158%"}},{"$f":"+IFERROR(F1020*E1020*D1020,\"\")","v":{"v":225212.057819805,"d":"225,212.06"}},{"v":36,"d":"36.00"},{"$f":"IFERROR(G1020/H1020,\"\")","v":{"v":6255.890494994583,"d":"$ 6,255.89"}}]
["AYUDANTE ENTENDIDO",null,null,1,{"$f":"+IF(D1021=\"\",\"\",VLOOKUP(A1021,$L$4:$O$10,3,FALSE))","v":{"v":77842,"d":"$ 77,842.00"}},{"$f":"+IF(D1021=\"\",\"\",(VLOOKUP(A1021,$L$4:$O$10,4,FALSE))+1)","v":{"v":1.6752877632282406,"d":"168%"}},{"$f":"+IFERROR(F1021*E1021*D1021,\"\")","v":{"v":130407.7500652127,"d":"130,407.75"}},{"$f":"+H1020","v":{"v":36,"d":"36.00"}},{"$f":"IFERROR(G1021/H1021,\"\")","v":{"v":3622.4375018114642,"d":"$ 3,622.44"}}]
[{"$nulls":4},{"$f":"+IF(D1022=\"\",\"\",VLOOKUP(A1022,$L$4:$O$10,3,FALSE))","v":""},{"$f":"+IF(D1022=\"\",\"\",(VLOOKUP(A1022,$L$4:$O$10,4,FALSE))+1)","v":""},{"$f":"+IFERROR(F1022*E1022*D1022,\"\")","v":""},{"$f":"+IF(D1022=\"\",\"\",IFERROR(H1021,\"\"))","v":""},""]
[]
["Sub-Total",{"$nulls":8},{"$f":"SUM(I1020:I1023)","v":{"v":9878.327996806047,"d":"$ 9,878.33"}}]
[{"$f":"+[48]PRESUPUESTO!$B$1","v":"CONSTRUCCION DE 14 METROS BOX CULVERT EN EL SECTOR BARRIO NUEVO DE SANTA RITA, CABECERA MUNICIPAL DE RIO IRÓ - DEPARTAMENTO DEL CHOCÓ"}]
[]
["ITEM:  ","DESCRIPCION",{"$nulls":6},"UNIDAD:","COSTO DIRECTO"]
[null,{"$f":"+VLOOKUP(A1028,[48]PRESUPUESTO!$B$2:$D$19,2,FALSE)","v":{"$error":"#N/A"}},{"$nulls":6},{"$f":"+VLOOKUP(A1028,[48]PRESUPUESTO!$B$2:$D$19,3,FALSE)","v":{"$error":"#N/A"}},{"$f":"+ROUND(SUM(J1036:J1066),0)","v":{"v":20383,"d":"$ 20,383.00"}}]
["I. EQUIPO"]
["Descripción",{"$nulls":4},"Tipo","Tarifa/dia","Rendimiento","Valor-Unit."]
["Herramienta menor (% Mano de obra)",{"$nulls":5},{"v":0.05,"d":"5%"},null,{"$f":"+J1066*G1031","v":{"v":493.91639984030235,"d":"$ 493.92"}}]
["BOMBA DE PRUEBA HIDROSTATICA ",{"$nulls":4},{"$f":"+IF(A1032=\"\",\"\",VLOOKUP(A1032,[46]MATERIALES!$B$7:$D$1222,2,FALSE))","v":"DIA"},{"$f":"+IF(A1032=\"\",\"\",VLOOKUP(A1032,[46]MATERIALES!$B$7:$E$1222,3,FALSE))","v":{"v":20000,"d":"$ 20,000"}},{"$f":"IF(A1032=\"\",\"\",1/H1062)","v":{"v":0.027777777777777776,"d":"0.028 "}},{"$f":"IFERROR(G1032*H1032,\"\")","v":{"v":555.5555555555555,"d":"$ 555.56"}}]
[{"$nulls":5},{"$f":"+IF(A1033=\"\",\"\",VLOOKUP(A1033,[46]MATERIALES!$B$7:$D$1222,2,FALSE))","v":""},{"$f":"+IF(A1033=\"\",\"\",VLOOKUP(A1033,[46]MATERIALES!$B$7:$E$1222,3,FALSE))","v":""},{"$f":"IF(A1033=\"\",\"\",1/H1062)","v":""},""]
[{"$nulls":5},{"$f":"+IF(A1034=\"\",\"\",VLOOKUP(A1034,[46]MATERIALES!$B$7:$D$1222,2,FALSE))","v":""},{"$f":"+IF(A1034=\"\",\"\",VLOOKUP(A1034,[46]MATERIALES!$B$7:$E$1222,3,FALSE))","v":""},{"$f":"IF(A1034=\"\",\"\",1/H1063)","v":""},""]
[{"$nulls":5},{"$f":"+IF(A1035=\"\",\"\",VLOOKUP(A1035,[46]MATERIALES!$B$7:$D$1222,2,FALSE))","v":""},{"$f":"+IF(A1035=\"\",\"\",VLOOKUP(A1035,[46]MATERIALES!$B$7:$E$1222,3,FALSE))","v":""},null,""]
["Sub-Total",{"$nulls":8},{"$f":"+SUM(I1031:I1035)","v":{"v":1049.471955395858,"d":"$ 1,049.47"}}]
["II. MATERIALES EN OBRA"]
["Descripción",{"$nulls":3},"Unidad","Precio-Unit.","Cantidad","Desperdicio","Valor-Unit."]
["Tubería PVC-P 400PSI 3/4\"",{"$nulls":3},{"$f":"+IF(A1039=\"\",\"\",VLOOKUP(A1039,[46]MATERIALES!$B$7:$D$225,2,FALSE))","v":"UN"},{"$f":"+IF(A1039=\"\",\"\",VLOOKUP(A1039,[46]MATERIALES!$B$7:$E$225,3,FALSE))","v":{"v":35900,"d":"$ 35,900"}},{"v":0.16666666666666666,"d":"0.167 "},{"v":0.05,"d":"5%"},{"$f":"IFERROR(F1039*G1039*(1+H1039),\"\")","v":{"v":6282.5,"d":"$ 6,282.50"}}]
["Unión presión 3/4\"",{"$nulls":3},{"$f":"+IF(A1040=\"\",\"\",VLOOKUP(A1040,[46]MATERIALES!$B$7:$D$225,2,FALSE))","v":"UN"},{"$f":"+IF(A1040=\"\",\"\",VLOOKUP(A1040,[46]MATERIALES!$B$7:$E$225,3,FALSE))","v":{"v":500,"d":"$ 500"}},{"v":0.16666666666666666,"d":"0.167 "},{"v":0.05,"d":"5%"},{"$f":"IFERROR(F1040*G1040*(1+H1040),\"\")","v":{"v":87.5,"d":"$ 87.50"}}]
["Codo presión 3/4\"",{"$nulls":3},{"$f":"+IF(A1041=\"\",\"\",VLOOKUP(A1041,[46]MATERIALES!$B$7:$D$225,2,FALSE))","v":"UN"},{"$f":"+IF(A1041=\"\",\"\",VLOOKUP(A1041,[46]MATERIALES!$B$7:$E$225,3,FALSE))","v":{"v":800,"d":"$ 800"}},{"v":0.3333333333333333,"d":"0.333 "},{"v":0.05,"d":"5%"},{"v":280,"d":"$ 280.00"}]
["Tee presión 3/4\"",{"$nulls":3},{"$f":"+IF(A1042=\"\",\"\",VLOOKUP(A1042,[46]MATERIALES!$B$7:$D$225,2,FALSE))","v":"UN"},{"$f":"+IF(A1042=\"\",\"\",VLOOKUP(A1042,[46]MATERIALES!$B$7:$E$225,3,FALSE))","v":{"v":1250,"d":"$ 1,250"}},{"v":0.16666666666666666,"d":"0.17 "},{"v":0.05,"d":"5%"},{"v":218.75,"d":"$ 218.75"}]
["Soldadura líquida  1/4\"",{"$nulls":3},{"$f":"+IF(A1043=\"\",\"\",VLOOKUP(A1043,[46]MATERIALES!$B$7:$D$225,2,FALSE))","v":"UN"},{"$f":"+IF(A1043=\"\",\"\",VLOOKUP(A1043,[46]MATERIALES!$B$7:$E$225,3,FALSE))","v":{"v":85400,"d":"$ 85,400"}},{"v":0.012,"d":"0.012 "},{"v":0.05,"d":"5%"},{"v":1076.04,"d":"$ 1,076.04"}]
["Limpiador x 1/4",{"$nulls":3},{"$f":"+IF(A1044=\"\",\"\",VLOOKUP(A1044,[46]MATERIALES!$B$7:$D$225,2,FALSE))","v":"un"},{"$f":"+IF(A1044=\"\",\"\",VLOOKUP(A1044,[46]MATERIALES!$B$7:$E$225,3,FALSE))","v":{"v":54900,"d":"$ 54,900"}},{"v":0.012,"d":"0.012 "},{"v":0.05,"d":"5%"},{"v":691.7400000000001,"d":"$ 691.74"}]
["Estopa pequeña",{"$nulls":3},{"$f":"+IF(A1045=\"\",\"\",VLOOKUP(A1045,[46]MATERIALES!$B$7:$D$225,2,FALSE))","v":"Libra"},{"$f":"+IF(A1045=\"\",\"\",VLOOKUP(A1045,[46]MATERIALES!$B$7:$E$225,3,FALSE))","v":{"v":7800,"d":"$ 7,800"}},{"v":0.1,"d":"0.10 "},{"v":0.05,"d":"5%"},{"v":819,"d":"$ 819.00"}]
[{"$nulls":4},{"$f":"+IF(A1046=\"\",\"\",VLOOKUP(A1046,[46]MATERIALES!$B$7:$D$225,2,FALSE))","v":""},{"$f":"+IF(A1046=\"\",\"\",VLOOKUP(A1046,[46]MATERIALES!$B$7:$E$225,3,FALSE))","v":""},null,null,""]
[{"$nulls":4},{"$f":"+IF(A1047=\"\",\"\",VLOOKUP(A1047,[46]MATERIALES!$B$7:$D$225,2,FALSE))","v":""},{"$f":"+IF(A1047=\"\",\"\",VLOOKUP(A1047,[46]MATERIALES!$B$7:$E$225,3,FALSE))","v":""},null,null,""]
[{"$nulls":4},{"$f":"+IF(A1048=\"\",\"\",VLOOKUP(A1048,[46]MATERIALES!$B$7:$D$225,2,FALSE))","v":""},{"$f":"+IF(A1048=\"\",\"\",VLOOKUP(A1048,[46]MATERIALES!$B$7:$E$225,3,FALSE))","v":""},null,null,""]
[{"$nulls":4},{"$f":"+IF(A1049=\"\",\"\",VLOOKUP(A1049,[46]MATERIALES!$B$7:$D$225,2,FALSE))","v":""},{"$f":"+IF(A1049=\"\",\"\",VLOOKUP(A1049,[46]MATERIALES!$B$7:$E$225,3,FALSE))","v":""},null,null,""]
[]
[{"$nulls":8},{"$f":"IFERROR(F1051*G1051*(1+H1051),\"\")","v":0}]
["Sub-Total",{"$nulls":8},{"$f":"SUM(I1039:I1051)","v":{"v":9455.53,"d":"$ 9,455.53"}}]
["III. TRANSPORTES"]
["Material",{"$nulls":3},"TIPO","Vol. Peso ó Cant.","Distancia","Tarifa","Valor-Unit."]
["TRANSPORTE DESDE APARTADO",{"$nulls":3},{"$f":"+IF(A1055=\"\",\"\",VLOOKUP(A1055,[46]MATERIALES!$B$7:$E$1222,2,FALSE))","v":{"$error":"#N/A"}},{"$f":"0.1*0.1","v":{"v":0.010000000000000002,"d":"0.01"}},{"$f":"+IF(A1055=\"\",\"\",VLOOKUP(A1055,[46]MATERIALES!$B$7:$E$1222,4,FALSE))","v":{"$error":"#N/A"}},{"$f":"+IF(A1055=\"\",\"\",VLOOKUP(A1055,[46]MATERIALES!$B$7:$E$1222,3,FALSE))","v":{"$error":"#N/A"}},{"$f":"IFERROR(G1055*H1055*F1055,\"\")","v":""}]
[{"$nulls":4},{"$f":"+IF(A1056=\"\",\"\",VLOOKUP(A1056,[46]MATERIALES!$B$7:$E$1222,2,FALSE))","v":""},null,{"$f":"+IF(A1056=\"\",\"\",VLOOKUP(A1056,[46]MATERIALES!$B$7:$E$1222,4,FALSE))","v":""},{"$f":"+IF(A1056=\"\",\"\",VLOOKUP(A1056,[46]MATERIALES!$B$7:$E$1222,3,FALSE))","v":""},{"$f":"IFERROR(G1056*H1056*F1056,\"\")","v":""}]
[]
[]
["Sub-Total",{"$nulls":8},{"$f":"SUM(I1055:I1058)","v":0}]
["IV. MANO DE OBRA"]
["Trabajador",{"$nulls":3},"Jornal","Prestaciones","Jornal Total","Rendimiento","Valor-Unit."]
["OFICIAL B",null,null,1,{"$f":"+IF(D1062=\"\",\"\",VLOOKUP(A1062,$L$4:$O$10,3,FALSE))","v":{"v":142350,"d":"$ 142,350.00"}},{"$f":"+IF(D1062=\"\",\"\",(VLOOKUP(A1062,$L$4:$O$10,4,FALSE))+1)","v":{"v":1.5821008628015805,"d":"158%"}},{"$f":"+IFERROR(F1062*E1062*D1062,\"\")","v":{"v":225212.057819805,"d":"225,212.06"}},{"v":36,"d":"36.00"},{"$f":"IFERROR(G1062/H1062,\"\")","v":{"v":6255.890494994583,"d":"$ 6,255.89"}}]
["AYUDANTE ENTENDIDO",null,null,1,{"$f":"+IF(D1063=\"\",\"\",VLOOKUP(A1063,$L$4:$O$10,3,FALSE))","v":{"v":77842,"d":"$ 77,842.00"}},{"$f":"+IF(D1063=\"\",\"\",(VLOOKUP(A1063,$L$4:$O$10,4,FALSE))+1)","v":{"v":1.6752877632282406,"d":"168%"}},{"$f":"+IFERROR(F1063*E1063*D1063,\"\")","v":{"v":130407.7500652127,"d":"130,407.75"}},{"$f":"+H1062","v":{"v":36,"d":"36.00"}},{"$f":"IFERROR(G1063/H1063,\"\")","v":{"v":3622.4375018114642,"d":"$ 3,622.44"}}]
[{"$nulls":4},{"$f":"+IF(D1064=\"\",\"\",VLOOKUP(A1064,$L$4:$O$10,3,FALSE))","v":""},{"$f":"+IF(D1064=\"\",\"\",(VLOOKUP(A1064,$L$4:$O$10,4,FALSE))+1)","v":""},{"$f":"+IFERROR(F1064*E1064*D1064,\"\")","v":""},{"$f":"+IF(D1064=\"\",\"\",IFERROR(H1063,\"\"))","v":""},""]
[]
["Sub-Total",{"$nulls":8},{"$f":"SUM(I1062:I1065)","v":{"v":9878.327996806047,"d":"$ 9,878.33"}}]
[{"$f":"+[48]PRESUPUESTO!$B$1","v":"CONSTRUCCION DE 14 METROS BOX CULVERT EN EL SECTOR BARRIO NUEVO DE SANTA RITA, CABECERA MUNICIPAL DE RIO IRÓ - DEPARTAMENTO DEL CHOCÓ"}]
[]
["ITEM:  ","DESCRIPCION",{"$nulls":6},"UNIDAD:","COSTO DIRECTO"]
[null,{"$f":"+VLOOKUP(A1070,[48]PRESUPUESTO!$B$2:$D$19,2,FALSE)","v":{"$error":"#N/A"}},{"$nulls":6},{"$f":"+VLOOKUP(A1070,[48]PRESUPUESTO!$B$2:$D$19,3,FALSE)","v":{"$error":"#N/A"}},{"$f":"+ROUND(SUM(J1078:J1108),0)","v":{"v":23887,"d":"$ 23,887.00"}}]
["I. EQUIPO"]
["Descripción",{"$nulls":4},"Tipo","Tarifa/dia","Rendimiento","Valor-Unit."]
["Herramienta menor (% Mano de obra)",{"$nulls":5},{"v":0.05,"d":"5%"},null,{"$f":"+J1108*G1073","v":{"v":592.6996798083628,"d":"$ 592.70"}}]
["BOMBA DE PRUEBA HIDROSTATICA ",{"$nulls":4},{"$f":"+IF(A1074=\"\",\"\",VLOOKUP(A1074,[46]MATERIALES!$B$7:$D$1222,2,FALSE))","v":"DIA"},{"$f":"+IF(A1074=\"\",\"\",VLOOKUP(A1074,[46]MATERIALES!$B$7:$E$1222,3,FALSE))","v":{"v":20000,"d":"$ 20,000"}},{"$f":"IF(A1074=\"\",\"\",1/H1104)","v":{"v":0.03333333333333333,"d":"0.033 "}},{"$f":"IFERROR(G1074*H1074,\"\")","v":{"v":666.6666666666666,"d":"$ 666.67"}}]
[{"$nulls":5},{"$f":"+IF(A1075=\"\",\"\",VLOOKUP(A1075,[46]MATERIALES!$B$7:$D$1222,2,FALSE))","v":""},{"$f":"+IF(A1075=\"\",\"\",VLOOKUP(A1075,[46]MATERIALES!$B$7:$E$1222,3,FALSE))","v":""},{"$f":"IF(A1075=\"\",\"\",1/H1104)","v":""},""]
[{"$nulls":5},{"$f":"+IF(A1076=\"\",\"\",VLOOKUP(A1076,[46]MATERIALES!$B$7:$D$1222,2,FALSE))","v":""},{"$f":"+IF(A1076=\"\",\"\",VLOOKUP(A1076,[46]MATERIALES!$B$7:$E$1222,3,FALSE))","v":""},{"$f":"IF(A1076=\"\",\"\",1/H1105)","v":""},""]
[{"$nulls":5},{"$f":"+IF(A1077=\"\",\"\",VLOOKUP(A1077,[46]MATERIALES!$B$7:$D$1222,2,FALSE))","v":""},{"$f":"+IF(A1077=\"\",\"\",VLOOKUP(A1077,[46]MATERIALES!$B$7:$E$1222,3,FALSE))","v":""},null,""]
["Sub-Total",{"$nulls":8},{"$f":"+SUM(I1073:I1077)","v":{"v":1259.3663464750293,"d":"$ 1,259.37"}}]
["II. MATERIALES EN OBRA"]
["Descripción",{"$nulls":3},"Unidad","Precio-Unit.","Cantidad","Desperdicio","Valor-Unit."]
["Tubería PVC-P 315Psi - 1\"",{"$nulls":3},{"$f":"+IF(A1081=\"\",\"\",VLOOKUP(A1081,[46]MATERIALES!$B$7:$D$225,2,FALSE))","v":"UN"},{"$f":"+IF(A1081=\"\",\"\",VLOOKUP(A1081,[46]MATERIALES!$B$7:$E$225,3,FALSE))","v":{"v":38900,"d":"$ 38,900"}},{"v":0.16666666666666666,"d":"0.167 "},{"v":0.05,"d":"5%"},{"$f":"IFERROR(F1081*G1081*(1+H1081),\"\")","v":{"v":6807.5,"d":"$ 6,807.50"}}]
["Unión presión 1\"",{"$nulls":3},{"$f":"+IF(A1082=\"\",\"\",VLOOKUP(A1082,[46]MATERIALES!$B$7:$D$225,2,FALSE))","v":"UN"},{"$f":"+IF(A1082=\"\",\"\",VLOOKUP(A1082,[46]MATERIALES!$B$7:$E$225,3,FALSE))","v":{"v":900,"d":"$ 900"}},{"v":0.16666666666666666,"d":"0.167 "},{"v":0.05,"d":"5%"},{"$f":"IFERROR(F1082*G1082*(1+H1082),\"\")","v":{"v":157.5,"d":"$ 157.50"}}]
["Codo presión 1\"",{"$nulls":3},{"$f":"+IF(A1083=\"\",\"\",VLOOKUP(A1083,[46]MATERIALES!$B$7:$D$225,2,FALSE))","v":"UN"},{"$f":"+IF(A1083=\"\",\"\",VLOOKUP(A1083,[46]MATERIALES!$B$7:$E$225,3,FALSE))","v":{"v":1550,"d":"$ 1,550"}},{"v":0.3333333333333333,"d":"0.333 "},{"v":0.05,"d":"5%"},{"v":542.5,"d":"$ 542.50"}]
["Tee presión 1\"",{"$nulls":3},{"$f":"+IF(A1084=\"\",\"\",VLOOKUP(A1084,[46]MATERIALES!$B$7:$D$225,2,FALSE))","v":"UN"},{"$f":"+IF(A1084=\"\",\"\",VLOOKUP(A1084,[46]MATERIALES!$B$7:$E$225,3,FALSE))","v":{"v":2200,"d":"$ 2,200"}},{"v":0.16666666666666666,"d":"0.17 "},{"v":0.05,"d":"5%"},{"v":385,"d":"$ 385.00"}]
["Soldadura líquida  1/4\"",{"$nulls":3},{"$f":"+IF(A1085=\"\",\"\",VLOOKUP(A1085,[46]MATERIALES!$B$7:$D$225,2,FALSE))","v":"UN"},{"$f":"+IF(A1085=\"\",\"\",VLOOKUP(A1085,[46]MATERIALES!$B$7:$E$225,3,FALSE))","v":{"v":85400,"d":"$ 85,400"}},{"v":0.014,"d":"0.014 "},{"v":0.05,"d":"5%"},{"v":1255.38,"d":"$ 1,255.38"}]
["Limpiador x 1/4",{"$nulls":3},{"$f":"+IF(A1086=\"\",\"\",VLOOKUP(A1086,[46]MATERIALES!$B$7:$D$225,2,FALSE))","v":"un"},{"$f":"+IF(A1086=\"\",\"\",VLOOKUP(A1086,[46]MATERIALES!$B$7:$E$225,3,FALSE))","v":{"v":54900,"d":"$ 54,900"}},{"v":0.014,"d":"0.014 "},{"v":0.05,"d":"5%"},{"v":807.0300000000001,"d":"$ 807.03"}]
["Estopa pequeña",{"$nulls":3},{"$f":"+IF(A1087=\"\",\"\",VLOOKUP(A1087,[46]MATERIALES!$B$7:$D$225,2,FALSE))","v":"Libra"},{"$f":"+IF(A1087=\"\",\"\",VLOOKUP(A1087,[46]MATERIALES!$B$7:$E$225,3,FALSE))","v":{"v":7800,"d":"$ 7,800"}},{"v":0.1,"d":"0.10 "},{"v":0.05,"d":"5%"},{"v":819,"d":"$ 819.00"}]
[{"$nulls":4},{"$f":"+IF(A1088=\"\",\"\",VLOOKUP(A1088,[46]MATERIALES!$B$7:$D$225,2,FALSE))","v":""},{"$f":"+IF(A1088=\"\",\"\",VLOOKUP(A1088,[46]MATERIALES!$B$7:$E$225,3,FALSE))","v":""},null,null,""]
[{"$nulls":4},{"$f":"+IF(A1089=\"\",\"\",VLOOKUP(A1089,[46]MATERIALES!$B$7:$D$225,2,FALSE))","v":""},{"$f":"+IF(A1089=\"\",\"\",VLOOKUP(A1089,[46]MATERIALES!$B$7:$E$225,3,FALSE))","v":""},null,null,""]
[{"$nulls":4},{"$f":"+IF(A1090=\"\",\"\",VLOOKUP(A1090,[46]MATERIALES!$B$7:$D$225,2,FALSE))","v":""},{"$f":"+IF(A1090=\"\",\"\",VLOOKUP(A1090,[46]MATERIALES!$B$7:$E$225,3,FALSE))","v":""},null,null,""]
[{"$nulls":4},{"$f":"+IF(A1091=\"\",\"\",VLOOKUP(A1091,[46]MATERIALES!$B$7:$D$225,2,FALSE))","v":""},{"$f":"+IF(A1091=\"\",\"\",VLOOKUP(A1091,[46]MATERIALES!$B$7:$E$225,3,FALSE))","v":""},null,null,""]
[]
[{"$nulls":8},{"$f":"IFERROR(F1093*G1093*(1+H1093),\"\")","v":0}]
["Sub-Total",{"$nulls":8},{"$f":"SUM(I1081:I1093)","v":{"v":10773.910000000002,"d":"$ 10,773.91"}}]
["III. TRANSPORTES"]
["Material",{"$nulls":3},"TIPO","Vol. Peso ó Cant.","Distancia","Tarifa","Valor-Unit."]
["TRANSPORTE DESDE APARTADO",{"$nulls":3},{"$f":"+IF(A1097=\"\",\"\",VLOOKUP(A1097,[46]MATERIALES!$B$7:$E$1222,2,FALSE))","v":{"$error":"#N/A"}},{"$f":"0.1*0.1","v":{"v":0.010000000000000002,"d":"0.01"}},{"$f":"+IF(A1097=\"\",\"\",VLOOKUP(A1097,[46]MATERIALES!$B$7:$E$1222,4,FALSE))","v":{"$error":"#N/A"}},{"$f":"+IF(A1097=\"\",\"\",VLOOKUP(A1097,[46]MATERIALES!$B$7:$E$1222,3,FALSE))","v":{"$error":"#N/A"}},{"$f":"IFERROR(G1097*H1097*F1097,\"\")","v":""}]
[{"$nulls":4},{"$f":"+IF(A1098=\"\",\"\",VLOOKUP(A1098,[46]MATERIALES!$B$7:$E$1222,2,FALSE))","v":""},null,{"$f":"+IF(A1098=\"\",\"\",VLOOKUP(A1098,[46]MATERIALES!$B$7:$E$1222,4,FALSE))","v":""},{"$f":"+IF(A1098=\"\",\"\",VLOOKUP(A1098,[46]MATERIALES!$B$7:$E$1222,3,FALSE))","v":""},{"$f":"IFERROR(G1098*H1098*F1098,\"\")","v":""}]
[]
[]
["Sub-Total",{"$nulls":8},{"$f":"SUM(I1097:I1100)","v":0}]
["IV. MANO DE OBRA"]
["Trabajador",{"$nulls":3},"Jornal","Prestaciones","Jornal Total","Rendimiento","Valor-Unit."]
["OFICIAL B",null,null,1,{"$f":"+IF(D1104=\"\",\"\",VLOOKUP(A1104,$L$4:$O$10,3,FALSE))","v":{"v":142350,"d":"$ 142,350.00"}},{"$f":"+IF(D1104=\"\",\"\",(VLOOKUP(A1104,$L$4:$O$10,4,FALSE))+1)","v":{"v":1.5821008628015805,"d":"158%"}},{"$f":"+IFERROR(F1104*E1104*D1104,\"\")","v":{"v":225212.057819805,"d":"225,212.06"}},{"v":30,"d":"30.00"},{"$f":"IFERROR(G1104/H1104,\"\")","v":{"v":7507.0685939935,"d":"$ 7,507.07"}}]
["AYUDANTE ENTENDIDO",null,null,1,{"$f":"+IF(D1105=\"\",\"\",VLOOKUP(A1105,$L$4:$O$10,3,FALSE))","v":{"v":77842,"d":"$ 77,842.00"}},{"$f":"+IF(D1105=\"\",\"\",(VLOOKUP(A1105,$L$4:$O$10,4,FALSE))+1)","v":{"v":1.6752877632282406,"d":"168%"}},{"$f":"+IFERROR(F1105*E1105*D1105,\"\")","v":{"v":130407.7500652127,"d":"130,407.75"}},{"$f":"+H1104","v":{"v":30,"d":"30.00"}},{"$f":"IFERROR(G1105/H1105,\"\")","v":{"v":4346.925002173757,"d":"$ 4,346.93"}}]
[{"$nulls":4},{"$f":"+IF(D1106=\"\",\"\",VLOOKUP(A1106,$L$4:$O$10,3,FALSE))","v":""},{"$f":"+IF(D1106=\"\",\"\",(VLOOKUP(A1106,$L$4:$O$10,4,FALSE))+1)","v":""},{"$f":"+IFERROR(F1106*E1106*D1106,\"\")","v":""},{"$f":"+IF(D1106=\"\",\"\",IFERROR(H1105,\"\"))","v":""},""]
[]
["Sub-Total",{"$nulls":8},{"$f":"SUM(I1104:I1107)","v":{"v":11853.993596167256,"d":"$ 11,853.99"}}]
[{"$f":"+[48]PRESUPUESTO!$B$1","v":"CONSTRUCCION DE 14 METROS BOX CULVERT EN EL SECTOR BARRIO NUEVO DE SANTA RITA, CABECERA MUNICIPAL DE RIO IRÓ - DEPARTAMENTO DEL CHOCÓ"}]
[]
["ITEM:  ","DESCRIPCION",{"$nulls":6},"UNIDAD:","COSTO DIRECTO"]
[null,{"$f":"+VLOOKUP(A1112,[48]PRESUPUESTO!$B$2:$D$19,2,FALSE)","v":{"$error":"#N/A"}},{"$nulls":6},{"$f":"+VLOOKUP(A1112,[48]PRESUPUESTO!$B$2:$D$19,3,FALSE)","v":{"$error":"#N/A"}},{"$f":"+ROUND(SUM(J1120:J1150),0)","v":{"v":27056,"d":"$ 27,056.00"}}]
["I. EQUIPO"]
["Descripción",{"$nulls":4},"Tipo","Tarifa/dia","Rendimiento","Valor-Unit."]
["Herramienta menor (% Mano de obra)",{"$nulls":5},{"v":0.05,"d":"5%"},null,{"$f":"+J1150*G1115","v":{"v":592.6996798083628,"d":"$ 592.70"}}]
["PULIDORA ",{"$nulls":4},{"$f":"+IF(A1116=\"\",\"\",VLOOKUP(A1116,[46]MATERIALES!$B$7:$D$1222,2,FALSE))","v":"DIA"},{"$f":"+IF(A1116=\"\",\"\",VLOOKUP(A1116,[46]MATERIALES!$B$7:$E$1222,3,FALSE))","v":{"v":32500,"d":"$ 32,500"}},{"$f":"IF(A1116=\"\",\"\",1/H1146)","v":{"v":0.03333333333333333,"d":"0.033 "}},{"$f":"IFERROR(G1116*H1116,\"\")","v":{"v":1083.3333333333333,"d":"$ 1,083.33"}}]
[{"$nulls":5},{"$f":"+IF(A1117=\"\",\"\",VLOOKUP(A1117,[46]MATERIALES!$B$7:$D$1222,2,FALSE))","v":""},{"$f":"+IF(A1117=\"\",\"\",VLOOKUP(A1117,[46]MATERIALES!$B$7:$E$1222,3,FALSE))","v":""},{"$f":"IF(A1117=\"\",\"\",1/H1146)","v":""},""]
[{"$nulls":5},{"$f":"+IF(A1118=\"\",\"\",VLOOKUP(A1118,[46]MATERIALES!$B$7:$D$1222,2,FALSE))","v":""},{"$f":"+IF(A1118=\"\",\"\",VLOOKUP(A1118,[46]MATERIALES!$B$7:$E$1222,3,FALSE))","v":""},{"$f":"IF(A1118=\"\",\"\",1/H1147)","v":""},""]
[{"$nulls":5},{"$f":"+IF(A1119=\"\",\"\",VLOOKUP(A1119,[46]MATERIALES!$B$7:$D$1222,2,FALSE))","v":""},{"$f":"+IF(A1119=\"\",\"\",VLOOKUP(A1119,[46]MATERIALES!$B$7:$E$1222,3,FALSE))","v":""},null,""]
["Sub-Total",{"$nulls":8},{"$f":"+SUM(I1115:I1119)","v":{"v":1676.033013141696,"d":"$ 1,676.03"}}]
["II. MATERIALES EN OBRA"]
["Descripción",{"$nulls":3},"Unidad","Precio-Unit.","Cantidad","Desperdicio","Valor-Unit."]
["Tubo sanitario 2\"",{"$nulls":3},{"$f":"+IF(A1123=\"\",\"\",VLOOKUP(A1123,[46]MATERIALES!$B$7:$D$225,2,FALSE))","v":"UN"},{"$f":"+IF(A1123=\"\",\"\",VLOOKUP(A1123,[46]MATERIALES!$B$7:$E$225,3,FALSE))","v":{"v":45378,"d":"$ 45,378"}},{"v":0.16666666666666666,"d":"0.167 "},{"v":0.05,"d":"5%"},{"$f":"IFERROR(F1123*G1123*(1+H1123),\"\")","v":{"v":7941.150000000001,"d":"$ 7,941.15"}}]
["Codo sanitario 2\"",{"$nulls":3},{"$f":"+IF(A1124=\"\",\"\",VLOOKUP(A1124,[46]MATERIALES!$B$7:$D$225,2,FALSE))","v":"UN"},{"$f":"+IF(A1124=\"\",\"\",VLOOKUP(A1124,[46]MATERIALES!$B$7:$E$225,3,FALSE))","v":{"v":2500,"d":"$ 2,500"}},{"v":0.16666666666666666,"d":"0.167 "},{"v":0.05,"d":"5%"},{"$f":"IFERROR(F1124*G1124*(1+H1124),\"\")","v":{"v":437.5,"d":"$ 437.50"}}]
["Unión sanitaria 2\"",{"$nulls":3},{"$f":"+IF(A1125=\"\",\"\",VLOOKUP(A1125,[46]MATERIALES!$B$7:$D$225,2,FALSE))","v":"UN"},{"$f":"+IF(A1125=\"\",\"\",VLOOKUP(A1125,[46]MATERIALES!$B$7:$E$225,3,FALSE))","v":{"v":2100,"d":"$ 2,100"}},{"v":0.16666666666666666,"d":"0.167 "},{"v":0.05,"d":"5%"},{"v":367.5,"d":"$ 367.50"}]
["Yee sanitaria 2\"",{"$nulls":3},{"$f":"+IF(A1126=\"\",\"\",VLOOKUP(A1126,[46]MATERIALES!$B$7:$D$225,2,FALSE))","v":"UN"},{"$f":"+IF(A1126=\"\",\"\",VLOOKUP(A1126,[46]MATERIALES!$B$7:$E$225,3,FALSE))","v":{"v":5800,"d":"$ 5,800"}},{"v":0.16666666666666666,"d":"0.17 "},{"v":0.05,"d":"5%"},{"v":1015,"d":"$ 1,015.00"}]
["Soldadura líquida  1/4\"",{"$nulls":3},{"$f":"+IF(A1127=\"\",\"\",VLOOKUP(A1127,[46]MATERIALES!$B$7:$D$225,2,FALSE))","v":"UN"},{"$f":"+IF(A1127=\"\",\"\",VLOOKUP(A1127,[46]MATERIALES!$B$7:$E$225,3,FALSE))","v":{"v":85400,"d":"$ 85,400"}},{"v":0.02,"d":"0.020 "},{"v":0.05,"d":"5%"},{"v":1793.4,"d":"$ 1,793.40"}]
["Limpiador x 1/4",{"$nulls":3},{"$f":"+IF(A1128=\"\",\"\",VLOOKUP(A1128,[46]MATERIALES!$B$7:$D$225,2,FALSE))","v":"un"},{"$f":"+IF(A1128=\"\",\"\",VLOOKUP(A1128,[46]MATERIALES!$B$7:$E$225,3,FALSE))","v":{"v":54900,"d":"$ 54,900"}},{"v":0.02,"d":"0.020 "},{"v":0.05,"d":"5%"},{"v":1152.9,"d":"$ 1,152.90"}]
["Estopa pequeña",{"$nulls":3},{"$f":"+IF(A1129=\"\",\"\",VLOOKUP(A1129,[46]MATERIALES!$B$7:$D$225,2,FALSE))","v":"Libra"},{"$f":"+IF(A1129=\"\",\"\",VLOOKUP(A1129,[46]MATERIALES!$B$7:$E$225,3,FALSE))","v":{"v":7800,"d":"$ 7,800"}},{"v":0.1,"d":"0.10 "},{"v":0.05,"d":"5%"},{"v":819,"d":"$ 819.00"}]
[{"$nulls":4},{"$f":"+IF(A1130=\"\",\"\",VLOOKUP(A1130,[46]MATERIALES!$B$7:$D$225,2,FALSE))","v":""},{"$f":"+IF(A1130=\"\",\"\",VLOOKUP(A1130,[46]MATERIALES!$B$7:$E$225,3,FALSE))","v":""},null,null,""]
[{"$nulls":4},{"$f":"+IF(A1131=\"\",\"\",VLOOKUP(A1131,[46]MATERIALES!$B$7:$D$225,2,FALSE))","v":""},{"$f":"+IF(A1131=\"\",\"\",VLOOKUP(A1131,[46]MATERIALES!$B$7:$E$225,3,FALSE))","v":""},null,null,""]
[{"$nulls":4},{"$f":"+IF(A1132=\"\",\"\",VLOOKUP(A1132,[46]MATERIALES!$B$7:$D$225,2,FALSE))","v":""},{"$f":"+IF(A1132=\"\",\"\",VLOOKUP(A1132,[46]MATERIALES!$B$7:$E$225,3,FALSE))","v":""},null,null,""]
[{"$nulls":4},{"$f":"+IF(A1133=\"\",\"\",VLOOKUP(A1133,[46]MATERIALES!$B$7:$D$225,2,FALSE))","v":""},{"$f":"+IF(A1133=\"\",\"\",VLOOKUP(A1133,[46]MATERIALES!$B$7:$E$225,3,FALSE))","v":""},null,null,""]
[]
[{"$nulls":8},{"$f":"IFERROR(F1135*G1135*(1+H1135),\"\")","v":0}]
["Sub-Total",{"$nulls":8},{"$f":"SUM(I1123:I1135)","v":{"v":13526.45,"d":"$ 13,526.45"}}]
["III. TRANSPORTES"]
["Material",{"$nulls":3},"TIPO","Vol. Peso ó Cant.","Distancia","Tarifa","Valor-Unit."]
["TRANSPORTE DESDE APARTADO",{"$nulls":3},{"$f":"+IF(A1139=\"\",\"\",VLOOKUP(A1139,[46]MATERIALES!$B$7:$E$1222,2,FALSE))","v":{"$error":"#N/A"}},{"$f":"0.1*0.1","v":{"v":0.010000000000000002,"d":"0.01"}},{"$f":"+IF(A1139=\"\",\"\",VLOOKUP(A1139,[46]MATERIALES!$B$7:$E$1222,4,FALSE))","v":{"$error":"#N/A"}},{"$f":"+IF(A1139=\"\",\"\",VLOOKUP(A1139,[46]MATERIALES!$B$7:$E$1222,3,FALSE))","v":{"$error":"#N/A"}},{"$f":"IFERROR(G1139*H1139*F1139,\"\")","v":""}]
[{"$nulls":4},{"$f":"+IF(A1140=\"\",\"\",VLOOKUP(A1140,[46]MATERIALES!$B$7:$E$1222,2,FALSE))","v":""},null,{"$f":"+IF(A1140=\"\",\"\",VLOOKUP(A1140,[46]MATERIALES!$B$7:$E$1222,4,FALSE))","v":""},{"$f":"+IF(A1140=\"\",\"\",VLOOKUP(A1140,[46]MATERIALES!$B$7:$E$1222,3,FALSE))","v":""},{"$f":"IFERROR(G1140*H1140*F1140,\"\")","v":""}]
[]
[]
["Sub-Total",{"$nulls":8},{"$f":"SUM(I1139:I1142)","v":0}]
["IV. MANO DE OBRA"]
["Trabajador",{"$nulls":3},"Jornal","Prestaciones","Jornal Total","Rendimiento","Valor-Unit."]
["OFICIAL B",null,null,1,{"$f":"+IF(D1146=\"\",\"\",VLOOKUP(A1146,$L$4:$O$10,3,FALSE))","v":{"v":142350,"d":"$ 142,350.00"}},{"$f":"+IF(D1146=\"\",\"\",(VLOOKUP(A1146,$L$4:$O$10,4,FALSE))+1)","v":{"v":1.5821008628015805,"d":"158%"}},{"$f":"+IFERROR(F1146*E1146*D1146,\"\")","v":{"v":225212.057819805,"d":"225,212.06"}},{"v":30,"d":"30.00"},{"$f":"IFERROR(G1146/H1146,\"\")","v":{"v":7507.0685939935,"d":"$ 7,507.07"}}]
["AYUDANTE ENTENDIDO",null,null,1,{"$f":"+IF(D1147=\"\",\"\",VLOOKUP(A1147,$L$4:$O$10,3,FALSE))","v":{"v":77842,"d":"$ 77,842.00"}},{"$f":"+IF(D1147=\"\",\"\",(VLOOKUP(A1147,$L$4:$O$10,4,FALSE))+1)","v":{"v":1.6752877632282406,"d":"168%"}},{"$f":"+IFERROR(F1147*E1147*D1147,\"\")","v":{"v":130407.7500652127,"d":"130,407.75"}},{"$f":"+H1146","v":{"v":30,"d":"30.00"}},{"$f":"IFERROR(G1147/H1147,\"\")","v":{"v":4346.925002173757,"d":"$ 4,346.93"}}]
[{"$nulls":4},{"$f":"+IF(D1148=\"\",\"\",VLOOKUP(A1148,$L$4:$O$10,3,FALSE))","v":""},{"$f":"+IF(D1148=\"\",\"\",(VLOOKUP(A1148,$L$4:$O$10,4,FALSE))+1)","v":""},{"$f":"+IFERROR(F1148*E1148*D1148,\"\")","v":""},{"$f":"+IF(D1148=\"\",\"\",IFERROR(H1147,\"\"))","v":""},""]
[]
["Sub-Total",{"$nulls":8},{"$f":"SUM(I1146:I1149)","v":{"v":11853.993596167256,"d":"$ 11,853.99"}}]
[{"$f":"+[48]PRESUPUESTO!$B$1","v":"CONSTRUCCION DE 14 METROS BOX CULVERT EN EL SECTOR BARRIO NUEVO DE SANTA RITA, CABECERA MUNICIPAL DE RIO IRÓ - DEPARTAMENTO DEL CHOCÓ"}]
[]
["ITEM:  ","DESCRIPCION",{"$nulls":6},"UNIDAD:","COSTO DIRECTO"]
[8.07,{"$f":"+VLOOKUP(A1154,[48]PRESUPUESTO!$B$2:$D$19,2,FALSE)","v":{"$error":"#N/A"}},{"$nulls":6},{"$f":"+VLOOKUP(A1154,[48]PRESUPUESTO!$B$2:$D$19,3,FALSE)","v":{"$error":"#N/A"}},{"$f":"+ROUND(SUM(J1162:J1192),0)","v":{"v":38425,"d":"$ 38,425.00"}}]
["I. EQUIPO"]
["Descripción",{"$nulls":4},"Tipo","Tarifa/dia","Rendimiento","Valor-Unit."]
["Herramienta menor (% Mano de obra)",{"$nulls":5},{"v":0.05,"d":"5%"},null,{"$f":"+J1192*G1157","v":{"v":592.6996798083628,"d":"$ 592.70"}}]
["PULIDORA ",{"$nulls":4},{"$f":"+IF(A1158=\"\",\"\",VLOOKUP(A1158,[46]MATERIALES!$B$7:$D$1222,2,FALSE))","v":"DIA"},{"$f":"+IF(A1158=\"\",\"\",VLOOKUP(A1158,[46]MATERIALES!$B$7:$E$1222,3,FALSE))","v":{"v":32500,"d":"$ 32,500"}},{"$f":"IF(A1158=\"\",\"\",1/H1188)","v":{"v":0.03333333333333333,"d":"0.033 "}},{"$f":"IFERROR(G1158*H1158,\"\")","v":{"v":1083.3333333333333,"d":"$ 1,083.33"}}]
[{"$nulls":5},{"$f":"+IF(A1159=\"\",\"\",VLOOKUP(A1159,[46]MATERIALES!$B$7:$D$1222,2,FALSE))","v":""},{"$f":"+IF(A1159=\"\",\"\",VLOOKUP(A1159,[46]MATERIALES!$B$7:$E$1222,3,FALSE))","v":""},{"$f":"IF(A1159=\"\",\"\",1/H1188)","v":""},""]
[{"$nulls":5},{"$f":"+IF(A1160=\"\",\"\",VLOOKUP(A1160,[46]MATERIALES!$B$7:$D$1222,2,FALSE))","v":""},{"$f":"+IF(A1160=\"\",\"\",VLOOKUP(A1160,[46]MATERIALES!$B$7:$E$1222,3,FALSE))","v":""},{"$f":"IF(A1160=\"\",\"\",1/H1189)","v":""},""]
[{"$nulls":5},{"$f":"+IF(A1161=\"\",\"\",VLOOKUP(A1161,[46]MATERIALES!$B$7:$D$1222,2,FALSE))","v":""},{"$f":"+IF(A1161=\"\",\"\",VLOOKUP(A1161,[46]MATERIALES!$B$7:$E$1222,3,FALSE))","v":""},null,""]
["Sub-Total",{"$nulls":8},{"$f":"+SUM(I1157:I1161)","v":{"v":1676.033013141696,"d":"$ 1,676.03"}}]
["II. MATERIALES EN OBRA"]
["Descripción",{"$nulls":3},"Unidad","Precio-Unit.","Cantidad","Desperdicio","Valor-Unit."]
["Tubo sanitario 4\"",{"$nulls":3},{"$f":"+IF(A1165=\"\",\"\",VLOOKUP(A1165,[46]MATERIALES!$B$7:$D$225,2,FALSE))","v":"UN"},{"$f":"+IF(A1165=\"\",\"\",VLOOKUP(A1165,[46]MATERIALES!$B$7:$E$225,3,FALSE))","v":{"v":78400,"d":"$ 78,400"}},{"v":0.16666666666666666,"d":"0.167 "},{"v":0.05,"d":"5%"},{"$f":"IFERROR(F1165*G1165*(1+H1165),\"\")","v":{"v":13720,"d":"$ 13,720.00"}}]
["Codo sanitario 4\"",{"$nulls":3},{"$f":"+IF(A1166=\"\",\"\",VLOOKUP(A1166,[46]MATERIALES!$B$7:$D$225,2,FALSE))","v":"UN"},{"$f":"+IF(A1166=\"\",\"\",VLOOKUP(A1166,[46]MATERIALES!$B$7:$E$225,3,FALSE))","v":{"v":10500,"d":"$ 10,500"}},{"v":0.16666666666666666,"d":"0.167 "},{"v":0.05,"d":"5%"},{"$f":"IFERROR(F1166*G1166*(1+H1166),\"\")","v":{"v":1837.5,"d":"$ 1,837.50"}}]
["Unión sanitaria 4\"",{"$nulls":3},{"$f":"+IF(A1167=\"\",\"\",VLOOKUP(A1167,[46]MATERIALES!$B$7:$D$225,2,FALSE))","v":"UN"},{"$f":"+IF(A1167=\"\",\"\",VLOOKUP(A1167,[46]MATERIALES!$B$7:$E$225,3,FALSE))","v":{"v":5800,"d":"$ 5,800"}},{"v":0.16666666666666666,"d":"0.167 "},{"v":0.05,"d":"5%"},{"v":1015,"d":"$ 1,015.00"}]
["Yee sanitaria 4\"",{"$nulls":3},{"$f":"+IF(A1168=\"\",\"\",VLOOKUP(A1168,[46]MATERIALES!$B$7:$D$225,2,FALSE))","v":"UN"},{"$f":"+IF(A1168=\"\",\"\",VLOOKUP(A1168,[46]MATERIALES!$B$7:$E$225,3,FALSE))","v":{"v":20800,"d":"$ 20,800"}},{"v":0.16666666666666666,"d":"0.17 "},{"v":0.05,"d":"5%"},{"v":3640,"d":"$ 3,640.00"}]
["Soldadura líquida  1/4\"",{"$nulls":3},{"$f":"+IF(A1169=\"\",\"\",VLOOKUP(A1169,[46]MATERIALES!$B$7:$D$225,2,FALSE))","v":"UN"},{"$f":"+IF(A1169=\"\",\"\",VLOOKUP(A1169,[46]MATERIALES!$B$7:$E$225,3,FALSE))","v":{"v":85400,"d":"$ 85,400"}},{"v":0.024,"d":"0.024 "},{"v":0.05,"d":"5%"},{"v":2152.08,"d":"$ 2,152.08"}]
["Limpiador x 1/4",{"$nulls":3},{"$f":"+IF(A1170=\"\",\"\",VLOOKUP(A1170,[46]MATERIALES!$B$7:$D$225,2,FALSE))","v":"un"},{"$f":"+IF(A1170=\"\",\"\",VLOOKUP(A1170,[46]MATERIALES!$B$7:$E$225,3,FALSE))","v":{"v":54900,"d":"$ 54,900"}},{"v":0.024,"d":"0.024 "},{"v":0.05,"d":"5%"},{"v":1383.4800000000002,"d":"$ 1,383.48"}]
["Estopa pequeña",{"$nulls":3},{"$f":"+IF(A1171=\"\",\"\",VLOOKUP(A1171,[46]MATERIALES!$B$7:$D$225,2,FALSE))","v":"Libra"},{"$f":"+IF(A1171=\"\",\"\",VLOOKUP(A1171,[46]MATERIALES!$B$7:$E$225,3,FALSE))","v":{"v":7800,"d":"$ 7,800"}},{"v":0.14,"d":"0.14 "},{"v":0.05,"d":"5%"},{"v":1146.6000000000001,"d":"$ 1,146.60"}]
[{"$nulls":4},{"$f":"+IF(A1172=\"\",\"\",VLOOKUP(A1172,[46]MATERIALES!$B$7:$D$225,2,FALSE))","v":""},{"$f":"+IF(A1172=\"\",\"\",VLOOKUP(A1172,[46]MATERIALES!$B$7:$E$225,3,FALSE))","v":""},null,null,""]
[{"$nulls":4},{"$f":"+IF(A1173=\"\",\"\",VLOOKUP(A1173,[46]MATERIALES!$B$7:$D$225,2,FALSE))","v":""},{"$f":"+IF(A1173=\"\",\"\",VLOOKUP(A1173,[46]MATERIALES!$B$7:$E$225,3,FALSE))","v":""},null,null,""]
[{"$nulls":4},{"$f":"+IF(A1174=\"\",\"\",VLOOKUP(A1174,[46]MATERIALES!$B$7:$D$225,2,FALSE))","v":""},{"$f":"+IF(A1174=\"\",\"\",VLOOKUP(A1174,[46]MATERIALES!$B$7:$E$225,3,FALSE))","v":""},null,null,""]
[{"$nulls":4},{"$f":"+IF(A1175=\"\",\"\",VLOOKUP(A1175,[46]MATERIALES!$B$7:$D$225,2,FALSE))","v":""},{"$f":"+IF(A1175=\"\",\"\",VLOOKUP(A1175,[46]MATERIALES!$B$7:$E$225,3,FALSE))","v":""},null,null,""]
[]
[{"$nulls":8},{"$f":"IFERROR(F1177*G1177*(1+H1177),\"\")","v":0}]
["Sub-Total",{"$nulls":8},{"$f":"SUM(I1165:I1177)","v":{"v":24894.66,"d":"$ 24,894.66"}}]
["III. TRANSPORTES"]
["Material",{"$nulls":3},"TIPO","Vol. Peso ó Cant.","Distancia","Tarifa","Valor-Unit."]
["TRANSPORTE DESDE APARTADO",{"$nulls":3},{"$f":"+IF(A1181=\"\",\"\",VLOOKUP(A1181,[46]MATERIALES!$B$7:$E$1222,2,FALSE))","v":{"$error":"#N/A"}},{"$f":"0.15*0.15","v":{"v":0.0225,"d":"0.02"}},{"$f":"+IF(A1181=\"\",\"\",VLOOKUP(A1181,[46]MATERIALES!$B$7:$E$1222,4,FALSE))","v":{"$error":"#N/A"}},{"$f":"+IF(A1181=\"\",\"\",VLOOKUP(A1181,[46]MATERIALES!$B$7:$E$1222,3,FALSE))","v":{"$error":"#N/A"}},{"$f":"IFERROR(G1181*H1181*F1181,\"\")","v":""}]
[{"$nulls":4},{"$f":"+IF(A1182=\"\",\"\",VLOOKUP(A1182,[46]MATERIALES!$B$7:$E$1222,2,FALSE))","v":""},null,{"$f":"+IF(A1182=\"\",\"\",VLOOKUP(A1182,[46]MATERIALES!$B$7:$E$1222,4,FALSE))","v":""},{"$f":"+IF(A1182=\"\",\"\",VLOOKUP(A1182,[46]MATERIALES!$B$7:$E$1222,3,FALSE))","v":""},{"$f":"IFERROR(G1182*H1182*F1182,\"\")","v":""}]
[]
[]
["Sub-Total",{"$nulls":8},{"$f":"SUM(I1181:I1184)","v":0}]
["IV. MANO DE OBRA"]
["Trabajador",{"$nulls":3},"Jornal","Prestaciones","Jornal Total","Rendimiento","Valor-Unit."]
["OFICIAL B",null,null,1,{"$f":"+IF(D1188=\"\",\"\",VLOOKUP(A1188,$L$4:$O$10,3,FALSE))","v":{"v":142350,"d":"$ 142,350.00"}},{"$f":"+IF(D1188=\"\",\"\",(VLOOKUP(A1188,$L$4:$O$10,4,FALSE))+1)","v":{"v":1.5821008628015805,"d":"158%"}},{"$f":"+IFERROR(F1188*E1188*D1188,\"\")","v":{"v":225212.057819805,"d":"225,212.06"}},{"v":30,"d":"30.00"},{"$f":"IFERROR(G1188/H1188,\"\")","v":{"v":7507.0685939935,"d":"$ 7,507.07"}}]
["AYUDANTE ENTENDIDO",null,null,1,{"$f":"+IF(D1189=\"\",\"\",VLOOKUP(A1189,$L$4:$O$10,3,FALSE))","v":{"v":77842,"d":"$ 77,842.00"}},{"$f":"+IF(D1189=\"\",\"\",(VLOOKUP(A1189,$L$4:$O$10,4,FALSE))+1)","v":{"v":1.6752877632282406,"d":"168%"}},{"$f":"+IFERROR(F1189*E1189*D1189,\"\")","v":{"v":130407.7500652127,"d":"130,407.75"}},{"$f":"+H1188","v":{"v":30,"d":"30.00"}},{"$f":"IFERROR(G1189/H1189,\"\")","v":{"v":4346.925002173757,"d":"$ 4,346.93"}}]
[{"$nulls":4},{"$f":"+IF(D1190=\"\",\"\",VLOOKUP(A1190,$L$4:$O$10,3,FALSE))","v":""},{"$f":"+IF(D1190=\"\",\"\",(VLOOKUP(A1190,$L$4:$O$10,4,FALSE))+1)","v":""},{"$f":"+IFERROR(F1190*E1190*D1190,\"\")","v":""},{"$f":"+IF(D1190=\"\",\"\",IFERROR(H1189,\"\"))","v":""},""]
[]
["Sub-Total",{"$nulls":8},{"$f":"SUM(I1188:I1191)","v":{"v":11853.993596167256,"d":"$ 11,853.99"}}]
[{"$f":"+[48]PRESUPUESTO!$B$1","v":"CONSTRUCCION DE 14 METROS BOX CULVERT EN EL SECTOR BARRIO NUEVO DE SANTA RITA, CABECERA MUNICIPAL DE RIO IRÓ - DEPARTAMENTO DEL CHOCÓ"}]
[]
["ITEM:  ","DESCRIPCION",{"$nulls":6},"UNIDAD:","COSTO DIRECTO"]
[8.08,{"$f":"+VLOOKUP(A1196,[48]PRESUPUESTO!$B$2:$D$19,2,FALSE)","v":{"$error":"#N/A"}},{"$nulls":6},{"$f":"+VLOOKUP(A1196,[48]PRESUPUESTO!$B$2:$D$19,3,FALSE)","v":{"$error":"#N/A"}},{"$f":"+ROUND(SUM(J1204:J1234),0)","v":{"v":685767,"d":"$ 685,767.00"}}]
["I. EQUIPO"]
["Descripción",{"$nulls":4},"Tipo","Tarifa/dia","Rendimiento","Valor-Unit."]
["Herramienta menor (% Mano de obra)",{"$nulls":5},{"v":0.05,"d":"5%"},null,{"$f":"+J1234*G1199","v":{"v":5926.996798083629,"d":"$ 5,927.00"}}]
[{"$nulls":5},{"$f":"+IF(A1200=\"\",\"\",VLOOKUP(A1200,[46]MATERIALES!$B$7:$D$1222,2,FALSE))","v":""},{"$f":"+IF(A1200=\"\",\"\",VLOOKUP(A1200,[46]MATERIALES!$B$7:$E$1222,3,FALSE))","v":""},{"$f":"IF(A1200=\"\",\"\",1/H1230)","v":""},{"$f":"IFERROR(G1200*H1200,\"\")","v":""}]
[{"$nulls":5},{"$f":"+IF(A1201=\"\",\"\",VLOOKUP(A1201,[46]MATERIALES!$B$7:$D$1222,2,FALSE))","v":""},{"$f":"+IF(A1201=\"\",\"\",VLOOKUP(A1201,[46]MATERIALES!$B$7:$E$1222,3,FALSE))","v":""},{"$f":"IF(A1201=\"\",\"\",1/H1230)","v":""},""]
[{"$nulls":5},{"$f":"+IF(A1202=\"\",\"\",VLOOKUP(A1202,[46]MATERIALES!$B$7:$D$1222,2,FALSE))","v":""},{"$f":"+IF(A1202=\"\",\"\",VLOOKUP(A1202,[46]MATERIALES!$B$7:$E$1222,3,FALSE))","v":""},{"$f":"IF(A1202=\"\",\"\",1/H1231)","v":""},""]
[{"$nulls":5},{"$f":"+IF(A1203=\"\",\"\",VLOOKUP(A1203,[46]MATERIALES!$B$7:$D$1222,2,FALSE))","v":""},{"$f":"+IF(A1203=\"\",\"\",VLOOKUP(A1203,[46]MATERIALES!$B$7:$E$1222,3,FALSE))","v":""},null,""]
["Sub-Total",{"$nulls":8},{"$f":"+SUM(I1199:I1203)","v":{"v":5926.996798083629,"d":"$ 5,927.00"}}]
["II. MATERIALES EN OBRA"]
["Descripción",{"$nulls":3},"Unidad","Precio-Unit.","Cantidad","Desperdicio","Valor-Unit."]
["Sanitario",{"$nulls":3},{"$f":"+IF(A1207=\"\",\"\",VLOOKUP(A1207,[46]MATERIALES!$B$7:$D$225,2,FALSE))","v":"UN"},{"$f":"+IF(A1207=\"\",\"\",VLOOKUP(A1207,[46]MATERIALES!$B$7:$E$225,3,FALSE))","v":{"v":550000,"d":"$ 550,000"}},{"v":1,"d":"1.000 "},null,{"$f":"IFERROR(F1207*G1207*(1+H1207),\"\")","v":{"v":550000,"d":"$ 550,000.00"}}]
["Poliuretano 100% Blanco",{"$nulls":3},{"$f":"+IF(A1208=\"\",\"\",VLOOKUP(A1208,[46]MATERIALES!$B$7:$D$225,2,FALSE))","v":"UN"},{"$f":"+IF(A1208=\"\",\"\",VLOOKUP(A1208,[46]MATERIALES!$B$7:$E$225,3,FALSE))","v":{"v":39800,"d":"$ 39,800"}},{"v":0.1,"d":"0.100 "},{"v":0.05,"d":"5%"},{"$f":"IFERROR(F1208*G1208*(1+H1208),\"\")","v":{"v":4179,"d":"$ 4,179.00"}}]
["Soldadura líquida  1/4\"",{"$nulls":3},{"$f":"+IF(A1209=\"\",\"\",VLOOKUP(A1209,[46]MATERIALES!$B$7:$D$225,2,FALSE))","v":"UN"},{"$f":"+IF(A1209=\"\",\"\",VLOOKUP(A1209,[46]MATERIALES!$B$7:$E$225,3,FALSE))","v":{"v":85400,"d":"$ 85,400"}},{"v":0.04,"d":"0.040 "},{"v":0.05,"d":"5%"},{"v":3586.8,"d":"$ 3,586.80"}]
["Limpiador x 1/4",{"$nulls":3},{"$f":"+IF(A1210=\"\",\"\",VLOOKUP(A1210,[46]MATERIALES!$B$7:$D$225,2,FALSE))","v":"un"},{"$f":"+IF(A1210=\"\",\"\",VLOOKUP(A1210,[46]MATERIALES!$B$7:$E$225,3,FALSE))","v":{"v":54900,"d":"$ 54,900"}},{"v":0.04,"d":"0.040 "},{"v":0.05,"d":"5%"},{"v":2305.8,"d":"$ 2,305.80"}]
["Estopa pequeña",{"$nulls":3},{"$f":"+IF(A1211=\"\",\"\",VLOOKUP(A1211,[46]MATERIALES!$B$7:$D$225,2,FALSE))","v":"Libra"},{"$f":"+IF(A1211=\"\",\"\",VLOOKUP(A1211,[46]MATERIALES!$B$7:$E$225,3,FALSE))","v":{"v":7800,"d":"$ 7,800"}},{"v":0.15,"d":"0.15 "},{"v":0.05,"d":"5%"},{"v":1228.5,"d":"$ 1,228.50"}]
[{"$nulls":4},{"$f":"+IF(A1212=\"\",\"\",VLOOKUP(A1212,[46]MATERIALES!$B$7:$D$225,2,FALSE))","v":""},{"$f":"+IF(A1212=\"\",\"\",VLOOKUP(A1212,[46]MATERIALES!$B$7:$E$225,3,FALSE))","v":""},null,null,""]
[{"$nulls":4},{"$f":"+IF(A1213=\"\",\"\",VLOOKUP(A1213,[46]MATERIALES!$B$7:$D$225,2,FALSE))","v":""},{"$f":"+IF(A1213=\"\",\"\",VLOOKUP(A1213,[46]MATERIALES!$B$7:$E$225,3,FALSE))","v":""},null,null,""]
[{"$nulls":4},{"$f":"+IF(A1214=\"\",\"\",VLOOKUP(A1214,[46]MATERIALES!$B$7:$D$225,2,FALSE))","v":""},{"$f":"+IF(A1214=\"\",\"\",VLOOKUP(A1214,[46]MATERIALES!$B$7:$E$225,3,FALSE))","v":""},null,null,""]
[{"$nulls":4},{"$f":"+IF(A1215=\"\",\"\",VLOOKUP(A1215,[46]MATERIALES!$B$7:$D$225,2,FALSE))","v":""},{"$f":"+IF(A1215=\"\",\"\",VLOOKUP(A1215,[46]MATERIALES!$B$7:$E$225,3,FALSE))","v":""},null,null,""]
[{"$nulls":4},{"$f":"+IF(A1216=\"\",\"\",VLOOKUP(A1216,[46]MATERIALES!$B$7:$D$225,2,FALSE))","v":""},{"$f":"+IF(A1216=\"\",\"\",VLOOKUP(A1216,[46]MATERIALES!$B$7:$E$225,3,FALSE))","v":""},null,null,""]
[{"$nulls":4},{"$f":"+IF(A1217=\"\",\"\",VLOOKUP(A1217,[46]MATERIALES!$B$7:$D$225,2,FALSE))","v":""},{"$f":"+IF(A1217=\"\",\"\",VLOOKUP(A1217,[46]MATERIALES!$B$7:$E$225,3,FALSE))","v":""},null,null,""]
[]
[{"$nulls":8},{"$f":"IFERROR(F1219*G1219*(1+H1219),\"\")","v":0}]
["Sub-Total",{"$nulls":8},{"$f":"SUM(I1207:I1219)","v":{"v":561300.1000000001,"d":"$ 561,300.10"}}]
["III. TRANSPORTES"]
["Material",{"$nulls":3},"TIPO","Vol. Peso ó Cant.","Distancia","Tarifa","Valor-Unit."]
["TRANSPORTE DESDE APARTADO",{"$nulls":3},{"$f":"+IF(A1223=\"\",\"\",VLOOKUP(A1223,[46]MATERIALES!$B$7:$E$1222,2,FALSE))","v":{"$error":"#N/A"}},{"$f":"0.5*0.8*1","v":{"v":0.4,"d":"0.40"}},{"$f":"+IF(A1223=\"\",\"\",VLOOKUP(A1223,[46]MATERIALES!$B$7:$E$1222,4,FALSE))","v":{"$error":"#N/A"}},{"$f":"+IF(A1223=\"\",\"\",VLOOKUP(A1223,[46]MATERIALES!$B$7:$E$1222,3,FALSE))","v":{"$error":"#N/A"}},{"$f":"IFERROR(G1223*H1223*F1223,\"\")","v":""}]
[{"$nulls":4},{"$f":"+IF(A1224=\"\",\"\",VLOOKUP(A1224,[46]MATERIALES!$B$7:$E$1222,2,FALSE))","v":""},null,{"$f":"+IF(A1224=\"\",\"\",VLOOKUP(A1224,[46]MATERIALES!$B$7:$E$1222,4,FALSE))","v":""},{"$f":"+IF(A1224=\"\",\"\",VLOOKUP(A1224,[46]MATERIALES!$B$7:$E$1222,3,FALSE))","v":""},{"$f":"IFERROR(G1224*H1224*F1224,\"\")","v":""}]
[]
[]
["Sub-Total",{"$nulls":8},{"$f":"SUM(I1223:I1226)","v":0}]
["IV. MANO DE OBRA"]
["Trabajador",{"$nulls":3},"Jornal","Prestaciones","Jornal Total","Rendimiento","Valor-Unit."]
["OFICIAL B",null,null,1,{"$f":"+IF(D1230=\"\",\"\",VLOOKUP(A1230,$L$4:$O$10,3,FALSE))","v":{"v":142350,"d":"$ 142,350.00"}},{"$f":"+IF(D1230=\"\",\"\",(VLOOKUP(A1230,$L$4:$O$10,4,FALSE))+1)","v":{"v":1.5821008628015805,"d":"158%"}},{"$f":"+IFERROR(F1230*E1230*D1230,\"\")","v":{"v":225212.057819805,"d":"225,212.06"}},{"v":3,"d":"3.00"},{"$f":"IFERROR(G1230/H1230,\"\")","v":{"v":75070.68593993499,"d":"$ 75,070.69"}}]
["AYUDANTE ENTENDIDO",null,null,1,{"$f":"+IF(D1231=\"\",\"\",VLOOKUP(A1231,$L$4:$O$10,3,FALSE))","v":{"v":77842,"d":"$ 77,842.00"}},{"$f":"+IF(D1231=\"\",\"\",(VLOOKUP(A1231,$L$4:$O$10,4,FALSE))+1)","v":{"v":1.6752877632282406,"d":"168%"}},{"$f":"+IFERROR(F1231*E1231*D1231,\"\")","v":{"v":130407.7500652127,"d":"130,407.75"}},{"$f":"+H1230","v":{"v":3,"d":"3.00"}},{"$f":"IFERROR(G1231/H1231,\"\")","v":{"v":43469.25002173757,"d":"$ 43,469.25"}}]
[{"$nulls":4},{"$f":"+IF(D1232=\"\",\"\",VLOOKUP(A1232,$L$4:$O$10,3,FALSE))","v":""},{"$f":"+IF(D1232=\"\",\"\",(VLOOKUP(A1232,$L$4:$O$10,4,FALSE))+1)","v":""},{"$f":"+IFERROR(F1232*E1232*D1232,\"\")","v":""},{"$f":"+IF(D1232=\"\",\"\",IFERROR(H1231,\"\"))","v":""},""]
[]
["Sub-Total",{"$nulls":8},{"$f":"SUM(I1230:I1233)","v":{"v":118539.93596167257,"d":"$ 118,539.94"}}]
[{"$f":"+[48]PRESUPUESTO!$B$1","v":"CONSTRUCCION DE 14 METROS BOX CULVERT EN EL SECTOR BARRIO NUEVO DE SANTA RITA, CABECERA MUNICIPAL DE RIO IRÓ - DEPARTAMENTO DEL CHOCÓ"}]
[]
["ITEM:  ","DESCRIPCION",{"$nulls":6},"UNIDAD:","COSTO DIRECTO"]
[8.09,{"$f":"+VLOOKUP(A1238,[48]PRESUPUESTO!$B$2:$D$19,2,FALSE)","v":{"$error":"#N/A"}},{"$nulls":6},{"$f":"+VLOOKUP(A1238,[48]PRESUPUESTO!$B$2:$D$19,3,FALSE)","v":{"$error":"#N/A"}},{"$f":"+ROUND(SUM(J1246:J1279),0)","v":{"v":558350,"d":"$ 558,350.00"}}]
["I. EQUIPO"]
["Descripción",{"$nulls":4},"Tipo","Tarifa/dia","Rendimiento","Valor-Unit."]
["Herramienta menor (% Mano de obra)",{"$nulls":5},{"v":0.05,"d":"5%"},null,{"$f":"+J1279*G1241","v":{"v":8890.495197125443,"d":"$ 8,890.50"}}]
[{"$nulls":5},{"$f":"+IF(A1242=\"\",\"\",VLOOKUP(A1242,[46]MATERIALES!$B$7:$D$1222,2,FALSE))","v":""},{"$f":"+IF(A1242=\"\",\"\",VLOOKUP(A1242,[46]MATERIALES!$B$7:$E$1222,3,FALSE))","v":""},{"$f":"IF(A1242=\"\",\"\",1/H1275)","v":""},{"$f":"IFERROR(G1242*H1242,\"\")","v":""}]
[{"$nulls":5},{"$f":"+IF(A1243=\"\",\"\",VLOOKUP(A1243,[46]MATERIALES!$B$7:$D$1222,2,FALSE))","v":""},{"$f":"+IF(A1243=\"\",\"\",VLOOKUP(A1243,[46]MATERIALES!$B$7:$E$1222,3,FALSE))","v":""},{"$f":"IF(A1243=\"\",\"\",1/H1275)","v":""},""]
[{"$nulls":5},{"$f":"+IF(A1244=\"\",\"\",VLOOKUP(A1244,[46]MATERIALES!$B$7:$D$1222,2,FALSE))","v":""},{"$f":"+IF(A1244=\"\",\"\",VLOOKUP(A1244,[46]MATERIALES!$B$7:$E$1222,3,FALSE))","v":""},{"$f":"IF(A1244=\"\",\"\",1/H1276)","v":""},""]
[{"$nulls":5},{"$f":"+IF(A1245=\"\",\"\",VLOOKUP(A1245,[46]MATERIALES!$B$7:$D$1222,2,FALSE))","v":""},{"$f":"+IF(A1245=\"\",\"\",VLOOKUP(A1245,[46]MATERIALES!$B$7:$E$1222,3,FALSE))","v":""},null,""]
["Sub-Total",{"$nulls":8},{"$f":"+SUM(I1241:I1245)","v":{"v":8890.495197125443,"d":"$ 8,890.50"}}]
["II. MATERIALES EN OBRA"]
["Descripción",{"$nulls":3},"Unidad","Precio-Unit.","Cantidad","Desperdicio","Valor-Unit."]
["Lavamanos",{"$nulls":3},{"$f":"+IF(A1249=\"\",\"\",VLOOKUP(A1249,[46]MATERIALES!$B$7:$D$225,2,FALSE))","v":"UN"},{"$f":"+IF(A1249=\"\",\"\",VLOOKUP(A1249,[46]MATERIALES!$B$7:$E$225,3,FALSE))","v":{"v":203900,"d":"$ 203,900"}},{"v":1,"d":"1.000 "},null,{"$f":"IFERROR(F1249*G1249*(1+H1249),\"\")","v":{"v":203900,"d":"$ 203,900.00"}}]
["Griferia sencilla",{"$nulls":3},{"$f":"+IF(A1250=\"\",\"\",VLOOKUP(A1250,[46]MATERIALES!$B$7:$D$225,2,FALSE))","v":"UN"},{"$f":"+IF(A1250=\"\",\"\",VLOOKUP(A1250,[46]MATERIALES!$B$7:$E$225,3,FALSE))","v":{"v":30500,"d":"$ 30,500"}},{"v":1,"d":"1.000 "},null,{"$f":"IFERROR(F1250*G1250*(1+H1250),\"\")","v":{"v":30500,"d":"$ 30,500.00"}}]
["Regulación metálica doble salida, marca corona",{"$nulls":3},{"$f":"+IF(A1251=\"\",\"\",VLOOKUP(A1251,[46]MATERIALES!$B$7:$D$225,2,FALSE))","v":"UN"},{"$f":"+IF(A1251=\"\",\"\",VLOOKUP(A1251,[46]MATERIALES!$B$7:$E$225,3,FALSE))","v":{"v":71950,"d":"$ 71,950"}},{"v":1,"d":"1.000 "},null,{"$f":"IFERROR(F1251*G1251*(1+H1251),\"\")","v":{"v":71950,"d":"$ 71,950.00"}}]
["Sifón flexible metalizado, marca corona",{"$nulls":3},{"$f":"+IF(A1252=\"\",\"\",VLOOKUP(A1252,[46]MATERIALES!$B$7:$D$225,2,FALSE))","v":"UN"},{"$f":"+IF(A1252=\"\",\"\",VLOOKUP(A1252,[46]MATERIALES!$B$7:$E$225,3,FALSE))","v":{"v":54000,"d":"$ 54,000"}},{"v":1,"d":"1.000 "},null,{"v":54000,"d":"$ 54,000.00"}]
["Poliuretano 100% Blanco",{"$nulls":3},{"$f":"+IF(A1253=\"\",\"\",VLOOKUP(A1253,[46]MATERIALES!$B$7:$D$225,2,FALSE))","v":"UN"},{"$f":"+IF(A1253=\"\",\"\",VLOOKUP(A1253,[46]MATERIALES!$B$7:$E$225,3,FALSE))","v":{"v":39800,"d":"$ 39,800"}},{"v":0.1,"d":"0.100 "},{"v":0.05,"d":"5%"},{"v":4179,"d":"$ 4,179.00"}]
["Soldadura líquida  1/4\"",{"$nulls":3},{"$f":"+IF(A1254=\"\",\"\",VLOOKUP(A1254,[46]MATERIALES!$B$7:$D$225,2,FALSE))","v":"UN"},{"$f":"+IF(A1254=\"\",\"\",VLOOKUP(A1254,[46]MATERIALES!$B$7:$E$225,3,FALSE))","v":{"v":85400,"d":"$ 85,400"}},{"v":0.04,"d":"0.040 "},{"v":0.05,"d":"5%"},{"v":3586.8,"d":"$ 3,586.80"}]
["Limpiador x 1/4",{"$nulls":3},{"$f":"+IF(A1255=\"\",\"\",VLOOKUP(A1255,[46]MATERIALES!$B$7:$D$225,2,FALSE))","v":"un"},{"$f":"+IF(A1255=\"\",\"\",VLOOKUP(A1255,[46]MATERIALES!$B$7:$E$225,3,FALSE))","v":{"v":54900,"d":"$ 54,900"}},{"v":0.04,"d":"0.040 "},{"v":0.05,"d":"5%"},{"v":2305.8,"d":"$ 2,305.80"}]
["Estopa pequeña",{"$nulls":3},{"$f":"+IF(A1256=\"\",\"\",VLOOKUP(A1256,[46]MATERIALES!$B$7:$D$225,2,FALSE))","v":"Libra"},{"$f":"+IF(A1256=\"\",\"\",VLOOKUP(A1256,[46]MATERIALES!$B$7:$E$225,3,FALSE))","v":{"v":7800,"d":"$ 7,800"}},{"v":0.15,"d":"0.15 "},{"v":0.05,"d":"5%"},{"v":1228.5,"d":"$ 1,228.50"}]
[{"$nulls":4},{"$f":"+IF(A1257=\"\",\"\",VLOOKUP(A1257,[46]MATERIALES!$B$7:$D$225,2,FALSE))","v":""},{"$f":"+IF(A1257=\"\",\"\",VLOOKUP(A1257,[46]MATERIALES!$B$7:$E$225,3,FALSE))","v":""},null,null,""]
[{"$nulls":4},{"$f":"+IF(A1258=\"\",\"\",VLOOKUP(A1258,[46]MATERIALES!$B$7:$D$225,2,FALSE))","v":""},{"$f":"+IF(A1258=\"\",\"\",VLOOKUP(A1258,[46]MATERIALES!$B$7:$E$225,3,FALSE))","v":""},null,null,""]
[{"$nulls":4},{"$f":"+IF(A1259=\"\",\"\",VLOOKUP(A1259,[46]MATERIALES!$B$7:$D$225,2,FALSE))","v":""},{"$f":"+IF(A1259=\"\",\"\",VLOOKUP(A1259,[46]MATERIALES!$B$7:$E$225,3,FALSE))","v":""},null,null,""]
[{"$nulls":4},{"$f":"+IF(A1260=\"\",\"\",VLOOKUP(A1260,[46]MATERIALES!$B$7:$D$225,2,FALSE))","v":""},{"$f":"+IF(A1260=\"\",\"\",VLOOKUP(A1260,[46]MATERIALES!$B$7:$E$225,3,FALSE))","v":""},null,null,""]
[{"$nulls":4},{"$f":"+IF(A1261=\"\",\"\",VLOOKUP(A1261,[46]MATERIALES!$B$7:$D$225,2,FALSE))","v":""},{"$f":"+IF(A1261=\"\",\"\",VLOOKUP(A1261,[46]MATERIALES!$B$7:$E$225,3,FALSE))","v":""},null,null,""]
[{"$nulls":4},{"$f":"+IF(A1262=\"\",\"\",VLOOKUP(A1262,[46]MATERIALES!$B$7:$D$225,2,FALSE))","v":""},{"$f":"+IF(A1262=\"\",\"\",VLOOKUP(A1262,[46]MATERIALES!$B$7:$E$225,3,FALSE))","v":""},null,null,""]
[]
[{"$nulls":8},{"$f":"IFERROR(F1264*G1264*(1+H1264),\"\")","v":0}]
["Sub-Total",{"$nulls":8},{"$f":"SUM(I1249:I1264)","v":{"v":371650.1,"d":"$ 371,650.10"}}]
["III. TRANSPORTES"]
["Material",{"$nulls":3},"TIPO","Vol. Peso ó Cant.","Distancia","Tarifa","Valor-Unit."]
["TRANSPORTE DESDE APARTADO",{"$nulls":3},{"$f":"+IF(A1268=\"\",\"\",VLOOKUP(A1268,[46]MATERIALES!$B$7:$E$1222,2,FALSE))","v":{"$error":"#N/A"}},{"$f":"0.5*0.6*1.3","v":0.39},{"$f":"+IF(A1268=\"\",\"\",VLOOKUP(A1268,[46]MATERIALES!$B$7:$E$1222,4,FALSE))","v":{"$error":"#N/A"}},{"$f":"+IF(A1268=\"\",\"\",VLOOKUP(A1268,[46]MATERIALES!$B$7:$E$1222,3,FALSE))","v":{"$error":"#N/A"}},{"$f":"IFERROR(G1268*H1268*F1268,\"\")","v":""}]
[{"$nulls":4},{"$f":"+IF(A1269=\"\",\"\",VLOOKUP(A1269,[46]MATERIALES!$B$7:$E$1222,2,FALSE))","v":""},null,{"$f":"+IF(A1269=\"\",\"\",VLOOKUP(A1269,[46]MATERIALES!$B$7:$E$1222,4,FALSE))","v":""},{"$f":"+IF(A1269=\"\",\"\",VLOOKUP(A1269,[46]MATERIALES!$B$7:$E$1222,3,FALSE))","v":""},{"$f":"IFERROR(G1269*H1269*F1269,\"\")","v":""}]
[]
[]
["Sub-Total",{"$nulls":8},{"$f":"SUM(I1268:I1271)","v":0}]
["IV. MANO DE OBRA"]
["Trabajador",{"$nulls":3},"Jornal","Prestaciones","Jornal Total","Rendimiento","Valor-Unit."]
["OFICIAL B",null,null,1,{"$f":"+IF(D1275=\"\",\"\",VLOOKUP(A1275,$L$4:$O$10,3,FALSE))","v":{"v":142350,"d":"$ 142,350.00"}},{"$f":"+IF(D1275=\"\",\"\",(VLOOKUP(A1275,$L$4:$O$10,4,FALSE))+1)","v":{"v":1.5821008628015805,"d":"158%"}},{"$f":"+IFERROR(F1275*E1275*D1275,\"\")","v":{"v":225212.057819805,"d":"225,212.06"}},{"v":2,"d":"2.00"},{"$f":"IFERROR(G1275/H1275,\"\")","v":{"v":112606.0289099025,"d":"$ 112,606.03"}}]
["AYUDANTE ENTENDIDO",null,null,1,{"$f":"+IF(D1276=\"\",\"\",VLOOKUP(A1276,$L$4:$O$10,3,FALSE))","v":{"v":77842,"d":"$ 77,842.00"}},{"$f":"+IF(D1276=\"\",\"\",(VLOOKUP(A1276,$L$4:$O$10,4,FALSE))+1)","v":{"v":1.6752877632282406,"d":"168%"}},{"$f":"+IFERROR(F1276*E1276*D1276,\"\")","v":{"v":130407.7500652127,"d":"130,407.75"}},{"$f":"+H1275","v":{"v":2,"d":"2.00"}},{"$f":"IFERROR(G1276/H1276,\"\")","v":{"v":65203.87503260635,"d":"$ 65,203.88"}}]
[{"$nulls":4},{"$f":"+IF(D1277=\"\",\"\",VLOOKUP(A1277,$L$4:$O$10,3,FALSE))","v":""},{"$f":"+IF(D1277=\"\",\"\",(VLOOKUP(A1277,$L$4:$O$10,4,FALSE))+1)","v":""},{"$f":"+IFERROR(F1277*E1277*D1277,\"\")","v":""},{"$f":"+IF(D1277=\"\",\"\",IFERROR(H1276,\"\"))","v":""},""]
[]
["Sub-Total",{"$nulls":8},{"$f":"SUM(I1275:I1278)","v":{"v":177809.90394250886,"d":"$ 177,809.90"}}]
[{"$f":"+[48]PRESUPUESTO!$B$1","v":"CONSTRUCCION DE 14 METROS BOX CULVERT EN EL SECTOR BARRIO NUEVO DE SANTA RITA, CABECERA MUNICIPAL DE RIO IRÓ - DEPARTAMENTO DEL CHOCÓ"}]
[]
["ITEM:  ","DESCRIPCION",{"$nulls":6},"UNIDAD:","COSTO DIRECTO"]
[8.1,{"$f":"+VLOOKUP(A1283,[48]PRESUPUESTO!$B$2:$D$19,2,FALSE)","v":{"$error":"#N/A"}},{"$nulls":6},{"$f":"+VLOOKUP(A1283,[48]PRESUPUESTO!$B$2:$D$19,3,FALSE)","v":{"$error":"#N/A"}},{"$f":"+ROUND(SUM(J1291:J1320),0)","v":{"v":117546,"d":"$ 117,546.00"}}]
["I. EQUIPO"]
["Descripción",{"$nulls":4},"Tipo","Tarifa/dia","Rendimiento","Valor-Unit."]
["Herramienta menor (% Mano de obra)",{"$nulls":5},{"v":0.05,"d":"5%"},null,{"$f":"+J1320*G1286","v":{"v":2222.623799281361,"d":"$ 2,222.62"}}]
["BOMBA DE PRUEBA HIDROSTATICA ",{"$nulls":4},{"$f":"+IF(A1287=\"\",\"\",VLOOKUP(A1287,[46]MATERIALES!$B$7:$D$1222,2,FALSE))","v":"DIA"},{"$f":"+IF(A1287=\"\",\"\",VLOOKUP(A1287,[46]MATERIALES!$B$7:$E$1222,3,FALSE))","v":{"v":20000,"d":"$ 20,000"}},{"$f":"IF(A1287=\"\",\"\",1/H1316)","v":{"v":0.125,"d":"0.125 "}},{"$f":"IFERROR(G1287*H1287,\"\")","v":{"v":2500,"d":"$ 2,500.00"}}]
[{"$nulls":5},{"$f":"+IF(A1288=\"\",\"\",VLOOKUP(A1288,[46]MATERIALES!$B$7:$D$1222,2,FALSE))","v":""},{"$f":"+IF(A1288=\"\",\"\",VLOOKUP(A1288,[46]MATERIALES!$B$7:$E$1222,3,FALSE))","v":""},{"$f":"IF(A1288=\"\",\"\",1/H1316)","v":""},""]
[{"$nulls":5},{"$f":"+IF(A1289=\"\",\"\",VLOOKUP(A1289,[46]MATERIALES!$B$7:$D$1222,2,FALSE))","v":""},{"$f":"+IF(A1289=\"\",\"\",VLOOKUP(A1289,[46]MATERIALES!$B$7:$E$1222,3,FALSE))","v":""},{"$f":"IF(A1289=\"\",\"\",1/H1317)","v":""},""]
[{"$nulls":5},{"$f":"+IF(A1290=\"\",\"\",VLOOKUP(A1290,[46]MATERIALES!$B$7:$D$1222,2,FALSE))","v":""},{"$f":"+IF(A1290=\"\",\"\",VLOOKUP(A1290,[46]MATERIALES!$B$7:$E$1222,3,FALSE))","v":""},null,""]
["Sub-Total",{"$nulls":8},{"$f":"+SUM(I1286:I1290)","v":{"v":4722.62379928136,"d":"$ 4,722.62"}}]
["II. MATERIALES EN OBRA"]
["Descripción",{"$nulls":3},"Unidad","Precio-Unit.","Cantidad","Desperdicio","Valor-Unit."]
["Válvula de cheque",{"$nulls":3},{"$f":"+IF(A1294=\"\",\"\",VLOOKUP(A1294,[46]MATERIALES!$B$7:$D$225,2,FALSE))","v":"UN"},{"$f":"+IF(A1294=\"\",\"\",VLOOKUP(A1294,[46]MATERIALES!$B$7:$E$225,3,FALSE))","v":{"v":64900,"d":"$ 64,900"}},{"v":1,"d":"1.000 "},null,{"$f":"IFERROR(F1294*G1294*(1+H1294),\"\")","v":{"v":64900,"d":"$ 64,900.00"}}]
["Soldadura líquida  1/4\"",{"$nulls":3},{"$f":"+IF(A1295=\"\",\"\",VLOOKUP(A1295,[46]MATERIALES!$B$7:$D$225,2,FALSE))","v":"UN"},{"$f":"+IF(A1295=\"\",\"\",VLOOKUP(A1295,[46]MATERIALES!$B$7:$E$225,3,FALSE))","v":{"v":85400,"d":"$ 85,400"}},{"v":0.018,"d":"0.018 "},{"v":0.05,"d":"5%"},{"$f":"IFERROR(F1295*G1295*(1+H1295),\"\")","v":{"v":1614.06,"d":"$ 1,614.06"}}]
["Limpiador x 1/4",{"$nulls":3},{"$f":"+IF(A1296=\"\",\"\",VLOOKUP(A1296,[46]MATERIALES!$B$7:$D$225,2,FALSE))","v":"un"},{"$f":"+IF(A1296=\"\",\"\",VLOOKUP(A1296,[46]MATERIALES!$B$7:$E$225,3,FALSE))","v":{"v":54900,"d":"$ 54,900"}},{"v":0.018,"d":"0.018 "},{"v":0.05,"d":"5%"},{"v":1037.61,"d":"$ 1,037.61"}]
["Estopa pequeña",{"$nulls":3},{"$f":"+IF(A1297=\"\",\"\",VLOOKUP(A1297,[46]MATERIALES!$B$7:$D$225,2,FALSE))","v":"Libra"},{"$f":"+IF(A1297=\"\",\"\",VLOOKUP(A1297,[46]MATERIALES!$B$7:$E$225,3,FALSE))","v":{"v":7800,"d":"$ 7,800"}},{"v":0.1,"d":"0.10 "},{"v":0.05,"d":"5%"},{"v":819,"d":"$ 819.00"}]
[{"$nulls":4},{"$f":"+IF(A1298=\"\",\"\",VLOOKUP(A1298,[46]MATERIALES!$B$7:$D$225,2,FALSE))","v":""},{"$f":"+IF(A1298=\"\",\"\",VLOOKUP(A1298,[46]MATERIALES!$B$7:$E$225,3,FALSE))","v":""},null,null,""]
[{"$nulls":4},{"$f":"+IF(A1299=\"\",\"\",VLOOKUP(A1299,[46]MATERIALES!$B$7:$D$225,2,FALSE))","v":""},{"$f":"+IF(A1299=\"\",\"\",VLOOKUP(A1299,[46]MATERIALES!$B$7:$E$225,3,FALSE))","v":""},null,null,""]
[{"$nulls":4},{"$f":"+IF(A1300=\"\",\"\",VLOOKUP(A1300,[46]MATERIALES!$B$7:$D$225,2,FALSE))","v":""},{"$f":"+IF(A1300=\"\",\"\",VLOOKUP(A1300,[46]MATERIALES!$B$7:$E$225,3,FALSE))","v":""},null,null,""]
[{"$nulls":4},{"$f":"+IF(A1301=\"\",\"\",VLOOKUP(A1301,[46]MATERIALES!$B$7:$D$225,2,FALSE))","v":""},{"$f":"+IF(A1301=\"\",\"\",VLOOKUP(A1301,[46]MATERIALES!$B$7:$E$225,3,FALSE))","v":""},null,null,""]
[{"$nulls":4},{"$f":"+IF(A1302=\"\",\"\",VLOOKUP(A1302,[46]MATERIALES!$B$7:$D$225,2,FALSE))","v":""},{"$f":"+IF(A1302=\"\",\"\",VLOOKUP(A1302,[46]MATERIALES!$B$7:$E$225,3,FALSE))","v":""},null,null,""]
[{"$nulls":4},{"$f":"+IF(A1303=\"\",\"\",VLOOKUP(A1303,[46]MATERIALES!$B$7:$D$225,2,FALSE))","v":""},{"$f":"+IF(A1303=\"\",\"\",VLOOKUP(A1303,[46]MATERIALES!$B$7:$E$225,3,FALSE))","v":""},null,null,""]
[]
[{"$nulls":8},{"$f":"IFERROR(F1305*G1305*(1+H1305),\"\")","v":0}]
["Sub-Total",{"$nulls":8},{"$f":"SUM(I1294:I1305)","v":{"v":68370.67,"d":"$ 68,370.67"}}]
["III. TRANSPORTES"]
["Material",{"$nulls":3},"TIPO","Vol. Peso ó Cant.","Distancia","Tarifa","Valor-Unit."]
["TRANSPORTE DESDE APARTADO",{"$nulls":3},{"$f":"+IF(A1309=\"\",\"\",VLOOKUP(A1309,[46]MATERIALES!$B$7:$E$1222,2,FALSE))","v":{"$error":"#N/A"}},0.05,{"$f":"+IF(A1309=\"\",\"\",VLOOKUP(A1309,[46]MATERIALES!$B$7:$E$1222,4,FALSE))","v":{"$error":"#N/A"}},{"$f":"+IF(A1309=\"\",\"\",VLOOKUP(A1309,[46]MATERIALES!$B$7:$E$1222,3,FALSE))","v":{"$error":"#N/A"}},{"$f":"IFERROR(G1309*H1309*F1309,\"\")","v":""}]
[{"$nulls":4},{"$f":"+IF(A1310=\"\",\"\",VLOOKUP(A1310,[46]MATERIALES!$B$7:$E$1222,2,FALSE))","v":""},null,{"$f":"+IF(A1310=\"\",\"\",VLOOKUP(A1310,[46]MATERIALES!$B$7:$E$1222,4,FALSE))","v":""},{"$f":"+IF(A1310=\"\",\"\",VLOOKUP(A1310,[46]MATERIALES!$B$7:$E$1222,3,FALSE))","v":""},{"$f":"IFERROR(G1310*H1310*F1310,\"\")","v":""}]
[]
[]
["Sub-Total",{"$nulls":8},{"$f":"SUM(I1309:I1312)","v":0}]
["IV. MANO DE OBRA"]
["Trabajador",{"$nulls":3},"Jornal","Prestaciones","Jornal Total","Rendimiento","Valor-Unit."]
["OFICIAL B",null,null,1,{"$f":"+IF(D1316=\"\",\"\",VLOOKUP(A1316,$L$4:$O$10,3,FALSE))","v":{"v":142350,"d":"$ 142,350.00"}},{"$f":"+IF(D1316=\"\",\"\",(VLOOKUP(A1316,$L$4:$O$10,4,FALSE))+1)","v":{"v":1.5821008628015805,"d":"158%"}},{"$f":"+IFERROR(F1316*E1316*D1316,\"\")","v":{"v":225212.057819805,"d":"225,212.06"}},{"v":8,"d":"8.00"},{"$f":"IFERROR(G1316/H1316,\"\")","v":{"v":28151.507227475624,"d":"$ 28,151.51"}}]
["AYUDANTE ENTENDIDO",null,null,1,{"$f":"+IF(D1317=\"\",\"\",VLOOKUP(A1317,$L$4:$O$10,3,FALSE))","v":{"v":77842,"d":"$ 77,842.00"}},{"$f":"+IF(D1317=\"\",\"\",(VLOOKUP(A1317,$L$4:$O$10,4,FALSE))+1)","v":{"v":1.6752877632282406,"d":"168%"}},{"$f":"+IFERROR(F1317*E1317*D1317,\"\")","v":{"v":130407.7500652127,"d":"130,407.75"}},{"$f":"+H1316","v":{"v":8,"d":"8.00"}},{"$f":"IFERROR(G1317/H1317,\"\")","v":{"v":16300.968758151588,"d":"$ 16,300.97"}}]
[{"$nulls":4},{"$f":"+IF(D1318=\"\",\"\",VLOOKUP(A1318,$L$4:$O$10,3,FALSE))","v":""},{"$f":"+IF(D1318=\"\",\"\",(VLOOKUP(A1318,$L$4:$O$10,4,FALSE))+1)","v":""},{"$f":"+IFERROR(F1318*E1318*D1318,\"\")","v":""},{"$f":"+IF(D1318=\"\",\"\",IFERROR(H1317,\"\"))","v":""},""]
[]
["Sub-Total",{"$nulls":8},{"$f":"SUM(I1316:I1319)","v":{"v":44452.475985627214,"d":"$ 44,452.48"}}]
[{"$f":"+[48]PRESUPUESTO!$B$1","v":"CONSTRUCCION DE 14 METROS BOX CULVERT EN EL SECTOR BARRIO NUEVO DE SANTA RITA, CABECERA MUNICIPAL DE RIO IRÓ - DEPARTAMENTO DEL CHOCÓ"}]
[]
["ITEM:  ","DESCRIPCION",{"$nulls":6},"UNIDAD:","COSTO DIRECTO"]
[8.11,{"$f":"+VLOOKUP(A1324,[48]PRESUPUESTO!$B$2:$D$19,2,FALSE)","v":{"$error":"#N/A"}},{"$nulls":6},{"$f":"+VLOOKUP(A1324,[48]PRESUPUESTO!$B$2:$D$19,3,FALSE)","v":{"$error":"#N/A"}},{"$f":"+ROUND(SUM(J1332:J1361),0)","v":{"v":1683441,"d":"$ 1,683,441.00"}}]
["I. EQUIPO"]
["Descripción",{"$nulls":4},"Tipo","Tarifa/dia","Rendimiento","Valor-Unit."]
["Herramienta menor (% Mano de obra)",{"$nulls":5},{"v":0.05,"d":"5%"},null,{"$f":"+J1361*G1327","v":{"v":22447.671622002355,"d":"$ 22,447.67"}}]
["BOMBA DE PRUEBA HIDROSTATICA ",{"$nulls":4},{"$f":"+IF(A1328=\"\",\"\",VLOOKUP(A1328,[46]MATERIALES!$B$7:$D$1222,2,FALSE))","v":"DIA"},{"$f":"+IF(A1328=\"\",\"\",VLOOKUP(A1328,[46]MATERIALES!$B$7:$E$1222,3,FALSE))","v":{"v":20000,"d":"$ 20,000"}},{"$f":"IF(A1328=\"\",\"\",1/H1357)","v":{"v":1,"d":"1.000 "}},{"$f":"IFERROR(G1328*H1328,\"\")","v":{"v":20000,"d":"$ 20,000.00"}}]
["ANDAMIO 2 CUERPOS",{"$nulls":4},{"$f":"+IF(A1329=\"\",\"\",VLOOKUP(A1329,[46]MATERIALES!$B$7:$D$1222,2,FALSE))","v":"DIA"},{"$f":"+IF(A1329=\"\",\"\",VLOOKUP(A1329,[46]MATERIALES!$B$7:$E$1222,3,FALSE))","v":{"v":3500,"d":"$ 3,500"}},{"$f":"IF(A1329=\"\",\"\",2/H1357)","v":{"v":2,"d":"2.000 "}},{"v":7000,"d":"$ 7,000.00"}]
[{"$nulls":5},{"$f":"+IF(A1330=\"\",\"\",VLOOKUP(A1330,[46]MATERIALES!$B$7:$D$1222,2,FALSE))","v":""},{"$f":"+IF(A1330=\"\",\"\",VLOOKUP(A1330,[46]MATERIALES!$B$7:$E$1222,3,FALSE))","v":""},{"$f":"IF(A1330=\"\",\"\",1/H1358)","v":""},""]
[{"$nulls":5},{"$f":"+IF(A1331=\"\",\"\",VLOOKUP(A1331,[46]MATERIALES!$B$7:$D$1222,2,FALSE))","v":""},{"$f":"+IF(A1331=\"\",\"\",VLOOKUP(A1331,[46]MATERIALES!$B$7:$E$1222,3,FALSE))","v":""},null,""]
["Sub-Total",{"$nulls":8},{"$f":"+SUM(I1327:I1331)","v":{"v":49447.67162200235,"d":"$ 49,447.67"}}]
["II. MATERIALES EN OBRA"]
["Descripción",{"$nulls":3},"Unidad","Precio-Unit.","Cantidad","Desperdicio","Valor-Unit."]
["Tanque de 2000litros",{"$nulls":3},{"$f":"+IF(A1335=\"\",\"\",VLOOKUP(A1335,[46]MATERIALES!$B$7:$D$225,2,FALSE))","v":"UN"},{"$f":"+IF(A1335=\"\",\"\",VLOOKUP(A1335,[46]MATERIALES!$B$7:$E$225,3,FALSE))","v":{"v":1070900,"d":"$ 1,070,900"}},{"v":1,"d":"1.000 "},null,{"$f":"IFERROR(F1335*G1335*(1+H1335),\"\")","v":{"v":1070900,"d":"$ 1,070,900.00"}}]
["Universal PVC lisa 3/4\"",{"$nulls":3},{"$f":"+IF(A1336=\"\",\"\",VLOOKUP(A1336,[46]MATERIALES!$B$7:$D$225,2,FALSE))","v":"UN"},{"$f":"+IF(A1336=\"\",\"\",VLOOKUP(A1336,[46]MATERIALES!$B$7:$E$225,3,FALSE))","v":{"v":6000,"d":"$ 6,000"}},{"v":1,"d":"1.000 "},null,{"$f":"IFERROR(F1336*G1336*(1+H1336),\"\")","v":{"v":6000,"d":"$ 6,000.00"}}]
["Adaptador Tanque De Agua 1pulg - Flanche M.H. ",{"$nulls":3},{"$f":"+IF(A1337=\"\",\"\",VLOOKUP(A1337,[46]MATERIALES!$B$7:$D$225,2,FALSE))","v":"UN"},{"$f":"+IF(A1337=\"\",\"\",VLOOKUP(A1337,[46]MATERIALES!$B$7:$E$225,3,FALSE))","v":{"v":21900,"d":"$ 21,900"}},{"v":1,"d":"1.000 "},null,{"v":21900,"d":"$ 21,900.00"}]
["Flotador tanque 1/2\" economico 100 Psi",{"$nulls":3},{"$f":"+IF(A1338=\"\",\"\",VLOOKUP(A1338,[46]MATERIALES!$B$7:$D$225,2,FALSE))","v":"UN"},{"$f":"+IF(A1338=\"\",\"\",VLOOKUP(A1338,[46]MATERIALES!$B$7:$E$225,3,FALSE))","v":{"v":54900,"d":"$ 54,900"}},{"v":1,"d":"1.00 "},null,{"v":54900,"d":"$ 54,900.00"}]
["Tubería PVC-P 400PSI 3/4\"",{"$nulls":3},{"$f":"+IF(A1339=\"\",\"\",VLOOKUP(A1339,[46]MATERIALES!$B$7:$D$225,2,FALSE))","v":"UN"},{"$f":"+IF(A1339=\"\",\"\",VLOOKUP(A1339,[46]MATERIALES!$B$7:$E$225,3,FALSE))","v":{"v":35900,"d":"$ 35,900"}},{"v":0.33,"d":"0.330 "},{"v":0.05,"d":"5%"},{"v":12439.35,"d":"$ 12,439.35"}]
["Unión presión 3/4\"",{"$nulls":3},{"$f":"+IF(A1340=\"\",\"\",VLOOKUP(A1340,[46]MATERIALES!$B$7:$D$225,2,FALSE))","v":"UN"},{"$f":"+IF(A1340=\"\",\"\",VLOOKUP(A1340,[46]MATERIALES!$B$7:$E$225,3,FALSE))","v":{"v":500,"d":"$ 500"}},{"v":1,"d":"1.00 "},null,{"v":500,"d":"$ 500.00"}]
["Codo presión 3/4\"",{"$nulls":3},{"$f":"+IF(A1341=\"\",\"\",VLOOKUP(A1341,[46]MATERIALES!$B$7:$D$225,2,FALSE))","v":"UN"},{"$f":"+IF(A1341=\"\",\"\",VLOOKUP(A1341,[46]MATERIALES!$B$7:$E$225,3,FALSE))","v":{"v":800,"d":"$ 800"}},{"v":2,"d":"2.00 "},null,{"v":1600,"d":"$ 1,600.00"}]
["Tee presión 3/4\"",{"$nulls":3},{"$f":"+IF(A1342=\"\",\"\",VLOOKUP(A1342,[46]MATERIALES!$B$7:$D$225,2,FALSE))","v":"UN"},{"$f":"+IF(A1342=\"\",\"\",VLOOKUP(A1342,[46]MATERIALES!$B$7:$E$225,3,FALSE))","v":{"v":1250,"d":"$ 1,250"}},{"v":1,"d":"1.00 "},null,{"v":1250,"d":"$ 1,250.00"}]
["Soldadura líquida  1/4\"",{"$nulls":3},{"$f":"+IF(A1343=\"\",\"\",VLOOKUP(A1343,[46]MATERIALES!$B$7:$D$225,2,FALSE))","v":"UN"},{"$f":"+IF(A1343=\"\",\"\",VLOOKUP(A1343,[46]MATERIALES!$B$7:$E$225,3,FALSE))","v":{"v":85400,"d":"$ 85,400"}},{"v":0.1,"d":"0.10 "},{"v":0.05,"d":"5%"},{"v":8967,"d":"$ 8,967.00"}]
["Limpiador x 1/4",{"$nulls":3},{"$f":"+IF(A1344=\"\",\"\",VLOOKUP(A1344,[46]MATERIALES!$B$7:$D$225,2,FALSE))","v":"un"},{"$f":"+IF(A1344=\"\",\"\",VLOOKUP(A1344,[46]MATERIALES!$B$7:$E$225,3,FALSE))","v":{"v":54900,"d":"$ 54,900"}},{"v":0.1,"d":"0.10 "},{"v":0.05,"d":"5%"},{"v":5764.5,"d":"$ 5,764.50"}]
["Estopa pequeña",{"$nulls":3},{"$f":"+IF(A1345=\"\",\"\",VLOOKUP(A1345,[46]MATERIALES!$B$7:$D$225,2,FALSE))","v":"Libra"},{"$f":"+IF(A1345=\"\",\"\",VLOOKUP(A1345,[46]MATERIALES!$B$7:$E$225,3,FALSE))","v":{"v":7800,"d":"$ 7,800"}},{"v":0.1,"d":"0.10 "},{"v":0.05,"d":"5%"},{"v":819,"d":"$ 819.00"}]
[{"$nulls":8},{"$f":"IFERROR(F1346*G1346*(1+H1346),\"\")","v":0}]
["Sub-Total",{"$nulls":8},{"$f":"SUM(I1335:I1346)","v":{"v":1185039.85,"d":"$ 1,185,039.85"}}]
["III. TRANSPORTES"]
["Material",{"$nulls":3},"TIPO","Vol. Peso ó Cant.","Distancia","Tarifa","Valor-Unit."]
["TRANSPORTE DESDE APARTADO",{"$nulls":3},{"$f":"+IF(A1350=\"\",\"\",VLOOKUP(A1350,[46]MATERIALES!$B$7:$E$1222,2,FALSE))","v":{"$error":"#N/A"}},{"$f":"2*1.5*2","v":{"v":6,"d":"6.00"}},{"$f":"+IF(A1350=\"\",\"\",VLOOKUP(A1350,[46]MATERIALES!$B$7:$E$1222,4,FALSE))","v":{"$error":"#N/A"}},{"$f":"+IF(A1350=\"\",\"\",VLOOKUP(A1350,[46]MATERIALES!$B$7:$E$1222,3,FALSE))","v":{"$error":"#N/A"}},{"$f":"IFERROR(G1350*H1350*F1350,\"\")","v":""}]
[{"$nulls":4},{"$f":"+IF(A1351=\"\",\"\",VLOOKUP(A1351,[46]MATERIALES!$B$7:$E$1222,2,FALSE))","v":""},null,{"$f":"+IF(A1351=\"\",\"\",VLOOKUP(A1351,[46]MATERIALES!$B$7:$E$1222,4,FALSE))","v":""},{"$f":"+IF(A1351=\"\",\"\",VLOOKUP(A1351,[46]MATERIALES!$B$7:$E$1222,3,FALSE))","v":""},{"$f":"IFERROR(G1351*H1351*F1351,\"\")","v":""}]
[]
[]
["Sub-Total",{"$nulls":8},{"$f":"SUM(I1350:I1353)","v":0}]
["IV. MANO DE OBRA"]
["Trabajador",{"$nulls":3},"Jornal","Prestaciones","Jornal Total","Rendimiento","Valor-Unit."]
["OFICIAL B",null,null,1,{"$f":"+IF(D1357=\"\",\"\",VLOOKUP(A1357,$L$4:$O$10,3,FALSE))","v":{"v":142350,"d":"$ 142,350.00"}},{"$f":"+IF(D1357=\"\",\"\",(VLOOKUP(A1357,$L$4:$O$10,4,FALSE))+1)","v":{"v":1.5821008628015805,"d":"158%"}},{"$f":"+IFERROR(F1357*E1357*D1357,\"\")","v":{"v":225212.057819805,"d":"225,212.06"}},{"v":1,"d":"1.00"},{"$f":"IFERROR(G1357/H1357,\"\")","v":{"v":225212.057819805,"d":"$ 225,212.06"}}]
["AYUDANTE ENTENDIDO",null,null,1,{"$f":"+IF(D1358=\"\",\"\",VLOOKUP(A1358,$L$4:$O$10,3,FALSE))","v":{"v":77842,"d":"$ 77,842.00"}},{"$f":"+IF(D1358=\"\",\"\",(VLOOKUP(A1358,$L$4:$O$10,4,FALSE))+1)","v":{"v":1.6752877632282406,"d":"168%"}},{"$f":"+IFERROR(F1358*E1358*D1358,\"\")","v":{"v":130407.7500652127,"d":"130,407.75"}},{"$f":"+H1357","v":{"v":1,"d":"1.00"}},{"$f":"IFERROR(G1358/H1358,\"\")","v":{"v":130407.7500652127,"d":"$ 130,407.75"}}]
[" AYUDANTE RASO",null,null,1,{"$f":"+IF(D1359=\"\",\"\",VLOOKUP(A1359,$L$4:$O$10,3,FALSE))","v":{"v":54117,"d":"$ 54,117.00"}},{"$f":"+IF(D1359=\"\",\"\",(VLOOKUP(A1359,$L$4:$O$10,4,FALSE))+1)","v":{"v":1.7246636834087141,"d":"172%"}},{"$f":"+IFERROR(F1359*E1359*D1359,\"\")","v":{"v":93333.62455502938,"d":"93,333.62"}},{"$f":"+IF(D1359=\"\",\"\",IFERROR(H1358,\"\"))","v":{"v":1,"d":"1.00"}},{"v":93333.62455502938,"d":"$ 93,333.62"}]
[]
["Sub-Total",{"$nulls":8},{"$f":"SUM(I1357:I1360)","v":{"v":448953.4324400471,"d":"$ 448,953.43"}}]
[{"$f":"+[48]PRESUPUESTO!$B$1","v":"CONSTRUCCION DE 14 METROS BOX CULVERT EN EL SECTOR BARRIO NUEVO DE SANTA RITA, CABECERA MUNICIPAL DE RIO IRÓ - DEPARTAMENTO DEL CHOCÓ"}]
[]
["ITEM:  ","DESCRIPCION",{"$nulls":6},"UNIDAD:","COSTO DIRECTO"]
[8.12,{"$f":"+VLOOKUP(A1365,[48]PRESUPUESTO!$B$2:$D$19,2,FALSE)","v":{"$error":"#N/A"}},{"$nulls":6},{"$f":"+VLOOKUP(A1365,[48]PRESUPUESTO!$B$2:$D$19,3,FALSE)","v":{"$error":"#N/A"}},{"$f":"+ROUND(SUM(J1373:J1400),0)","v":{"v":1349489,"d":"$ 1,349,489.00"}}]
["I. EQUIPO"]
["Descripción",{"$nulls":4},"Tipo","Tarifa/dia","Rendimiento","Valor-Unit."]
["Herramienta menor (% Mano de obra)",{"$nulls":5},{"v":0.05,"d":"5%"},null,{"$f":"+J1400*G1368","v":{"v":7482.557207334119,"d":"$ 7,482.56"}}]
["BOMBA DE PRUEBA HIDROSTATICA ",{"$nulls":4},{"$f":"+IF(A1369=\"\",\"\",VLOOKUP(A1369,[46]MATERIALES!$B$7:$D$1222,2,FALSE))","v":"DIA"},{"$f":"+IF(A1369=\"\",\"\",VLOOKUP(A1369,[46]MATERIALES!$B$7:$E$1222,3,FALSE))","v":{"v":20000,"d":"$ 20,000"}},{"$f":"IF(A1369=\"\",\"\",1/H1396)","v":{"v":0.3333333333333333,"d":"0.333 "}},{"$f":"IFERROR(G1369*H1369,\"\")","v":{"v":6666.666666666666,"d":"$ 6,666.67"}}]
[{"$nulls":5},{"$f":"+IF(A1370=\"\",\"\",VLOOKUP(A1370,[46]MATERIALES!$B$7:$D$1222,2,FALSE))","v":""},{"$f":"+IF(A1370=\"\",\"\",VLOOKUP(A1370,[46]MATERIALES!$B$7:$E$1222,3,FALSE))","v":""},{"$f":"IF(A1370=\"\",\"\",2/H1396)","v":""},""]
[{"$nulls":5},{"$f":"+IF(A1371=\"\",\"\",VLOOKUP(A1371,[46]MATERIALES!$B$7:$D$1222,2,FALSE))","v":""},{"$f":"+IF(A1371=\"\",\"\",VLOOKUP(A1371,[46]MATERIALES!$B$7:$E$1222,3,FALSE))","v":""},{"$f":"IF(A1371=\"\",\"\",1/H1397)","v":""},""]
[{"$nulls":5},{"$f":"+IF(A1372=\"\",\"\",VLOOKUP(A1372,[46]MATERIALES!$B$7:$D$1222,2,FALSE))","v":""},{"$f":"+IF(A1372=\"\",\"\",VLOOKUP(A1372,[46]MATERIALES!$B$7:$E$1222,3,FALSE))","v":""},null,""]
["Sub-Total",{"$nulls":8},{"$f":"+SUM(I1368:I1372)","v":{"v":14149.223874000785,"d":"$ 14,149.22"}}]
["II. MATERIALES EN OBRA"]
["Descripción",{"$nulls":3},"Unidad","Precio-Unit.","Cantidad","Desperdicio","Valor-Unit."]
["Motobomba 1 hp",{"$nulls":3},{"$f":"+IF(A1376=\"\",\"\",VLOOKUP(A1376,[46]MATERIALES!$B$7:$D$225,2,FALSE))","v":"UN"},{"$f":"+IF(A1376=\"\",\"\",VLOOKUP(A1376,[46]MATERIALES!$B$7:$E$225,3,FALSE))","v":{"v":1079000,"d":"$ 1,079,000"}},{"v":1,"d":"1.000 "},null,{"$f":"IFERROR(F1376*G1376*(1+H1376),\"\")","v":{"v":1079000,"d":"$ 1,079,000.00"}}]
["Adaptador Tanque De Agua 1pulg - Flanche M.H. ",{"$nulls":3},{"$f":"+IF(A1377=\"\",\"\",VLOOKUP(A1377,[46]MATERIALES!$B$7:$D$225,2,FALSE))","v":"UN"},{"$f":"+IF(A1377=\"\",\"\",VLOOKUP(A1377,[46]MATERIALES!$B$7:$E$225,3,FALSE))","v":{"v":21900,"d":"$ 21,900"}},{"v":1,"d":"1.000 "},null,{"$f":"IFERROR(F1377*G1377*(1+H1377),\"\")","v":{"v":21900,"d":"$ 21,900.00"}}]
["Adaptador Tanque De Agua 1pulg - Flanche M.H. ",{"$nulls":3},{"$f":"+IF(A1378=\"\",\"\",VLOOKUP(A1378,[46]MATERIALES!$B$7:$D$225,2,FALSE))","v":"UN"},{"$f":"+IF(A1378=\"\",\"\",VLOOKUP(A1378,[46]MATERIALES!$B$7:$E$225,3,FALSE))","v":{"v":21900,"d":"$ 21,900"}},{"v":1,"d":"1.000 "},null,{"v":21900,"d":"$ 21,900.00"}]
["Válvula de bola de 1\"",{"$nulls":3},{"$f":"+IF(A1379=\"\",\"\",VLOOKUP(A1379,[46]MATERIALES!$B$7:$D$225,2,FALSE))","v":"UN"},{"$f":"+IF(A1379=\"\",\"\",VLOOKUP(A1379,[46]MATERIALES!$B$7:$E$225,3,FALSE))","v":{"v":36900,"d":"$ 36,900"}},{"v":1,"d":"1.00 "},null,{"v":36900,"d":"$ 36,900.00"}]
["Tee presión 1\"",{"$nulls":3},{"$f":"+IF(A1380=\"\",\"\",VLOOKUP(A1380,[46]MATERIALES!$B$7:$D$225,2,FALSE))","v":"UN"},{"$f":"+IF(A1380=\"\",\"\",VLOOKUP(A1380,[46]MATERIALES!$B$7:$E$225,3,FALSE))","v":{"v":2200,"d":"$ 2,200"}},{"v":4,"d":"4.000 "},null,{"v":8800,"d":"$ 8,800.00"}]
["Tubería PVC-P 315Psi 1\"",{"$nulls":3},{"$f":"+IF(A1381=\"\",\"\",VLOOKUP(A1381,[46]MATERIALES!$B$7:$D$225,2,FALSE))","v":{"$error":"#N/A"}},{"$f":"+IF(A1381=\"\",\"\",VLOOKUP(A1381,[46]MATERIALES!$B$7:$E$225,3,FALSE))","v":{"$error":"#N/A"}},{"v":0.16666666666666666,"d":"0.17 "},{"v":0.05,"d":"5%"},""]
["Soldadura líquida  1/4\"",{"$nulls":3},{"$f":"+IF(A1382=\"\",\"\",VLOOKUP(A1382,[46]MATERIALES!$B$7:$D$225,2,FALSE))","v":"UN"},{"$f":"+IF(A1382=\"\",\"\",VLOOKUP(A1382,[46]MATERIALES!$B$7:$E$225,3,FALSE))","v":{"v":85400,"d":"$ 85,400"}},{"v":0.1,"d":"0.10 "},{"v":0.05,"d":"5%"},{"v":8967,"d":"$ 8,967.00"}]
["Limpiador x 1/4",{"$nulls":3},{"$f":"+IF(A1383=\"\",\"\",VLOOKUP(A1383,[46]MATERIALES!$B$7:$D$225,2,FALSE))","v":"un"},{"$f":"+IF(A1383=\"\",\"\",VLOOKUP(A1383,[46]MATERIALES!$B$7:$E$225,3,FALSE))","v":{"v":54900,"d":"$ 54,900"}},{"v":0.1,"d":"0.10 "},{"v":0.05,"d":"5%"},{"v":5764.5,"d":"$ 5,764.50"}]
["Estopa pequeña",{"$nulls":3},{"$f":"+IF(A1384=\"\",\"\",VLOOKUP(A1384,[46]MATERIALES!$B$7:$D$225,2,FALSE))","v":"Libra"},{"$f":"+IF(A1384=\"\",\"\",VLOOKUP(A1384,[46]MATERIALES!$B$7:$E$225,3,FALSE))","v":{"v":7800,"d":"$ 7,800"}},{"v":0.3,"d":"0.30 "},{"v":0.05,"d":"5%"},{"v":2457,"d":"$ 2,457.00"}]
[{"$nulls":8},{"$f":"IFERROR(F1385*G1385*(1+H1385),\"\")","v":0}]
["Sub-Total",{"$nulls":8},{"$f":"SUM(I1376:I1385)","v":{"v":1185688.5,"d":"$ 1,185,688.50"}}]
["III. TRANSPORTES"]
["Material",{"$nulls":3},"TIPO","Vol. Peso ó Cant.","Distancia","Tarifa","Valor-Unit."]
["TRANSPORTE DESDE APARTADO",{"$nulls":3},{"$f":"+IF(A1389=\"\",\"\",VLOOKUP(A1389,[46]MATERIALES!$B$7:$E$1222,2,FALSE))","v":{"$error":"#N/A"}},{"$f":"0.5*0.5*0.5","v":{"v":0.125,"d":"0.13"}},{"$f":"+IF(A1389=\"\",\"\",VLOOKUP(A1389,[46]MATERIALES!$B$7:$E$1222,4,FALSE))","v":{"$error":"#N/A"}},{"$f":"+IF(A1389=\"\",\"\",VLOOKUP(A1389,[46]MATERIALES!$B$7:$E$1222,3,FALSE))","v":{"$error":"#N/A"}},{"$f":"IFERROR(G1389*H1389*F1389,\"\")","v":""}]
[{"$nulls":4},{"$f":"+IF(A1390=\"\",\"\",VLOOKUP(A1390,[46]MATERIALES!$B$7:$E$1222,2,FALSE))","v":""},null,{"$f":"+IF(A1390=\"\",\"\",VLOOKUP(A1390,[46]MATERIALES!$B$7:$E$1222,4,FALSE))","v":""},{"$f":"+IF(A1390=\"\",\"\",VLOOKUP(A1390,[46]MATERIALES!$B$7:$E$1222,3,FALSE))","v":""},{"$f":"IFERROR(G1390*H1390*F1390,\"\")","v":""}]
[]
[]
["Sub-Total",{"$nulls":8},{"$f":"SUM(I1389:I1392)","v":0}]
["IV. MANO DE OBRA"]
["Trabajador",{"$nulls":3},"Jornal","Prestaciones","Jornal Total","Rendimiento","Valor-Unit."]
["OFICIAL B",null,null,1,{"$f":"+IF(D1396=\"\",\"\",VLOOKUP(A1396,$L$4:$O$10,3,FALSE))","v":{"v":142350,"d":"$ 142,350.00"}},{"$f":"+IF(D1396=\"\",\"\",(VLOOKUP(A1396,$L$4:$O$10,4,FALSE))+1)","v":{"v":1.5821008628015805,"d":"158%"}},{"$f":"+IFERROR(F1396*E1396*D1396,\"\")","v":{"v":225212.057819805,"d":"225,212.06"}},{"v":3,"d":"3.00"},{"$f":"IFERROR(G1396/H1396,\"\")","v":{"v":75070.68593993499,"d":"$ 75,070.69"}}]
["AYUDANTE ENTENDIDO",null,null,1,{"$f":"+IF(D1397=\"\",\"\",VLOOKUP(A1397,$L$4:$O$10,3,FALSE))","v":{"v":77842,"d":"$ 77,842.00"}},{"$f":"+IF(D1397=\"\",\"\",(VLOOKUP(A1397,$L$4:$O$10,4,FALSE))+1)","v":{"v":1.6752877632282406,"d":"168%"}},{"$f":"+IFERROR(F1397*E1397*D1397,\"\")","v":{"v":130407.7500652127,"d":"130,407.75"}},{"$f":"+H1396","v":{"v":3,"d":"3.00"}},{"$f":"IFERROR(G1397/H1397,\"\")","v":{"v":43469.25002173757,"d":"$ 43,469.25"}}]
[" AYUDANTE RASO",null,null,1,{"$f":"+IF(D1398=\"\",\"\",VLOOKUP(A1398,$L$4:$O$10,3,FALSE))","v":{"v":54117,"d":"$ 54,117.00"}},{"$f":"+IF(D1398=\"\",\"\",(VLOOKUP(A1398,$L$4:$O$10,4,FALSE))+1)","v":{"v":1.7246636834087141,"d":"172%"}},{"$f":"+IFERROR(F1398*E1398*D1398,\"\")","v":{"v":93333.62455502938,"d":"93,333.62"}},{"$f":"+IF(D1398=\"\",\"\",IFERROR(H1397,\"\"))","v":{"v":3,"d":"3.00"}},{"v":31111.208185009793,"d":"$ 31,111.21"}]
[]
["Sub-Total",{"$nulls":8},{"$f":"SUM(I1396:I1399)","v":{"v":149651.14414668237,"d":"$ 149,651.14"}}]
[{"$f":"+[48]PRESUPUESTO!$B$1","v":"CONSTRUCCION DE 14 METROS BOX CULVERT EN EL SECTOR BARRIO NUEVO DE SANTA RITA, CABECERA MUNICIPAL DE RIO IRÓ - DEPARTAMENTO DEL CHOCÓ"}]
[]
["ITEM:  ","DESCRIPCION",{"$nulls":6},"UNIDAD:","COSTO DIRECTO"]
[8.13,{"$f":"+VLOOKUP(A1404,[48]PRESUPUESTO!$B$2:$D$19,2,FALSE)","v":{"$error":"#N/A"}},{"$nulls":6},{"$f":"+VLOOKUP(A1404,[48]PRESUPUESTO!$B$2:$D$19,3,FALSE)","v":{"$error":"#N/A"}},{"$f":"+ROUND(SUM(J1412:J1439),0)","v":{"v":6080703,"d":"$ 6,080,703.00"}}]
["I. EQUIPO"]
["Descripción",{"$nulls":4},"Tipo","Tarifa/dia","Rendimiento","Valor-Unit."]
["Herramienta menor (% Mano de obra)",{"$nulls":5},{"v":0.05,"d":"5%"},null,{"$f":"+J1439*G1407","v":{"v":54228.70569950765,"d":"$ 54,228.71"}}]
[{"$nulls":5},{"$f":"+IF(A1408=\"\",\"\",VLOOKUP(A1408,[46]MATERIALES!$B$7:$D$1222,2,FALSE))","v":""},{"$f":"+IF(A1408=\"\",\"\",VLOOKUP(A1408,[46]MATERIALES!$B$7:$E$1222,3,FALSE))","v":""},{"$f":"IF(A1408=\"\",\"\",1/H1435)","v":""},{"$f":"IFERROR(G1408*H1408,\"\")","v":""}]
[{"$nulls":5},{"$f":"+IF(A1409=\"\",\"\",VLOOKUP(A1409,[46]MATERIALES!$B$7:$D$1222,2,FALSE))","v":""},{"$f":"+IF(A1409=\"\",\"\",VLOOKUP(A1409,[46]MATERIALES!$B$7:$E$1222,3,FALSE))","v":""},{"$f":"IF(A1409=\"\",\"\",2/H1435)","v":""},""]
[{"$nulls":5},{"$f":"+IF(A1410=\"\",\"\",VLOOKUP(A1410,[46]MATERIALES!$B$7:$D$1222,2,FALSE))","v":""},{"$f":"+IF(A1410=\"\",\"\",VLOOKUP(A1410,[46]MATERIALES!$B$7:$E$1222,3,FALSE))","v":""},{"$f":"IF(A1410=\"\",\"\",1/H1436)","v":""},""]
[{"$nulls":5},{"$f":"+IF(A1411=\"\",\"\",VLOOKUP(A1411,[46]MATERIALES!$B$7:$D$1222,2,FALSE))","v":""},{"$f":"+IF(A1411=\"\",\"\",VLOOKUP(A1411,[46]MATERIALES!$B$7:$E$1222,3,FALSE))","v":""},null,""]
["Sub-Total",{"$nulls":8},{"$f":"+SUM(I1407:I1411)","v":{"v":54228.70569950765,"d":"$ 54,228.71"}}]
["II. MATERIALES EN OBRA"]
["Descripción",{"$nulls":3},"Unidad","Precio-Unit.","Cantidad","Desperdicio","Valor-Unit."]
["Tanque séptico  rotoplas",{"$nulls":3},{"$f":"+IF(A1415=\"\",\"\",VLOOKUP(A1415,[46]MATERIALES!$B$7:$D$225,2,FALSE))","v":"UN"},{"$f":"+IF(A1415=\"\",\"\",VLOOKUP(A1415,[46]MATERIALES!$B$7:$E$225,3,FALSE))","v":{"v":4941900,"d":"$ 4,941,900"}},{"v":1,"d":"1.000 "},null,{"$f":"IFERROR(F1415*G1415*(1+H1415),\"\")","v":{"v":4941900,"d":"$ 4,941,900.00"}}]
[{"$nulls":8},{"$f":"IFERROR(F1416*G1416*(1+H1416),\"\")","v":0}]
[{"$nulls":8},0]
[{"$nulls":8},0]
[{"$nulls":8},0]
[{"$nulls":8},0]
[{"$nulls":8},0]
[{"$nulls":8},0]
[{"$nulls":8},0]
[{"$nulls":8},{"$f":"IFERROR(F1424*G1424*(1+H1424),\"\")","v":0}]
["Sub-Total",{"$nulls":8},{"$f":"SUM(I1415:I1424)","v":{"v":4941900,"d":"$ 4,941,900.00"}}]
["III. TRANSPORTES"]
["Material",{"$nulls":3},"TIPO","Vol. Peso ó Cant.","Distancia","Tarifa","Valor-Unit."]
["TRANSPORTE DESDE APARTADO",{"$nulls":3},{"$f":"+IF(A1428=\"\",\"\",VLOOKUP(A1428,[46]MATERIALES!$B$7:$E$1222,2,FALSE))","v":{"$error":"#N/A"}},{"$f":"1.5*3*1.5","v":6.75},{"$f":"+IF(A1428=\"\",\"\",VLOOKUP(A1428,[46]MATERIALES!$B$7:$E$1222,4,FALSE))","v":{"$error":"#N/A"}},{"$f":"+IF(A1428=\"\",\"\",VLOOKUP(A1428,[46]MATERIALES!$B$7:$E$1222,3,FALSE))","v":{"$error":"#N/A"}},{"$f":"IFERROR(G1428*H1428*F1428,\"\")","v":""}]
[{"$nulls":4},{"$f":"+IF(A1429=\"\",\"\",VLOOKUP(A1429,[46]MATERIALES!$B$7:$E$1222,2,FALSE))","v":""},null,{"$f":"+IF(A1429=\"\",\"\",VLOOKUP(A1429,[46]MATERIALES!$B$7:$E$1222,4,FALSE))","v":""},{"$f":"+IF(A1429=\"\",\"\",VLOOKUP(A1429,[46]MATERIALES!$B$7:$E$1222,3,FALSE))","v":""},{"$f":"IFERROR(G1429*H1429*F1429,\"\")","v":""}]
[]
[]
["Sub-Total",{"$nulls":8},{"$f":"SUM(I1428:I1431)","v":0}]
["IV. MANO DE OBRA"]
["Trabajador",{"$nulls":3},"Jornal","Prestaciones","Jornal Total","Rendimiento","Valor-Unit."]
["OFICIAL B",null,null,1,{"$f":"+IF(D1435=\"\",\"\",VLOOKUP(A1435,$L$4:$O$10,3,FALSE))","v":{"v":142350,"d":"$ 142,350.00"}},{"$f":"+IF(D1435=\"\",\"\",(VLOOKUP(A1435,$L$4:$O$10,4,FALSE))+1)","v":{"v":1.5821008628015805,"d":"158%"}},{"$f":"+IFERROR(F1435*E1435*D1435,\"\")","v":{"v":225212.057819805,"d":"225,212.06"}},{"v":0.5,"d":"0.50"},{"$f":"IFERROR(G1435/H1435,\"\")","v":{"v":450424.11563961,"d":"$ 450,424.12"}}]
["AYUDANTE ENTENDIDO",null,null,1,{"$f":"+IF(D1436=\"\",\"\",VLOOKUP(A1436,$L$4:$O$10,3,FALSE))","v":{"v":77842,"d":"$ 77,842.00"}},{"$f":"+IF(D1436=\"\",\"\",(VLOOKUP(A1436,$L$4:$O$10,4,FALSE))+1)","v":{"v":1.6752877632282406,"d":"168%"}},{"$f":"+IFERROR(F1436*E1436*D1436,\"\")","v":{"v":130407.7500652127,"d":"130,407.75"}},{"$f":"+H1435","v":{"v":0.5,"d":"0.50"}},{"$f":"IFERROR(G1436/H1436,\"\")","v":{"v":260815.5001304254,"d":"$ 260,815.50"}}]
[" AYUDANTE RASO",null,null,2,{"$f":"+IF(D1437=\"\",\"\",VLOOKUP(A1437,$L$4:$O$10,3,FALSE))","v":{"v":54117,"d":"$ 54,117.00"}},{"$f":"+IF(D1437=\"\",\"\",(VLOOKUP(A1437,$L$4:$O$10,4,FALSE))+1)","v":{"v":1.7246636834087141,"d":"172%"}},{"$f":"+IFERROR(F1437*E1437*D1437,\"\")","v":{"v":186667.24911005876,"d":"186,667.25"}},{"$f":"+IF(D1437=\"\",\"\",IFERROR(H1436,\"\"))","v":{"v":0.5,"d":"0.50"}},{"v":373334.49822011753,"d":"$ 373,334.50"}]
[]
["Sub-Total",{"$nulls":8},{"$f":"SUM(I1435:I1438)","v":{"v":1084574.113990153,"d":"$ 1,084,574.11"}}]
[{"$f":"+[48]PRESUPUESTO!$B$1","v":"CONSTRUCCION DE 14 METROS BOX CULVERT EN EL SECTOR BARRIO NUEVO DE SANTA RITA, CABECERA MUNICIPAL DE RIO IRÓ - DEPARTAMENTO DEL CHOCÓ"}]
[]
["ITEM:  ","DESCRIPCION",{"$nulls":6},"UNIDAD:","COSTO DIRECTO"]
[9.02,{"$f":"+VLOOKUP(A1443,[48]PRESUPUESTO!$B$2:$D$19,2,FALSE)","v":{"$error":"#N/A"}},{"$nulls":6},{"$f":"+VLOOKUP(A1443,[48]PRESUPUESTO!$B$2:$D$19,3,FALSE)","v":{"$error":"#N/A"}},{"$f":"+ROUND(SUM(J1451:J1478),0)","v":{"v":633195,"d":"$ 633,195.00"}}]
["I. EQUIPO"]
["Descripción",{"$nulls":4},"Tipo","Tarifa/dia","Rendimiento","Valor-Unit."]
["Herramienta menor (% Mano de obra)",{"$nulls":5},{"v":0.05,"d":"5%"},null,{"$f":"+J1478*G1446","v":{"v":4445.247598562722,"d":"$ 4,445.25"}}]
["TALADRO ",{"$nulls":4},{"$f":"+IF(A1447=\"\",\"\",VLOOKUP(A1447,[46]MATERIALES!$B$7:$D$1222,2,FALSE))","v":"DIA"},{"$f":"+IF(A1447=\"\",\"\",VLOOKUP(A1447,[46]MATERIALES!$B$7:$E$1222,3,FALSE))","v":{"v":50000,"d":"$ 50,000"}},{"$f":"IF(A1447=\"\",\"\",1/H1474)","v":{"v":0.25,"d":"0.250 "}},{"$f":"IFERROR(G1447*H1447,\"\")","v":{"v":12500,"d":"$ 12,500.00"}}]
[{"$nulls":5},{"$f":"+IF(A1448=\"\",\"\",VLOOKUP(A1448,[46]MATERIALES!$B$7:$D$1222,2,FALSE))","v":""},{"$f":"+IF(A1448=\"\",\"\",VLOOKUP(A1448,[46]MATERIALES!$B$7:$E$1222,3,FALSE))","v":""},{"$f":"IF(A1448=\"\",\"\",2/H1474)","v":""},""]
[{"$nulls":5},{"$f":"+IF(A1449=\"\",\"\",VLOOKUP(A1449,[46]MATERIALES!$B$7:$D$1222,2,FALSE))","v":""},{"$f":"+IF(A1449=\"\",\"\",VLOOKUP(A1449,[46]MATERIALES!$B$7:$E$1222,3,FALSE))","v":""},{"$f":"IF(A1449=\"\",\"\",1/H1475)","v":""},""]
[{"$nulls":5},{"$f":"+IF(A1450=\"\",\"\",VLOOKUP(A1450,[46]MATERIALES!$B$7:$D$1222,2,FALSE))","v":""},{"$f":"+IF(A1450=\"\",\"\",VLOOKUP(A1450,[46]MATERIALES!$B$7:$E$1222,3,FALSE))","v":""},null,""]
["Sub-Total",{"$nulls":8},{"$f":"+SUM(I1446:I1450)","v":{"v":16945.24759856272,"d":"$ 16,945.25"}}]
["II. MATERIALES EN OBRA"]
["Descripción",{"$nulls":3},"Unidad","Precio-Unit.","Cantidad","Desperdicio","Valor-Unit."]
["Ventana tipo protector ",{"$nulls":3},{"$f":"+IF(A1454=\"\",\"\",VLOOKUP(A1454,[46]MATERIALES!$B$7:$D$225,2,FALSE))","v":"m2"},{"$f":"+IF(A1454=\"\",\"\",VLOOKUP(A1454,[46]MATERIALES!$B$7:$E$225,3,FALSE))","v":{"v":525000,"d":"$ 525,000"}},{"v":1,"d":"1.000 "},null,{"$f":"IFERROR(F1454*G1454*(1+H1454),\"\")","v":{"v":525000,"d":"$ 525,000.00"}}]
["Mortero 1:4",{"$nulls":3},{"$f":"+IF(A1455=\"\",\"\",VLOOKUP(A1455,[46]MATERIALES!$B$7:$D$225,2,FALSE))","v":"m3"},{"$f":"+IF(A1455=\"\",\"\",VLOOKUP(A1455,[46]MATERIALES!$B$7:$E$225,3,FALSE))","v":{"v":977096,"d":"$ 977,096"}},{"$f":"0.12*0.02","v":{"v":0.0024,"d":"0.002 "}},null,{"$f":"IFERROR(F1455*G1455*(1+H1455),\"\")","v":{"v":2345.0303999999996,"d":"$ 2,345.03"}}]
[{"$nulls":8},0]
[{"$nulls":8},0]
[{"$nulls":8},0]
[{"$nulls":8},0]
[{"$nulls":8},0]
[{"$nulls":8},0]
[{"$nulls":8},0]
[{"$nulls":8},{"$f":"IFERROR(F1463*G1463*(1+H1463),\"\")","v":0}]
["Sub-Total",{"$nulls":8},{"$f":"SUM(I1454:I1463)","v":{"v":527345.0304,"d":"$ 527,345.03"}}]
["III. TRANSPORTES"]
["Material",{"$nulls":3},"TIPO","Vol. Peso ó Cant.","Distancia","Tarifa","Valor-Unit."]
["TRANSPORTE DESDE APARTADO",{"$nulls":3},{"$f":"+IF(A1467=\"\",\"\",VLOOKUP(A1467,[46]MATERIALES!$B$7:$E$1222,2,FALSE))","v":{"$error":"#N/A"}},0.15,{"$f":"+IF(A1467=\"\",\"\",VLOOKUP(A1467,[46]MATERIALES!$B$7:$E$1222,4,FALSE))","v":{"$error":"#N/A"}},{"$f":"+IF(A1467=\"\",\"\",VLOOKUP(A1467,[46]MATERIALES!$B$7:$E$1222,3,FALSE))","v":{"$error":"#N/A"}},{"$f":"IFERROR(G1467*H1467*F1467,\"\")","v":""}]
[{"$nulls":4},{"$f":"+IF(A1468=\"\",\"\",VLOOKUP(A1468,[46]MATERIALES!$B$7:$E$1222,2,FALSE))","v":""},null,{"$f":"+IF(A1468=\"\",\"\",VLOOKUP(A1468,[46]MATERIALES!$B$7:$E$1222,4,FALSE))","v":""},{"$f":"+IF(A1468=\"\",\"\",VLOOKUP(A1468,[46]MATERIALES!$B$7:$E$1222,3,FALSE))","v":""},{"$f":"IFERROR(G1468*H1468*F1468,\"\")","v":""}]
[]
[]
["Sub-Total",{"$nulls":8},{"$f":"SUM(I1467:I1470)","v":0}]
["IV. MANO DE OBRA"]
["Trabajador",{"$nulls":3},"Jornal","Prestaciones","Jornal Total","Rendimiento","Valor-Unit."]
["OFICIAL B",null,null,1,{"$f":"+IF(D1474=\"\",\"\",VLOOKUP(A1474,$L$4:$O$10,3,FALSE))","v":{"v":142350,"d":"$ 142,350.00"}},{"$f":"+IF(D1474=\"\",\"\",(VLOOKUP(A1474,$L$4:$O$10,4,FALSE))+1)","v":{"v":1.5821008628015805,"d":"158%"}},{"$f":"+IFERROR(F1474*E1474*D1474,\"\")","v":{"v":225212.057819805,"d":"225,212.06"}},{"v":4,"d":"4.00"},{"$f":"IFERROR(G1474/H1474,\"\")","v":{"v":56303.01445495125,"d":"$ 56,303.01"}}]
["AYUDANTE ENTENDIDO",null,null,1,{"$f":"+IF(D1475=\"\",\"\",VLOOKUP(A1475,$L$4:$O$10,3,FALSE))","v":{"v":77842,"d":"$ 77,842.00"}},{"$f":"+IF(D1475=\"\",\"\",(VLOOKUP(A1475,$L$4:$O$10,4,FALSE))+1)","v":{"v":1.6752877632282406,"d":"168%"}},{"$f":"+IFERROR(F1475*E1475*D1475,\"\")","v":{"v":130407.7500652127,"d":"130,407.75"}},{"$f":"+H1474","v":{"v":4,"d":"4.00"}},{"$f":"IFERROR(G1475/H1475,\"\")","v":{"v":32601.937516303176,"d":"$ 32,601.94"}}]
[{"$nulls":4},{"$f":"+IF(D1476=\"\",\"\",VLOOKUP(A1476,$L$4:$O$10,3,FALSE))","v":""},{"$f":"+IF(D1476=\"\",\"\",(VLOOKUP(A1476,$L$4:$O$10,4,FALSE))+1)","v":""},{"$f":"+IFERROR(F1476*E1476*D1476,\"\")","v":""},{"$f":"+IF(D1476=\"\",\"\",IFERROR(H1475,\"\"))","v":""},""]
[]
["Sub-Total",{"$nulls":8},{"$f":"SUM(I1474:I1477)","v":{"v":88904.95197125443,"d":"$ 88,904.95"}}]
[{"$f":"+[48]PRESUPUESTO!$B$1","v":"CONSTRUCCION DE 14 METROS BOX CULVERT EN EL SECTOR BARRIO NUEVO DE SANTA RITA, CABECERA MUNICIPAL DE RIO IRÓ - DEPARTAMENTO DEL CHOCÓ"}]
[]
["ITEM:  ","DESCRIPCION",{"$nulls":6},"UNIDAD:","COSTO DIRECTO"]
[9.03,{"$f":"+VLOOKUP(A1482,[48]PRESUPUESTO!$B$2:$D$19,2,FALSE)","v":{"$error":"#N/A"}},{"$nulls":6},{"$f":"+VLOOKUP(A1482,[48]PRESUPUESTO!$B$2:$D$19,3,FALSE)","v":{"$error":"#N/A"}},{"$f":"+ROUND(SUM(J1490:J1517),0)","v":{"v":1664689,"d":"$ 1,664,689.00"}}]
["I. EQUIPO"]
["Descripción",{"$nulls":4},"Tipo","Tarifa/dia","Rendimiento","Valor-Unit."]
["Herramienta menor (% Mano de obra)",{"$nulls":5},{"v":0.05,"d":"5%"},null,{"$f":"+J1517*G1485","v":{"v":5611.917905500589,"d":"$ 5,611.92"}}]
["TALADRO ",{"$nulls":4},{"$f":"+IF(A1486=\"\",\"\",VLOOKUP(A1486,[46]MATERIALES!$B$7:$D$1222,2,FALSE))","v":"DIA"},{"$f":"+IF(A1486=\"\",\"\",VLOOKUP(A1486,[46]MATERIALES!$B$7:$E$1222,3,FALSE))","v":{"v":50000,"d":"$ 50,000"}},{"$f":"IF(A1486=\"\",\"\",1/H1513)","v":{"v":0.25,"d":"0.250 "}},{"$f":"IFERROR(G1486*H1486,\"\")","v":{"v":12500,"d":"$ 12,500.00"}}]
[{"$nulls":5},{"$f":"+IF(A1487=\"\",\"\",VLOOKUP(A1487,[46]MATERIALES!$B$7:$D$1222,2,FALSE))","v":""},{"$f":"+IF(A1487=\"\",\"\",VLOOKUP(A1487,[46]MATERIALES!$B$7:$E$1222,3,FALSE))","v":""},{"$f":"IF(A1487=\"\",\"\",2/H1513)","v":""},""]
[{"$nulls":5},{"$f":"+IF(A1488=\"\",\"\",VLOOKUP(A1488,[46]MATERIALES!$B$7:$D$1222,2,FALSE))","v":""},{"$f":"+IF(A1488=\"\",\"\",VLOOKUP(A1488,[46]MATERIALES!$B$7:$E$1222,3,FALSE))","v":""},{"$f":"IF(A1488=\"\",\"\",1/H1514)","v":""},""]
[{"$nulls":5},{"$f":"+IF(A1489=\"\",\"\",VLOOKUP(A1489,[46]MATERIALES!$B$7:$D$1222,2,FALSE))","v":""},{"$f":"+IF(A1489=\"\",\"\",VLOOKUP(A1489,[46]MATERIALES!$B$7:$E$1222,3,FALSE))","v":""},null,""]
["Sub-Total",{"$nulls":8},{"$f":"+SUM(I1485:I1489)","v":{"v":18111.917905500588,"d":"$ 18,111.92"}}]
["II. MATERIALES EN OBRA"]
["Descripción",{"$nulls":3},"Unidad","Precio-Unit.","Cantidad","Desperdicio","Valor-Unit."]
["Divisiones en acero inoxidable",{"$nulls":3},{"$f":"+IF(A1493=\"\",\"\",VLOOKUP(A1493,[46]MATERIALES!$B$7:$D$225,2,FALSE))","v":"m2"},{"$f":"+IF(A1493=\"\",\"\",VLOOKUP(A1493,[46]MATERIALES!$B$7:$E$225,3,FALSE))","v":{"v":1350000,"d":"$ 1,350,000"}},{"v":1,"d":"1.000 "},{"v":0.05,"d":"5%"},{"$f":"IFERROR(F1493*G1493*(1+H1493),\"\")","v":{"v":1417500,"d":"$ 1,417,500.00"}}]
["Sikasil E - silicona antihongos 300ml",{"$nulls":3},{"$f":"+IF(A1494=\"\",\"\",VLOOKUP(A1494,[46]MATERIALES!$B$7:$D$225,2,FALSE))","v":"UN"},{"$f":"+IF(A1494=\"\",\"\",VLOOKUP(A1494,[46]MATERIALES!$B$7:$E$225,3,FALSE))","v":{"v":24900,"d":"$ 24,900"}},{"v":0.2,"d":"0.200 "},{"v":0.05,"d":"5%"},{"$f":"IFERROR(F1494*G1494*(1+H1494),\"\")","v":{"v":5229,"d":"$ 5,229.00"}}]
[{"$nulls":8},0]
[{"$nulls":8},0]
[{"$nulls":8},0]
[{"$nulls":8},0]
[{"$nulls":8},0]
[{"$nulls":8},0]
[{"$nulls":8},0]
[{"$nulls":8},{"$f":"IFERROR(F1502*G1502*(1+H1502),\"\")","v":0}]
["Sub-Total",{"$nulls":8},{"$f":"SUM(I1493:I1502)","v":{"v":1422729,"d":"$ 1,422,729.00"}}]
["III. TRANSPORTES"]
["Material",{"$nulls":3},"TIPO","Vol. Peso ó Cant.","Distancia","Tarifa","Valor-Unit."]
["TRANSPORTE DESDE MEDELLIN",{"$nulls":3},{"$f":"+IF(A1506=\"\",\"\",VLOOKUP(A1506,[46]MATERIALES!$B$7:$E$1222,2,FALSE))","v":"m3/km"},0.15,{"$f":"+IF(A1506=\"\",\"\",VLOOKUP(A1506,[46]MATERIALES!$B$7:$E$1222,4,FALSE))","v":{"v":413.59999999999997,"d":"413.6"}},{"$f":"+IF(A1506=\"\",\"\",VLOOKUP(A1506,[46]MATERIALES!$B$7:$E$1222,3,FALSE))","v":{"v":1799,"d":"1,799.00"}},{"$f":"IFERROR(G1506*H1506*F1506,\"\")","v":{"v":111609.95999999998,"d":"$ 111,609.96"}}]
[{"$nulls":4},{"$f":"+IF(A1507=\"\",\"\",VLOOKUP(A1507,[46]MATERIALES!$B$7:$E$1222,2,FALSE))","v":""},null,{"$f":"+IF(A1507=\"\",\"\",VLOOKUP(A1507,[46]MATERIALES!$B$7:$E$1222,4,FALSE))","v":""},{"$f":"+IF(A1507=\"\",\"\",VLOOKUP(A1507,[46]MATERIALES!$B$7:$E$1222,3,FALSE))","v":""},{"$f":"IFERROR(G1507*H1507*F1507,\"\")","v":""}]
[]
[]
["Sub-Total",{"$nulls":8},{"$f":"SUM(I1506:I1509)","v":{"v":111609.95999999998,"d":"$ 111,609.96"}}]
["IV. MANO DE OBRA"]
["Trabajador",{"$nulls":3},"Jornal","Prestaciones","Jornal Total","Rendimiento","Valor-Unit."]
["OFICIAL B",null,null,1,{"$f":"+IF(D1513=\"\",\"\",VLOOKUP(A1513,$L$4:$O$10,3,FALSE))","v":{"v":142350,"d":"$ 142,350.00"}},{"$f":"+IF(D1513=\"\",\"\",(VLOOKUP(A1513,$L$4:$O$10,4,FALSE))+1)","v":{"v":1.5821008628015805,"d":"158%"}},{"$f":"+IFERROR(F1513*E1513*D1513,\"\")","v":{"v":225212.057819805,"d":"225,212.06"}},{"v":4,"d":"4.00"},{"$f":"IFERROR(G1513/H1513,\"\")","v":{"v":56303.01445495125,"d":"$ 56,303.01"}}]
["AYUDANTE ENTENDIDO",null,null,1,{"$f":"+IF(D1514=\"\",\"\",VLOOKUP(A1514,$L$4:$O$10,3,FALSE))","v":{"v":77842,"d":"$ 77,842.00"}},{"$f":"+IF(D1514=\"\",\"\",(VLOOKUP(A1514,$L$4:$O$10,4,FALSE))+1)","v":{"v":1.6752877632282406,"d":"168%"}},{"$f":"+IFERROR(F1514*E1514*D1514,\"\")","v":{"v":130407.7500652127,"d":"130,407.75"}},{"$f":"+H1513","v":{"v":4,"d":"4.00"}},{"$f":"IFERROR(G1514/H1514,\"\")","v":{"v":32601.937516303176,"d":"$ 32,601.94"}}]
[" AYUDANTE RASO",null,null,1,{"$f":"+IF(D1515=\"\",\"\",VLOOKUP(A1515,$L$4:$O$10,3,FALSE))","v":{"v":54117,"d":"$ 54,117.00"}},{"$f":"+IF(D1515=\"\",\"\",(VLOOKUP(A1515,$L$4:$O$10,4,FALSE))+1)","v":{"v":1.7246636834087141,"d":"172%"}},{"$f":"+IFERROR(F1515*E1515*D1515,\"\")","v":{"v":93333.62455502938,"d":"93,333.62"}},{"$f":"+IF(D1515=\"\",\"\",IFERROR(H1514,\"\"))","v":{"v":4,"d":"4.00"}},{"v":23333.406138757346,"d":"$ 23,333.41"}]
[]
["Sub-Total",{"$nulls":8},{"$f":"SUM(I1513:I1516)","v":{"v":112238.35811001177,"d":"$ 112,238.36"}}]

{"sheet":"AIU ","index":3,"n_rows":28,"n_cols":10,"rows_kept":28,"merged":[[0,1,3,9],[4,1,4,8],[5,1,5,9],[13,2,13,6],[24,1,24,9],[25,1,25,7],[26,1,26,7],[27,1,27,7]]}
[null,{"$f":"+[46]PTO!B2","v":"AMPLIACIÓN Y OPTIMIZACIÓN DEL SITIO DE DISPOSICIÓN FINAL DE RESIDUOS SOLIDOS DEL CORREGIMIENTO DE SAN MIGUEL EN EL MUNICIPIO DEL MEDIO SAN JUAN MEDIANTE LA EJECUCIÓN DE ACTIVIDADES DE CIERRE - CLAUSURA Y APERTURA DE CELDA DE CONTINGENCIA"}]
[]
[]
[]
[null,"Total Costo directo de Obra",{"$nulls":7},{"$f":"+[46]PTO!G29","v":{"v":395131098,"d":"$ 395,131,098"}}]
[null,"Costos de administración de obra"]
[null,null,"Descripción","Unidad","Duracion","Cantidad","FP","Participacion","Vr. Unitario","Vr. Total"]
[null,1,"Personal de obra",{"$nulls":6},{"$f":"SUM(J9:J10)","v":{"v":12240000,"d":"$ 12,240,000"}}]
[null,"1.1","1.Director de obra","mes",2,1,1.53,{"v":0.3,"d":"30%"},{"v":5000000,"d":"$ 5,000,000"},{"$f":"E9*H9*I9*G9*F9","v":{"v":4590000,"d":"$ 4,590,000"}}]
[null,"1.2","1.Residente de obra ","mes",2,1,1.53,{"v":1,"d":"100%"},{"v":2500000,"d":"$ 2,500,000"},{"$f":"E10*H10*I10*G10*F10","v":{"v":7650000,"d":"$ 7,650,000"}}]
[null,2,"Gastos Operacionales ",{"$nulls":6},{"$f":"SUM(J12:J13)","v":{"v":5303821.6923054,"d":"$ 5,303,822"}}]
[null,"2.1","Almace/Bodega","mes",2,1,null,null,{"v":1151910.8461527,"d":"$ 1,151,911"},{"$f":"+I12*F12*E12","v":{"v":2303821.6923054,"d":"$ 2,303,822"}}]
[null,"2.2","Transporte","mes",2,1,null,null,{"v":1500000,"d":"$ 1,500,000"},{"$f":"+I13*F13*E13","v":{"v":3000000,"d":"$ 3,000,000"}}]
[null,3,"IMPUESTOS MUNICIPALES",{"$nulls":6},{"$f":"SUM(J15:J24)","v":{"v":81238953.7488,"d":"$ 81,238,954"}}]
[null,"3.1","Retencion en la Fuente ","und",1,null,null,{"v":0.02,"d":"2.0%"},null,{"$f":"I15","v":0}]
[null,"3.2","Estampilla Prodeporte ","und",1,null,null,{"v":0.01,"d":"1.0%"},{"$f":"H16*$J$5","v":{"v":3951310.98,"d":"$ 3,951,311"}},{"v":3951310.98,"d":"$ 3,951,311"}]
[null,"3.3","Estampilla Procultura","und",1,null,null,{"v":0.02,"d":"2.0%"},{"v":7902621.96,"d":"$ 7,902,622"},{"v":7902621.96,"d":"$ 7,902,622"}]
[null,"3.4","Estampilla Proelectrificacion","und",1,null,null,{"v":0.04,"d":"4.0%"},{"v":15805243.92,"d":"$ 15,805,244"},{"v":15805243.92,"d":"$ 15,805,244"}]
[null,"3.5","Estampilla Pro Bienestar Adulto mayor ","und",1,null,null,{"v":0.04,"d":"4.0%"},{"v":15805243.92,"d":"$ 15,805,244"},{"v":15805243.92,"d":"$ 15,805,244"}]
[null,"3.6","Estampilla Pro Universidad","und",1,null,null,{"v":0.015,"d":"1.5%"},{"v":5926966.47,"d":"$ 5,926,966"},{"v":5926966.47,"d":"$ 5,926,966"}]
[null,"3.7","Estampilla Pro  Justicia","und",1,null,null,{"v":0.02,"d":"2.0%"},{"v":7902621.96,"d":"$ 7,902,622"},{"v":7902621.96,"d":"$ 7,902,622"}]
[null,"3.8","Industria y Comercio (ICA)","und",1,null,null,{"v":0.01,"d":"1.0%"},{"v":3951310.98,"d":"$ 3,951,311"},{"v":3951310.98,"d":"$ 3,951,311"}]
[null,"3.9","Sobretasa Bomberil","und",1,null,null,"6% (ICA)",{"$f":"+I22*0.06","v":{"v":237078.65879999998,"d":"$ 237,079"}},{"v":237078.65879999998,"d":"$ 237,079"}]
[null,"3.10","Impuesto Fondo de Seguridad (FONSET)","und",1,null,null,{"v":0.05,"d":"5.0%"},{"$f":"H24*$J$5","v":{"v":19756554.900000002,"d":"$ 19,756,555"}},{"v":19756554.900000002,"d":"$ 19,756,555"}]
[]
[null,"Administración",{"$nulls":6},{"$f":"+J26/J5","v":{"v":0.2500000012654028,"d":"25.00%"}},{"$f":"ROUND((J8+J11+J14),0)","v":{"v":98782775,"d":"$ 98,782,775"}}]
[null,"Utilidad",{"$nulls":6},{"v":0.05,"d":"5%"},{"$f":"ROUND((I27*J5),0)","v":{"v":19756555,"d":"$ 19,756,555"}}]
[null,"Total AU",{"$nulls":6},{"$f":"SUM(I26:I27)","v":{"v":0.30000000126540277,"d":"30%"}},{"$f":"SUM(J26:J27)","v":{"v":118539330,"d":"$ 118,539,330"}}]

{"sheet":"CRONOGRAMA","index":4,"n_rows":30,"n_cols":15,"rows_kept":30,"merged":[[0,0,1,1],[0,2,1,14],[2,0,3,0],[2,1,3,4],[2,5,3,5],[2,6,3,6],[2,7,2,10],[2,11,2,14],[4,1,4,4],[5,1,5,4],[6,1,6,4],[7,1,7,4],[8,1,8,4],[9,1,9,4],[10,1,10,4],[11,1,11,4],[12,1,12,4],[13,1,13,4],[14,1,14,4],[15,1,15,4],[16,1,16,4],[17,1,17,4],[18,1,18,4],[19,1,19,4],[20,1,20,4],[21,1,21,4],[22,1,22,4],[23,1,23,4],[24,1,24,4],[25,1,25,4],[26,1,26,4],[27,1,27,4],[28,1,28,4],[29,1,29,4],[29,7,29,10],[29,11,29,14]]}
["CRONOGRAMA",null,{"$f":"+PTO!B2","v":"AMPLIACIÓN Y OPTIMIZACIÓN DEL SITIO DE DISPOSICIÓN FINAL DE RESIDUOS SOLIDOS DEL CORREGIMIENTO DE SAN MIGUEL EN EL MUNICIPIO DEL MEDIO SAN JUAN MEDIANTE LA EJECUCIÓN DE ACTIVIDADES DE CIERRE - CLAUSURA Y APERTURA DE CELDA DE CONTINGENCIA"}]
[]
["Capitulo","Descripción de la actividad",{"$nulls":3},"Duración (Semanas)","Costo","MES 1",{"$nulls":3},"MES 2"]
[{"$nulls":7},"S1","S2","S3","S4","S1","S2","S3","S4"]
[1,{"$f":"+[46]PTO!C4","v":"OBRAS PRELIMINARES"},"MOVIMIENTO DE TIERRAS","MOVIMIENTO DE TIERRAS","MOVIMIENTO DE TIERRAS",3,{"$f":"SUM(G6:G7)","v":{"v":39171864,"d":"$ 39,171,864.00"}},{"$f":"SUM(H6:H7)","v":{"v":0.04733944783055268,"d":"4.73%"}},{"$f":"SUM(I6:I7)","v":{"v":0.025898462691994948,"d":"2.59%"}},{"$f":"SUM(J6:J7)","v":{"v":0.025898462691994948,"d":"2.59%"}}]
[null,{"$f":"+[46]PTO!C5","v":"Localizacion, Trazado y replanteo"},"Excavaciones Varias sin Clasificar (incluye transporte","Excavaciones Varias sin Clasificar (incluye transporte","Excavaciones Varias sin Clasificar (incluye transporte",1,{"$f":"+[46]PTO!G5","v":{"v":8472000,"d":"$ 8,472,000.00"}},{"$f":"($G$6/$G$29)/$F$6","v":{"v":0.021440985138557734,"d":"2.14%"}}]
[null,{"$f":"+[46]PTO!C6","v":"Descapote y limpieza del terreno donde se desarrolla el proyecto. Incluye transporte y disposición final de los materiales."},"Excavaciones Varias sin Clasificar (incluye transporte","Excavaciones Varias sin Clasificar (incluye transporte","Excavaciones Varias sin Clasificar (incluye transporte",3,{"$f":"+[46]PTO!G6","v":{"v":30699864,"d":"$ 30,699,864.00"}},{"$f":"($G$7/$G$29)/$F$7","v":{"v":0.025898462691994948,"d":"2.59%"}},{"$f":"($G$7/$G$29)/$F$7","v":{"v":0.025898462691994948,"d":"2.59%"}},{"$f":"($G$7/$G$29)/$F$7","v":{"v":0.025898462691994948,"d":"2.59%"}}]
[2,{"$f":"+[46]PTO!C7","v":"EXCAVACION Y LLENOS"},"PAVIMENTO HIDRAULICO","PAVIMENTO HIDRAULICO","PAVIMENTO HIDRAULICO",3,{"$f":"SUM(G9:G10)","v":{"v":267667733,"d":"$ 267,667,733.00"}},null,{"$f":"SUM(I9:I10)","v":{"v":0.2124737850929668,"d":"21.2%"}},{"$f":"SUM(J9:J10)","v":{"v":0.23247060776775408,"d":"23.2%"}},{"$f":"SUM(K9:K10)","v":{"v":0.23247060776775408,"d":"23.2%"}}]
[null,{"$f":"+[46]PTO!C8","v":"EXCAVACIÓN DE MATERIAL HETEROGENEO DE 0-3 m., con material seco. Incluye: roca descompuesta, bolas de roca de volumen inferior a 0.35 m³., el cargue, transporte interno y externo, botada de material proveniente de las excavaciones en los sitios donde lo indique la interventoría y su medida será en el sitio. No incluye entibado."},"Pavimento de Concreto Rigido MR=38kg/cm2","Pavimento de Concreto Rigido MR=38kg/cm2","Pavimento de Concreto Rigido MR=38kg/cm2",3,{"$f":"+[46]PTO!G8","v":{"v":251865000,"d":"$ 251,865,000.00"}},null,{"$f":"($G9/$G$29)/$F9","v":{"v":0.2124737850929668,"d":"21.25%"}},{"$f":"($G9/$G$29)/$F9","v":{"v":0.2124737850929668,"d":"21.25%"}},{"$f":"($G9/$G$29)/$F9","v":{"v":0.2124737850929668,"d":"21.25%"}}]
[null,{"$f":"+[46]PTO!C9","v":"LLENO CON MATERIAL SELECCIONADO, compactado mecánicamente hasta obtener una densidad optima. Incluye transporte del material. Su medida será en sitio ya compactado."},"Pavimento de Concreto Rigido MR=38kg/cm2","Pavimento de Concreto Rigido MR=38kg/cm2","Pavimento de Concreto Rigido MR=38kg/cm2",2,{"$f":"+[46]PTO!G9","v":{"v":15802733,"d":"$ 15,802,733.00"}},null,null,{"$f":"($G10/$G$29)/$F10","v":{"v":0.019996822674787293,"d":"2.00%"}},{"$f":"($G10/$G$29)/$F10","v":{"v":0.019996822674787293,"d":"2.00%"}}]
[3,{"$f":"+[46]PTO!C10","v":"CONSTRUCCION DE FILTROS HORIZONTALES "},"SEÑALIZACIÓN","SEÑALIZACIÓN","SEÑALIZACIÓN",2,{"$f":"SUM(G12:G14)","v":{"v":7805705,"d":"$ 7,805,705.00"}},{"$nulls":3},{"$f":"SUM(K12:K14)","v":{"v":0.001374415991929848,"d":"0.14%"}},{"v":9.87736100690308E-3,"d":"0.99%"},{"v":0.008502945014973232,"d":"0.85%"}]
[null,{"$f":"+[46]PTO!C11","v":"Construccion de filtros horizontales para el manejo y control de lixiviados "},"Línea de Demarcación con Pintura en Frío.","Línea de Demarcación con Pintura en Frío.","Línea de Demarcación con Pintura en Frío.",2,{"$f":"+[46]PTO!G11","v":{"v":3448368,"d":"$ 3,448,368.00"}},{"$nulls":4},{"$f":"($G12/$G$29)/$F12","v":{"v":4.3635745420371845E-3,"d":"0.44%"}},{"v":4.3635745420371845E-3,"d":"0.44%"}]
[null,{"$f":"+[46]PTO!C12","v":"Excavación en material común para zanjas y filtros de 0 a 2.00 mts."},"Línea de Demarcación con Pintura en Frío.","Línea de Demarcación con Pintura en Frío.","Línea de Demarcación con Pintura en Frío.",2,{"$f":"+[46]PTO!G12","v":{"v":1086149,"d":"$ 1,086,149.00"}},{"$nulls":3},{"$f":"($G13/$G$29)/$F13","v":{"v":0.001374415991929848,"d":"0.14%"}},{"v":0.001374415991929848,"d":"0.14%"}]
[null,{"$f":"+[46]PTO!C13","v":"Suministro, transporte y colocación de material friltrante (gravilla seleccionada de 4 a 6\")"},"Línea de Demarcación con Pintura en Frío.","Línea de Demarcación con Pintura en Frío.","Línea de Demarcación con Pintura en Frío.",2,{"$f":"+[46]PTO!G13","v":{"v":3271188,"d":"$ 3,271,188.00"}},{"$nulls":4},{"v":0.004139370472936048,"d":"0.41%"},{"v":0.004139370472936048,"d":"0.41%"}]
[4,{"$f":"+[46]PTO!C14","v":"CONSTRUCCION DE FILTROS VERTICALES "},{"$nulls":3},2,{"$f":"SUM(G16)","v":{"v":2768796,"d":"$ 2,768,796.00"}},{"$nulls":5},{"$f":"SUM(M16)","v":{"v":0.003503642226611078,"d":"0.35%"}},{"v":0.003503642226611078,"d":"0.35%"}]
[null,{"$f":"+[46]PTO!C15","v":"Construcción de filtros verticales (chimeneas para el control y evacuación de gases 0.40*0.40*3.00). Incluye canastillas, material friltrante y tuberia de 4\" y demas elementos para su instalacion y puesta en funcionamiento"},{"$nulls":3},2,{"$f":"+[46]PTO!G15","v":{"v":2768796,"d":"$ 2,768,796.00"}},{"$nulls":5},{"$f":"($G16/$G$29)/$F16","v":{"v":0.003503642226611078,"d":"0.35%"}},{"v":0.003503642226611078,"d":"0.35%"}]
[5,{"$f":"+[46]PTO!C16","v":"OBRAS ADICIONALES "},{"$nulls":3},2,{"$f":"SUM(G18:G26)","v":{"v":76436015,"d":"$ 76,436,015.00"}},{"$nulls":3},{"$f":"SUM(K18:K26)","v":{"v":3.9588632935188514E-4,"d":"0.04%"}},{"$f":"SUM(L18:L26)","v":{"v":0.08533462734436559,"d":"8.53%"}},{"$f":"SUM(M18:M26)","v":{"v":0.08591386041703049,"d":"8.59%"}},{"v":3.735195755207301E-3,"d":"0.37%"},{"v":0.018065125818064565,"d":"1.81%"}]
[null,{"$f":"+[46]PTO!C17","v":"Suministro e instalación de la geomembrana Textil HR - 30.000 Espesor 0,75 ml para la impermeabilización"},{"$nulls":3},2,{"$f":"+[46]PTO!G17","v":{"v":55475136,"d":"$ 55,475,136.00"}},{"$nulls":4},{"$f":"($G18/$G$29)/$F18","v":{"v":0.07019839273698472,"d":"7.02%"}},{"v":0.07019839273698472,"d":"7.02%"}]
[null,{"$f":"+[46]PTO!C18","v":"Excavación de cunetas para tuberías de lixiviados y pozo de recirculación de lixiviados"},{"$nulls":3},2,{"$f":"+[46]PTO!G18","v":{"v":312854,"d":"$ 312,854.00"}},{"$nulls":3},{"v":3.9588632935188514E-4,"d":"0.04%"},{"v":3.9588632935188514E-4,"d":"0.04%"}]
[null,{"$f":"+[46]PTO!C19","v":"Suministro e instalación de tubería sanitaria de 4\" para recolección de lixiviados. "},{"$nulls":3},1,{"$f":"+[46]PTO!G19","v":{"v":385300,"d":"$ 385,300.00"}},{"$nulls":5},{"v":9.7511940201679592E-4,"d":"0.10%"}]
[null,{"$f":"+[46]PTO!C20","v":"Construcción de cuarto de máquinas. "},{"$nulls":3},1,{"$f":"+[46]PTO!G20","v":{"v":1475892,"d":"$ 1,475,892.00"}},{"$nulls":6},{"v":3.735195755207301E-3,"d":"0.37%"}]
[null,{"$f":"+[46]PTO!C21","v":"Suministro e instalación de moto bomba de 2x2 autocebante para la evacuación de tanques de los lixiviados"},{"$nulls":3},1,{"$f":"+[46]PTO!G21","v":{"v":4210402,"d":"$ 4,210,402.00"}},{"$nulls":7},{"v":0.010655709007241946,"d":"1.07%"}]
[null,{"$f":"+[46]PTO!C22","v":"Suministro e instalación de Manguera de 2\" Descarga Plana 2 Tipo Bombero. "},{"$nulls":3},1,{"$f":"+[46]PTO!G22","v":{"v":1600690,"d":"$ 1,600,690.00"}},{"$nulls":7},{"v":0.004051035233880782,"d":"0.41%"}]
[null,{"$f":"+[46]PTO!C23","v":"Construccion de Caja de inspeccion de 1,0x1,0x1,0 m, en concreto de 21 MPa, Incluye excavacion, formaleta, acero, suministro, transporte e instalación del concreto, mano de obra, vibrado, curado y protección. "},{"$nulls":3},2,{"$f":"+[46]PTO!G23","v":{"v":1986664,"d":"$ 1,986,664.00"}},{"$nulls":4},{"$f":"($G24/$G$29)/$F24","v":{"v":2.5139301994397817E-3,"d":"0.25%"}},{"v":2.5139301994397817E-3,"d":"0.25%"}]
[null,{"$f":"+[46]PTO!C24","v":"Construccion de tanque de recoleccion y almacenamiento de lixiviados de 2.0x3.0x3.0 m, en concreto de 21 Mpa,  Incluye excavacion, formaleta, acero, suministro, transporte e instalación del concreto, mano de obra, vibrado, curado y protección.  "},{"$nulls":3},2,{"$f":"+[46]PTO!G24","v":{"v":9662076,"d":"$ 9,662,076.00"}},{"$nulls":4},{"v":0.012226418078589197,"d":"1.22%"},{"v":0.012226418078589197,"d":"1.22%"}]
[null,{"$f":"+[46]PTO!C25","v":"Suministro e instalacion de valla informativa "},{"$nulls":3},1,{"$f":"+[46]PTO!G25","v":{"v":1327001,"d":"$ 1,327,001.00"}},{"$nulls":7},{"v":0.003358381576941838,"d":"0.34%"}]
[6,{"$f":"+[46]PTO!C26","v":"CERRAMIENTO PIREMETRAL"},{"$nulls":3},1,{"$f":"SUM(G28:G28)","v":{"v":1280985,"d":"$ 1,280,985.00"}},{"$nulls":6},{"$f":"SUM(N28:N28)","v":{"v":1.6209620129671494E-3,"d":"0.16%"}},{"$f":"SUM(O28:O28)","v":{"v":1.6209620129671494E-3,"d":"0.16%"}}]
[null,{"$f":"+[46]PTO!C27","v":"Construcción de cerramiento en alambre de puas "},{"$nulls":3},2,{"$f":"+[46]PTO!G27","v":{"v":1280985,"d":"$ 1,280,985.00"}},{"$nulls":6},{"$f":"($G28/$G$29)/$F28","v":{"v":1.6209620129671494E-3,"d":"0.16%"}},{"v":1.6209620129671494E-3,"d":"0.16%"}]
[null,"TOTALES POR SEMANA",{"$nulls":3},8,{"$f":"SUM(G17,G15,G11,G8,G5,G27)","v":{"v":395131098,"d":"$ 395,131,098.00"}},{"$f":"SUM(H17,H15,H11,H8,H5,H27)*$G$29","v":{"v":18705288,"d":"$ 18,705,288.00"}},{"$f":"SUM(I17,I15,I11,I8,I5,I27)*$G$29","v":{"v":94188288,"d":"$ 94,188,288.00"}},{"v":102089654.5,"d":"$ 102,089,654.50"},{"v":92555868,"d":"$ 92,555,868.00"},{"v":37621217.5,"d":"$ 37,621,217.50"},{"v":38691413.99999999,"d":"$ 38,691,414.00"},{"v":3500782.5,"d":"$ 3,500,782.50"},{"v":7778585.499999999,"d":"$ 7,778,585.50"}]
[null,"TOTALES POR MES",{"$nulls":3},2,{"$f":"+H30+L30","v":{"v":395131098,"d":"$ 395,131,098.00"}},{"$f":"SUM(H29:K29)","v":{"v":307539098.5,"d":"$ 307,539,099"}},{"$nulls":3},{"$f":"SUM(L29:O29)","v":{"v":87591999.5,"d":"$ 87,592,000"}}]